{"text_format":"2","workbook":"xlsx","n_sheets":9,"sheets":["Resumo do Orçamento","Orçamento Sintético","Cronograma","BDI","Encargos Sociais","Curva ABC de Serviços","CPUs","Memória multiuso","Memória banheiros"],"not_rendered":{"charts":0,"images":3,"macros":0,"external_links":3,"defined_names":375,"comments":0,"pivot_tables":0},"unopened":[],"bounds":{"document_bytes":16777216,"sheet_cells":100000,"run_cost":"one","rows_first":2000,"rows_last":500,"rows_between":2000,"halvings":0,"cell_chars":16384,"cell_head_chars":4096},"cells_cut":0,"cells_raw":0,"read":"whole","date_system":"1900"}

{"sheet":"Resumo do Orçamento","index":0,"n_rows":17,"n_cols":12,"rows_kept":17,"cut":false,"hidden":false,"merged":[[0,0,2,10],[3,5,3,7],[3,8,3,10],[4,5,4,7],[4,8,4,10],[8,0,8,10],[9,0,9,2],[9,3,9,8],[10,0,10,2],[10,3,10,8],[11,0,11,2],[11,3,11,8],[12,0,12,2],[12,3,12,8],[13,0,13,2],[13,3,13,8],[14,0,14,2],[14,3,14,8],[16,0,16,2],[16,6,16,7],[16,8,16,10]]}
["LOGO DA EMPRESA"]
[]
[]
[null,null,null,"Obra","Bancos","B.D.I.",null,null,"Encargos Sociais"]
[null,null,null,"Espaço Multiuso - Tipo 01","SINAPI - 08/2024 - Sergipe\nORSE - 06/2024 - Sergipe\n","23,54%",null,null,"Não Desonerado: \nHorista: 112,54%\nMensalista: 70,11%"]
[]
[{"$nulls":10},"Desconto"]
[{"$nulls":10},0,"Inserir o desconto aqui"]
["Planilha Orçamentária Resumida"]
["Item",null,null,"Descrição",{"$nulls":5},"Total","Peso (%)"]
[" 1 ",null,null,"SERVIÇOS PRELIMINARES",{"$nulls":5},{"$f":"SUM('Orçamento Sintético'!I13:I21)","v":52911.369999999995},{"$f":"J11/$I$17","v":9.1579616791718665E-2}]
[" 2 ",null,null,"ESPAÇO MULTIEVENTOS",{"$nulls":5},{"$f":"SUM('Orçamento Sintético'!I24:I65)","v":421354.92},{"$f":"J12/$I$17","v":0.72928601370377066}]
[" 3 ",null,null,"BANHEIROS",{"$nulls":5},{"$f":"SUM('Orçamento Sintético'!I68:I125)","v":71714.449999999983},{"$f":"J13/$I$17","v":0.12412420713031751}]
[" 4 ",null,null,"INSTALAÇÕES ELÉTRICA (GERAL)",{"$nulls":5},{"$f":"SUM('Orçamento Sintético'!I128:I152)","v":27813.39},{"$f":"J14/$I$17","v":4.8139740057356675E-2}]
[" 5 ",null,null,"DIVERSOS",{"$nulls":5},{"$f":"SUM('Orçamento Sintético'!I154:I155)","v":3969.4900000000002},{"$f":"J15/$I$17","v":6.8704396249531889E-3}]
[]
[{"$nulls":6},"Total Geral",null,{"$f":"TRUNC(577763.61*(1-K8),2)","v":577763.61}]

{"sheet":"Orçamento Sintético","index":1,"n_rows":155,"n_cols":10,"rows_kept":155,"cut":false,"hidden":false,"merged":[[0,0,2,8],[8,0,8,8],[3,4,3,5],[3,6,3,7],[4,4,4,5],[4,6,4,7]]}
["LOGO DA EMPRESA"]
[]
[]
[null,null,null,"Obra","Bancos",null,"B.D.I.",null,"Encargos Sociais"]
[null,null,null,"Espaço Multiuso - Tipo 01","SINAPI - 08/2024 - Sergipe\nORSE - 06/2024 - Sergipe\n",null,"23,54%",null,"Não Desonerado: \nHorista: 112,54%\nMensalista: 70,11%"]
[]
[{"$nulls":8},"Desconto"]
[{"$nulls":8},{"$f":"'Resumo do Orçamento'!K8","v":0},"Inserir o desconto na aba Resumo, não aqui!"]
["Orçamento Sintético"]
["Item","Código","Banco","Descrição","Und","Quant.","Valor Unit","Valor Unit com BDI e Desconto","Total"]
[" 1 ",null,null,"SERVIÇOS PRELIMINARES"]
[" 1.1 ",null,null,"MOBILIZAÇÃO/DESMOBILIZAÇÃO"]
[" 1.1.1 "," 00000003 ","Próprio","Mobilização de equipamentos e pessoal (pequenas obras)","un",1,1309.8,{"$f":"TRUNC(G13*(1+$G$5)*(1-$I$8),2)","v":1618.12},{"$f":"TRUNC(F13*H13,2)","v":1618.12}]
[" 1.1.2 "," 00000004 ","Próprio","Desmobilização de equipamentos e pessoal (pequenas obras)","un",1,746.34,{"$f":"TRUNC(G14*(1+$G$5)*(1-$I$8),2)","v":922.02},{"$f":"TRUNC(F14*H14,2)","v":922.02}]
[" 1.2 ",null,null,"CANTEIRO DE OBRA"]
[" 1.2.1 "," 51 ","ORSE","Placa de obra em chapa aço galvanizado, instalada - Rev 02_01/2022","m²",6.4,375.59,{"$f":"TRUNC(G16*(1+$G$5)*(1-$I$8),2)","v":464},{"$f":"TRUNC(F16*H16,2)","v":2969.6}]
[" 1.2.2 "," 10528 ","ORSE","Aluguel mensal de área","mês",5,604.79,{"$f":"TRUNC(G17*(1+$G$5)*(1-$I$8),2)","v":747.15},{"$f":"TRUNC(F17*H17,2)","v":3735.75}]
[" 1.3 ",null,null,"ADMINISTRAÇÃO LOCAL"]
[" 1.3.1 "," CODEVASF  122 ","Próprio","Administração local de pequenas obras","und",1,{"$f":"TRUNC(5*3399.12,2)","v":16995.599999999999},{"$f":"TRUNC(G19*(1+$G$5)*(1-$I$8),2)","v":20996.36},{"$f":"TRUNC(F19*H19,2)","v":20996.36}]
[" 1.4 ",null,null,"PROJETO EXECUTIVO"]
[" 1.4.1 "," CODEVASF  322 ","Próprio","Projeto Executivo (Multiuso)","und",1,18349.95,{"$f":"TRUNC(G21*(1+$G$5)*(1-$I$8),2)","v":22669.52},{"$f":"TRUNC(F21*H21,2)","v":22669.52}]
[" 2 ",null,null,"ESPAÇO MULTIEVENTOS"]
[" 2.1 ",null,null,"SERVIÇOS PRELIMINARES"]
[" 2.1.1 "," 98524 ","SINAPI","LIMPEZA MANUAL DE VEGETAÇÃO EM TERRENO COM ENXADA. AF_03/2024","m²",1056.97,4.3499999999999996,{"$f":"TRUNC(G24*(1+$G$5)*(1-$I$8),2)","v":5.37},{"$f":"TRUNC(F24*H24,2)","v":5675.92}]
[" 2.2 ",null,null,"MOVIMENTAÇÃO DE TERRA"]
[" 2.2.1 "," 00006079 ","SINAPI","ARGILA, ARGILA VERMELHA OU ARGILA ARENOSA (RETIRADA NA JAZIDA, SEM TRANSPORTE)","m³",118.08,37.35,{"$f":"TRUNC(G26*(1+$G$5)*(1-$I$8),2)","v":46.14},{"$f":"TRUNC(F26*H26,2)","v":5448.21}]
[" 2.2.2 "," 3426 ","ORSE","Escavação e carga com escavadeira hidráulica de material de 1ª categoria ou de jazida","m³",118.08,0.99,{"$f":"TRUNC(G27*(1+$G$5)*(1-$I$8),2)","v":1.22},{"$f":"TRUNC(F27*H27,2)","v":144.05000000000001}]
[" 2.2.3 "," 4986 ","ORSE","Carga mecânica de material de 1ª categoria","m³",118.08,0.77,{"$f":"TRUNC(G28*(1+$G$5)*(1-$I$8),2)","v":0.95},{"$f":"TRUNC(F28*H28,2)","v":112.17}]
[" 2.2.4 "," 97914 ","SINAPI","TRANSPORTE COM CAMINHÃO BASCULANTE DE 6 M³, EM VIA URBANA PAVIMENTADA, DMT ATÉ 30 KM (UNIDADE: M3XKM). AF_07/2020","M3XKM",2125.4699999999998,2.79,{"$f":"TRUNC(G29*(1+$G$5)*(1-$I$8),2)","v":3.44},{"$f":"TRUNC(F29*H29,2)","v":7311.61}]
[" 2.2.5 "," 71 ","ORSE","Aterro manual de áreas, sem aquisição de material, com espalhamento e compactação","m³",107.35,52.32,{"$f":"TRUNC(G30*(1+$G$5)*(1-$I$8),2)","v":64.63},{"$f":"TRUNC(F30*H30,2)","v":6938.03}]
[" 2.3 ",null,null,"INFRAESTRUTURAS (MURETA E ARQUIBANCADA)"]
[" 2.3.1 "," 4177 ","ORSE","Locação de construção de edificação acima de 1000 m2,  inclusive execução de gabarito de madeira","m²",170,5.47,{"$f":"TRUNC(G32*(1+$G$5)*(1-$I$8),2)","v":6.75},{"$f":"TRUNC(F32*H32,2)","v":1147.5}]
[" 2.3.2 "," 93358 ","SINAPI","ESCAVAÇÃO MANUAL DE VALA COM PROFUNDIDADE MENOR OU IGUAL A 1,30 M. AF_02/2021","m³",38.340000000000003,80.78,99.79,3825.94]
[" 2.3.3 "," 94962 ","SINAPI","CONCRETO MAGRO PARA LASTRO, TRAÇO 1:4,5:4,5 (EM MASSA SECA DE CIMENTO/ AREIA MÉDIA/ BRITA 1) - PREPARO MECÂNICO COM BETONEIRA 400 L. AF_05/2021","m³",1.37,406.18,501.79,687.45]
[" 2.3.4 "," 97086 ","SINAPI","FABRICAÇÃO, MONTAGEM E DESMONTAGEM DE FORMA PARA RADIER, PISO DE CONCRETO OU LAJE SOBRE SOLO, EM MADEIRA SERRADA, 4 UTILIZAÇÕES. AF_09/2021","m²",298.32,121.46,150.05000000000001,44762.91]
[" 2.3.5 "," 96543 ","SINAPI","ARMAÇÃO DE BLOCO UTILIZANDO AÇO CA-60 DE 5 MM - MONTAGEM. AF_01/2024","KG",198.19,20.68,25.54,5061.7700000000004]
[" 2.3.6 "," 96544 ","SINAPI","ARMAÇÃO DE BLOCO UTILIZANDO AÇO CA-50 DE 6,3 MM - MONTAGEM. AF_01/2024","KG",233.92,19.03,23.5,5497.12]
[" 2.3.7 "," 96546 ","SINAPI","ARMAÇÃO DE BLOCO UTILIZANDO AÇO CA-50 DE 10 MM - MONTAGEM. AF_01/2024","KG",29.62,15.39,19.010000000000002,563.07000000000005]
[" 2.3.8 "," 9399 ","ORSE","Concreto simples fabricado na obra, fck=25 mpa, lançado e adensado","m³",27.12,626.77,774.31,20999.279999999999]
[" 2.3.9 "," 93382 ","SINAPI","REATERRO MANUAL DE VALAS, COM COMPACTADOR DE SOLOS DE PERCUSSÃO. AF_08/2023","m³",25.26,25.09,30.99,782.8]
[" 2.4 ",null,null,"ALVENARIA (MURETA E ARQUIBANCADA)"]
[" 2.4.1 "," 103330 ","SINAPI","ALVENARIA DE VEDAÇÃO DE BLOCOS CERÂMICOS FURADOS NA HORIZONTAL DE 11,5X19X19 CM (ESPESSURA 11,5 CM) E ARGAMASSA DE ASSENTAMENTO COM PREPARO EM BETONEIRA. AF_12/2021","m²",94.08,69.540000000000006,{"$f":"TRUNC(G42*(1+$G$5)*(1-$I$8),2)","v":85.9},{"$f":"TRUNC(F42*H42,2)","v":8081.47}]
[" 2.4.2 "," 89799 ","SINAPI","TUBO PVC, SERIE NORMAL, ESGOTO PREDIAL, DN 75 MM, FORNECIDO E INSTALADO EM PRUMADA DE ESGOTO SANITÁRIO OU VENTILAÇÃO. AF_08/2022","M",1.35,18.61,{"$f":"TRUNC(G43*(1+$G$5)*(1-$I$8),2)","v":22.99},{"$f":"TRUNC(F43*H43,2)","v":31.03}]
[" 2.4.3 "," 101963 ","SINAPI","LAJE PRÉ-MOLDADA UNIDIRECIONAL, BIAPOIADA, PARA PISO, ENCHIMENTO EM CERÂMICA, VIGOTA CONVENCIONAL, ALTURA TOTAL DA LAJE (ENCHIMENTO+CAPA) = (8+4). AF_11/2020_PA","m²",17.829999999999998,180.79,{"$f":"TRUNC(G44*(1+$G$5)*(1-$I$8),2)","v":223.34},{"$f":"TRUNC(F44*H44,2)","v":3982.15}]
[" 2.4.4 "," 87894 ","SINAPI","CHAPISCO APLICADO EM ALVENARIA (SEM PRESENÇA DE VÃOS) E ESTRUTURAS DE CONCRETO DE FACHADA, COM COLHER DE PEDREIRO.  ARGAMASSA TRAÇO 1:3 COM PREPARO EM BETONEIRA 400L. AF_10/2022","m²",150.85,6.56,{"$f":"TRUNC(G45*(1+$G$5)*(1-$I$8),2)","v":8.1},{"$f":"TRUNC(F45*H45,2)","v":1221.8800000000001}]
[" 2.4.5 "," 87529 ","SINAPI","MASSA ÚNICA, EM ARGAMASSA TRAÇO 1:2:8, PREPARO MECÂNICO, APLICADA MANUALMENTE EM PAREDES INTERNAS DE AMBIENTES COM ÁREA ENTRE 5M² E 10M², E = 17,5MM, COM TALISCAS. AF_03/2024","m²",150.85,35.450000000000003,{"$f":"TRUNC(G46*(1+$G$5)*(1-$I$8),2)","v":43.79},{"$f":"TRUNC(F46*H46,2)","v":6605.72}]
[" 2.5 ",null,null,"PISO"]
[" 2.5.1 "," 96622 ","SINAPI","LASTRO COM MATERIAL GRANULAR, APLICADO EM PISOS OU LAJES SOBRE SOLO, ESPESSURA DE *5 CM*. AF_01/2024","m³",31.55,232.84,{"$f":"TRUNC(G48*(1+$G$5)*(1-$I$8),2)","v":287.64999999999998},{"$f":"TRUNC(F48*H48,2)","v":9075.35}]
[" 2.5.2 "," 94994 ","SINAPI","EXECUÇÃO DE PASSEIO (CALÇADA) OU PISO DE CONCRETO COM CONCRETO MOLDADO IN LOCO, FEITO EM OBRA, ACABAMENTO CONVENCIONAL, ESPESSURA 8 CM, ARMADO. AF_08/2022","m²",631.01,92.7,{"$f":"TRUNC(G49*(1+$G$5)*(1-$I$8),2)","v":114.52},{"$f":"TRUNC(F49*H49,2)","v":72263.259999999995}]
[" 2.5.3 "," 3641 ","ORSE","Acabamento de superfície de piso de concreto com polimento mecânico com acabadora simples - Rev 02","m²",631.01,3.93,{"$f":"TRUNC(G50*(1+$G$5)*(1-$I$8),2)","v":4.8499999999999996},{"$f":"TRUNC(F50*H50,2)","v":3060.39}]
[" 2.6 ",null,null,"CALÇADA"]
[" 2.6.1 "," 4555 ","ORSE","Meio-fio pré moldado de concreto simples (0,12 x 0,30 x 1,00m), rejuntado comargamassa de cimento e areia no traço 1:3","m",135.68,44.35,{"$f":"TRUNC(G52*(1+$G$5)*(1-$I$8),2)","v":54.78},{"$f":"TRUNC(F52*H52,2)","v":7432.55}]
[" 2.6.2 "," 94991 ","SINAPI","EXECUÇÃO DE PASSEIO (CALÇADA) OU PISO DE CONCRETO COM CONCRETO MOLDADO IN LOCO, USINADO C20, ACABAMENTO CONVENCIONAL, NÃO ARMADO. AF_08/2022","m³",18.7,693.61,{"$f":"TRUNC(G53*(1+$G$5)*(1-$I$8),2)","v":856.88},{"$f":"TRUNC(F53*H53,2)","v":16023.65}]
[" 2.7 ",null,null,"EQUIPAMENTOS"]
[" 2.7.1 "," CODEVASF  234 ","Próprio","BICICLETÁRIO EM TUBO DE AÇO GALVANIZADO DN 50mm","UND",10,591.76,{"$f":"TRUNC(G55*(1+$G$5)*(1-$I$8),2)","v":731.06},{"$f":"TRUNC(F55*H55,2)","v":7310.6}]
[" 2.7.2 "," 9222 ","ORSE","Guarda-corpo em tubos de aço galvanizado (altura = 0,90), com barras verticais a cada 2,00m (2\"), barra horizontal intermediária (2\") e barra horizontal superior (2\")","m",20.68,283.68,{"$f":"TRUNC(G56*(1+$G$5)*(1-$I$8),2)","v":350.45},{"$f":"TRUNC(F56*H56,2)","v":7247.3}]
[" 2.8 ",null,null,"ALAMBRADO"]
[" 2.8.1 "," 102364 ","SINAPI","ALAMBRADO PARA QUADRA POLIESPORTIVA, ESTRUTURADO POR TUBOS DE ACO GALVANIZADO, (MONTANTES COM DIAMETRO 2\", TRAVESSAS E ESCORAS COM DIÂMETRO 1 ¼\"), COM TELA DE ARAME GALVANIZADO, FIO 10 BWG E MALHA QUADRADA 5X5CM (EXCETO MURETA). AF_03/2021","m²",211.75,192.59,{"$f":"TRUNC(G58*(1+$G$5)*(1-$I$8),2)","v":237.92},{"$f":"TRUNC(F58*H58,2)","v":50379.56}]
[" 2.8.2 "," 11532 ","ORSE","Portao em tela arame galvanizado n.12 malha 2\" e moldura em tubos de aco com duas folhas de abrir, incluso ferragens","m²",12.6,749.9,{"$f":"TRUNC(G59*(1+$G$5)*(1-$I$8),2)","v":926.42},{"$f":"TRUNC(F59*H59,2)","v":11672.89}]
[" 2.9 ",null,null,"PINTURA"]
[" 2.9.1 "," 88489 ","SINAPI","PINTURA LÁTEX ACRÍLICA PREMIUM, APLICAÇÃO MANUAL EM PAREDES, DUAS DEMÃOS. AF_04/2023","m²",154.81,13.12,{"$f":"TRUNC(G61*(1+$G$5)*(1-$I$8),2)","v":16.2},{"$f":"TRUNC(F61*H61,2)","v":2507.92}]
[" 2.9.2 "," 100758 ","SINAPI","PINTURA COM TINTA ALQUÍDICA DE ACABAMENTO (ESMALTE SINTÉTICO ACETINADO) APLICADA A ROLO OU PINCEL SOBRE SUPERFÍCIES METÁLICAS (EXCETO PERFIL) EXECUTADO EM OBRA (02 DEMÃOS). AF_01/2020","m²",232.45,48.23,{"$f":"TRUNC(G62*(1+$G$5)*(1-$I$8),2)","v":59.58},{"$f":"TRUNC(F62*H62,2)","v":13849.37}]
[" 2.10 ",null,null,"COBERTURA METÁLICA"]
[" 2.10.1 "," 94213 ","SINAPI","TELHAMENTO COM TELHA DE AÇO/ALUMÍNIO E = 0,5 MM, COM ATÉ 2 ÁGUAS, INCLUSO IÇAMENTO. AF_07/2019","m²",176,66.38,{"$f":"TRUNC(G64*(1+$G$5)*(1-$I$8),2)","v":82},{"$f":"TRUNC(F64*H64,2)","v":14432}]
[" 2.10.2 "," 100777 ","SINAPI","ESTRUTURA TRELIÇADA DE COBERTURA, TIPO SHED, COM LIGAÇÕES PARAFUSADAS, INCLUSOS PERFIS METÁLICOS, CHAPAS METÁLICAS, MÃO DE OBRA E TRANSPORTE COM GUINDASTE - FORNECIMENTO E INSTALAÇÃO. AF_01/2020_PSA","KG",5500,11.37,{"$f":"TRUNC(G65*(1+$G$5)*(1-$I$8),2)","v":14.04},{"$f":"TRUNC(F65*H65,2)","v":77220}]
[" 3 ",null,null,"BANHEIROS"]
[" 3.1 ",null,null,"INFRAESTRUTURA (WC)"]
[" 3.1.1 "," 93358 ","SINAPI","ESCAVAÇÃO MANUAL DE VALA COM PROFUNDIDADE MENOR OU IGUAL A 1,30 M. AF_02/2021","m³",4.74,80.78,{"$f":"TRUNC(G68*(1+$G$5)*(1-$I$8),2)","v":99.79},{"$f":"TRUNC(F68*H68,2)","v":473}]
[" 3.1.2 "," 103800 ","SINAPI","PEDRA ARGAMASSADA COM CIMENTO E AREIA 1:3, 40% DE ARGAMASSA EM VOLUME - AREIA E PEDRA DE MÃO COMERCIAIS - FORNECIMENTO E ASSENTAMENTO. AF_08/2022","m³",3.74,514.59,{"$f":"TRUNC(G69*(1+$G$5)*(1-$I$8),2)","v":635.72},{"$f":"TRUNC(F69*H69,2)","v":2377.59}]
[" 3.1.3 "," 9399 ","ORSE","Concreto simples fabricado na obra, fck=25 mpa, lançado e adensado","m³",1,626.77,{"$f":"TRUNC(G70*(1+$G$5)*(1-$I$8),2)","v":774.31},{"$f":"TRUNC(F70*H70,2)","v":774.31}]
[" 3.2 ",null,null,"ESTRUTURA DE VEDAÇÃO/SUSTENTAÇÃO (WC)"]
[" 3.2.1 "," 103330 ","SINAPI","ALVENARIA DE VEDAÇÃO DE BLOCOS CERÂMICOS FURADOS NA HORIZONTAL DE 11,5X19X19 CM (ESPESSURA 11,5 CM) E ARGAMASSA DE ASSENTAMENTO COM PREPARO EM BETONEIRA. AF_12/2021","m²",83.2,69.540000000000006,{"$f":"TRUNC(G72*(1+$G$5)*(1-$I$8),2)","v":85.9},{"$f":"TRUNC(F72*H72,2)","v":7146.88}]
[" 3.2.2 "," 94965 ","SINAPI","CONCRETO FCK = 25MPA, TRAÇO 1:2,3:2,7 (EM MASSA SECA DE CIMENTO/ AREIA MÉDIA/ BRITA 1) - PREPARO MECÂNICO COM BETONEIRA 400 L. AF_05/2021","m³",1.74,509.97,{"$f":"TRUNC(G73*(1+$G$5)*(1-$I$8),2)","v":630.01},{"$f":"TRUNC(F73*H73,2)","v":1096.21}]
[" 3.2.3 "," 92915 ","SINAPI","ARMAÇÃO DE ESTRUTURAS DIVERSAS DE CONCRETO ARMADO, EXCETO VIGAS, PILARES, LAJES E FUNDAÇÕES, UTILIZANDO AÇO CA-60 DE 5,0 MM - MONTAGEM. AF_06/2022","KG",174,17.82,{"$f":"TRUNC(G74*(1+$G$5)*(1-$I$8),2)","v":22.01},{"$f":"TRUNC(F74*H74,2)","v":3829.74}]
[" 3.2.4 "," 92263 ","SINAPI","FABRICAÇÃO DE FÔRMA PARA PILARES E ESTRUTURAS SIMILARES, EM CHAPA DE MADEIRA COMPENSADA RESINADA, E = 17 MM. AF_09/2020","m²",17.2,168.88,{"$f":"TRUNC(G75*(1+$G$5)*(1-$I$8),2)","v":208.63},{"$f":"TRUNC(F75*H75,2)","v":3588.43}]
[" 3.2.5 "," 92409 ","SINAPI","MONTAGEM E DESMONTAGEM DE FÔRMA DE PILARES RETANGULARES E ESTRUTURAS SIMILARES, PÉ-DIREITO SIMPLES, EM MADEIRA SERRADA, 1 UTILIZAÇÃO. AF_09/2020","m²",17.399999999999999,256.83,{"$f":"TRUNC(G76*(1+$G$5)*(1-$I$8),2)","v":317.27999999999997},{"$f":"TRUNC(F76*H76,2)","v":5520.67}]
[" 3.3 ",null,null,"REVESTIMENTO DE PAREDES (WC)"]
[" 3.3.1 "," 87878 ","SINAPI","CHAPISCO APLICADO EM ALVENARIAS E ESTRUTURAS DE CONCRETO INTERNAS, COM COLHER DE PEDREIRO.  ARGAMASSA TRAÇO 1:3 COM PREPARO MANUAL. AF_10/2022","m²",166.4,4.7,{"$f":"TRUNC(G78*(1+$G$5)*(1-$I$8),2)","v":5.8},{"$f":"TRUNC(F78*H78,2)","v":965.12}]
[" 3.3.2 "," 87548 ","SINAPI","MASSA ÚNICA, EM ARGAMASSA TRAÇO 1:2:8, PREPARO MANUAL, APLICADA MANUALMENTE EM PAREDES INTERNAS DE AMBIENTES COM ÁREA ENTRE 5M² E 10M², E = 10MM, COM TALISCAS. AF_03/2024","m²",110.57,27.51,{"$f":"TRUNC(G79*(1+$G$5)*(1-$I$8),2)","v":33.979999999999997},{"$f":"TRUNC(F79*H79,2)","v":3757.16}]
[" 3.3.3 "," 87532 ","SINAPI","EMBOÇO, EM ARGAMASSA TRAÇO 1:2:8, PREPARO MANUAL, APLICADO MANUALMENTE EM PAREDES INTERNAS DE AMBIENTES COM ÁREA ENTRE 5M² E 10M², E = 17,5MM, COM TALISCAS. AF_03/2024","m²",55.83,37.54,{"$f":"TRUNC(G80*(1+$G$5)*(1-$I$8),2)","v":46.37},{"$f":"TRUNC(F80*H80,2)","v":2588.83}]
[" 3.3.4 "," 87273 ","SINAPI","REVESTIMENTO CERÂMICO PARA PAREDES INTERNAS COM PLACAS TIPO ESMALTADA DE DIMENSÕES 33X45 CM APLICADAS NA ALTURA INTEIRA DAS PAREDES. AF_02/2023_PE","m²",55.83,64.19,{"$f":"TRUNC(G81*(1+$G$5)*(1-$I$8),2)","v":79.3},{"$f":"TRUNC(F81*H81,2)","v":4427.3100000000004}]
[" 3.4 ",null,null,"PAVIMENTAÇÃO (WC)"]
[" 3.4.1 "," 87248 ","SINAPI","REVESTIMENTO CERÂMICO PARA PISO COM PLACAS TIPO ESMALTADA DE DIMENSÕES 35X35 CM APLICADA EM AMBIENTES DE ÁREA MAIOR QUE 10 M2. AF_02/2023_PE","m²",13,48.5,{"$f":"TRUNC(G83*(1+$G$5)*(1-$I$8),2)","v":59.91},{"$f":"TRUNC(F83*H83,2)","v":778.83}]
[" 3.4.2 "," 98689 ","SINAPI","SOLEIRA EM GRANITO, LARGURA 15 CM, ESPESSURA 2,0 CM. AF_09/2020","M",2.5,101.07,{"$f":"TRUNC(G84*(1+$G$5)*(1-$I$8),2)","v":124.86},{"$f":"TRUNC(F84*H84,2)","v":312.14999999999998}]
[" 3.5 ",null,null,"COBERTURA (WC)"]
[" 3.5.1 "," 96109 ","SINAPI","FORRO EM PLACAS DE GESSO, PARA AMBIENTES RESIDENCIAIS. AF_08/2023_PS","m²",16,51.37,{"$f":"TRUNC(G86*(1+$G$5)*(1-$I$8),2)","v":63.46},{"$f":"TRUNC(F86*H86,2)","v":1015.36}]
[" 3.5.2 "," 101963 ","SINAPI","LAJE PRÉ-MOLDADA UNIDIRECIONAL, BIAPOIADA, PARA PISO, ENCHIMENTO EM CERÂMICA, VIGOTA CONVENCIONAL, ALTURA TOTAL DA LAJE (ENCHIMENTO+CAPA) = (8+4). AF_11/2020_PA","m²",16,180.79,223.34,3573.44]
[" 3.5.3 "," 92580 ","SINAPI","TRAMA DE AÇO COMPOSTA POR TERÇAS PARA TELHADOS DE ATÉ 2 ÁGUAS PARA TELHA ONDULADA DE FIBROCIMENTO, METÁLICA, PLÁSTICA OU TERMOACÚSTICA, INCLUSO TRANSPORTE VERTICAL. AF_07/2019","m²",16,46.4,57.32,917.12]
[" 3.5.4 "," 94213 ","SINAPI","TELHAMENTO COM TELHA DE AÇO/ALUMÍNIO E = 0,5 MM, COM ATÉ 2 ÁGUAS, INCLUSO IÇAMENTO. AF_07/2019","m²",16,66.38,82,1312]
[" 3.5.5 "," 94231 ","SINAPI","RUFO EM CHAPA DE AÇO GALVANIZADO NÚMERO 24, CORTE DE 25 CM, INCLUSO TRANSPORTE VERTICAL. AF_07/2019","M",9.6999999999999993,53.1,65.59,636.22]
[" 3.5.6 "," 94228 ","SINAPI","CALHA EM CHAPA DE AÇO GALVANIZADO NÚMERO 24, DESENVOLVIMENTO DE 50 CM, INCLUSO TRANSPORTE VERTICAL. AF_07/2019","M",5,87.82,108.49,542.45000000000005]
[" 3.6 ",null,null,"PINTURA (WC)"]
[" 3.6.1 "," 88415 ","SINAPI","APLICAÇÃO MANUAL DE FUNDO SELADOR ACRÍLICO EM PAREDES EXTERNAS DE CASAS. AF_03/2024","m²",110.57,3.8,{"$f":"TRUNC(G93*(1+$G$5)*(1-$I$8),2)","v":4.6900000000000004},{"$f":"TRUNC(F93*H93,2)","v":518.57000000000005}]
[" 3.6.2 "," 88423 ","SINAPI","APLICAÇÃO MANUAL DE PINTURA COM TINTA TEXTURIZADA ACRÍLICA EM PAREDES EXTERNAS DE CASAS, UMA COR. AF_03/2024","m²",110.57,22.43,{"$f":"TRUNC(G94*(1+$G$5)*(1-$I$8),2)","v":27.71},{"$f":"TRUNC(F94*H94,2)","v":3063.89}]
[" 3.6.3 "," 100758 ","SINAPI","PINTURA COM TINTA ALQUÍDICA DE ACABAMENTO (ESMALTE SINTÉTICO ACETINADO) APLICADA A ROLO OU PINCEL SOBRE SUPERFÍCIES METÁLICAS (EXCETO PERFIL) EXECUTADO EM OBRA (02 DEMÃOS). AF_01/2020","m²",5.61,48.23,{"$f":"TRUNC(G95*(1+$G$5)*(1-$I$8),2)","v":59.58},{"$f":"TRUNC(F95*H95,2)","v":334.24}]
[" 3.7 ",null,null,"INSTALAÇÕES HIDRÁULICAS (WC)"]
[" 3.7.1 "," 89957 ","SINAPI","PONTO DE CONSUMO TERMINAL DE ÁGUA FRIA (SUBRAMAL) COM TUBULAÇÃO DE PVC, DN 25 MM, INSTALADO EM RAMAL DE ÁGUA, INCLUSOS RASGO E CHUMBAMENTO EM ALVENARIA. AF_12/2014","UN",7,125.72,{"$f":"TRUNC(G97*(1+$G$5)*(1-$I$8),2)","v":155.31},{"$f":"TRUNC(F97*H97,2)","v":1087.17}]
[" 3.7.2 "," 86904 ","SINAPI","LAVATÓRIO LOUÇA BRANCA SUSPENSO, 29,5 X 39CM OU EQUIVALENTE, PADRÃO POPULAR - FORNECIMENTO E INSTALAÇÃO. AF_01/2020","UN",3,144.69,178.75,536.25]
[" 3.7.3 "," 86883 ","SINAPI","SIFÃO DO TIPO FLEXÍVEL EM PVC 1  X 1.1/2  - FORNECIMENTO E INSTALAÇÃO. AF_01/2020","UN",3,10.77,13.3,39.9]
[" 3.7.4 "," 95546 ","SINAPI","KIT DE ACESSORIOS PARA BANHEIRO EM METAL CROMADO, 5 PECAS, INCLUSO FIXAÇÃO. AF_01/2020","UN",1,136.68,168.85,168.85]
[" 3.7.5 "," 89984 ","SINAPI","REGISTRO DE PRESSÃO BRUTO, LATÃO, ROSCÁVEL, 1/2\", COM ACABAMENTO E CANOPLA CROMADOS - FORNECIMENTO E INSTALAÇÃO. AF_08/2021","UN",3,82.76,102.24,306.72000000000003]
[" 3.7.6 "," 88504 ","SINAPI","CAIXA D´AGUA EM POLIETILENO, 500 LITROS, COM ACESSÓRIOS","UN",1,788.64,974.28,974.28]
[" 3.7.7 "," 86915 ","SINAPI","TORNEIRA CROMADA DE MESA, 1/2\" OU 3/4\", PARA LAVATÓRIO, PADRÃO MÉDIO - FORNECIMENTO E INSTALAÇÃO. AF_01/2020","UN",3,132.11000000000001,163.19999999999999,489.6]
[" 3.7.8 "," 100858 ","SINAPI","MICTÓRIO SIFONADO LOUÇA BRANCA - PADRÃO MÉDIO - FORNECIMENTO E INSTALAÇÃO. AF_01/2020","UN",1,669.54,827.14,827.14]
[" 3.7.9 "," 94649 ","SINAPI","TUBO, PVC, SOLDÁVEL, DE 32MM, INSTALADO EM RESERVAÇÃO PREDIAL DE ÁGUA - FORNECIMENTO E INSTALAÇÃO. AF_04/2024","M",50,10.47,12.93,646.5]
[" 3.7.10 "," 86887 ","SINAPI","ENGATE FLEXÍVEL EM INOX, 1/2  X 40CM - FORNECIMENTO E INSTALAÇÃO. AF_01/2020","UN",4,52.29,64.59,258.36]
[" 3.8 ",null,null,"INSTALAÇÕES SANITÁRIAS (WC)"]
[" 3.8.1 "," 1679 ","ORSE","Ponto de esgoto com tubo de pvc rígido soldável de  Ø 40 mm (lavatórios, mictórios, ralos sifonados, etc...)","un",4,68.459999999999994,{"$f":"TRUNC(G108*(1+$G$5)*(1-$I$8),2)","v":84.57},{"$f":"TRUNC(F108*H108,2)","v":338.28}]
[" 3.8.2 "," 1683 ","ORSE","Ponto de esgoto com tubo de pvc rígido soldável de Ø 100 mm (vaso sanitário)","pt",3,92.26,113.97,341.91]
[" 3.8.3 "," 86931 ","SINAPI","VASO SANITÁRIO SIFONADO COM CAIXA ACOPLADA LOUÇA BRANCA, INCLUSO ENGATE FLEXÍVEL EM PLÁSTICO BRANCO, 1/2  X 40CM - FORNECIMENTO E INSTALAÇÃO. AF_01/2020","UN",2,486.9,601.51,1203.02]
[" 3.8.4 "," 95472 ","SINAPI","VASO SANITARIO SIFONADO CONVENCIONAL PARA PCD SEM FURO FRONTAL COM LOUÇA BRANCA SEM ASSENTO, INCLUSO CONJUNTO DE LIGAÇÃO PARA BACIA SANITÁRIA AJUSTÁVEL - FORNECIMENTO E INSTALAÇÃO. AF_01/2020","UN",1,756.8,934.95,934.95]
[" 3.8.5 "," 89707 ","SINAPI","CAIXA SIFONADA, PVC, DN 100 X 100 X 50 MM, JUNTA ELÁSTICA, FORNECIDA E INSTALADA EM RAMAL DE DESCARGA OU EM RAMAL DE ESGOTO SANITÁRIO. AF_08/2022","UN",3,40.53,50.07,150.21]
[" 3.8.6 "," 98052 ","SINAPI","TANQUE SÉPTICO CIRCULAR, EM CONCRETO PRÉ-MOLDADO, DIÂMETRO INTERNO = 1,10 M, ALTURA INTERNA = 2,50 M, VOLUME ÚTIL: 2138,2 L (PARA 5 CONTRIBUINTES). AF_12/2020_PA","UN",1,1973.58,2438.16,2438.16]
[" 3.8.7 "," 98078 ","SINAPI","SUMIDOURO RETANGULAR, EM ALVENARIA COM TIJOLOS CERÂMICOS MACIÇOS, DIMENSÕES INTERNAS: 0,8 X 1,4 X H=3,0 M, ÁREA DE INFILTRAÇÃO: 13,2 M² (PARA 5 CONTRIBUINTES). AF_12/2020","UN",1,3701.85,4573.26,4573.26]
[" 3.8.8 "," 89512 ","SINAPI","TUBO PVC, SÉRIE R, ÁGUA PLUVIAL, DN 100 MM, FORNECIDO E INSTALADO EM RAMAL DE ENCAMINHAMENTO. AF_06/2022","M",5,41.12,50.79,253.95]
[" 3.8.9 "," 89798 ","SINAPI","TUBO PVC, SERIE NORMAL, ESGOTO PREDIAL, DN 50 MM, FORNECIDO E INSTALADO EM PRUMADA DE ESGOTO SANITÁRIO OU VENTILAÇÃO. AF_08/2022","M",3.5,10.82,13.36,46.76]
[" 3.9 ",null,null,"INSTALAÇÕES ELÉTRICAS (WC)"]
[" 3.9.1 "," 97591 ","SINAPI","LUMINÁRIA TIPO PLAFON REDONDO COM VIDRO FOSCO, DE SOBREPOR, COM 2 LÂMPADAS FLUORESCENTES DE 15 W, SEM REATOR - FORNECIMENTO E INSTALAÇÃO. AF_02/2020","UN",3,131.29,{"$f":"TRUNC(G118*(1+$G$5)*(1-$I$8),2)","v":162.19},{"$f":"TRUNC(F118*H118,2)","v":486.57}]
[" 3.9.2 "," 97590 ","SINAPI","LUMINÁRIA TIPO PLAFON REDONDO COM VIDRO FOSCO, DE SOBREPOR, COM 1 LÂMPADA FLUORESCENTE DE 15 W, SEM REATOR - FORNECIMENTO E INSTALAÇÃO. AF_02/2020","UN",1,99.5,{"$f":"TRUNC(G119*(1+$G$5)*(1-$I$8),2)","v":122.92},{"$f":"TRUNC(F119*H119,2)","v":122.92}]
[" 3.9.3 "," 3278 ","ORSE","Ponto de interruptor 01 seção (1 s) embutido com eletroduto de pvc flexível sanfonado Ø 3/4\"","pt",4,192.48,{"$f":"TRUNC(G120*(1+$G$5)*(1-$I$8),2)","v":237.78},{"$f":"TRUNC(F120*H120,2)","v":951.12}]
[" 3.10 ",null,null,"ESQUADRIAS (WC)"]
[" 3.10.1 "," 100701 ","SINAPI","PORTA DE FERRO, DE ABRIR, TIPO GRADE COM CHAPA, COM GUARNIÇÕES. AF_12/2019","m²",5.6,553.66999999999996,{"$f":"TRUNC(G122*(1+$G$5)*(1-$I$8),2)","v":684},{"$f":"TRUNC(F122*H122,2)","v":3830.4}]
[" 3.10.2 "," 101162 ","SINAPI","ALVENARIA DE VEDAÇÃO COM ELEMENTO VAZADO DE CERÂMICA (COBOGÓ) DE 7X20X20CM E ARGAMASSA DE ASSENTAMENTO COM PREPARO EM BETONEIRA. AF_05/2020","m²",2.16,129.57,{"$f":"TRUNC(G123*(1+$G$5)*(1-$I$8),2)","v":160.07},{"$f":"TRUNC(F123*H123,2)","v":345.75}]
[" 3.11 ",null,null,"ACESSIBILIDADE (WC)"]
[" 3.11.1 "," 100872 ","SINAPI","BARRA DE APOIO RETA, EM ALUMINIO, COMPRIMENTO 80 CM,  FIXADA NA PAREDE - FORNECIMENTO E INSTALAÇÃO. AF_01/2020","UN",2,329.01,{"$f":"TRUNC(G125*(1+$G$5)*(1-$I$8),2)","v":406.45},{"$f":"TRUNC(F125*H125,2)","v":812.9}]
[" 4 ",null,null,"INSTALAÇÕES ELÉTRICA (GERAL)"]
[" 4.1 ",null,null,"ENTRADA DE SERVIÇO MONOFÁSICA 220V"]
[" 4.1.1 "," 101496 ","SINAPI","ENTRADA DE ENERGIA ELÉTRICA, AÉREA, MONOFÁSICA, COM CAIXA DE EMBUTIR, CABO DE 35 MM2 E DISJUNTOR DIN 50A (NÃO INCLUSO O POSTE DE CONCRETO). AF_07/2020_PS","UN",1,1612.67,{"$f":"TRUNC(G128*(1+$G$5)*(1-$I$8),2)","v":1992.29},{"$f":"TRUNC(F128*H128,2)","v":1992.29}]
[" 4.1.2 "," 83446 ","SINAPI","CAIXA DE PASSAGEM 30X30X40 COM TAMPA E DRENO BRITA","UN",1,212.59,{"$f":"TRUNC(G129*(1+$G$5)*(1-$I$8),2)","v":262.63},{"$f":"TRUNC(F129*H129,2)","v":262.63}]
[" 4.2 ",null,null,"INSTALAÇÃO DA ILUMINAÇÃO DO ESPAÇO MULTIEVENTOS"]
[" 4.2.1 "," 331 ","ORSE","Poste de concreto duplo T (DT)  9/200 - fornecimento e assentamento","un",4,874.5,{"$f":"TRUNC(G131*(1+$G$5)*(1-$I$8),2)","v":1080.3499999999999},{"$f":"TRUNC(F131*H131,2)","v":4321.3999999999996}]
[" 4.2.2 "," 91863 ","SINAPI","ELETRODUTO RÍGIDO ROSCÁVEL, PVC, DN 25 MM (3/4\"), PARA CIRCUITOS TERMINAIS, INSTALADO EM FORRO - FORNECIMENTO E INSTALAÇÃO. AF_03/2023","M",27,9.82,12.13,327.51]
[" 4.2.3 "," 91879 ","SINAPI","LUVA PARA ELETRODUTO, PVC, ROSCÁVEL, DN 25 MM (3/4\"), PARA CIRCUITOS TERMINAIS, INSTALADA EM LAJE - FORNECIMENTO E INSTALAÇÃO. AF_03/2023","UN",14,5.79,7.15,100.1]
[" 4.2.4 "," 91890 ","SINAPI","CURVA 90 GRAUS PARA ELETRODUTO, PVC, ROSCÁVEL, DN 25 MM (3/4\"), PARA CIRCUITOS TERMINAIS, INSTALADA EM FORRO - FORNECIMENTO E INSTALAÇÃO. AF_03/2023","UN",7,11.31,13.97,97.79]
[" 4.2.5 "," 91892 ","SINAPI","CURVA 180 GRAUS PARA ELETRODUTO, PVC, ROSCÁVEL, DN 25 MM (3/4\"), PARA CIRCUITOS TERMINAIS, INSTALADA EM FORRO - FORNECIMENTO E INSTALAÇÃO. AF_03/2023","UN",4,12.39,15.3,61.2]
[" 4.2.6 "," 96985 ","SINAPI","HASTE DE ATERRAMENTO, DIÂMETRO 5/8\", COM 3 METROS - FORNECIMENTO E INSTALAÇÃO. AF_08/2023","UN",4,88.94,109.87,439.48]
[" 4.2.7 "," 83446 ","SINAPI","CAIXA DE PASSAGEM 30X30X40 COM TAMPA E DRENO BRITA","UN",6,212.59,262.63,1575.78]
[" 4.2.8 "," CODEVASF  235 ","Próprio","ENTRADA DE ENERGIA ELÉTRICA AÉREA MONOFÁSICA 40A COM POSTE DE CONCRETO, INCLUSIVE CABEAMENTO, CAIXA DE PROTEÇÃO PARA MEDIDOR E ATERRAMENTO.","und",1,1565.53,1934.05,1934.05]
[" 4.2.9 "," 8349 ","ORSE","Refletor para lampada vapor de sódio 400w, Olivo ou similar, inclusive lâmpada e reator","un",12,259.83999999999997,321,3852]
[" 4.2.10 "," 4232 ","ORSE","Lâmpada vapor metálico 400w, fornecimento. Rev 01_06/2024","un",12,33.99,41.99,503.88]
[" 4.2.11 "," 103782 ","SINAPI","LUMINÁRIA TIPO PLAFON CIRCULAR, DE SOBREPOR, COM LED DE 12/13 W - FORNECIMENTO E INSTALAÇÃO. AF_03/2022","UN",12,26.76,33.049999999999997,396.6]
[" 4.2.12 "," 642 ","ORSE","Ponto de luz em teto ou parede, com eletroduto pvc rígido embutido Ø 3/4\"","un",12,278.37,343.89,4126.68]
[" 4.2.13 "," 91859 ","SINAPI","ELETRODUTO FLEXÍVEL LISO, PEAD, DN 32 MM (1\"), PARA CIRCUITOS TERMINAIS, INSTALADO EM PAREDE - FORNECIMENTO E INSTALAÇÃO. AF_03/2023","M",80,9.7799999999999994,12.08,966.4]
[" 4.2.14 "," 91871 ","SINAPI","ELETRODUTO RÍGIDO ROSCÁVEL, PVC, DN 25 MM (3/4\"), PARA CIRCUITOS TERMINAIS, INSTALADO EM PAREDE - FORNECIMENTO E INSTALAÇÃO. AF_03/2023","M",80,12.59,15.55,1244]
[" 4.2.15 "," 91931 ","SINAPI","CABO DE COBRE FLEXÍVEL ISOLADO, 6 MM², ANTI-CHAMA 0,6/1,0 KV, PARA CIRCUITOS TERMINAIS - FORNECIMENTO E INSTALAÇÃO. AF_03/2023","M",200,9.8699999999999992,12.19,2438]
[" 4.2.16 "," 91926 ","SINAPI","CABO DE COBRE FLEXÍVEL ISOLADO, 2,5 MM², ANTI-CHAMA 450/750 V, PARA CIRCUITOS TERMINAIS - FORNECIMENTO E INSTALAÇÃO. AF_03/2023","M",250,4.2,5.18,1295]
[" 4.2.17 "," 101878 ","SINAPI","QUADRO DE DISTRIBUIÇÃO DE ENERGIA EM CHAPA DE AÇO GALVANIZADO, DE SOBREPOR, COM BARRAMENTO TRIFÁSICO, PARA 18 DISJUNTORES DIN 100A - FORNECIMENTO E INSTALAÇÃO. AF_10/2020","UN",2,492.63,608.59,1217.18]
[" 4.2.18 "," 93672 ","SINAPI","DISJUNTOR TRIPOLAR TIPO DIN, CORRENTE NOMINAL DE 40A - FORNECIMENTO E INSTALAÇÃO. AF_10/2020","UN",2,78.11,96.49,192.98]
[" 4.2.19 "," 93654 ","SINAPI","DISJUNTOR MONOPOLAR TIPO DIN, CORRENTE NOMINAL DE 16A - FORNECIMENTO E INSTALAÇÃO. AF_10/2020","UN",4,10.89,13.45,53.8]
[" 4.2.20 "," 93660 ","SINAPI","DISJUNTOR BIPOLAR TIPO DIN, CORRENTE NOMINAL DE 10A - FORNECIMENTO E INSTALAÇÃO. AF_10/2020","UN",4,49.42,61.05,244.2]
[" 4.2.21 "," 93653 ","SINAPI","DISJUNTOR MONOPOLAR TIPO DIN, CORRENTE NOMINAL DE 10A - FORNECIMENTO E INSTALAÇÃO. AF_10/2020","UN",2,10.3,12.72,25.44]
[" 4.2.22 "," 92001 ","SINAPI","TOMADA BAIXA DE EMBUTIR (1 MÓDULO), 2P+T 20 A, INCLUINDO SUPORTE E PLACA - FORNECIMENTO E INSTALAÇÃO. AF_03/2023","UN",4,29.35,36.25,145]
[" 5 ",null,null,"DIVERSOS"]
[" 5.1 "," CODEVASF  240 ","Próprio","LOGOMARCA EM ALTO RELEVO","und",3,375.11,{"$f":"TRUNC(G154*(1+$G$5)*(1-$I$8),2)","v":463.41},{"$f":"TRUNC(F154*H154,2)","v":1390.23}]
[" 5.2 "," 5 ","ORSE","Placa de inauguração de obra em alumínio 0,50 x 0,70 m","un",1,2087.8000000000002,{"$f":"TRUNC(G155*(1+$G$5)*(1-$I$8),2)","v":2579.2600000000002},{"$f":"TRUNC(F155*H155,2)","v":2579.2600000000002}]

{"sheet":"Cronograma","index":2,"n_rows":27,"n_cols":11,"rows_kept":27,"cut":false,"hidden":false,"merged":[[15,0,16,0],[15,1,16,1],[15,2,16,2],[19,0,20,0],[19,1,20,1],[19,2,20,2],[17,0,18,0],[17,1,18,1],[17,2,18,2],[11,0,12,0],[11,1,12,1],[11,2,12,2],[13,0,14,0],[13,1,14,1],[13,2,14,2],[4,0,4,9],[5,0,5,9],[6,0,6,9],[8,0,9,0],[8,1,9,1],[8,2,9,2],[8,4,8,9]]}
[null,"                                               Ministério da Integração e do Desenvolvimento Regional - MIDR "]
[null,"                                               Companhia de Desenvolvimento dos Vales do São Francisco e do Parnaíba "]
[null,"                                               Gerência Regional de Infraestrutura "]
[]
[{"$f":"'Resumo do Orçamento'!D5","v":"Espaço Multiuso - Tipo 01"}]
[]
["CRONOGRAMA FÍSICO E FINANCEIRO"]
[]
["ITEM","DESCRIÇÃO DOS SERVIÇOS","R$",null,"PRAZO (DIAS)"]
[null,null,null,30,60,90,120,150,180,210]
[]
[1,{"$f":"'Resumo do Orçamento'!D11","v":"SERVIÇOS PRELIMINARES"},{"$f":"'Resumo do Orçamento'!J11","v":52911.369999999995},0.45,0.13,0.1,0.1,0.1,0.1,0.02,{"$f":"SUM(D12:J12)","v":1}]
[null,null,null,{"$f":"ROUND(D12*$C$12,2)","v":23810.12},6878.48,5291.14,5291.14,5291.14,5291.14,1058.23]
[2,{"$f":"'Resumo do Orçamento'!D12","v":"ESPAÇO MULTIEVENTOS"},{"$f":"'Resumo do Orçamento'!J12","v":421354.92},0,0,0.2,0.3,0.3,0.2,0,{"$f":"SUM(D14:J14)","v":1}]
[null,null,null,{"$f":"ROUND(D14*$C$14,2)","v":0},0,84270.98,126406.48,126406.48,84270.98,0]
[3,{"$f":"'Resumo do Orçamento'!D13","v":"BANHEIROS"},{"$f":"'Resumo do Orçamento'!J13","v":71714.449999999983},0,0,0,0,0.5,0.5,0,{"$f":"SUM(D16:J16)","v":1}]
[null,null,null,{"$f":"ROUND(D16*$C$16,2)","v":0},0,0,0,35857.230000000003,35857.230000000003,0]
[4,{"$f":"'Resumo do Orçamento'!D14","v":"INSTALAÇÕES ELÉTRICA (GERAL)"},{"$f":"'Resumo do Orçamento'!J14","v":27813.39},0,0,0,0,0,0.5,0.5,{"$f":"SUM(D18:J18)","v":1}]
[null,null,null,{"$f":"ROUND(D18*$C$20,2)","v":0},{"$f":"ROUND(E18*$C$20,2)","v":0},{"$f":"ROUND(F18*$C$20,2)","v":0},{"$f":"ROUND(G18*$C$20,2)","v":0},{"$f":"ROUND(H18*$C$20,2)","v":0},{"$f":"ROUND(I18*$C$18,2)","v":13906.7},{"$f":"ROUND(J18*$C$18,2)","v":13906.7}]
[5,{"$f":"'Resumo do Orçamento'!D15","v":"DIVERSOS"},{"$f":"'Resumo do Orçamento'!J15","v":3969.4900000000002},0,0,0,0,0,0,1,{"$f":"SUM(D20:J20)","v":1}]
[null,null,null,{"$f":"ROUND(D20*$C$20,2)","v":0},0,0,0,0,0,3969.49]
[]
[]
[null,"Total Geral",{"$f":"C12+C14+C16+C18+C20","v":577763.62},{"$f":"D13+D15+D17+D19+D21","v":23810.12},6878.48,89562.12,131697.62,167554.85,139326.05000000002,18934.419999999998]
[]
[null,null,null,{"$f":"D24/$C$24","v":4.1210832900832349E-2},1.1905353265406361E-2,0.15501516000609383,0.22794377396070731,0.29000588510574621,0.24114714941726517,3.2771914576414485E-2]
[null,"Total Geral Acumulado",null,{"$f":"D24+C27","v":23810.12},30688.6,120250.72,251948.34,419503.19,558829.24,{"$f":"J24+I27-0.02","v":577763.64}]

{"sheet":"BDI","index":3,"n_rows":31,"n_cols":4,"rows_kept":31,"cut":false,"hidden":false,"merged":[[28,0,29,0],[28,2,29,2],[28,3,29,3],[30,0,34,3],[0,1,0,3],[1,1,1,3],[2,1,2,3],[26,1,26,2],[5,0,5,3],[6,0,6,3],[8,0,9,0],[8,1,9,2],[8,3,9,3]]}
[null,"Ministério da Integração e do Desenvolvimento Regional - MIDR"]
[null,"Companhia de Desenvolvimento dos Vales do São Francisco e do Parnaíba "]
[null,"4ª Gerência Regional de Infraestrutura "]
[]
[null,null,null,"Sem Desoneração"]
[]
["DETALHAMENTO DO BDI"]
[]
["ITEM","DESCRIÇÕES DOS ITENS",null,"%"]
[]
[]
[1,"ADMINISTRAÇÃO CENTRAL ( AC )",null,4]
[null,null,null," "]
[2,"TRIBUTOS ( I )",null,{"$f":"SUM(D15:D18)","v":6.65}]
["2.1","ISS",null,3]
["2.2","PIS",null,0.65]
["2.3","Cofins",null,3]
["2.4","CPRB (Contribuição Previdenciária sobre a Receita Bruta)",null,0]
[]
[3,"TAXA DE RISCO ( R )",null,1.27]
[]
[4,"SEGURO E GARANTIAS (S + G)",null,0.8]
[]
[5,"DESPESAS FINANCEIRAS ( F )",null,1.23]
[]
[6,"LUCRO ( L )",null,7.4]
[" "," ",null,{"$f":"ROUND((((1+(D12+D20)/100)*(1+(D24/100))*(1+(D26/100)))/((1-(D14/100)))-1),4)","v":0.22600000000000001}]
[]
["BDI =","  (1+AC+R+S+G)*(1+DF)*(1+L)","-1             ====================>",{"$f":"ROUND((((1+(D12+D20+D22)/100)*(1+(D24/100))*(1+(D26/100)))/((1-(D14/100)))-1),4)","v":0.2354}]
[null,"                    (1-I)"]
["Lei n°7.983/13 - Estabelace regras e critérios para eleboração dp orçamento de referência de obras e serviços de engenharia, contratados e executados com recusros dos orçamentos da União; Acordão n°2622/2013 - Estabelece os parâmetros de referência para as taxas de BDI por tipo de obra; Lei n° 13.161/15 - Desoneração Fiscal"]

{"sheet":"Encargos Sociais","index":4,"n_rows":44,"n_cols":4,"rows_kept":44,"cut":false,"hidden":false,"merged":[[0,1,0,3],[1,1,1,3],[2,1,2,3],[38,0,38,1],[39,1,39,3],[42,0,42,1],[43,0,43,1],[4,0,4,3],[7,0,8,1],[9,1,9,3],[19,0,19,1],[20,1,20,3],[31,0,31,1],[32,1,32,3]]}
[null,"Ministério da Integração e do Desenvolvimento Regional - MIDR"]
[null,"Companhia de Desenvovimento dos Vales do São Francisco e do Parnaíba"]
[null,"4ª Gerência Regional de Infraestrutura "]
[]
["Detalhamento dos Encargos Sociais – Horista e Mensalista – Não Desonerado"]
[]
[]
["DISCRIMINAÇÃO",null,"HORISTA","MENSALISTA"]
[null,null,"%","%"]
["A","ENCARGOS SOCIAIS BÁSICOS"]
["A1","INSS",0.2,0.2]
["A2","SESI",1.4999999999999999E-2,1.4999999999999999E-2]
["A3","SENAI",0.01,0.01]
["A4","INCRA",2E-3,2E-3]
["A5","SEBRAE",6.0000000000000001E-3,6.0000000000000001E-3]
["A6","Salário Educação",2.5000000000000001E-2,2.5000000000000001E-2]
["A7","Seguro Contra Acidente de Trabalho",0.03,0.03]
["A8","FGTS",0.08,0.08]
["A9","SECONCI",0,0]
["SUBTOTAL DE “A”:",null,0.36799999999999999,36.799999999999997]
["B","ENCARGOS SOCIAIS QUE RECEBEM INCIDÊNCIA DE “A”"]
["B1","Repouso Semanal Remunerado",0.1787,0]
["B2","Feriados",3.9300000000000002E-2,0]
["B3","Auxílio-Enfermidade",8.5000000000000006E-3,6.4000000000000003E-3]
["B4","13º Salário",0.10979999999999999,8.3299999999999999E-2]
["B5","Licença Paternidade",5.9999999999999995E-4,4.0000000000000002E-4]
["B6","Faltas Justificadas",7.3000000000000001E-3,5.5999999999999999E-3]
["B7","Dias de Chuva",1.5100000000000001E-2,0]
["B8","Auxílio Acidente de Trabalho",1E-3,8.0000000000000004E-4]
["B9","Férias Gozadas",0.1137,8.6400000000000005E-2]
["B10","Salário Maternidade",4.0000000000000002E-4,2.9999999999999997E-4]
["SUBTOTAL DE “B”:",null,0.47439999999999999,0.1832]
["C","ENCARGOS SOCIAIS QUE NÃO RECEBEM INCIDÊNCIA DE “A”"]
["C1","Aviso Prévio Indenizado",4.8300000000000003E-2,3.6700000000000003E-2]
["C2","Aviso Prévio Trabalhado",1.1000000000000001E-3,8.9999999999999998E-4]
["C3","Férias Indenizadas",2.35E-2,1.7899999999999999E-2]
["C4","Depósito Rescisão Sem Justa Causa",2.7099999999999999E-2,2.06E-2]
["C5","Indenização Adicional",4.1000000000000003E-3,3.0999999999999999E-3]
["SUBTOTAL DE “C”:",null,0.1041,7.9200000000000007E-2]
["D","REINCIDÊNCIAS DE UM GRUPO SOBRE O OUTRO"]
["D1","Reincidência de “A” sobre “B”",0.17460000000000001,6.7400000000000002E-2]
["D2","Reincidência de Grupo A sobre Aviso Prévio Trabalhado e Reincidência do FGTS sobre Aviso Prévio Indenizado",4.3E-3,3.3E-3]
["SUBTOTAL DE “D”:",null,0.1789,7.0699999999999999E-2]
["TOTAIS DE ENCARGOS SOCIAIS:",null,1.1254,0.70109999999999995]

{"sheet":"Curva ABC de Serviços","index":5,"n_rows":112,"n_cols":10,"rows_kept":112,"cut":false,"hidden":false,"merged":[[0,4,0,6],[0,7,0,9],[1,4,1,6],[1,7,1,9],[2,0,2,9]]}
[null,null,"Obra","Bancos","B.D.I.",null,null,"Encargos Sociais"]
[null,null,"Espaço Multiuso - Tipo 01","SINAPI - 08/2024 - Sergipe\nORSE - 06/2024 - Sergipe\n","23,54%",null,null,"Não Desonerado: \nHorista: 112,54%\nMensalista: 70,11%"]
["Curva ABC de Serviços"]
["Código","Banco","Descrição","Tipo","Und","Quant.","Valor  Unit","Total","Peso (%)","Peso Acumulado (%)"]
[" 100777 ","SINAPI","ESTRUTURA TRELIÇADA DE COBERTURA, TIPO SHED, COM LIGAÇÕES PARAFUSADAS, INCLUSOS PERFIS METÁLICOS, CHAPAS METÁLICAS, MÃO DE OBRA E TRANSPORTE COM GUINDASTE - FORNECIMENTO E INSTALAÇÃO. AF_01/2020_PSA","FUES - FUNDAÇÕES E ESTRUTURAS","KG","5.500,0",{"$f":"VLOOKUP(A5,'Orçamento Sintético'!$B$13:$H$155,7,FALSE)","v":14.04},{"$f":"TRUNC(F5*G5,2)","v":77220},{"$f":"H5/$H$112","v":0.13365327270600266},{"$f":"I5","v":0.13365327270600266}]
[" 94994 ","SINAPI","EXECUÇÃO DE PASSEIO (CALÇADA) OU PISO DE CONCRETO COM CONCRETO MOLDADO IN LOCO, FEITO EM OBRA, ACABAMENTO CONVENCIONAL, ESPESSURA 8 CM, ARMADO. AF_08/2022","PISO - PISOS","m²","631,01",{"$f":"VLOOKUP(A6,'Orçamento Sintético'!$B$13:$H$155,7,FALSE)","v":114.52},{"$f":"TRUNC(F6*G6,2)","v":72263.259999999995},{"$f":"H6/$H$112","v":0.12507408955458135},{"$f":"I6+J5","v":0.25872736226058402}]
[" 102364 ","SINAPI","ALAMBRADO PARA QUADRA POLIESPORTIVA, ESTRUTURADO POR TUBOS DE ACO GALVANIZADO, (MONTANTES COM DIAMETRO 2\", TRAVESSAS E ESCORAS COM DIÂMETRO 1 ¼\"), COM TELA DE ARAME GALVANIZADO, FIO 10 BWG E MALHA QUADRADA 5X5CM (EXCETO MURETA). AF_03/2021","URBA - URBANIZAÇÃO","m²","211,75",{"$f":"VLOOKUP(A7,'Orçamento Sintético'!$B$13:$H$155,7,FALSE)","v":237.92},50379.56,{"$f":"H7/$H$112","v":8.7197527473302547E-2},{"$f":"I7+J6","v":0.34592488973388658}]
[" 97086 ","SINAPI","FABRICAÇÃO, MONTAGEM E DESMONTAGEM DE FORMA PARA RADIER, PISO DE CONCRETO OU LAJE SOBRE SOLO, EM MADEIRA SERRADA, 4 UTILIZAÇÕES. AF_09/2021","FUES - FUNDAÇÕES E ESTRUTURAS","m²","298,32",{"$f":"VLOOKUP(A8,'Orçamento Sintético'!$B$13:$H$155,7,FALSE)","v":150.05000000000001},44762.91,7.7476164430772515E-2,0.42340105416465912]
[" CODEVASF  322 ","Próprio","Projeto Executivo (Multiuso)","SERT - SERVIÇOS TÉCNICOS","und","1,0",{"$f":"VLOOKUP(A9,'Orçamento Sintético'!$B$13:$H$155,7,FALSE)","v":22669.52},22669.52,3.9236668462499111E-2,0.46263772262715824]
[" 9399 ","ORSE","Concreto simples fabricado na obra, fck=25 mpa, lançado e adensado","Concreto Simples","m³","28,12",{"$f":"VLOOKUP(A10,'Orçamento Sintético'!$B$13:$H$155,7,FALSE)","v":774.31},21773.59,3.768598241464248E-2,0.50032370504180068]
[" CODEVASF  122 ","Próprio","Administração local de pequenas obras","CANT - CANTEIRO DE OBRAS","und",1,{"$f":"VLOOKUP(A11,'Orçamento Sintético'!$B$13:$H$155,7,FALSE)","v":20996.36},20996.36,3.6340743705172311E-2,0.53666444874697294]
[" 94991 ","SINAPI","EXECUÇÃO DE PASSEIO (CALÇADA) OU PISO DE CONCRETO COM CONCRETO MOLDADO IN LOCO, USINADO C20, ACABAMENTO CONVENCIONAL, NÃO ARMADO. AF_08/2022","PISO - PISOS","m³","18,7",{"$f":"VLOOKUP(A12,'Orçamento Sintético'!$B$13:$H$155,7,FALSE)","v":856.88},16023.65,2.7733919492301726E-2,0.56439836823927469]
[" 94213 ","SINAPI","TELHAMENTO COM TELHA DE AÇO/ALUMÍNIO E = 0,5 MM, COM ATÉ 2 ÁGUAS, INCLUSO IÇAMENTO. AF_07/2019","COBE - COBERTURA","m²","192,0",{"$f":"VLOOKUP(A13,'Orçamento Sintético'!$B$13:$H$155,7,FALSE)","v":82},15744,2.7249898024906835E-2,0.59164826626418154]
[" 103330 ","SINAPI","ALVENARIA DE VEDAÇÃO DE BLOCOS CERÂMICOS FURADOS NA HORIZONTAL DE 11,5X19X19 CM (ESPESSURA 11,5 CM) E ARGAMASSA DE ASSENTAMENTO COM PREPARO EM BETONEIRA. AF_12/2021","PARE - PAREDES/PAINEIS","m²","177,28",{"$f":"VLOOKUP(A14,'Orçamento Sintético'!$B$13:$H$155,7,FALSE)","v":85.9},15228.35,2.6357405016996314E-2,0.61800567128117789]
[" 100758 ","SINAPI","PINTURA COM TINTA ALQUÍDICA DE ACABAMENTO (ESMALTE SINTÉTICO ACETINADO) APLICADA A ROLO OU PINCEL SOBRE SUPERFÍCIES METÁLICAS (EXCETO PERFIL) EXECUTADO EM OBRA (02 DEMÃOS). AF_01/2020","PINT - PINTURAS","m²","238,06",{"$f":"VLOOKUP(A15,'Orçamento Sintético'!$B$13:$H$155,7,FALSE)","v":59.58},14183.61,2.4549156893105235E-2,0.64255482817428311]
[" 11532 ","ORSE","Portao em tela arame galvanizado n.12 malha 2\" e moldura em tubos de aco com duas folhas de abrir, incluso ferragens",343,"m²","12,6",{"$f":"VLOOKUP(A16,'Orçamento Sintético'!$B$13:$H$155,7,FALSE)","v":926.42},11672.89,2.0203573561734928E-2,0.66275840173601808]
[" 96622 ","SINAPI","LASTRO COM MATERIAL GRANULAR, APLICADO EM PISOS OU LAJES SOBRE SOLO, ESPESSURA DE *5 CM*. AF_01/2024","FUES - FUNDAÇÕES E ESTRUTURAS","m³","31,55",{"$f":"VLOOKUP(A17,'Orçamento Sintético'!$B$13:$H$155,7,FALSE)","v":287.64999999999998},9075.35,1.5707721166180022E-2,0.6784661229021981]
[" 101963 ","SINAPI","LAJE PRÉ-MOLDADA UNIDIRECIONAL, BIAPOIADA, PARA PISO, ENCHIMENTO EM CERÂMICA, VIGOTA CONVENCIONAL, ALTURA TOTAL DA LAJE (ENCHIMENTO+CAPA) = (8+4). AF_11/2020_PA","FUES - FUNDAÇÕES E ESTRUTURAS","m²","33,83",{"$f":"VLOOKUP(A18,'Orçamento Sintético'!$B$13:$H$155,7,FALSE)","v":223.34},7555.59,1.3077302910188379E-2,0.69154342581238648]
[" 4555 ","ORSE","Meio-fio pré moldado de concreto simples (0,12 x 0,30 x 1,00m), rejuntado comargamassa de cimento e areia no traço 1:3","Meios-Fios e Guias","m","135,68",{"$f":"VLOOKUP(A19,'Orçamento Sintético'!$B$13:$H$155,7,FALSE)","v":54.78},7432.55,1.2864343849404301E-2,0.70440776966179075]
[" 97914 ","SINAPI","TRANSPORTE COM CAMINHÃO BASCULANTE DE 6 M³, EM VIA URBANA PAVIMENTADA, DMT ATÉ 30 KM (UNIDADE: M3XKM). AF_07/2020","TRAN - TRANSPORTES, CARGAS E DESCARGAS","M3XKM","2.125,47",{"$f":"VLOOKUP(A20,'Orçamento Sintético'!$B$13:$H$155,7,FALSE)","v":3.44},7311.61,1.2655019493006164E-2,0.71706278915479693]
[" CODEVASF  234 ","Próprio","BICICLETÁRIO EM TUBO DE AÇO GALVANIZADO DN 50mm","SEDI - SERVIÇOS DIVERSOS","UND","10,0",{"$f":"VLOOKUP(A21,'Orçamento Sintético'!$B$13:$H$155,7,FALSE)","v":731.06},7310.6,1.2653271373277687E-2,0.72971606052807458]
[" 9222 ","ORSE","Guarda-corpo em tubos de aço galvanizado (altura = 0,90), com barras verticais a cada 2,00m (2\"), barra horizontal intermediária (2\") e barra horizontal superior (2\")","Esquadrias de Ferro","m","20,68",{"$f":"VLOOKUP(A22,'Orçamento Sintético'!$B$13:$H$155,7,FALSE)","v":350.45},7247.3,1.2543710998215657E-2,0.74225977152629019]
[" 71 ","ORSE","Aterro manual de áreas, sem aquisição de material, com espalhamento e compactação","Aterros / Reaterros / Compactações","m³","107,35",{"$f":"VLOOKUP(A23,'Orçamento Sintético'!$B$13:$H$155,7,FALSE)","v":64.63},6938.03,1.2008422890862827E-2,0.75426819441715298]
[" 87529 ","SINAPI","MASSA ÚNICA, EM ARGAMASSA TRAÇO 1:2:8, PREPARO MECÂNICO, APLICADA MANUALMENTE EM PAREDES INTERNAS DE AMBIENTES COM ÁREA ENTRE 5M² E 10M², E = 17,5MM, COM TALISCAS. AF_03/2024","REVE - REVESTIMENTO E TRATAMENTO DE SUPERFÍCIES","m²","150,85",{"$f":"VLOOKUP(A24,'Orçamento Sintético'!$B$13:$H$155,7,FALSE)","v":43.79},6605.72,1.1433256883961355E-2,0.76570145130111433]
[" 98524 ","SINAPI","LIMPEZA MANUAL DE VEGETAÇÃO EM TERRENO COM ENXADA. AF_03/2024","URBA - URBANIZAÇÃO","m²","1.056,97",{"$f":"VLOOKUP(A25,'Orçamento Sintético'!$B$13:$H$155,7,FALSE)","v":5.37},5675.92,9.8239482467942837E-3,0.77552539954790867]
[" 92409 ","SINAPI","MONTAGEM E DESMONTAGEM DE FÔRMA DE PILARES RETANGULARES E ESTRUTURAS SIMILARES, PÉ-DIREITO SIMPLES, EM MADEIRA SERRADA, 1 UTILIZAÇÃO. AF_09/2020","FUES - FUNDAÇÕES E ESTRUTURAS","m²","17,4",{"$f":"VLOOKUP(A26,'Orçamento Sintético'!$B$13:$H$155,7,FALSE)","v":317.27999999999997},5520.67,9.5552397439762713E-3,0.78508063929188499]
[" 96544 ","SINAPI","ARMAÇÃO DE BLOCO UTILIZANDO AÇO CA-50 DE 6,3 MM - MONTAGEM. AF_01/2024","FUES - FUNDAÇÕES E ESTRUTURAS","KG","233,92",{"$f":"VLOOKUP(A27,'Orçamento Sintético'!$B$13:$H$155,7,FALSE)","v":23.5},5497.12,9.5144791305053263E-3,0.79459511842239028]
[" 00006079 ","SINAPI","ARGILA, ARGILA VERMELHA OU ARGILA ARENOSA (RETIRADA NA JAZIDA, SEM TRANSPORTE)","Material","m³","118,08",{"$f":"VLOOKUP(A28,'Orçamento Sintético'!$B$13:$H$155,7,FALSE)","v":46.14},5448.21,9.4298251345450758E-3,0.80402494355693532]
[" 96543 ","SINAPI","ARMAÇÃO DE BLOCO UTILIZANDO AÇO CA-60 DE 5 MM - MONTAGEM. AF_01/2024","FUES - FUNDAÇÕES E ESTRUTURAS","KG","198,19",{"$f":"VLOOKUP(A29,'Orçamento Sintético'!$B$13:$H$155,7,FALSE)","v":25.54},5061.7700000000004,8.7609702950668614E-3,0.81278591385200216]
[" 98078 ","SINAPI","SUMIDOURO RETANGULAR, EM ALVENARIA COM TIJOLOS CERÂMICOS MACIÇOS, DIMENSÕES INTERNAS: 0,8 X 1,4 X H=3,0 M, ÁREA DE INFILTRAÇÃO: 13,2 M² (PARA 5 CONTRIBUINTES). AF_12/2020","INHI - INSTALAÇÕES HIDROS SANITÁRIAS","UN","1,0",{"$f":"VLOOKUP(A30,'Orçamento Sintético'!$B$13:$H$155,7,FALSE)","v":4573.26},4573.26,7.9154515143156391E-3,0.82070136536631777]
[" 87273 ","SINAPI","REVESTIMENTO CERÂMICO PARA PAREDES INTERNAS COM PLACAS TIPO ESMALTADA DE DIMENSÕES 33X45 CM APLICADAS NA ALTURA INTEIRA DAS PAREDES. AF_02/2023_PE","REVE - REVESTIMENTO E TRATAMENTO DE SUPERFÍCIES","m²","55,83",{"$f":"VLOOKUP(A31,'Orçamento Sintético'!$B$13:$H$155,7,FALSE)","v":79.3},4427.3100000000004,7.6628395594925238E-3,0.82836420492581031]
[" 331 ","ORSE","Poste de concreto duplo T (DT)  9/200 - fornecimento e assentamento","Entrada em Baixa Tensão","un","4,0",{"$f":"VLOOKUP(A32,'Orçamento Sintético'!$B$13:$H$155,7,FALSE)","v":1080.3499999999999},4321.3999999999996,7.4795293016280736E-3,0.83584373422743841]
[" 93358 ","SINAPI","ESCAVAÇÃO MANUAL DE VALA COM PROFUNDIDADE MENOR OU IGUAL A 1,30 M. AF_02/2021","MOVT - MOVIMENTO DE TERRA","m³","43,08",{"$f":"VLOOKUP(A33,'Orçamento Sintético'!$B$13:$H$155,7,FALSE)","v":99.79},4298.95,7.4406725809307182E-3,0.84328440680836914]
[" 642 ","ORSE","Ponto de luz em teto ou parede, com eletroduto pvc rígido embutido Ø 3/4\"","Pontos de Suprimento de Energia Convencionais","un","12,0",{"$f":"VLOOKUP(A34,'Orçamento Sintético'!$B$13:$H$155,7,FALSE)","v":343.89},4126.68,7.1425056644704357E-3,0.85042691247283952]
[" 8349 ","ORSE","Refletor para lampada vapor de sódio 400w, Olivo ou similar, inclusive lâmpada e reator","Luminárias Externas","un","12,0",{"$f":"VLOOKUP(A35,'Orçamento Sintético'!$B$13:$H$155,7,FALSE)","v":321},3852,6.6670863307889431E-3,0.85709399880362847]
[" 100701 ","SINAPI","PORTA DE FERRO, DE ABRIR, TIPO GRADE COM CHAPA, COM GUARNIÇÕES. AF_12/2019","ESQV - ESQUADRIAS/FERRAGENS/VIDROS","m²","5,6",{"$f":"VLOOKUP(A36,'Orçamento Sintético'!$B$13:$H$155,7,FALSE)","v":684},3830.4,6.6297007999620901E-3,0.86372369960359052]
[" 92915 ","SINAPI","ARMAÇÃO DE ESTRUTURAS DIVERSAS DE CONCRETO ARMADO, EXCETO VIGAS, PILARES, LAJES E FUNDAÇÕES, UTILIZANDO AÇO CA-60 DE 5,0 MM - MONTAGEM. AF_06/2022","FUES - FUNDAÇÕES E ESTRUTURAS","KG","174,0",{"$f":"VLOOKUP(A37,'Orçamento Sintético'!$B$13:$H$155,7,FALSE)","v":22.01},3829.74,6.6285584642979357E-3,0.87035225806788841]
[" 87548 ","SINAPI","MASSA ÚNICA, EM ARGAMASSA TRAÇO 1:2:8, PREPARO MANUAL, APLICADA MANUALMENTE EM PAREDES INTERNAS DE AMBIENTES COM ÁREA ENTRE 5M² E 10M², E = 10MM, COM TALISCAS. AF_03/2024","REVE - REVESTIMENTO E TRATAMENTO DE SUPERFÍCIES","m²","110,57",{"$f":"VLOOKUP(A38,'Orçamento Sintético'!$B$13:$H$155,7,FALSE)","v":33.979999999999997},3757.16,6.5029361574732566E-3,0.87685519422536162]
[" 10528 ","ORSE","Aluguel mensal de área","Serviços","mês","5,0",{"$f":"VLOOKUP(A39,'Orçamento Sintético'!$B$13:$H$155,7,FALSE)","v":747.15},3735.75,6.4658794808527507E-3,0.88332107370621438]
[" 92263 ","SINAPI","FABRICAÇÃO DE FÔRMA PARA PILARES E ESTRUTURAS SIMILARES, EM CHAPA DE MADEIRA COMPENSADA RESINADA, E = 17 MM. AF_09/2020","FUES - FUNDAÇÕES E ESTRUTURAS","m²","17,2",{"$f":"VLOOKUP(A40,'Orçamento Sintético'!$B$13:$H$155,7,FALSE)","v":208.63},3588.43,6.2108963141207082E-3,0.88953197002033513]
[" 88423 ","SINAPI","APLICAÇÃO MANUAL DE PINTURA COM TINTA TEXTURIZADA ACRÍLICA EM PAREDES EXTERNAS DE CASAS, UMA COR. AF_03/2024","PINT - PINTURAS","m²","110,57",{"$f":"VLOOKUP(A41,'Orçamento Sintético'!$B$13:$H$155,7,FALSE)","v":27.71},3063.89,5.3030163909763587E-3,0.89483498641131154]
[" 3641 ","ORSE","Acabamento de superfície de piso de concreto com polimento mecânico com acabadora simples - Rev 02","Pavimentações Externas","m²","631,01",{"$f":"VLOOKUP(A42,'Orçamento Sintético'!$B$13:$H$155,7,FALSE)","v":4.8499999999999996},3060.39,5.2969585503331185E-3,0.90013194496164461]
[" 51 ","ORSE","Placa de obra em chapa aço galvanizado, instalada - Rev 02_01/2022","Mobilização / Instalações Provisórias / Desmobilização","m²","6,4",{"$f":"VLOOKUP(A43,'Orçamento Sintético'!$B$13:$H$155,7,FALSE)","v":464},2969.6,5.1398181640474674E-3,0.90527176312569213]
[" 87532 ","SINAPI","EMBOÇO, EM ARGAMASSA TRAÇO 1:2:8, PREPARO MANUAL, APLICADO MANUALMENTE EM PAREDES INTERNAS DE AMBIENTES COM ÁREA ENTRE 5M² E 10M², E = 17,5MM, COM TALISCAS. AF_03/2024","REVE - REVESTIMENTO E TRATAMENTO DE SUPERFÍCIES","m²","55,83",{"$f":"VLOOKUP(A44,'Orçamento Sintético'!$B$13:$H$155,7,FALSE)","v":46.37},2588.83,4.4807770264113029E-3,0.90975254015210338]
[" 5 ","ORSE","Placa de inauguração de obra em alumínio 0,50 x 0,70 m","Serviços Iniciais de Obras Civis","un","1,0",{"$f":"VLOOKUP(A45,'Orçamento Sintético'!$B$13:$H$155,7,FALSE)","v":2579.2600000000002},2579.2600000000002,4.4642131592810726E-3,0.91421675331138441]
[" 88489 ","SINAPI","PINTURA LÁTEX ACRÍLICA PREMIUM, APLICAÇÃO MANUAL EM PAREDES, DUAS DEMÃOS. AF_04/2023","PINT - PINTURAS","m²","154,81",{"$f":"VLOOKUP(A46,'Orçamento Sintético'!$B$13:$H$155,7,FALSE)","v":16.2},2507.92,4.3407370588557136E-3,0.91855749037024015]
[" 98052 ","SINAPI","TANQUE SÉPTICO CIRCULAR, EM CONCRETO PRÉ-MOLDADO, DIÂMETRO INTERNO = 1,10 M, ALTURA INTERNA = 2,50 M, VOLUME ÚTIL: 2138,2 L (PARA 5 CONTRIBUINTES). AF_12/2020_PA","INHI - INSTALAÇÕES HIDROS SANITÁRIAS","UN","1,0",{"$f":"VLOOKUP(A47,'Orçamento Sintético'!$B$13:$H$155,7,FALSE)","v":2438.16},2438.16,4.2199956407778733E-3,0.92277748601101806]
[" 91931 ","SINAPI","CABO DE COBRE FLEXÍVEL ISOLADO, 6 MM², ANTI-CHAMA 0,6/1,0 KV, PARA CIRCUITOS TERMINAIS - FORNECIMENTO E INSTALAÇÃO. AF_03/2023","INEL - INSTALAÇÃO ELÉTRICA/ELETRIFICAÇÃO E ILUMINAÇÃO EXTERNA","M","200,0",{"$f":"VLOOKUP(A48,'Orçamento Sintético'!$B$13:$H$155,7,FALSE)","v":12.19},2438,4.2197187109198975E-3,0.92699720472193792]
[" 103800 ","SINAPI","PEDRA ARGAMASSADA COM CIMENTO E AREIA 1:3, 40% DE ARGAMASSA EM VOLUME - AREIA E PEDRA DE MÃO COMERCIAIS - FORNECIMENTO E ASSENTAMENTO. AF_08/2022","FUES - FUNDAÇÕES E ESTRUTURAS","m³","3,74",{"$f":"VLOOKUP(A49,'Orçamento Sintético'!$B$13:$H$155,7,FALSE)","v":635.72},2377.59,4.1151603814175717E-3,0.93111236510335549]
[" 101496 ","SINAPI","ENTRADA DE ENERGIA ELÉTRICA, AÉREA, MONOFÁSICA, COM CAIXA DE EMBUTIR, CABO DE 35 MM2 E DISJUNTOR DIN 50A (NÃO INCLUSO O POSTE DE CONCRETO). AF_07/2020_PS","INEL - INSTALAÇÃO ELÉTRICA/ELETRIFICAÇÃO E ILUMINAÇÃO EXTERNA","UN","1,0",{"$f":"VLOOKUP(A50,'Orçamento Sintético'!$B$13:$H$155,7,FALSE)","v":1992.29},1992.29,3.4482786671774413E-3,0.93456064377053294]
[" CODEVASF  235 ","Próprio","ENTRADA DE ENERGIA ELÉTRICA AÉREA MONOFÁSICA 40A COM POSTE DE CONCRETO, INCLUSIVE CABEAMENTO, CAIXA DE PROTEÇÃO PARA MEDIDOR E ATERRAMENTO.","INEL - INSTALAÇÃO ELÉTRICA/ELETRIFICAÇÃO E ILUMINAÇÃO EXTERNA","und","1,0",{"$f":"VLOOKUP(A51,'Orçamento Sintético'!$B$13:$H$155,7,FALSE)","v":1934.05},1934.05,3.3474761988739241E-3,0.93790811996940682]
[" 83446 ","SINAPI","CAIXA DE PASSAGEM 30X30X40 COM TAMPA E DRENO BRITA","INEL - INSTALAÇÃO ELÉTRICA/ELETRIFICAÇÃO E ILUMINAÇÃO EXTERNA","UN","7,0",{"$f":"VLOOKUP(A52,'Orçamento Sintético'!$B$13:$H$155,7,FALSE)","v":262.63},1838.41,3.1819413762683548E-3,0.94109006134567519]
[" 00000003 ","Próprio","Mobilização de equipamentos e pessoal (pequenas obras)","CANT - CANTEIRO DE OBRAS","un","1,0",{"$f":"VLOOKUP(A53,'Orçamento Sintético'!$B$13:$H$155,7,FALSE)","v":1618.12},1618.12,2.8006608861828155E-3,0.94389072223185799]
[" CODEVASF  240 ","Próprio","LOGOMARCA EM ALTO RELEVO","ASTU - ASSENTAMENTO DE TUBOS E PECAS","und","3,0",{"$f":"VLOOKUP(A54,'Orçamento Sintético'!$B$13:$H$155,7,FALSE)","v":463.41},1390.23,2.4062262278433835E-3,0.94629694845970136]
[" 91926 ","SINAPI","CABO DE COBRE FLEXÍVEL ISOLADO, 2,5 MM², ANTI-CHAMA 450/750 V, PARA CIRCUITOS TERMINAIS - FORNECIMENTO E INSTALAÇÃO. AF_03/2023","INEL - INSTALAÇÃO ELÉTRICA/ELETRIFICAÇÃO E ILUMINAÇÃO EXTERNA","M","250,0",{"$f":"VLOOKUP(A55,'Orçamento Sintético'!$B$13:$H$155,7,FALSE)","v":5.18},1295,2.2414010379988789E-3,0.94853834949770022]
[" 91871 ","SINAPI","ELETRODUTO RÍGIDO ROSCÁVEL, PVC, DN 25 MM (3/4\"), PARA CIRCUITOS TERMINAIS, INSTALADO EM PAREDE - FORNECIMENTO E INSTALAÇÃO. AF_03/2023","INEL - INSTALAÇÃO ELÉTRICA/ELETRIFICAÇÃO E ILUMINAÇÃO EXTERNA","M","80,0",{"$f":"VLOOKUP(A56,'Orçamento Sintético'!$B$13:$H$155,7,FALSE)","v":15.55},1244,2.1531296457688075E-3,0.95069147914346908]
[" 87894 ","SINAPI","CHAPISCO APLICADO EM ALVENARIA (SEM PRESENÇA DE VÃOS) E ESTRUTURAS DE CONCRETO DE FACHADA, COM COLHER DE PEDREIRO.  ARGAMASSA TRAÇO 1:3 COM PREPARO EM BETONEIRA 400L. AF_10/2022","REVE - REVESTIMENTO E TRATAMENTO DE SUPERFÍCIES","m²","150,85",{"$f":"VLOOKUP(A57,'Orçamento Sintético'!$B$13:$H$155,7,FALSE)","v":8.1},1221.8800000000001,2.1148440929035293E-3,0.9528063232363726]
[" 101878 ","SINAPI","QUADRO DE DISTRIBUIÇÃO DE ENERGIA EM CHAPA DE AÇO GALVANIZADO, DE SOBREPOR, COM BARRAMENTO TRIFÁSICO, PARA 18 DISJUNTORES DIN 100A - FORNECIMENTO E INSTALAÇÃO. AF_10/2020","INEL - INSTALAÇÃO ELÉTRICA/ELETRIFICAÇÃO E ILUMINAÇÃO EXTERNA","UN","2,0",{"$f":"VLOOKUP(A58,'Orçamento Sintético'!$B$13:$H$155,7,FALSE)","v":608.59},1217.18,2.1067092783254638E-3,0.95491303251469806]
[" 86931 ","SINAPI","VASO SANITÁRIO SIFONADO COM CAIXA ACOPLADA LOUÇA BRANCA, INCLUSO ENGATE FLEXÍVEL EM PLÁSTICO BRANCO, 1/2  X 40CM - FORNECIMENTO E INSTALAÇÃO. AF_01/2020","INHI - INSTALAÇÕES HIDROS SANITÁRIAS","UN","2,0",{"$f":"VLOOKUP(A59,'Orçamento Sintético'!$B$13:$H$155,7,FALSE)","v":601.51},1203.02,2.0822009858945259E-3,0.95699523350059257]
[" 4177 ","ORSE","Locação de construção de edificação acima de 1000 m2,  inclusive execução de gabarito de madeira","Locação de Edificações","m²","170,0",{"$f":"VLOOKUP(A60,'Orçamento Sintético'!$B$13:$H$155,7,FALSE)","v":6.75},1147.5,1.9861063251766127E-3,0.95898133982576916]
[" 94965 ","SINAPI","CONCRETO FCK = 25MPA, TRAÇO 1:2,3:2,7 (EM MASSA SECA DE CIMENTO/ AREIA MÉDIA/ BRITA 1) - PREPARO MECÂNICO COM BETONEIRA 400 L. AF_05/2021","FUES - FUNDAÇÕES E ESTRUTURAS","m³","1,74",{"$f":"VLOOKUP(A61,'Orçamento Sintético'!$B$13:$H$155,7,FALSE)","v":630.01},1096.21,1.8973329975789585E-3,0.96087867282334816]
[" 89957 ","SINAPI","PONTO DE CONSUMO TERMINAL DE ÁGUA FRIA (SUBRAMAL) COM TUBULAÇÃO DE PVC, DN 25 MM, INSTALADO EM RAMAL DE ÁGUA, INCLUSOS RASGO E CHUMBAMENTO EM ALVENARIA. AF_12/2014","INHI - INSTALAÇÕES HIDROS SANITÁRIAS","UN","7,0",{"$f":"VLOOKUP(A62,'Orçamento Sintético'!$B$13:$H$155,7,FALSE)","v":155.31},1087.17,1.8816864606032752E-3,0.96276035928395143]
[" 96109 ","SINAPI","FORRO EM PLACAS DE GESSO, PARA AMBIENTES RESIDENCIAIS. AF_08/2023_PS","REVE - REVESTIMENTO E TRATAMENTO DE SUPERFÍCIES","m²","16,0",{"$f":"VLOOKUP(A63,'Orçamento Sintético'!$B$13:$H$155,7,FALSE)","v":63.46},1015.36,1.7573968787201095E-3,0.96451775616267155]
[" 88504 ","SINAPI","CAIXA D´AGUA EM POLIETILENO, 500 LITROS, COM ACESSÓRIOS","INHI - INSTALAÇÕES HIDROS SANITÁRIAS","UN","1,0",{"$f":"VLOOKUP(A64,'Orçamento Sintético'!$B$13:$H$155,7,FALSE)","v":974.28},974.28,1.6862951376845929E-3,0.96620405130035614]
[" 91859 ","SINAPI","ELETRODUTO FLEXÍVEL LISO, PEAD, DN 32 MM (1\"), PARA CIRCUITOS TERMINAIS, INSTALADO EM PAREDE - FORNECIMENTO E INSTALAÇÃO. AF_03/2023","INEL - INSTALAÇÃO ELÉTRICA/ELETRIFICAÇÃO E ILUMINAÇÃO EXTERNA","M","80,0",{"$f":"VLOOKUP(A65,'Orçamento Sintético'!$B$13:$H$155,7,FALSE)","v":12.08},966.4,1.6726563421792407E-3,0.96787670764253542]
[" 87878 ","SINAPI","CHAPISCO APLICADO EM ALVENARIAS E ESTRUTURAS DE CONCRETO INTERNAS, COM COLHER DE PEDREIRO.  ARGAMASSA TRAÇO 1:3 COM PREPARO MANUAL. AF_10/2022","REVE - REVESTIMENTO E TRATAMENTO DE SUPERFÍCIES","m²","166,4",{"$f":"VLOOKUP(A66,'Orçamento Sintético'!$B$13:$H$155,7,FALSE)","v":5.8},965.12,1.670440903315427E-3,0.96954714854585089]
[" 3278 ","ORSE","Ponto de interruptor 01 seção (1 s) embutido com eletroduto de pvc flexível sanfonado Ø 3/4\"","Conversão InfoWOrca","pt","4,0",{"$f":"VLOOKUP(A67,'Orçamento Sintético'!$B$13:$H$155,7,FALSE)","v":237.78},951.12,1.6462095407424663E-3,0.97119335808659335]
[" 95472 ","SINAPI","VASO SANITARIO SIFONADO CONVENCIONAL PARA PCD SEM FURO FRONTAL COM LOUÇA BRANCA SEM ASSENTO, INCLUSO CONJUNTO DE LIGAÇÃO PARA BACIA SANITÁRIA AJUSTÁVEL - FORNECIMENTO E INSTALAÇÃO. AF_01/2020","INHI - INSTALAÇÕES HIDROS SANITÁRIAS","UN","1,0",{"$f":"VLOOKUP(A68,'Orçamento Sintético'!$B$13:$H$155,7,FALSE)","v":934.95},934.95,1.6182223169706965E-3,0.97281158040356408]
[" 00000004 ","Próprio","Desmobilização de equipamentos e pessoal (pequenas obras)","CANT - CANTEIRO DE OBRAS","un","1,0",{"$f":"VLOOKUP(A69,'Orçamento Sintético'!$B$13:$H$155,7,FALSE)","v":922.02},922.02,1.5958429228229546E-3,0.97440742332638708]
[" 92580 ","SINAPI","TRAMA DE AÇO COMPOSTA POR TERÇAS PARA TELHADOS DE ATÉ 2 ÁGUAS PARA TELHA ONDULADA DE FIBROCIMENTO, METÁLICA, PLÁSTICA OU TERMOACÚSTICA, INCLUSO TRANSPORTE VERTICAL. AF_07/2019","COBE - COBERTURA","m²","16,0",{"$f":"VLOOKUP(A70,'Orçamento Sintético'!$B$13:$H$155,7,FALSE)","v":57.32},{"$f":"TRUNC(F70*G70,2)","v":917.12},1.5873619459224185E-3,0.97599478527230954]
[" 100858 ","SINAPI","MICTÓRIO SIFONADO LOUÇA BRANCA - PADRÃO MÉDIO - FORNECIMENTO E INSTALAÇÃO. AF_01/2020","INHI - INSTALAÇÕES HIDROS SANITÁRIAS","UN","1,0",{"$f":"VLOOKUP(A71,'Orçamento Sintético'!$B$13:$H$155,7,FALSE)","v":827.14},827.14,{"$f":"H71/$H$112","v":1.4316235170427744E-3},{"$f":"I71+J70","v":0.97742640878935227}]
[" 100872 ","SINAPI","BARRA DE APOIO RETA, EM ALUMINIO, COMPRIMENTO 80 CM,  FIXADA NA PAREDE - FORNECIMENTO E INSTALAÇÃO. AF_01/2020","INHI - INSTALAÇÕES HIDROS SANITÁRIAS","UN","2,0",{"$f":"VLOOKUP(A72,'Orçamento Sintético'!$B$13:$H$155,7,FALSE)","v":406.45},812.9,1.4069767596828484E-3,0.9788333855490351]
[" 93382 ","SINAPI","REATERRO MANUAL DE VALAS, COM COMPACTADOR DE SOLOS DE PERCUSSÃO. AF_08/2023","MOVT - MOVIMENTO DE TERRA","m³","25,26",{"$f":"VLOOKUP(A73,'Orçamento Sintético'!$B$13:$H$155,7,FALSE)","v":30.99},782.8,1.3548793301509825E-3,0.98018826487918609]
[" 87248 ","SINAPI","REVESTIMENTO CERÂMICO PARA PISO COM PLACAS TIPO ESMALTADA DE DIMENSÕES 35X35 CM APLICADA EM AMBIENTES DE ÁREA MAIOR QUE 10 M2. AF_02/2023_PE","PISO - PISOS","m²","13,0",{"$f":"VLOOKUP(A74,'Orçamento Sintético'!$B$13:$H$155,7,FALSE)","v":59.91},778.83,1.3480080080499359E-3,0.98153627288723599]
[" 94962 ","SINAPI","CONCRETO MAGRO PARA LASTRO, TRAÇO 1:4,5:4,5 (EM MASSA SECA DE CIMENTO/ AREIA MÉDIA/ BRITA 1) - PREPARO MECÂNICO COM BETONEIRA 400 L. AF_05/2021","FUES - FUNDAÇÕES E ESTRUTURAS","m³","1,37",{"$f":"VLOOKUP(A75,'Orçamento Sintético'!$B$13:$H$155,7,FALSE)","v":501.79},687.45,1.1898464429129958E-3,0.98272611933014897]
[" 94649 ","SINAPI","TUBO, PVC, SOLDÁVEL, DE 32MM, INSTALADO EM RESERVAÇÃO PREDIAL DE ÁGUA - FORNECIMENTO E INSTALAÇÃO. AF_04/2024","INHI - INSTALAÇÕES HIDROS SANITÁRIAS","M","50,0",{"$f":"VLOOKUP(A76,'Orçamento Sintético'!$B$13:$H$155,7,FALSE)","v":12.93},646.5,1.1189697073870851E-3,0.98384508903753609]
[" 94231 ","SINAPI","RUFO EM CHAPA DE AÇO GALVANIZADO NÚMERO 24, CORTE DE 25 CM, INCLUSO TRANSPORTE VERTICAL. AF_07/2019","COBE - COBERTURA","M","9,7",{"$f":"VLOOKUP(A77,'Orçamento Sintético'!$B$13:$H$155,7,FALSE)","v":65.59},636.22,1.1011769640120826E-3,0.98494626600154822]
[" 96546 ","SINAPI","ARMAÇÃO DE BLOCO UTILIZANDO AÇO CA-50 DE 10 MM - MONTAGEM. AF_01/2024","FUES - FUNDAÇÕES E ESTRUTURAS","KG","29,62",{"$f":"VLOOKUP(A78,'Orçamento Sintético'!$B$13:$H$155,7,FALSE)","v":19.010000000000002},563.07000000000005,9.7456809456836213E-4,0.98592083409611653]
[" 94228 ","SINAPI","CALHA EM CHAPA DE AÇO GALVANIZADO NÚMERO 24, DESENVOLVIMENTO DE 50 CM, INCLUSO TRANSPORTE VERTICAL. AF_07/2019","COBE - COBERTURA","M","5,0",{"$f":"VLOOKUP(A79,'Orçamento Sintético'!$B$13:$H$155,7,FALSE)","v":108.49},542.45000000000005,9.3887875912161548E-4,0.9868597128552381]
[" 86904 ","SINAPI","LAVATÓRIO LOUÇA BRANCA SUSPENSO, 29,5 X 39CM OU EQUIVALENTE, PADRÃO POPULAR - FORNECIMENTO E INSTALAÇÃO. AF_01/2020","INHI - INSTALAÇÕES HIDROS SANITÁRIAS","UN","3,0",{"$f":"VLOOKUP(A80,'Orçamento Sintético'!$B$13:$H$155,7,FALSE)","v":178.75},536.25,9.2814772712501844E-4,0.98778786058236312]
[" 88415 ","SINAPI","APLICAÇÃO MANUAL DE FUNDO SELADOR ACRÍLICO EM PAREDES EXTERNAS DE CASAS. AF_03/2024","PINT - PINTURAS","m²","110,57",{"$f":"VLOOKUP(A81,'Orçamento Sintético'!$B$13:$H$155,7,FALSE)","v":4.6900000000000004},518.57000000000005,8.9754697781859361E-4,0.98868540756018175]
[" 4232 ","ORSE","Lâmpada vapor metálico 400w, fornecimento. Rev 01_06/2024","Subestação Transformadora em Poste","un","12,0",{"$f":"VLOOKUP(A82,'Orçamento Sintético'!$B$13:$H$155,7,FALSE)","v":41.99},503.88,8.7212135523310824E-4,0.98955752891541482]
[" 86915 ","SINAPI","TORNEIRA CROMADA DE MESA, 1/2\" OU 3/4\", PARA LAVATÓRIO, PADRÃO MÉDIO - FORNECIMENTO E INSTALAÇÃO. AF_01/2020","INHI - INSTALAÇÕES HIDROS SANITÁRIAS","UN","3,0",{"$f":"VLOOKUP(A83,'Orçamento Sintético'!$B$13:$H$155,7,FALSE)","v":163.19999999999999},489.6,8.4740536540868819E-4,0.99040493428082355]
[" 97591 ","SINAPI","LUMINÁRIA TIPO PLAFON REDONDO COM VIDRO FOSCO, DE SOBREPOR, COM 2 LÂMPADAS FLUORESCENTES DE 15 W, SEM REATOR - FORNECIMENTO E INSTALAÇÃO. AF_02/2020","INEL - INSTALAÇÃO ELÉTRICA/ELETRIFICAÇÃO E ILUMINAÇÃO EXTERNA","UN","3,0",{"$f":"VLOOKUP(A84,'Orçamento Sintético'!$B$13:$H$155,7,FALSE)","v":162.19},486.57,8.4216100622325446E-4,0.9912470952870468]
[" 96985 ","SINAPI","HASTE DE ATERRAMENTO, DIÂMETRO 5/8\", COM 3 METROS - FORNECIMENTO E INSTALAÇÃO. AF_08/2023","INEL - INSTALAÇÃO ELÉTRICA/ELETRIFICAÇÃO E ILUMINAÇÃO EXTERNA","UN","4,0",{"$f":"VLOOKUP(A85,'Orçamento Sintético'!$B$13:$H$155,7,FALSE)","v":109.87},439.48,7.6065708739748831E-4,0.99200775237444427]
[" 103782 ","SINAPI","LUMINÁRIA TIPO PLAFON CIRCULAR, DE SOBREPOR, COM LED DE 12/13 W - FORNECIMENTO E INSTALAÇÃO. AF_03/2022","INEL - INSTALAÇÃO ELÉTRICA/ELETRIFICAÇÃO E ILUMINAÇÃO EXTERNA","UN","12,0",{"$f":"VLOOKUP(A86,'Orçamento Sintético'!$B$13:$H$155,7,FALSE)","v":33.049999999999997},396.6,6.8643988545973391E-4,0.99269419225990396]
[" 101162 ","SINAPI","ALVENARIA DE VEDAÇÃO COM ELEMENTO VAZADO DE CERÂMICA (COBOGÓ) DE 7X20X20CM E ARGAMASSA DE ASSENTAMENTO COM PREPARO EM BETONEIRA. AF_05/2020","PARE - PAREDES/PAINEIS","m²","2,16",{"$f":"VLOOKUP(A87,'Orçamento Sintético'!$B$13:$H$155,7,FALSE)","v":160.07},345.75,5.9842811497151541E-4,0.99329262037487542]
[" 1683 ","ORSE","Ponto de esgoto com tubo de pvc rígido soldável de Ø 100 mm (vaso sanitário)","Tubos e Conexões de PVC Rígido Soldável para Esgoto","pt","3,0",{"$f":"VLOOKUP(A88,'Orçamento Sintético'!$B$13:$H$155,7,FALSE)","v":113.97},341.91,5.9178179838007472E-4,0.99388440217325547]
[" 1679 ","ORSE","Ponto de esgoto com tubo de pvc rígido soldável de  Ø 40 mm (lavatórios, mictórios, ralos sifonados, etc...)","Tubos e Conexões de PVC Rígido Soldável para Esgoto","un","4,0",{"$f":"VLOOKUP(A89,'Orçamento Sintético'!$B$13:$H$155,7,FALSE)","v":84.57},338.28,5.8549895222722833E-4,0.99446990112548272]
[" 91863 ","SINAPI","ELETRODUTO RÍGIDO ROSCÁVEL, PVC, DN 25 MM (3/4\"), PARA CIRCUITOS TERMINAIS, INSTALADO EM FORRO - FORNECIMENTO E INSTALAÇÃO. AF_03/2023","INEL - INSTALAÇÃO ELÉTRICA/ELETRIFICAÇÃO E ILUMINAÇÃO EXTERNA","M","27,0",{"$f":"VLOOKUP(A90,'Orçamento Sintético'!$B$13:$H$155,7,FALSE)","v":12.13},327.51,5.6685811116217208E-4,0.99503675923664492]
[" 98689 ","SINAPI","SOLEIRA EM GRANITO, LARGURA 15 CM, ESPESSURA 2,0 CM. AF_09/2020","PISO - PISOS","M","2,5",{"$f":"VLOOKUP(A91,'Orçamento Sintético'!$B$13:$H$155,7,FALSE)","v":124.86},312.14999999999998,5.4027284479640932E-4,0.99557703208144133]
[" 89984 ","SINAPI","REGISTRO DE PRESSÃO BRUTO, LATÃO, ROSCÁVEL, 1/2\", COM ACABAMENTO E CANOPLA CROMADOS - FORNECIMENTO E INSTALAÇÃO. AF_08/2021","INHI - INSTALAÇÕES HIDROS SANITÁRIAS","UN","3,0",{"$f":"VLOOKUP(A92,'Orçamento Sintético'!$B$13:$H$155,7,FALSE)","v":102.24},306.72000000000003,5.3087453774132529E-4,0.99610790661918269]
[" 86887 ","SINAPI","ENGATE FLEXÍVEL EM INOX, 1/2  X 40CM - FORNECIMENTO E INSTALAÇÃO. AF_01/2020","INHI - INSTALAÇÕES HIDROS SANITÁRIAS","UN","4,0",{"$f":"VLOOKUP(A93,'Orçamento Sintético'!$B$13:$H$155,7,FALSE)","v":64.59},258.36,4.4717248816786905E-4,0.99655507910735053]
[" 89512 ","SINAPI","TUBO PVC, SÉRIE R, ÁGUA PLUVIAL, DN 100 MM, FORNECIDO E INSTALADO EM RAMAL DE ENCAMINHAMENTO. AF_06/2022","INHI - INSTALAÇÕES HIDROS SANITÁRIAS","M","5,0",{"$f":"VLOOKUP(A94,'Orçamento Sintético'!$B$13:$H$155,7,FALSE)","v":50.79},253.95,4.3953960895738633E-4,0.9969946187163079]
[" 93660 ","SINAPI","DISJUNTOR BIPOLAR TIPO DIN, CORRENTE NOMINAL DE 10A - FORNECIMENTO E INSTALAÇÃO. AF_10/2020","INEL - INSTALAÇÃO ELÉTRICA/ELETRIFICAÇÃO E ILUMINAÇÃO EXTERNA","UN","4,0",{"$f":"VLOOKUP(A95,'Orçamento Sintético'!$B$13:$H$155,7,FALSE)","v":61.05},244.2,4.2266419573693144E-4,0.99741728291204479]
[" 93672 ","SINAPI","DISJUNTOR TRIPOLAR TIPO DIN, CORRENTE NOMINAL DE 40A - FORNECIMENTO E INSTALAÇÃO. AF_10/2020","INEL - INSTALAÇÃO ELÉTRICA/ELETRIFICAÇÃO E ILUMINAÇÃO EXTERNA","UN","2,0",{"$f":"VLOOKUP(A96,'Orçamento Sintético'!$B$13:$H$155,7,FALSE)","v":96.49},192.98,3.3401202495214182E-4,0.99775129493699688]
[" 95546 ","SINAPI","KIT DE ACESSORIOS PARA BANHEIRO EM METAL CROMADO, 5 PECAS, INCLUSO FIXAÇÃO. AF_01/2020","INHI - INSTALAÇÕES HIDROS SANITÁRIAS","UN","1,0",{"$f":"VLOOKUP(A97,'Orçamento Sintético'!$B$13:$H$155,7,FALSE)","v":168.85},168.85,2.9224754074603143E-4,0.99804354247774296]
[" 89707 ","SINAPI","CAIXA SIFONADA, PVC, DN 100 X 100 X 50 MM, JUNTA ELÁSTICA, FORNECIDA E INSTALADA EM RAMAL DE DESCARGA OU EM RAMAL DE ESGOTO SANITÁRIO. AF_08/2022","INHI - INSTALAÇÕES HIDROS SANITÁRIAS","UN","3,0",{"$f":"VLOOKUP(A98,'Orçamento Sintético'!$B$13:$H$155,7,FALSE)","v":50.07},150.21,2.5998521229174642E-4,0.99830352769003472]
[" 92001 ","SINAPI","TOMADA BAIXA DE EMBUTIR (1 MÓDULO), 2P+T 20 A, INCLUINDO SUPORTE E PLACA - FORNECIMENTO E INSTALAÇÃO. AF_03/2023","INEL - INSTALAÇÃO ELÉTRICA/ELETRIFICAÇÃO E ILUMINAÇÃO EXTERNA","UN","4,0",{"$f":"VLOOKUP(A99,'Orçamento Sintético'!$B$13:$H$155,7,FALSE)","v":36.25},145,2.5096768379138029E-4,0.99855449537382612]
[" 3426 ","ORSE","Escavação e carga com escavadeira hidráulica de material de 1ª categoria ou de jazida","Conversão InfoWOrca","m³","118,08",{"$f":"VLOOKUP(A100,'Orçamento Sintético'!$B$13:$H$155,7,FALSE)","v":1.22},144.05000000000001,2.4932341275964366E-4,0.99880381878658575]
[" 97590 ","SINAPI","LUMINÁRIA TIPO PLAFON REDONDO COM VIDRO FOSCO, DE SOBREPOR, COM 1 LÂMPADA FLUORESCENTE DE 15 W, SEM REATOR - FORNECIMENTO E INSTALAÇÃO. AF_02/2020","INEL - INSTALAÇÃO ELÉTRICA/ELETRIFICAÇÃO E ILUMINAÇÃO EXTERNA","UN","1,0",{"$f":"VLOOKUP(A101,'Orçamento Sintético'!$B$13:$H$155,7,FALSE)","v":122.92},122.92,2.127513633905963E-4,0.99901657014997636]
[" 4986 ","ORSE","Carga mecânica de material de 1ª categoria","Carga de Material","m³","118,08",{"$f":"VLOOKUP(A102,'Orçamento Sintético'!$B$13:$H$155,7,FALSE)","v":0.95},112.17,1.9414513855778708E-4,0.99921071528853411]
[" 91879 ","SINAPI","LUVA PARA ELETRODUTO, PVC, ROSCÁVEL, DN 25 MM (3/4\"), PARA CIRCUITOS TERMINAIS, INSTALADA EM LAJE - FORNECIMENTO E INSTALAÇÃO. AF_03/2023","INEL - INSTALAÇÃO ELÉTRICA/ELETRIFICAÇÃO E ILUMINAÇÃO EXTERNA","UN","14,0",{"$f":"VLOOKUP(A103,'Orçamento Sintético'!$B$13:$H$155,7,FALSE)","v":7.15},100.1,1.7325424239667008E-4,0.99938396953093078]
[" 91890 ","SINAPI","CURVA 90 GRAUS PARA ELETRODUTO, PVC, ROSCÁVEL, DN 25 MM (3/4\"), PARA CIRCUITOS TERMINAIS, INSTALADA EM FORRO - FORNECIMENTO E INSTALAÇÃO. AF_03/2023","INEL - INSTALAÇÃO ELÉTRICA/ELETRIFICAÇÃO E ILUMINAÇÃO EXTERNA","UN","7,0",{"$f":"VLOOKUP(A104,'Orçamento Sintético'!$B$13:$H$155,7,FALSE)","v":13.97},97.79,1.6925606757213157E-4,0.9995532255985029]
[" 91892 ","SINAPI","CURVA 180 GRAUS PARA ELETRODUTO, PVC, ROSCÁVEL, DN 25 MM (3/4\"), PARA CIRCUITOS TERMINAIS, INSTALADA EM FORRO - FORNECIMENTO E INSTALAÇÃO. AF_03/2023","INEL - INSTALAÇÃO ELÉTRICA/ELETRIFICAÇÃO E ILUMINAÇÃO EXTERNA","UN","4,0",{"$f":"VLOOKUP(A105,'Orçamento Sintético'!$B$13:$H$155,7,FALSE)","v":15.3},61.2,1.0592567067608602E-4,0.99965915126917904]
[" 93654 ","SINAPI","DISJUNTOR MONOPOLAR TIPO DIN, CORRENTE NOMINAL DE 16A - FORNECIMENTO E INSTALAÇÃO. AF_10/2020","INEL - INSTALAÇÃO ELÉTRICA/ELETRIFICAÇÃO E ILUMINAÇÃO EXTERNA","UN","4,0",{"$f":"VLOOKUP(A106,'Orçamento Sintético'!$B$13:$H$155,7,FALSE)","v":13.45},53.8,9.3117664744663851E-5,0.99975226893392366]
[" 89798 ","SINAPI","TUBO PVC, SERIE NORMAL, ESGOTO PREDIAL, DN 50 MM, FORNECIDO E INSTALADO EM PRUMADA DE ESGOTO SANITÁRIO OU VENTILAÇÃO. AF_08/2022","INHI - INSTALAÇÕES HIDROS SANITÁRIAS","M","3,5",{"$f":"VLOOKUP(A107,'Orçamento Sintético'!$B$13:$H$155,7,FALSE)","v":13.36},46.76,8.093275099368925E-5,0.99983320168491729]
[" 86883 ","SINAPI","SIFÃO DO TIPO FLEXÍVEL EM PVC 1  X 1.1/2  - FORNECIMENTO E INSTALAÇÃO. AF_01/2020","INHI - INSTALAÇÕES HIDROS SANITÁRIAS","UN","3,0",{"$f":"VLOOKUP(A108,'Orçamento Sintético'!$B$13:$H$155,7,FALSE)","v":13.3},39.9,6.9059383332938435E-5,0.9999022610682502]
[" 89799 ","SINAPI","TUBO PVC, SERIE NORMAL, ESGOTO PREDIAL, DN 75 MM, FORNECIDO E INSTALADO EM PRUMADA DE ESGOTO SANITÁRIO OU VENTILAÇÃO. AF_08/2022","INHI - INSTALAÇÕES HIDROS SANITÁRIAS","M","1,35",{"$f":"VLOOKUP(A109,'Orçamento Sintético'!$B$13:$H$155,7,FALSE)","v":22.99},31.03,5.3707084331355381E-5,0.99995596815258159]
[" 93653 ","SINAPI","DISJUNTOR MONOPOLAR TIPO DIN, CORRENTE NOMINAL DE 10A - FORNECIMENTO E INSTALAÇÃO. AF_10/2020","INEL - INSTALAÇÃO ELÉTRICA/ELETRIFICAÇÃO E ILUMINAÇÃO EXTERNA","UN","2,0",{"$f":"VLOOKUP(A110,'Orçamento Sintético'!$B$13:$H$155,7,FALSE)","v":12.72},25.44,4.4031847418294579E-5,0.99999999999999989]
[]
[{"$nulls":7},{"$f":"SUM(H5:H110)","v":577763.62999999989}]

{"sheet":"CPUs","index":6,"n_rows":3242,"n_cols":10,"rows_kept":3242,"cut":false,"hidden":false,"merged":[[3243,7,3243,8],[3196,4,3196,5],[3197,4,3197,5],[3198,4,3198,5],[3199,4,3199,5],[3200,4,3200,5],[3227,4,3227,5],[3228,4,3228,5],[3229,4,3229,5],[3231,7,3231,8],[3233,4,3233,5],[3234,4,3234,5],[3217,4,3217,5],[3219,7,3219,8],[3221,4,3221,5],[3222,4,3222,5],[3223,4,3223,5],[3225,7,3225,8],[3210,7,3210,8],[3212,4,3212,5],[3213,4,3213,5],[3214,4,3214,5],[3215,4,3215,5],[3216,4,3216,5],[3201,4,3201,5],[3203,7,3203,8],[3205,4,3205,5],[3206,4,3206,5],[3207,4,3207,5],[3208,4,3208,5],[3235,4,3235,5],[3237,7,3237,8],[3239,4,3239,5],[3240,4,3240,5],[3241,4,3241,5],[3154,4,3154,5],[3155,4,3155,5],[3156,4,3156,5],[3157,4,3157,5],[3158,4,3158,5],[3183,4,3183,5],[3184,4,3184,5],[3185,4,3185,5],[3186,4,3186,5],[3187,4,3187,5],[3188,4,3188,5],[3175,4,3175,5],[3176,4,3176,5],[3177,4,3177,5],[3178,4,3178,5],[3179,4,3179,5],[3195,4,3195,5],[3181,7,3181,8],[3167,4,3167,5],[3168,4,3168,5],[3169,4,3169,5],[3170,4,3170,5],[3172,7,3172,8],[3174,4,3174,5],[3159,4,3159,5],[3160,4,3160,5],[3161,4,3161,5],[3162,4,3162,5],[3164,7,3164,8],[3166,4,3166,5],[3189,4,3189,5],[3190,4,3190,5],[3192,7,3192,8],[3194,4,3194,5],[3111,7,3111,8],[3113,4,3113,5],[3114,4,3114,5],[3115,4,3115,5],[3116,4,3116,5],[3140,7,3140,8],[3142,4,3142,5],[3143,4,3143,5],[3144,4,3144,5],[3145,4,3145,5],[3146,4,3146,5],[3133,4,3133,5],[3134,4,3134,5],[3135,4,3135,5],[3136,4,3136,5],[3137,4,3137,5],[3138,4,3138,5],[3125,4,3125,5],[3126,4,3126,5],[3127,4,3127,5],[3128,4,3128,5],[3129,4,3129,5],[3131,7,3131,8],[3118,7,3118,8],[3120,4,3120,5],[3121,4,3121,5],[3122,4,3122,5],[3123,4,3123,5],[3124,4,3124,5],[3147,4,3147,5],[3148,4,3148,5],[3149,4,3149,5],[3151,7,3151,8],[3153,4,3153,5],[3067,7,3067,8],[3069,4,3069,5],[3070,4,3070,5],[3071,4,3071,5],[3073,7,3073,8],[3098,7,3098,8],[3100,4,3100,5],[3101,4,3101,5],[3102,4,3102,5],[3103,4,3103,5],[3104,4,3104,5],[3091,4,3091,5],[3092,4,3092,5],[3093,4,3093,5],[3094,4,3094,5],[3095,4,3095,5],[3096,4,3096,5],[3083,4,3083,5],[3085,7,3085,8],[3087,4,3087,5],[3088,4,3088,5],[3089,4,3089,5],[3090,4,3090,5],[3075,4,3075,5],[3076,4,3076,5],[3077,4,3077,5],[3079,7,3079,8],[3081,4,3081,5],[3082,4,3082,5],[3105,4,3105,5],[3106,4,3106,5],[3107,4,3107,5],[3108,4,3108,5],[3109,4,3109,5],[3019,7,3019,8],[3021,4,3021,5],[3022,4,3022,5],[3023,4,3023,5],[3025,7,3025,8],[3053,4,3053,5],[3054,4,3054,5],[3055,4,3055,5],[3056,4,3056,5],[3057,4,3057,5],[3058,4,3058,5],[3045,4,3045,5],[3046,4,3046,5],[3047,4,3047,5],[3048,4,3048,5],[3049,4,3049,5],[3051,7,3051,8],[3035,4,3035,5],[3037,7,3037,8],[3039,4,3039,5],[3040,4,3040,5],[3041,4,3041,5],[3043,7,3043,8],[3027,4,3027,5],[3028,4,3028,5],[3029,4,3029,5],[3031,7,3031,8],[3033,4,3033,5],[3034,4,3034,5],[3059,4,3059,5],[3061,7,3061,8],[3063,4,3063,5],[3064,4,3064,5],[3065,4,3065,5],[2976,4,2976,5],[2977,4,2977,5],[2978,4,2978,5],[2979,4,2979,5],[2980,4,2980,5],[3005,4,3005,5],[3006,4,3006,5],[3007,4,3007,5],[3009,7,3009,8],[3011,4,3011,5],[3012,4,3012,5],[2997,4,2997,5],[2998,4,2998,5],[2999,4,2999,5],[3001,7,3001,8],[3003,4,3003,5],[3004,4,3004,5],[2989,4,2989,5],[2990,4,2990,5],[2991,4,2991,5],[2992,4,2992,5],[2994,7,2994,8],[2996,4,2996,5],[2982,7,2982,8],[2984,4,2984,5],[2985,4,2985,5],[2986,4,2986,5],[2987,4,2987,5],[2988,4,2988,5],[3013,4,3013,5],[3014,4,3014,5],[3015,4,3015,5],[3016,4,3016,5],[3017,4,3017,5],[2928,4,2928,5],[2930,7,2930,8],[2932,4,2932,5],[2933,4,2933,5],[2934,4,2934,5],[2961,4,2961,5],[2962,4,2962,5],[2964,7,2964,8],[2966,4,2966,5],[2967,4,2967,5],[2968,4,2968,5],[2952,7,2952,8],[2954,4,2954,5],[2955,4,2955,5],[2956,4,2956,5],[2958,7,2958,8],[2960,4,2960,5],[2943,4,2943,5],[2944,4,2944,5],[2946,7,2946,8],[2948,4,2948,5],[2949,4,2949,5],[2950,4,2950,5],[2935,4,2935,5],[2937,7,2937,8],[2939,4,2939,5],[2940,4,2940,5],[2941,4,2941,5],[2942,4,2942,5],[2970,7,2970,8],[2972,4,2972,5],[2973,4,2973,5],[2974,4,2974,5],[2975,4,2975,5],[2888,4,2888,5],[2890,7,2890,8],[2892,4,2892,5],[2893,4,2893,5],[2894,4,2894,5],[2915,4,2915,5],[2916,4,2916,5],[2917,4,2917,5],[2918,4,2918,5],[2919,4,2919,5],[2920,4,2920,5],[2907,4,2907,5],[2909,7,2909,8],[2911,4,2911,5],[2912,4,2912,5],[2913,4,2913,5],[2914,4,2914,5],[2901,4,2901,5],[2902,4,2902,5],[2903,4,2903,5],[2904,4,2904,5],[2905,4,2905,5],[2906,4,2906,5],[2895,4,2895,5],[2896,4,2896,5],[2897,4,2897,5],[2898,4,2898,5],[2899,4,2899,5],[2900,4,2900,5],[2922,7,2922,8],[2924,4,2924,5],[2925,4,2925,5],[2926,4,2926,5],[2927,4,2927,5],[2852,4,2852,5],[2853,4,2853,5],[2854,4,2854,5],[2855,4,2855,5],[2856,4,2856,5],[2877,4,2877,5],[2878,4,2878,5],[2879,4,2879,5],[2880,4,2880,5],[2881,4,2881,5],[2882,4,2882,5],[2869,4,2869,5],[2871,7,2871,8],[2873,4,2873,5],[2874,4,2874,5],[2875,4,2875,5],[2876,4,2876,5],[2863,4,2863,5],[2864,4,2864,5],[2865,4,2865,5],[2866,4,2866,5],[2867,4,2867,5],[2868,4,2868,5],[2857,4,2857,5],[2858,4,2858,5],[2859,4,2859,5],[2860,4,2860,5],[2861,4,2861,5],[2862,4,2862,5],[2883,4,2883,5],[2884,4,2884,5],[2885,4,2885,5],[2886,4,2886,5],[2887,4,2887,5],[2812,4,2812,5],[2813,4,2813,5],[2814,4,2814,5],[2815,4,2815,5],[2816,4,2816,5],[2839,4,2839,5],[2840,4,2840,5],[2841,4,2841,5],[2842,4,2842,5],[2843,4,2843,5],[2844,4,2844,5],[2833,4,2833,5],[2834,4,2834,5],[2835,4,2835,5],[2836,4,2836,5],[2837,4,2837,5],[2838,4,2838,5],[2825,4,2825,5],[2826,4,2826,5],[2827,4,2827,5],[2828,4,2828,5],[2829,4,2829,5],[2831,7,2831,8],[2818,7,2818,8],[2820,4,2820,5],[2821,4,2821,5],[2822,4,2822,5],[2823,4,2823,5],[2824,4,2824,5],[2845,4,2845,5],[2846,4,2846,5],[2847,4,2847,5],[2848,4,2848,5],[2850,7,2850,8],[2772,4,2772,5],[2773,4,2773,5],[2774,4,2774,5],[2775,4,2775,5],[2776,4,2776,5],[2799,4,2799,5],[2800,4,2800,5],[2801,4,2801,5],[2802,4,2802,5],[2803,4,2803,5],[2805,7,2805,8],[2792,7,2792,8],[2794,4,2794,5],[2795,4,2795,5],[2796,4,2796,5],[2797,4,2797,5],[2798,4,2798,5],[2785,4,2785,5],[2786,4,2786,5],[2787,4,2787,5],[2788,4,2788,5],[2789,4,2789,5],[2790,4,2790,5],[2777,4,2777,5],[2779,7,2779,8],[2781,4,2781,5],[2782,4,2782,5],[2783,4,2783,5],[2784,4,2784,5],[2807,4,2807,5],[2808,4,2808,5],[2809,4,2809,5],[2810,4,2810,5],[2811,4,2811,5],[2730,4,2730,5],[2731,4,2731,5],[2732,4,2732,5],[2734,7,2734,8],[2736,4,2736,5],[2759,4,2759,5],[2760,4,2760,5],[2761,4,2761,5],[2762,4,2762,5],[2763,4,2763,5],[2764,4,2764,5],[2751,4,2751,5],[2753,7,2753,8],[2755,4,2755,5],[2756,4,2756,5],[2757,4,2757,5],[2758,4,2758,5],[2745,4,2745,5],[2746,4,2746,5],[2747,4,2747,5],[2748,4,2748,5],[2749,4,2749,5],[2750,4,2750,5],[2737,4,2737,5],[2738,4,2738,5],[2740,7,2740,8],[2742,4,2742,5],[2743,4,2743,5],[2744,4,2744,5],[2766,7,2766,8],[2768,4,2768,5],[2769,4,2769,5],[2770,4,2770,5],[2771,4,2771,5],[2686,4,2686,5],[2687,4,2687,5],[2688,4,2688,5],[2689,4,2689,5],[2690,4,2690,5],[2715,4,2715,5],[2716,4,2716,5],[2717,4,2717,5],[2718,4,2718,5],[2720,7,2720,8],[2722,4,2722,5],[2707,4,2707,5],[2708,4,2708,5],[2709,4,2709,5],[2710,4,2710,5],[2711,4,2711,5],[2713,7,2713,8],[2699,4,2699,5],[2700,4,2700,5],[2701,4,2701,5],[2703,7,2703,8],[2705,4,2705,5],[2706,4,2706,5],[2691,4,2691,5],[2692,4,2692,5],[2693,4,2693,5],[2695,7,2695,8],[2697,4,2697,5],[2698,4,2698,5],[2723,4,2723,5],[2724,4,2724,5],[2725,4,2725,5],[2727,7,2727,8],[2729,4,2729,5],[2646,4,2646,5],[2647,4,2647,5],[2648,4,2648,5],[2649,4,2649,5],[2650,4,2650,5],[2673,4,2673,5],[2674,4,2674,5],[2675,4,2675,5],[2676,4,2676,5],[2677,4,2677,5],[2678,4,2678,5],[2665,4,2665,5],[2666,4,2666,5],[2667,4,2667,5],[2669,7,2669,8],[2671,4,2671,5],[2672,4,2672,5],[2659,4,2659,5],[2660,4,2660,5],[2661,4,2661,5],[2662,4,2662,5],[2663,4,2663,5],[2664,4,2664,5],[2651,4,2651,5],[2652,4,2652,5],[2653,4,2653,5],[2654,4,2654,5],[2656,7,2656,8],[2658,4,2658,5],[2679,4,2679,5],[2680,4,2680,5],[2682,7,2682,8],[2684,4,2684,5],[2685,4,2685,5],[2606,4,2606,5],[2607,4,2607,5],[2608,4,2608,5],[2609,4,2609,5],[2610,4,2610,5],[2633,4,2633,5],[2634,4,2634,5],[2635,4,2635,5],[2636,4,2636,5],[2637,4,2637,5],[2638,4,2638,5],[2625,4,2625,5],[2626,4,2626,5],[2627,4,2627,5],[2628,4,2628,5],[2630,7,2630,8],[2632,4,2632,5],[2619,4,2619,5],[2620,4,2620,5],[2621,4,2621,5],[2622,4,2622,5],[2623,4,2623,5],[2624,4,2624,5],[2611,4,2611,5],[2612,4,2612,5],[2613,4,2613,5],[2614,4,2614,5],[2615,4,2615,5],[2617,7,2617,8],[2639,4,2639,5],[2640,4,2640,5],[2641,4,2641,5],[2643,7,2643,8],[2645,4,2645,5],[2562,4,2562,5],[2564,7,2564,8],[2566,4,2566,5],[2567,4,2567,5],[2568,4,2568,5],[2591,4,2591,5],[2592,4,2592,5],[2593,4,2593,5],[2594,4,2594,5],[2596,7,2596,8],[2598,4,2598,5],[2583,4,2583,5],[2585,7,2585,8],[2587,4,2587,5],[2588,4,2588,5],[2589,4,2589,5],[2590,4,2590,5],[2577,4,2577,5],[2578,4,2578,5],[2579,4,2579,5],[2580,4,2580,5],[2581,4,2581,5],[2582,4,2582,5],[2569,4,2569,5],[2570,4,2570,5],[2571,4,2571,5],[2572,4,2572,5],[2574,7,2574,8],[2576,4,2576,5],[2599,4,2599,5],[2600,4,2600,5],[2601,4,2601,5],[2602,4,2602,5],[2604,7,2604,8],[2516,4,2516,5],[2517,4,2517,5],[2518,4,2518,5],[2519,4,2519,5],[2520,4,2520,5],[2547,4,2547,5],[2548,4,2548,5],[2550,7,2550,8],[2552,4,2552,5],[2553,4,2553,5],[2554,4,2554,5],[2539,4,2539,5],[2540,4,2540,5],[2541,4,2541,5],[2543,7,2543,8],[2545,4,2545,5],[2546,4,2546,5],[2531,4,2531,5],[2532,4,2532,5],[2533,4,2533,5],[2534,4,2534,5],[2536,7,2536,8],[2538,4,2538,5],[2522,7,2522,8],[2524,4,2524,5],[2525,4,2525,5],[2526,4,2526,5],[2527,4,2527,5],[2529,7,2529,8],[2556,7,2556,8],[2558,4,2558,5],[2559,4,2559,5],[2560,4,2560,5],[2561,4,2561,5],[2468,4,2468,5],[2470,7,2470,8],[2472,4,2472,5],[2473,4,2473,5],[2474,4,2474,5],[2501,4,2501,5],[2502,4,2502,5],[2503,4,2503,5],[2505,7,2505,8],[2507,4,2507,5],[2508,4,2508,5],[2491,4,2491,5],[2493,7,2493,8],[2495,4,2495,5],[2496,4,2496,5],[2497,4,2497,5],[2499,7,2499,8],[2483,4,2483,5],[2484,4,2484,5],[2485,4,2485,5],[2487,7,2487,8],[2489,4,2489,5],[2490,4,2490,5],[2475,4,2475,5],[2476,4,2476,5],[2477,4,2477,5],[2478,4,2478,5],[2479,4,2479,5],[2481,7,2481,8],[2509,4,2509,5],[2511,7,2511,8],[2513,4,2513,5],[2514,4,2514,5],[2515,4,2515,5],[2422,4,2422,5],[2423,4,2423,5],[2424,4,2424,5],[2425,4,2425,5],[2434,4,2434,5],[2453,4,2453,5],[2455,7,2455,8],[2457,4,2457,5],[2458,4,2458,5],[2459,4,2459,5],[2461,7,2461,8],[2445,4,2445,5],[2446,4,2446,5],[2447,4,2447,5],[2449,7,2449,8],[2451,4,2451,5],[2452,4,2452,5],[2435,4,2435,5],[2437,7,2437,8],[2439,4,2439,5],[2440,4,2440,5],[2441,4,2441,5],[2443,7,2443,8],[2427,7,2427,8],[2429,4,2429,5],[2430,4,2430,5],[2431,4,2431,5],[2432,4,2432,5],[2433,4,2433,5],[2463,4,2463,5],[2464,4,2464,5],[2465,4,2465,5],[2466,4,2466,5],[2467,4,2467,5],[2380,4,2380,5],[2381,4,2381,5],[2382,4,2382,5],[2383,4,2383,5],[2385,7,2385,8],[2407,4,2407,5],[2408,4,2408,5],[2409,4,2409,5],[2411,7,2411,8],[2413,4,2413,5],[2414,4,2414,5],[2401,4,2401,5],[2402,4,2402,5],[2403,4,2403,5],[2404,4,2404,5],[2405,4,2405,5],[2406,4,2406,5],[2393,4,2393,5],[2394,4,2394,5],[2395,4,2395,5],[2396,4,2396,5],[2398,7,2398,8],[2400,4,2400,5],[2387,4,2387,5],[2388,4,2388,5],[2389,4,2389,5],[2390,4,2390,5],[2391,4,2391,5],[2392,4,2392,5],[2415,4,2415,5],[2416,4,2416,5],[2417,4,2417,5],[2419,7,2419,8],[2421,4,2421,5],[2340,4,2340,5],[2341,4,2341,5],[2342,4,2342,5],[2343,4,2343,5],[2344,4,2344,5],[2367,4,2367,5],[2368,4,2368,5],[2370,7,2370,8],[2372,4,2372,5],[2373,4,2373,5],[2374,4,2374,5],[2361,4,2361,5],[2362,4,2362,5],[2363,4,2363,5],[2364,4,2364,5],[2365,4,2365,5],[2366,4,2366,5],[2353,4,2353,5],[2354,4,2354,5],[2355,4,2355,5],[2356,4,2356,5],[2358,7,2358,8],[2360,4,2360,5],[2345,4,2345,5],[2347,7,2347,8],[2349,4,2349,5],[2350,4,2350,5],[2351,4,2351,5],[2352,4,2352,5],[2375,4,2375,5],[2376,4,2376,5],[2377,4,2377,5],[2378,4,2378,5],[2379,4,2379,5],[2304,4,2304,5],[2305,4,2305,5],[2306,4,2306,5],[2307,4,2307,5],[2308,4,2308,5],[2329,4,2329,5],[2330,4,2330,5],[2331,4,2331,5],[2332,4,2332,5],[2333,4,2333,5],[2334,4,2334,5],[2323,4,2323,5],[2324,4,2324,5],[2325,4,2325,5],[2326,4,2326,5],[2327,4,2327,5],[2328,4,2328,5],[2317,4,2317,5],[2318,4,2318,5],[2319,4,2319,5],[2320,4,2320,5],[2321,4,2321,5],[2322,4,2322,5],[2309,4,2309,5],[2311,7,2311,8],[2313,4,2313,5],[2314,4,2314,5],[2315,4,2315,5],[2316,4,2316,5],[2335,4,2335,5],[2336,4,2336,5],[2337,4,2337,5],[2338,4,2338,5],[2339,4,2339,5],[2267,7,2267,8],[2269,4,2269,5],[2270,4,2270,5],[2271,4,2271,5],[2272,4,2272,5],[2293,4,2293,5],[2294,4,2294,5],[2295,4,2295,5],[2296,4,2296,5],[2297,4,2297,5],[2298,4,2298,5],[2285,4,2285,5],[2286,4,2286,5],[2288,7,2288,8],[2290,4,2290,5],[2291,4,2291,5],[2292,4,2292,5],[2279,4,2279,5],[2280,4,2280,5],[2281,4,2281,5],[2282,4,2282,5],[2283,4,2283,5],[2284,4,2284,5],[2273,4,2273,5],[2274,4,2274,5],[2275,4,2275,5],[2276,4,2276,5],[2277,4,2277,5],[2278,4,2278,5],[2299,4,2299,5],[2300,4,2300,5],[2301,4,2301,5],[2302,4,2302,5],[2303,4,2303,5],[2230,4,2230,5],[2231,4,2231,5],[2232,4,2232,5],[2233,4,2233,5],[2234,4,2234,5],[2255,4,2255,5],[2256,4,2256,5],[2257,4,2257,5],[2258,4,2258,5],[2259,4,2259,5],[2260,4,2260,5],[2249,4,2249,5],[2250,4,2250,5],[2251,4,2251,5],[2252,4,2252,5],[2253,4,2253,5],[2254,4,2254,5],[2243,4,2243,5],[2244,4,2244,5],[2245,4,2245,5],[2246,4,2246,5],[2247,4,2247,5],[2248,4,2248,5],[2235,4,2235,5],[2237,7,2237,8],[2239,4,2239,5],[2240,4,2240,5],[2241,4,2241,5],[2242,4,2242,5],[2261,4,2261,5],[2262,4,2262,5],[2263,4,2263,5],[2264,4,2264,5],[2265,4,2265,5],[2194,4,2194,5],[2195,4,2195,5],[2196,4,2196,5],[2197,4,2197,5],[2198,4,2198,5],[2219,4,2219,5],[2220,4,2220,5],[2221,4,2221,5],[2222,4,2222,5],[2223,4,2223,5],[2224,4,2224,5],[2213,4,2213,5],[2214,4,2214,5],[2215,4,2215,5],[2216,4,2216,5],[2217,4,2217,5],[2218,4,2218,5],[2205,4,2205,5],[2206,4,2206,5],[2207,4,2207,5],[2208,4,2208,5],[2209,4,2209,5],[2211,7,2211,8],[2199,4,2199,5],[2200,4,2200,5],[2201,4,2201,5],[2202,4,2202,5],[2203,4,2203,5],[2204,4,2204,5],[2225,4,2225,5],[2226,4,2226,5],[2227,4,2227,5],[2228,4,2228,5],[2229,4,2229,5],[2156,4,2156,5],[2157,4,2157,5],[2158,4,2158,5],[2159,4,2159,5],[2160,4,2160,5],[2181,4,2181,5],[2182,4,2182,5],[2183,4,2183,5],[2184,4,2184,5],[2185,4,2185,5],[2186,4,2186,5],[2175,4,2175,5],[2176,4,2176,5],[2177,4,2177,5],[2178,4,2178,5],[2179,4,2179,5],[2180,4,2180,5],[2169,4,2169,5],[2170,4,2170,5],[2171,4,2171,5],[2172,4,2172,5],[2173,4,2173,5],[2174,4,2174,5],[2161,4,2161,5],[2163,7,2163,8],[2165,4,2165,5],[2166,4,2166,5],[2167,4,2167,5],[2168,4,2168,5],[2188,7,2188,8],[2190,4,2190,5],[2191,4,2191,5],[2192,4,2192,5],[2193,4,2193,5],[2116,4,2116,5],[2117,4,2117,5],[2118,4,2118,5],[2119,4,2119,5],[2120,4,2120,5],[2145,4,2145,5],[2146,4,2146,5],[2147,4,2147,5],[2148,4,2148,5],[2149,4,2149,5],[2150,4,2150,5],[2137,4,2137,5],[2138,4,2138,5],[2139,4,2139,5],[2140,4,2140,5],[2142,7,2142,8],[2144,4,2144,5],[2129,4,2129,5],[2131,7,2131,8],[2133,4,2133,5],[2134,4,2134,5],[2135,4,2135,5],[2136,4,2136,5],[2122,7,2122,8],[2124,4,2124,5],[2125,4,2125,5],[2126,4,2126,5],[2127,4,2127,5],[2128,4,2128,5],[2151,4,2151,5],[2152,4,2152,5],[2153,4,2153,5],[2154,4,2154,5],[2155,4,2155,5],[2074,4,2074,5],[2075,4,2075,5],[2077,7,2077,8],[2079,4,2079,5],[2080,4,2080,5],[2103,4,2103,5],[2104,4,2104,5],[2105,4,2105,5],[2106,4,2106,5],[2107,4,2107,5],[2108,4,2108,5],[2095,4,2095,5],[2096,4,2096,5],[2098,7,2098,8],[2100,4,2100,5],[2101,4,2101,5],[2102,4,2102,5],[2087,4,2087,5],[2088,4,2088,5],[2090,7,2090,8],[2092,4,2092,5],[2093,4,2093,5],[2094,4,2094,5],[2081,4,2081,5],[2082,4,2082,5],[2083,4,2083,5],[2084,4,2084,5],[2085,4,2085,5],[2086,4,2086,5],[2109,4,2109,5],[2111,7,2111,8],[2113,4,2113,5],[2114,4,2114,5],[2115,4,2115,5],[2031,7,2031,8],[2033,4,2033,5],[2034,4,2034,5],[2035,4,2035,5],[2036,4,2036,5],[2060,7,2060,8],[2062,4,2062,5],[2063,4,2063,5],[2064,4,2064,5],[2065,4,2065,5],[2066,4,2066,5],[2053,4,2053,5],[2054,4,2054,5],[2055,4,2055,5],[2056,4,2056,5],[2057,4,2057,5],[2058,4,2058,5],[2045,4,2045,5],[2046,4,2046,5],[2047,4,2047,5],[2049,7,2049,8],[2051,4,2051,5],[2052,4,2052,5],[2037,4,2037,5],[2038,4,2038,5],[2039,4,2039,5],[2040,4,2040,5],[2042,7,2042,8],[2044,4,2044,5],[2068,7,2068,8],[2070,4,2070,5],[2071,4,2071,5],[2072,4,2072,5],[2073,4,2073,5],[1982,4,1982,5],[1983,4,1983,5],[1994,4,1994,5],[1995,4,1995,5],[2006,4,2006,5],[2017,4,2017,5],[2018,4,2018,5],[2019,4,2019,5],[2020,4,2020,5],[2021,4,2021,5],[2023,7,2023,8],[2007,4,2007,5],[2009,7,2009,8]],"merged_total":2585,"flags":["merged_cut"]}
[null,null,"Composições Analíticas com Preço Unitário",null,"Bancos",null,"B.D.I.",null,"Encargos Sociais"]
[null,null,"Espaço Multiuso - Tipo 01",null,"SINAPI - 08/2024 - Sergipe\nORSE - 06/2024 - Sergipe\n",null,"23,54%",null,"Não Desonerado: \nHorista: 112,54%\nMensalista: 70,11%"]
["Composições Analíticas com Preço Unitário"]
["Composições Principais"]
[" 1.1.1 ","Código","Banco","Descrição","Tipo",null,"Und","Quant.","Valor Unit","Total"]
["Composição"," 00000003 ","Próprio","Mobilização de equipamentos e pessoal (pequenas obras)","CANT - CANTEIRO DE OBRAS",null,"un",1,1309.8,1309.8]
["Composição Auxiliar"," 73467 ","SINAPI","CAMINHÃO TOCO, PBT 14.300 KG, CARGA ÚTIL MÁX. 9.710 KG, DIST. ENTRE EIXOS 3,56 M, POTÊNCIA 185 CV, INCLUSIVE CARROCERIA FIXA ABERTA DE MADEIRA P/ TRANSPORTE GERAL DE CARGA SECA, DIMEN. APROX. 2,50 X 6,50 X 0,50 M - CHP DIURNO. AF_06/2014","CHOR - CUSTOS HORÁRIOS DE MÁQUINAS E EQUIPAMENTOS",null,"CHP",5,235.6,1178]
["Insumo"," 4415 ","ORSE","Veículo leve - Volkswagen:GOL 1000 - automóvel até 100 hp","Equipamento",null,"h",10,13.18,131.80000000000001]
[]
[]
[]
[" 1.1.2 ","Código","Banco","Descrição","Tipo",null,"Und","Quant.","Valor Unit","Total"]
["Composição"," 00000004 ","Próprio","Desmobilização de equipamentos e pessoal (pequenas obras)","CANT - CANTEIRO DE OBRAS",null,"un",1,746.34,746.34]
["Composição Auxiliar"," 73467 ","SINAPI","CAMINHÃO TOCO, PBT 14.300 KG, CARGA ÚTIL MÁX. 9.710 KG, DIST. ENTRE EIXOS 3,56 M, POTÊNCIA 185 CV, INCLUSIVE CARROCERIA FIXA ABERTA DE MADEIRA P/ TRANSPORTE GERAL DE CARGA SECA, DIMEN. APROX. 2,50 X 6,50 X 0,50 M - CHP DIURNO. AF_06/2014","CHOR - CUSTOS HORÁRIOS DE MÁQUINAS E EQUIPAMENTOS",null,"CHP",3,235.6,706.8]
["Insumo"," 4415 ","ORSE","Veículo leve - Volkswagen:GOL 1000 - automóvel até 100 hp","Equipamento",null,"h",3,13.18,39.54]
[]
[]
[]
[" 1.2.1 ","Código","Banco","Descrição","Tipo",null,"Und","Quant.","Valor Unit","Total"]
["Composição"," 51 ","ORSE","Placa de obra em chapa aço galvanizado, instalada - Rev 02_01/2022","Mobilização / Instalações Provisórias / Desmobilização",null,"m²",1,375.59,375.59]
["Composição Auxiliar"," 10549 ","ORSE","Encargos Complementares - Servente","Provisórios",null,"h",2,3.79,7.58]
["Composição Auxiliar"," 10551 ","ORSE","Encargos Complementares - Carpinteiro","Provisórios",null,"h",1,3.69,3.69]
["Insumo"," 00001213/SINAPI ","ORSE","Carpinteiro de formas (horista)","Mão de Obra",null,"h",1,19.13,19.13]
["Insumo"," 00004813/SINAPI ","ORSE","Placa de obra (para construcao civil) em chapa galvanizada *n. 22*, adesivada, de *2,4 x 1,2* m (sem postes para fixacao)","Material",null,"m²",1,285,285]
["Insumo"," 00005075/SINAPI ","ORSE","Prego de aco polido com cabeca 18 x 30 (2 3/4 x 10)","Material",null,"kg",0.15,15.82,2.37]
["Insumo"," 00006111/SINAPI ","ORSE","Servente de obras (horista)","Mão de Obra",null,"h",2,13.65,27.3]
["Insumo"," 1569 ","ORSE","Madeira mista serrada (barrote) 6 x 6cm - 0,0036 m3/m (angelim, louro)","Material",null,"m",4,6.75,27]
["Insumo"," 6995 ","ORSE","Madeira mista serrada (sarrafo) 2,2 x 5,5cm - 0,00121 m³/m","Material",null,"m",1,3.52,3.52]
[]
[]
[]
[" 1.3.1 ","Código","Banco","Descrição","Tipo",null,"Und","Quant.","Valor Unit","Total"]
["Composição"," CODEVASF  122 ","Próprio","Administração local de pequenas obras","CANT - CANTEIRO DE OBRAS",null,"und",1,3399.12,3399.12]
["Composição Auxiliar"," 90777 ","SINAPI","ENGENHEIRO CIVIL DE OBRA JUNIOR COM ENCARGOS COMPLEMENTARES","SEDI - SERVIÇOS DIVERSOS",null,"H",4,120.03,480.12]
["Composição Auxiliar"," 90776 ","SINAPI","ENCARREGADO GERAL COM ENCARGOS COMPLEMENTARES","SEDI - SERVIÇOS DIVERSOS",null,"H",60,31.92,1915.2]
["Insumo"," 5896 ","ORSE","Veículo tipo sedan ou pick-up capacidade 0,6 ton","Equipamento",null,"h",60,8.33,499.8]
["Insumo"," 1044 ","ORSE","Gasolina comum","Material",null,"l",80,6.3,504]
[]
[]
[]
[" 1.4.1 ","Código","Banco","Descrição","Tipo",null,"Und","Quant.","Valor Unit","Total"]
["Composição"," CODEVASF  322 ","Próprio","Projeto Executivo (Multiuso)","SERT - SERVIÇOS TÉCNICOS",null,"und",1,18349.95,18349.95]
["Insumo"," 14338 ","ORSE","Projeto Hidráulico - Água fria. Observação: Apresentar a carta de viabilidadeda DESO.","Serviços",null,"m²",457.14,3.5,1599.99]
["Insumo"," 14340 ","ORSE","Projeto de Esgoto - Esgoto sanitário com tratamento simples (fossa e filtro, sumidouro ou DAFA). Observação: O cálculo da área equivale à área construída e o projeto deve ser aprovado na ADEMA.","Serviços",null,"m²",457.14,3.5,1599.99]
["Insumo"," 14334 ","ORSE","Projeto Estrutural - Aço/alumínio/madeira. Observação: Área de projeção.","Serviços",null,"m²",207.79,7.7,1599.98]
["Insumo"," 14336 ","ORSE","Projeto de Fundações - Fundações rasas","Serviços",null,"m²",457.14,3.5,1599.99]
["Insumo"," 7320 ","ORSE","Projeto de iluminação de áreas externas (praças, calçadões, orlas, complexo com várias edificações, etc) até 100.000m².","Serviços",null,"m²",1600,1,1600]
["Insumo"," 14349 ","ORSE","Projeto Elétrico - Edificações comuns, incluindo área urbanizada.","Serviços",null,"m²",200,8,1600]
["Insumo"," 6878 ","ORSE","Mobilização e desmobilização de pessoal e equipamentos - sondagem a percussão- dmt de 61 a 100 Km de Aracaju","Serviços",null,"Un",1,4100,4100]
["Insumo"," 10016 ","ORSE","Sondagem a percussão","Serviços",null,"m",30,155,4650]
[]
[]
[]
[" 2.1.1 ","Código","Banco","Descrição","Tipo",null,"Und","Quant.","Valor Unit","Total"]
["Composição"," 98524 ","SINAPI","LIMPEZA MANUAL DE VEGETAÇÃO EM TERRENO COM ENXADA. AF_03/2024","URBA - URBANIZAÇÃO",null,"m²",1,4.3499999999999996,4.3499999999999996]
["Composição Auxiliar"," 88316 ","SINAPI","SERVENTE COM ENCARGOS COMPLEMENTARES","SEDI - SERVIÇOS DIVERSOS",null,"H",0.2132,20.420000000000002,4.3499999999999996]
[]
[]
[]
[" 2.2.2 ","Código","Banco","Descrição","Tipo",null,"Und","Quant.","Valor Unit","Total"]
["Composição"," 3426 ","ORSE","Escavação e carga com escavadeira hidráulica de material de 1ª categoria ou de jazida","Conversão InfoWOrca",null,"m³",1,0.99,0.99]
["Composição Auxiliar"," 10549 ","ORSE","Encargos Complementares - Servente","Provisórios",null,"h",6.8999999999999999E-3,3.79,0.02]
["Insumo"," 00006111/SINAPI ","ORSE","Servente de obras (horista)","Mão de Obra",null,"h",6.9443999999999999E-3,13.65,0.09]
["Insumo"," 4680 ","ORSE","Escavadeira hidraúlica sobre esteira, Caterpillar: 320DL - cap 600l p/ longo alcance","Equipamento",null,"h",6.9443999999999999E-3,110.65,0.76]
["Insumo"," 54 ","ORSE","Encarregado de turma - SICRO","Mão de Obra",null,"h",6.9443999999999999E-3,18.28,0.12]
[]
[]
[]
[" 2.2.3 ","Código","Banco","Descrição","Tipo",null,"Und","Quant.","Valor Unit","Total"]
["Composição"," 4986 ","ORSE","Carga mecânica de material de 1ª categoria","Carga de Material",null,"m³",1,0.77,0.77]
["Composição Auxiliar"," 10549 ","ORSE","Encargos Complementares - Servente","Provisórios",null,"h",9.4000000000000004E-3,3.79,0.03]
["Insumo"," 00006111/SINAPI ","ORSE","Servente de obras (horista)","Mão de Obra",null,"h",9.4000000000000004E-3,13.65,0.12]
["Insumo"," 4244 ","ORSE","Pa carregadeira sobre pneus Caterpillar - 924 G","Equipamento",null,"h",4.7000000000000002E-3,132.74,0.62]
[]
[]
[]
[" 2.2.4 ","Código","Banco","Descrição","Tipo",null,"Und","Quant.","Valor Unit","Total"]
["Composição"," 97914 ","SINAPI","TRANSPORTE COM CAMINHÃO BASCULANTE DE 6 M³, EM VIA URBANA PAVIMENTADA, DMT ATÉ 30 KM (UNIDADE: M3XKM). AF_07/2020","TRAN - TRANSPORTES, CARGAS E DESCARGAS",null,"M3XKM",1,2.79,2.79]
["Composição Auxiliar"," 67826 ","SINAPI","CAMINHÃO BASCULANTE 6 M3 TOCO, PESO BRUTO TOTAL 16.000 KG, CARGA ÚTIL MÁXIMA 11.130 KG, DISTÂNCIA ENTRE EIXOS 5,36 M, POTÊNCIA 185 CV, INCLUSIVE CAÇAMBA METÁLICA - CHP DIURNO. AF_06/2014","CHOR - CUSTOS HORÁRIOS DE MÁQUINAS E EQUIPAMENTOS",null,"CHP",1.3899999999999999E-2,175.1,2.4300000000000002]
["Composição Auxiliar"," 67827 ","SINAPI","CAMINHÃO BASCULANTE 6 M3 TOCO, PESO BRUTO TOTAL 16.000 KG, CARGA ÚTIL MÁXIMA 11.130 KG, DISTÂNCIA ENTRE EIXOS 5,36 M, POTÊNCIA 185 CV, INCLUSIVE CAÇAMBA METÁLICA - CHI DIURNO. AF_06/2014","CHOR - CUSTOS HORÁRIOS DE MÁQUINAS E EQUIPAMENTOS",null,"CHI",6.0000000000000001E-3,61.29,0.36]
[]
[]
[]
[" 2.2.5 ","Código","Banco","Descrição","Tipo",null,"Und","Quant.","Valor Unit","Total"]
["Composição"," 71 ","ORSE","Aterro manual de áreas, sem aquisição de material, com espalhamento e compactação","Aterros / Reaterros / Compactações",null,"m³",1,52.32,52.32]
["Composição Auxiliar"," 10549 ","ORSE","Encargos Complementares - Servente","Provisórios",null,"h",3,3.79,11.37]
["Insumo"," 00006111/SINAPI ","ORSE","Servente de obras (horista)","Mão de Obra",null,"h",3,13.65,40.950000000000003]
[]
[]
[]
[" 2.3.1 ","Código","Banco","Descrição","Tipo",null,"Und","Quant.","Valor Unit","Total"]
["Composição"," 4177 ","ORSE","Locação de construção de edificação acima de 1000 m2,  inclusive execução de gabarito de madeira","Locação de Edificações",null,"m²",1,5.47,5.47]
["Composição Auxiliar"," 10549 ","ORSE","Encargos Complementares - Servente","Provisórios",null,"h",0.04,3.79,0.15]
["Composição Auxiliar"," 10551 ","ORSE","Encargos Complementares - Carpinteiro","Provisórios",null,"h",0.04,3.69,0.14000000000000001]
["Insumo"," 00000345/SINAPI ","ORSE","Arame galvanizado 18 bwg, d = 1,24mm (0,009 kg/m)","Material",null,"kg",0.02,27.1,0.54]
["Insumo"," 00001213/SINAPI ","ORSE","Carpinteiro de formas (horista)","Mão de Obra",null,"h",0.04,19.13,0.76]
["Insumo"," 00005067/SINAPI ","ORSE","Prego de aco polido com cabeca 16 x 24 (2 1/4 x 12)","Material",null,"kg",1.2E-2,16.86,0.2]
["Insumo"," 00006111/SINAPI ","ORSE","Servente de obras (horista)","Mão de Obra",null,"h",0.04,13.65,0.54]
["Insumo"," 00010567/SINAPI ","ORSE","Tabua *2,5 x 23* cm em pinus, mista ou equivalente da regiao - bruta","Material",null,"m",0.11,12.58,1.38]
["Insumo"," 1569 ","ORSE","Madeira mista serrada (barrote) 6 x 6cm - 0,0036 m3/m (angelim, louro)","Material",null,"m",0.09,6.75,0.6]
["Insumo"," 48 ","ORSE","Auxiliar topografia - SICRO","Mão de Obra",null,"h",0.02,21.79,0.43]
["Insumo"," 70 ","ORSE","Topógrafo - SICRO","Mão de Obra",null,"h",0.02,36.96,0.73]
[]
[]
[]
[" 2.3.2 ","Código","Banco","Descrição","Tipo",null,"Und","Quant.","Valor Unit","Total"]
["Composição"," 93358 ","SINAPI","ESCAVAÇÃO MANUAL DE VALA COM PROFUNDIDADE MENOR OU IGUAL A 1,30 M. AF_02/2021","MOVT - MOVIMENTO DE TERRA",null,"m³",1,80.78,80.78]
["Composição Auxiliar"," 88316 ","SINAPI","SERVENTE COM ENCARGOS COMPLEMENTARES","SEDI - SERVIÇOS DIVERSOS",null,"H",3.956,20.420000000000002,80.78]
[]
[]
[]
[" 2.3.3 ","Código","Banco","Descrição","Tipo",null,"Und","Quant.","Valor Unit","Total"]
["Composição"," 94962 ","SINAPI","CONCRETO MAGRO PARA LASTRO, TRAÇO 1:4,5:4,5 (EM MASSA SECA DE CIMENTO/ AREIA MÉDIA/ BRITA 1) - PREPARO MECÂNICO COM BETONEIRA 400 L. AF_05/2021","FUES - FUNDAÇÕES E ESTRUTURAS",null,"m³",1,406.18,406.18]
["Composição Auxiliar"," 88316 ","SINAPI","SERVENTE COM ENCARGOS COMPLEMENTARES","SEDI - SERVIÇOS DIVERSOS",null,"H",2.3433000000000002,20.420000000000002,47.85]
["Composição Auxiliar"," 88377 ","SINAPI","OPERADOR DE BETONEIRA ESTACIONÁRIA/MISTURADOR COM ENCARGOS COMPLEMENTARES","SEDI - SERVIÇOS DIVERSOS",null,"H",1.4811000000000001,23.84,35.299999999999997]
["Composição Auxiliar"," 88830 ","SINAPI","BETONEIRA CAPACIDADE NOMINAL DE 400 L, CAPACIDADE DE MISTURA 280 L, MOTOR ELÉTRICO TRIFÁSICO POTÊNCIA DE 2 CV, SEM CARREGADOR - CHP DIURNO. AF_10/2014","CHOR - CUSTOS HORÁRIOS DE MÁQUINAS E EQUIPAMENTOS",null,"CHP",0.76229999999999998,1.88,1.43]
["Composição Auxiliar"," 88831 ","SINAPI","BETONEIRA CAPACIDADE NOMINAL DE 400 L, CAPACIDADE DE MISTURA 280 L, MOTOR ELÉTRICO TRIFÁSICO POTÊNCIA DE 2 CV, SEM CARREGADOR - CHI DIURNO. AF_10/2014","CHOR - CUSTOS HORÁRIOS DE MÁQUINAS E EQUIPAMENTOS",null,"CHI",0.71879999999999999,0.43,0.3]
["Insumo"," 00000370 ","SINAPI","AREIA MEDIA - POSTO JAZIDA/FORNECEDOR (RETIRADO NA JAZIDA, SEM TRANSPORTE)","Material",null,"m³",0.82689999999999997,110,90.95]
["Insumo"," 00001379 ","SINAPI","CIMENTO PORTLAND COMPOSTO CP II-32","Material",null,"KG",212.01939999999999,0.76,161.13]
["Insumo"," 00004721 ","SINAPI","PEDRA BRITADA N. 1 (9,5 a 19 MM) POSTO PEDREIRA/FORNECEDOR, SEM FRETE","Material",null,"m³",0.57820000000000005,119.72,69.22]
[]
[]
[]
[" 2.3.4 ","Código","Banco","Descrição","Tipo",null,"Und","Quant.","Valor Unit","Total"]
["Composição"," 97086 ","SINAPI","FABRICAÇÃO, MONTAGEM E DESMONTAGEM DE FORMA PARA RADIER, PISO DE CONCRETO OU LAJE SOBRE SOLO, EM MADEIRA SERRADA, 4 UTILIZAÇÕES. AF_09/2021","FUES - FUNDAÇÕES E ESTRUTURAS",null,"m²",1,121.46,121.46]
["Composição Auxiliar"," 88239 ","SINAPI","AJUDANTE DE CARPINTEIRO COM ENCARGOS COMPLEMENTARES","SEDI - SERVIÇOS DIVERSOS",null,"H",1.444,20.6,29.74]
["Composição Auxiliar"," 88262 ","SINAPI","CARPINTEIRO DE FORMAS COM ENCARGOS COMPLEMENTARES","SEDI - SERVIÇOS DIVERSOS",null,"H",2.3570000000000002,25.8,60.81]
["Insumo"," 00002692 ","SINAPI","DESMOLDANTE PROTETOR PARA FORMAS DE MADEIRA, DE BASE OLEOSA EMULSIONADA EM AGUA","Material",null,"L",1.7000000000000001E-2,8.31,0.14000000000000001]
["Insumo"," 00004491 ","SINAPI","PONTALETE *7,5 X 7,5* CM EM PINUS, MISTA OU EQUIVALENTE DA REGIAO - BRUTA","Material",null,"M",0.37,10.99,4.0599999999999996]
["Insumo"," 00004517 ","SINAPI","SARRAFO *2,5 X 7,5* CM EM PINUS, MISTA OU EQUIVALENTE DA REGIAO - BRUTA","Material",null,"M",0.44,3.84,1.68]
["Insumo"," 00005068 ","SINAPI","PREGO DE ACO POLIDO COM CABECA 17 X 21 (2 X 11)","Material",null,"KG",9.5000000000000001E-2,17.29,1.64]
["Insumo"," 00006193 ","SINAPI","TABUA NAO APARELHADA *2,5 X 20* CM, EM MACARANDUBA/MASSARANDUBA, ANGELIM OU EQUIVALENTE DA REGIAO - BRUTA","Material",null,"M",1.38,16.95,23.39]
[]
[]
[]
[" 2.3.5 ","Código","Banco","Descrição","Tipo",null,"Und","Quant.","Valor Unit","Total"]
["Composição"," 96543 ","SINAPI","ARMAÇÃO DE BLOCO UTILIZANDO AÇO CA-60 DE 5 MM - MONTAGEM. AF_01/2024","FUES - FUNDAÇÕES E ESTRUTURAS",null,"KG",1,20.68,20.68]
["Composição Auxiliar"," 88238 ","SINAPI","AJUDANTE DE ARMADOR COM ENCARGOS COMPLEMENTARES","SEDI - SERVIÇOS DIVERSOS",null,"H",9.7000000000000003E-2,20.69,2]
["Composição Auxiliar"," 88245 ","SINAPI","ARMADOR COM ENCARGOS COMPLEMENTARES","SEDI - SERVIÇOS DIVERSOS",null,"H",0.252,25.94,6.53]
["Composição Auxiliar"," 92800 ","SINAPI","CORTE E DOBRA DE AÇO CA-60, DIÂMETRO DE 5,0 MM. AF_06/2022","FUES - FUNDAÇÕES E ESTRUTURAS",null,"KG",1,11.28,11.28]
["Insumo"," 00039017 ","SINAPI","ESPACADOR / DISTANCIADOR CIRCULAR COM ENTRADA LATERAL, EM PLASTICO, PARA VERGALHAO *4,2 A 12,5* MM, COBRIMENTO 20 MM","Material",null,"UN",1.143,0.22,0.25]
["Insumo"," 00043132 ","SINAPI","ARAME RECOZIDO 16 BWG, D = 1,65 MM (0,016 KG/M) OU 18 BWG, D = 1,25 MM (0,01 KG/M)","Material",null,"KG",2.5000000000000001E-2,25,0.62]
[]
[]
[]
[" 2.3.6 ","Código","Banco","Descrição","Tipo",null,"Und","Quant.","Valor Unit","Total"]
["Composição"," 96544 ","SINAPI","ARMAÇÃO DE BLOCO UTILIZANDO AÇO CA-50 DE 6,3 MM - MONTAGEM. AF_01/2024","FUES - FUNDAÇÕES E ESTRUTURAS",null,"KG",1,19.03,19.03]
["Composição Auxiliar"," 88238 ","SINAPI","AJUDANTE DE ARMADOR COM ENCARGOS COMPLEMENTARES","SEDI - SERVIÇOS DIVERSOS",null,"H",7.4999999999999997E-2,20.69,1.55]
["Composição Auxiliar"," 88245 ","SINAPI","ARMADOR COM ENCARGOS COMPLEMENTARES","SEDI - SERVIÇOS DIVERSOS",null,"H",0.19600000000000001,25.94,5.08]
["Composição Auxiliar"," 92801 ","SINAPI","CORTE E DOBRA DE AÇO CA-50, DIÂMETRO DE 6,3 MM. AF_06/2022","FUES - FUNDAÇÕES E ESTRUTURAS",null,"KG",1,11.6,11.6]
["Insumo"," 00039017 ","SINAPI","ESPACADOR / DISTANCIADOR CIRCULAR COM ENTRADA LATERAL, EM PLASTICO, PARA VERGALHAO *4,2 A 12,5* MM, COBRIMENTO 20 MM","Material",null,"UN",0.85599999999999998,0.22,0.18]
["Insumo"," 00043132 ","SINAPI","ARAME RECOZIDO 16 BWG, D = 1,65 MM (0,016 KG/M) OU 18 BWG, D = 1,25 MM (0,01 KG/M)","Material",null,"KG",2.5000000000000001E-2,25,0.62]
[]
[]
[]
[" 2.3.7 ","Código","Banco","Descrição","Tipo",null,"Und","Quant.","Valor Unit","Total"]
["Composição"," 96546 ","SINAPI","ARMAÇÃO DE BLOCO UTILIZANDO AÇO CA-50 DE 10 MM - MONTAGEM. AF_01/2024","FUES - FUNDAÇÕES E ESTRUTURAS",null,"KG",1,15.39,15.39]
["Composição Auxiliar"," 88238 ","SINAPI","AJUDANTE DE ARMADOR COM ENCARGOS COMPLEMENTARES","SEDI - SERVIÇOS DIVERSOS",null,"H",4.3999999999999997E-2,20.69,0.91]
["Composição Auxiliar"," 88245 ","SINAPI","ARMADOR COM ENCARGOS COMPLEMENTARES","SEDI - SERVIÇOS DIVERSOS",null,"H",0.11600000000000001,25.94,3]
["Composição Auxiliar"," 92803 ","SINAPI","CORTE E DOBRA DE AÇO CA-50, DIÂMETRO DE 10,0 MM. AF_06/2022","FUES - FUNDAÇÕES E ESTRUTURAS",null,"KG",1,10.76,10.76]
["Insumo"," 00039017 ","SINAPI","ESPACADOR / DISTANCIADOR CIRCULAR COM ENTRADA LATERAL, EM PLASTICO, PARA VERGALHAO *4,2 A 12,5* MM, COBRIMENTO 20 MM","Material",null,"UN",0.48,0.22,0.1]
["Insumo"," 00043132 ","SINAPI","ARAME RECOZIDO 16 BWG, D = 1,65 MM (0,016 KG/M) OU 18 BWG, D = 1,25 MM (0,01 KG/M)","Material",null,"KG",2.5000000000000001E-2,25,0.62]
[]
[]
[]
[" 2.3.8 ","Código","Banco","Descrição","Tipo",null,"Und","Quant.","Valor Unit","Total"]
["Composição"," 9399 ","ORSE","Concreto simples fabricado na obra, fck=25 mpa, lançado e adensado","Concreto Simples",null,"m³",1,626.77,626.77]
["Composição Auxiliar"," 7692 ","ORSE","Lançamento de concreto simples fabricado na obra, inclusive adensamento e acabamento em peças da superestrutura","Concreto Simples",null,"m³",1,48.7,48.7]
["Composição Auxiliar"," 9398 ","ORSE","Concreto simples fck= 25 MPA (b1/b2), fabricado na obra, sem lançamento e adensamento","Concreto Simples",null,"m³",1,578.07000000000005,578.07000000000005]
[]
[]
[]
[" 2.3.9 ","Código","Banco","Descrição","Tipo",null,"Und","Quant.","Valor Unit","Total"]
["Composição"," 93382 ","SINAPI","REATERRO MANUAL DE VALAS, COM COMPACTADOR DE SOLOS DE PERCUSSÃO. AF_08/2023","MOVT - MOVIMENTO DE TERRA",null,"m³",1,25.09,25.09]
["Composição Auxiliar"," 5901 ","SINAPI","CAMINHÃO PIPA 10.000 L TRUCADO, PESO BRUTO TOTAL 23.000 KG, CARGA ÚTIL MÁXIMA 15.935 KG, DISTÂNCIA ENTRE EIXOS 4,8 M, POTÊNCIA 230 CV, INCLUSIVE TANQUE DE AÇO PARA TRANSPORTE DE ÁGUA - CHP DIURNO. AF_06/2014","CHOR - CUSTOS HORÁRIOS DE MÁQUINAS E EQUIPAMENTOS",null,"CHP",5.4000000000000003E-3,303.24,1.63]
["Composição Auxiliar"," 5903 ","SINAPI","CAMINHÃO PIPA 10.000 L TRUCADO, PESO BRUTO TOTAL 23.000 KG, CARGA ÚTIL MÁXIMA 15.935 KG, DISTÂNCIA ENTRE EIXOS 4,8 M, POTÊNCIA 230 CV, INCLUSIVE TANQUE DE AÇO PARA TRANSPORTE DE ÁGUA - CHI DIURNO. AF_06/2014","CHOR - CUSTOS HORÁRIOS DE MÁQUINAS E EQUIPAMENTOS",null,"CHI",5.9999999999999995E-4,71.7,0.04]
["Composição Auxiliar"," 88316 ","SINAPI","SERVENTE COM ENCARGOS COMPLEMENTARES","SEDI - SERVIÇOS DIVERSOS",null,"H",0.78659999999999997,20.420000000000002,16.059999999999999]
["Composição Auxiliar"," 91533 ","SINAPI","COMPACTADOR DE SOLOS DE PERCUSSÃO (SOQUETE) COM MOTOR A GASOLINA 4 TEMPOS, POTÊNCIA 4 CV - CHP DIURNO. AF_08/2015","CHOR - CUSTOS HORÁRIOS DE MÁQUINAS E EQUIPAMENTOS",null,"CHP",0.19620000000000001,37.53,7.36]
[]
[]
[]
[" 2.4.1 ","Código","Banco","Descrição","Tipo",null,"Und","Quant.","Valor Unit","Total"]
["Composição"," 103330 ","SINAPI","ALVENARIA DE VEDAÇÃO DE BLOCOS CERÂMICOS FURADOS NA HORIZONTAL DE 11,5X19X19 CM (ESPESSURA 11,5 CM) E ARGAMASSA DE ASSENTAMENTO COM PREPARO EM BETONEIRA. AF_12/2021","PARE - PAREDES/PAINEIS",null,"m²",1,69.540000000000006,69.540000000000006]
["Composição Auxiliar"," 87292 ","SINAPI","ARGAMASSA TRAÇO 1:2:8 (EM VOLUME DE CIMENTO, CAL E AREIA MÉDIA ÚMIDA) PARA EMBOÇO/MASSA ÚNICA/ASSENTAMENTO DE ALVENARIA DE VEDAÇÃO, PREPARO MECÂNICO COM BETONEIRA 400 L. AF_08/2019","SEDI - SERVIÇOS DIVERSOS",null,"m³",9.7999999999999997E-3,601.32000000000005,5.89]
["Composição Auxiliar"," 88309 ","SINAPI","PEDREIRO COM ENCARGOS COMPLEMENTARES","SEDI - SERVIÇOS DIVERSOS",null,"H",1.2,26.15,31.38]
["Composição Auxiliar"," 88316 ","SINAPI","SERVENTE COM ENCARGOS COMPLEMENTARES","SEDI - SERVIÇOS DIVERSOS",null,"H",0.6,20.420000000000002,12.25]
["Insumo"," 00034558 ","SINAPI","TELA DE ACO SOLDADA GALVANIZADA/ZINCADA PARA ALVENARIA, FIO D = *1,20 A 1,70* MM, MALHA 15 X 15 MM, (C X L) *50 X 10,5* CM","Material",null,"M",0.42,2.84,1.19]
["Insumo"," 00037395 ","SINAPI","PINO DE ACO COM FURO, HASTE = 27 MM (ACAO DIRETA)","Material",null,"CENTO",0.01,43.74,0.43]
["Insumo"," 00038783 ","SINAPI","BLOCO CERAMICO / TIJOLO VAZADO PARA ALVENARIA DE VEDACAO, FUROS NA HORIZONTAL DE 11,5 X 19 X 19 CM (L X A X C)","Material",null,"UN",28.31,0.65,18.399999999999999]
[]
[]
[]
[" 2.4.2 ","Código","Banco","Descrição","Tipo",null,"Und","Quant.","Valor Unit","Total"]
["Composição"," 89799 ","SINAPI","TUBO PVC, SERIE NORMAL, ESGOTO PREDIAL, DN 75 MM, FORNECIDO E INSTALADO EM PRUMADA DE ESGOTO SANITÁRIO OU VENTILAÇÃO. AF_08/2022","INHI - INSTALAÇÕES HIDROS SANITÁRIAS",null,"M",1,18.61,18.61]
["Composição Auxiliar"," 88248 ","SINAPI","AUXILIAR DE ENCANADOR OU BOMBEIRO HIDRÁULICO COM ENCARGOS COMPLEMENTARES","SEDI - SERVIÇOS DIVERSOS",null,"H",0.15240000000000001,20.100000000000001,3.06]
["Composição Auxiliar"," 88267 ","SINAPI","ENCANADOR OU BOMBEIRO HIDRÁULICO COM ENCARGOS COMPLEMENTARES","SEDI - SERVIÇOS DIVERSOS",null,"H",0.15240000000000001,25.39,3.86]
["Insumo"," 00009837 ","SINAPI","TUBO PVC SERIE NORMAL, DN 75 MM, PARA ESGOTO PREDIAL (NBR 5688)","Material",null,"M",1.0548999999999999,11.07,11.67]
["Insumo"," 00038383 ","SINAPI","LIXA D'AGUA EM FOLHA, GRAO 100","Material",null,"UN",8.5000000000000006E-3,2.52,0.02]
[]
[]
[]
[" 2.4.3 ","Código","Banco","Descrição","Tipo",null,"Und","Quant.","Valor Unit","Total"]
["Composição"," 101963 ","SINAPI","LAJE PRÉ-MOLDADA UNIDIRECIONAL, BIAPOIADA, PARA PISO, ENCHIMENTO EM CERÂMICA, VIGOTA CONVENCIONAL, ALTURA TOTAL DA LAJE (ENCHIMENTO+CAPA) = (8+4). AF_11/2020_PA","FUES - FUNDAÇÕES E ESTRUTURAS",null,"m²",1,180.79,180.79]
["Composição Auxiliar"," 103674 ","SINAPI","CONCRETAGEM DE VIGAS E LAJES, FCK=25 MPA, PARA LAJES PREMOLDADAS COM USO DE BOMBA - LANÇAMENTO, ADENSAMENTO E ACABAMENTO. AF_02/2022_PS","FUES - FUNDAÇÕES E ESTRUTURAS",null,"m³",5.3999999999999999E-2,636.14,34.35]
["Composição Auxiliar"," 88262 ","SINAPI","CARPINTEIRO DE FORMAS COM ENCARGOS COMPLEMENTARES","SEDI - SERVIÇOS DIVERSOS",null,"H",0.501,25.8,12.92]
["Composição Auxiliar"," 88316 ","SINAPI","SERVENTE COM ENCARGOS COMPLEMENTARES","SEDI - SERVIÇOS DIVERSOS",null,"H",0.35399999999999998,20.420000000000002,7.22]
["Composição Auxiliar"," 92273 ","SINAPI","FABRICAÇÃO DE ESCORAS DO TIPO PONTALETE, EM MADEIRA, PARA PÉ-DIREITO SIMPLES. AF_09/2020","FUES - FUNDAÇÕES E ESTRUTURAS",null,"M",0.97,18.62,18.059999999999999]
["Composição Auxiliar"," 92767 ","SINAPI","ARMAÇÃO DE LAJE DE ESTRUTURA CONVENCIONAL DE CONCRETO ARMADO UTILIZANDO AÇO CA-60 DE 4,2 MM - MONTAGEM. AF_06/2022","FUES - FUNDAÇÕES E ESTRUTURAS",null,"KG",1.2110000000000001,16.63,20.13]
["Insumo"," 00003743 ","SINAPI","LAJE PRE-MOLDADA CONVENCIONAL (LAJOTAS + VIGOTAS) PARA PISO, UNIDIRECIONAL, SOBRECARGA DE 200 KG/M2, VAO ATE 3,50 M (SEM COLOCACAO)","Material",null,"m²",1,55.57,55.57]
["Insumo"," 00006193 ","SINAPI","TABUA NAO APARELHADA *2,5 X 20* CM, EM MACARANDUBA/MASSARANDUBA, ANGELIM OU EQUIVALENTE DA REGIAO - BRUTA","Material",null,"M",1.87,16.95,31.69]
["Insumo"," 00040304 ","SINAPI","PREGO DE ACO POLIDO COM CABECA DUPLA 17 X 27 (2 1/2 X 11)","Material",null,"KG",0.04,21.34,0.85]
[]
[]
[]
[" 2.4.4 ","Código","Banco","Descrição","Tipo",null,"Und","Quant.","Valor Unit","Total"]
["Composição"," 87894 ","SINAPI","CHAPISCO APLICADO EM ALVENARIA (SEM PRESENÇA DE VÃOS) E ESTRUTURAS DE CONCRETO DE FACHADA, COM COLHER DE PEDREIRO.  ARGAMASSA TRAÇO 1:3 COM PREPARO EM BETONEIRA 400L. AF_10/2022","REVE - REVESTIMENTO E TRATAMENTO DE SUPERFÍCIES",null,"m²",1,6.56,6.56]
["Composição Auxiliar"," 87313 ","SINAPI","ARGAMASSA TRAÇO 1:3 (EM VOLUME DE CIMENTO E AREIA GROSSA ÚMIDA) PARA CHAPISCO CONVENCIONAL, PREPARO MECÂNICO COM BETONEIRA 400 L. AF_08/2019","SEDI - SERVIÇOS DIVERSOS",null,"m³",3.7000000000000002E-3,536.27,1.98]
["Composição Auxiliar"," 88309 ","SINAPI","PEDREIRO COM ENCARGOS COMPLEMENTARES","SEDI - SERVIÇOS DIVERSOS",null,"H",0.1394,26.15,3.64]
["Composição Auxiliar"," 88316 ","SINAPI","SERVENTE COM ENCARGOS COMPLEMENTARES","SEDI - SERVIÇOS DIVERSOS",null,"H",4.65E-2,20.420000000000002,0.94]
[]
[]
[]
[" 2.4.5 ","Código","Banco","Descrição","Tipo",null,"Und","Quant.","Valor Unit","Total"]
["Composição"," 87529 ","SINAPI","MASSA ÚNICA, EM ARGAMASSA TRAÇO 1:2:8, PREPARO MECÂNICO, APLICADA MANUALMENTE EM PAREDES INTERNAS DE AMBIENTES COM ÁREA ENTRE 5M² E 10M², E = 17,5MM, COM TALISCAS. AF_03/2024","REVE - REVESTIMENTO E TRATAMENTO DE SUPERFÍCIES",null,"m²",1,35.450000000000003,35.450000000000003]
["Composição Auxiliar"," 87292 ","SINAPI","ARGAMASSA TRAÇO 1:2:8 (EM VOLUME DE CIMENTO, CAL E AREIA MÉDIA ÚMIDA) PARA EMBOÇO/MASSA ÚNICA/ASSENTAMENTO DE ALVENARIA DE VEDAÇÃO, PREPARO MECÂNICO COM BETONEIRA 400 L. AF_08/2019","SEDI - SERVIÇOS DIVERSOS",null,"m³",3.04E-2,601.32000000000005,18.28]
["Composição Auxiliar"," 88309 ","SINAPI","PEDREIRO COM ENCARGOS COMPLEMENTARES","SEDI - SERVIÇOS DIVERSOS",null,"H",0.47239999999999999,26.15,12.35]
["Composição Auxiliar"," 88316 ","SINAPI","SERVENTE COM ENCARGOS COMPLEMENTARES","SEDI - SERVIÇOS DIVERSOS",null,"H",0.23619999999999999,20.420000000000002,4.82]
[]
[]
[]
[" 2.5.1 ","Código","Banco","Descrição","Tipo",null,"Und","Quant.","Valor Unit","Total"]
["Composição"," 96622 ","SINAPI","LASTRO COM MATERIAL GRANULAR, APLICADO EM PISOS OU LAJES SOBRE SOLO, ESPESSURA DE *5 CM*. AF_01/2024","FUES - FUNDAÇÕES E ESTRUTURAS",null,"m³",1,232.84,232.84]
["Composição Auxiliar"," 88309 ","SINAPI","PEDREIRO COM ENCARGOS COMPLEMENTARES","SEDI - SERVIÇOS DIVERSOS",null,"H",1.9419999999999999,26.15,50.78]
["Composição Auxiliar"," 88316 ","SINAPI","SERVENTE COM ENCARGOS COMPLEMENTARES","SEDI - SERVIÇOS DIVERSOS",null,"H",0.76500000000000001,20.420000000000002,15.62]
["Composição Auxiliar"," 91277 ","SINAPI","PLACA VIBRATÓRIA REVERSÍVEL COM MOTOR 4 TEMPOS A GASOLINA, FORÇA CENTRÍFUGA DE 25 KN (2500 KGF), POTÊNCIA 5,5 CV - CHP DIURNO. AF_08/2015","CHOR - CUSTOS HORÁRIOS DE MÁQUINAS E EQUIPAMENTOS",null,"CHP",3.2000000000000001E-2,10.64,0.34]
["Composição Auxiliar"," 91278 ","SINAPI","PLACA VIBRATÓRIA REVERSÍVEL COM MOTOR 4 TEMPOS A GASOLINA, FORÇA CENTRÍFUGA DE 25 KN (2500 KGF), POTÊNCIA 5,5 CV - CHI DIURNO. AF_08/2015","CHOR - CUSTOS HORÁRIOS DE MÁQUINAS E EQUIPAMENTOS",null,"CHI",0.03,0.71,0.02]
["Insumo"," 00004718 ","SINAPI","PEDRA BRITADA N. 2 (19 A 38 MM) POSTO PEDREIRA/FORNECEDOR, SEM FRETE","Material",null,"m³",1.38,120.35,166.08]
[]
[]
[]
[" 2.5.2 ","Código","Banco","Descrição","Tipo",null,"Und","Quant.","Valor Unit","Total"]
["Composição"," 94994 ","SINAPI","EXECUÇÃO DE PASSEIO (CALÇADA) OU PISO DE CONCRETO COM CONCRETO MOLDADO IN LOCO, FEITO EM OBRA, ACABAMENTO CONVENCIONAL, ESPESSURA 8 CM, ARMADO. AF_08/2022","PISO - PISOS",null,"m²",1,92.7,92.7]
["Composição Auxiliar"," 88262 ","SINAPI","CARPINTEIRO DE FORMAS COM ENCARGOS COMPLEMENTARES","SEDI - SERVIÇOS DIVERSOS",null,"H",0.13009999999999999,25.8,3.35]
["Composição Auxiliar"," 88309 ","SINAPI","PEDREIRO COM ENCARGOS COMPLEMENTARES","SEDI - SERVIÇOS DIVERSOS",null,"H",0.18820000000000001,26.15,4.92]
["Composição Auxiliar"," 88316 ","SINAPI","SERVENTE COM ENCARGOS COMPLEMENTARES","SEDI - SERVIÇOS DIVERSOS",null,"H",0.31830000000000003,20.420000000000002,6.49]
["Composição Auxiliar"," 94964 ","SINAPI","CONCRETO FCK = 20MPA, TRAÇO 1:2,7:3 (EM MASSA SECA DE CIMENTO/ AREIA MÉDIA/ BRITA 1) - PREPARO MECÂNICO COM BETONEIRA 400 L. AF_05/2021","FUES - FUNDAÇÕES E ESTRUTURAS",null,"m³",9.8500000000000004E-2,490.73,48.33]
["Insumo"," 00002692 ","SINAPI","DESMOLDANTE PROTETOR PARA FORMAS DE MADEIRA, DE BASE OLEOSA EMULSIONADA EM AGUA","Material",null,"L",1.6999999999999999E-3,8.31,0.01]
["Insumo"," 00004509 ","SINAPI","SARRAFO *2,5 X 10* CM EM PINUS, MISTA OU EQUIVALENTE DA REGIAO - BRUTA","Material",null,"M",0.25,5.58,1.39]
["Insumo"," 00004517 ","SINAPI","SARRAFO *2,5 X 7,5* CM EM PINUS, MISTA OU EQUIVALENTE DA REGIAO - BRUTA","Material",null,"M",0.2,3.84,0.76]
["Insumo"," 00005068 ","SINAPI","PREGO DE ACO POLIDO COM CABECA 17 X 21 (2 X 11)","Material",null,"KG",2.4E-2,17.29,0.41]
["Insumo"," 00007156 ","SINAPI","TELA DE ACO SOLDADA NERVURADA, CA-60, Q-196, (3,11 KG/M2), DIAMETRO DO FIO = 5,0 MM, LARGURA = 2,45 M, ESPACAMENTO DA MALHA = 10 X 10 CM","Material",null,"m²",1.0815999999999999,25,27.04]
[]
[]
[]
[" 2.5.3 ","Código","Banco","Descrição","Tipo",null,"Und","Quant.","Valor Unit","Total"]
["Composição"," 3641 ","ORSE","Acabamento de superfície de piso de concreto com polimento mecânico com acabadora simples - Rev 02","Pavimentações Externas",null,"m²",1,3.93,3.93]
["Composição Auxiliar"," 10549 ","ORSE","Encargos Complementares - Servente","Provisórios",null,"h",0.1333,3.79,0.5]
["Insumo"," 00006111/SINAPI ","ORSE","Servente de obras (horista)","Mão de Obra",null,"h",0.13333329999999999,13.65,1.81]
["Insumo"," 12950 ","ORSE","Operador de equipamento leve - SICRO","Mão de Obra",null,"h",8.8888900000000007E-2,14.5,1.28]
["Insumo"," 2871 ","ORSE","Aluguel de máquina acabadora  de superfície de concreto (trifásica) com 1 jogo de pás e disco de acabamento","Equipamento",null,"h",4.4444400000000002E-2,7.71,0.34]
[]
[]
[]
[" 2.6.1 ","Código","Banco","Descrição","Tipo",null,"Und","Quant.","Valor Unit","Total"]
["Composição"," 4555 ","ORSE","Meio-fio pré moldado de concreto simples (0,12 x 0,30 x 1,00m), rejuntado comargamassa de cimento e areia no traço 1:3","Meios-Fios e Guias",null,"m",1,44.35,44.35]
["Composição Auxiliar"," 10549 ","ORSE","Encargos Complementares - Servente","Provisórios",null,"h",0.36,3.79,1.36]
["Composição Auxiliar"," 10550 ","ORSE","Encargos Complementares - Pedreiro","Provisórios",null,"h",0.18,3.66,0.65]
["Composição Auxiliar"," 1903 ","ORSE","Argamassa cimento e areia traço t-1 (1:3) - 1 saco cimento 50kg / 3 padiolas areia dim. 0.35 x 0.45 x 0.23 m - Confecção mecânica e transporte","Argamassas",null,"m³",1E-3,541.27,0.54]
["Insumo"," 00004750/SINAPI ","ORSE","Pedreiro (horista)","Mão de Obra",null,"h",0.18,19.11,3.43]
["Insumo"," 00006111/SINAPI ","ORSE","Servente de obras (horista)","Mão de Obra",null,"h",0.36,13.65,4.91]
["Insumo"," 1611 ","ORSE","Meio fio pré-moldado concreto (0,12 x 0,30 x 1,00m)","Material",null,"m",1,33.46,33.46]
[]
[]
[]
[" 2.6.2 ","Código","Banco","Descrição","Tipo",null,"Und","Quant.","Valor Unit","Total"]
["Composição"," 94991 ","SINAPI","EXECUÇÃO DE PASSEIO (CALÇADA) OU PISO DE CONCRETO COM CONCRETO MOLDADO IN LOCO, USINADO C20, ACABAMENTO CONVENCIONAL, NÃO ARMADO. AF_08/2022","PISO - PISOS",null,"m³",1,693.61,693.61]
["Composição Auxiliar"," 88262 ","SINAPI","CARPINTEIRO DE FORMAS COM ENCARGOS COMPLEMENTARES","SEDI - SERVIÇOS DIVERSOS",null,"H",1.6268,25.8,41.97]
["Composição Auxiliar"," 88309 ","SINAPI","PEDREIRO COM ENCARGOS COMPLEMENTARES","SEDI - SERVIÇOS DIVERSOS",null,"H",0.156,26.15,4.07]
["Composição Auxiliar"," 88316 ","SINAPI","SERVENTE COM ENCARGOS COMPLEMENTARES","SEDI - SERVIÇOS DIVERSOS",null,"H",1.7827999999999999,20.420000000000002,36.4]
["Insumo"," 00002692 ","SINAPI","DESMOLDANTE PROTETOR PARA FORMAS DE MADEIRA, DE BASE OLEOSA EMULSIONADA EM AGUA","Material",null,"L",2.1299999999999999E-2,8.31,0.17]
["Insumo"," 00004509 ","SINAPI","SARRAFO *2,5 X 10* CM EM PINUS, MISTA OU EQUIVALENTE DA REGIAO - BRUTA","Material",null,"M",3.125,5.58,17.43]
["Insumo"," 00004517 ","SINAPI","SARRAFO *2,5 X 7,5* CM EM PINUS, MISTA OU EQUIVALENTE DA REGIAO - BRUTA","Material",null,"M",2.5,3.84,9.6]
["Insumo"," 00005068 ","SINAPI","PREGO DE ACO POLIDO COM CABECA 17 X 21 (2 X 11)","Material",null,"KG",0.2994,17.29,5.17]
["Insumo"," 00034492 ","SINAPI","CONCRETO USINADO BOMBEAVEL, CLASSE DE RESISTENCIA C20, COM BRITA 0 E 1, SLUMP = 100 +/- 20 MM, EXCLUI SERVICO DE BOMBEAMENTO (NBR 8953)","Material",null,"m³",1.2315,470,578.79999999999995]
[]
[]
[]
[" 2.7.1 ","Código","Banco","Descrição","Tipo",null,"Und","Quant.","Valor Unit","Total"]
["Composição"," CODEVASF  234 ","Próprio","BICICLETÁRIO EM TUBO DE AÇO GALVANIZADO DN 50mm","SEDI - SERVIÇOS DIVERSOS",null,"UND",1,591.76,591.76]
["Composição Auxiliar"," 93358 ","SINAPI","ESCAVAÇÃO MANUAL DE VALA COM PROFUNDIDADE MENOR OU IGUAL A 1,30 M. AF_02/2021","MOVT - MOVIMENTO DE TERRA",null,"m³",0.05,80.78,4.03]
["Composição Auxiliar"," 94963 ","SINAPI","CONCRETO FCK = 15MPA, TRAÇO 1:3,4:3,5 (EM MASSA SECA DE CIMENTO/ AREIA MÉDIA/ BRITA 1) - PREPARO MECÂNICO COM BETONEIRA 400 L. AF_05/2021","FUES - FUNDAÇÕES E ESTRUTURAS",null,"m³",0.05,449.63,22.48]
["Composição Auxiliar"," 88267 ","SINAPI","ENCANADOR OU BOMBEIRO HIDRÁULICO COM ENCARGOS COMPLEMENTARES","SEDI - SERVIÇOS DIVERSOS",null,"H",1,25.39,25.39]
["Composição Auxiliar"," 88316 ","SINAPI","SERVENTE COM ENCARGOS COMPLEMENTARES","SEDI - SERVIÇOS DIVERSOS",null,"H",1,20.420000000000002,20.420000000000002]
["Insumo"," 00021013 ","SINAPI","TUBO ACO GALVANIZADO COM COSTURA, CLASSE LEVE, DN 50 MM ( 2\"),  E = 3,00 MM,  *4,40* KG/M (NBR 5580)","Material",null,"M",3.3,67.989999999999995,224.36]
["Insumo"," 00001790 ","SINAPI","CURVA 90 GRAUS DE FERRO GALVANIZADO, COM ROSCA BSP FEMEA, DE 2\"","Material",null,"UN",2,147.54,295.08]
[]
[]
[]
[" 2.7.2 ","Código","Banco","Descrição","Tipo",null,"Und","Quant.","Valor Unit","Total"]
["Composição"," 9222 ","ORSE","Guarda-corpo em tubos de aço galvanizado (altura = 0,90), com barras verticais a cada 2,00m (2\"), barra horizontal intermediária (2\") e barra horizontal superior (2\")","Esquadrias de Ferro",null,"m",1,283.68,283.68]
["Composição Auxiliar"," 10549 ","ORSE","Encargos Complementares - Servente","Provisórios",null,"h",2.5,3.79,9.4700000000000006]
["Composição Auxiliar"," 10550 ","ORSE","Encargos Complementares - Pedreiro","Provisórios",null,"h",1,3.66,3.66]
["Composição Auxiliar"," 10594 ","ORSE","Encargos Complementares - Serralheiro ou Operador de Equipamento Leve","Provisórios",null,"h",0.5,3.63,1.81]
["Composição Auxiliar"," 10603 ","ORSE","Encargos Complementares - Soldador","Provisórios",null,"h",0.5,4.34,2.17]
["Composição Auxiliar"," 96 ","ORSE","Concreto simples usinado fck=15mpa, bombeado, lançado e adensado em superestrura","Alvenarias de Pedra e Concretos para Fundações",null,"m³",1.4999999999999999E-2,526.79999999999995,7.9]
["Insumo"," 00004750/SINAPI ","ORSE","Pedreiro (horista)","Mão de Obra",null,"h",1,19.11,19.11]
["Insumo"," 00006110/SINAPI ","ORSE","Serralheiro (horista)","Mão de Obra",null,"h",0.5,19.11,9.5500000000000007]
["Insumo"," 00006111/SINAPI ","ORSE","Servente de obras (horista)","Mão de Obra",null,"h",2.5,13.65,34.119999999999997]
["Insumo"," 00006160/SINAPI ","ORSE","Soldador (horista)","Mão de Obra",null,"h",0.5,19.13,9.56]
["Insumo"," 00010997/SINAPI ","ORSE","Eletrodo revestido aws - e7018, diametro igual a 4,00 mm","Material",null,"kg",0.25,51.84,12.96]
["Insumo"," 2313 ","ORSE","Tubo de aço galvanizado leve c/ costura c/ rosca BSP Ø = 60,30mm ( 2\" ), e = 2,65mm, l = 6000mm NBR 5580","Material",null,"m",2.5499999999999998,67.989999999999995,173.37]
[]
[]
[]
[" 2.8.1 ","Código","Banco","Descrição","Tipo",null,"Und","Quant.","Valor Unit","Total"]
["Composição"," 102364 ","SINAPI","ALAMBRADO PARA QUADRA POLIESPORTIVA, ESTRUTURADO POR TUBOS DE ACO GALVANIZADO, (MONTANTES COM DIAMETRO 2\", TRAVESSAS E ESCORAS COM DIÂMETRO 1 ¼\"), COM TELA DE ARAME GALVANIZADO, FIO 10 BWG E MALHA QUADRADA 5X5CM (EXCETO MURETA). AF_03/2021","URBA - URBANIZAÇÃO",null,"m²",1,192.59,192.59]
["Composição Auxiliar"," 88315 ","SINAPI","SERRALHEIRO COM ENCARGOS COMPLEMENTARES","SEDI - SERVIÇOS DIVERSOS",null,"H",0.97740000000000005,25.94,25.35]
["Composição Auxiliar"," 88316 ","SINAPI","SERVENTE COM ENCARGOS COMPLEMENTARES","SEDI - SERVIÇOS DIVERSOS",null,"H",0.97740000000000005,20.420000000000002,19.95]
["Composição Auxiliar"," 94962 ","SINAPI","CONCRETO MAGRO PARA LASTRO, TRAÇO 1:4,5:4,5 (EM MASSA SECA DE CIMENTO/ AREIA MÉDIA/ BRITA 1) - PREPARO MECÂNICO COM BETONEIRA 400 L. AF_05/2021","FUES - FUNDAÇÕES E ESTRUTURAS",null,"m³",4.4999999999999997E-3,406.18,1.82]
["Insumo"," 00007162 ","SINAPI","TELA DE ARAME GALVANIZADA QUADRANGULAR / LOSANGULAR, FIO 3,4 MM (10 BWG), MALHA 5 X 5 CM, H = 2 M","Material",null,"m²",1.0203,57.24,58.4]
["Insumo"," 00007696 ","SINAPI","TUBO ACO GALVANIZADO COM COSTURA, CLASSE MEDIA, DN 2\", E = *3,65* MM, PESO *5,10* KG/M (NBR 5580)","Material",null,"M",0.61050000000000004,75.209999999999994,45.91]
["Insumo"," 00007698 ","SINAPI","TUBO ACO GALVANIZADO COM COSTURA, CLASSE MEDIA, DN 1.1/4\", E = *3,25* MM, PESO *3,14* KG/M (NBR 5580)","Material",null,"M",0.87009999999999998,44.89,39.049999999999997]
["Insumo"," 00011002 ","SINAPI","ELETRODO REVESTIDO AWS - E6013, DIAMETRO IGUAL A 2,50 MM","Material",null,"KG",2.5000000000000001E-3,49.78,0.12]
["Insumo"," 00043130 ","SINAPI","ARAME GALVANIZADO 12 BWG, D = 2,76 MM (0,048 KG/M) OU 14 BWG, D = 2,11 MM (0,026 KG/M)","Material",null,"KG",7.9699999999999993E-2,25,1.99]
[]
[]
[]
[" 2.8.2 ","Código","Banco","Descrição","Tipo",null,"Und","Quant.","Valor Unit","Total"]
["Composição"," 11532 ","ORSE","Portao em tela arame galvanizado n.12 malha 2\" e moldura em tubos de aco com duas folhas de abrir, incluso ferragens",343,null,"m²",1,749.9,749.9]
["Composição Auxiliar"," 10549 ","ORSE","Encargos Complementares - Servente","Provisórios",null,"h",5,3.79,18.95]
["Composição Auxiliar"," 10594 ","ORSE","Encargos Complementares - Serralheiro ou Operador de Equipamento Leve","Provisórios",null,"h",3.5,3.63,12.7]
["Composição Auxiliar"," 10603 ","ORSE","Encargos Complementares - Soldador","Provisórios",null,"h",2.5,4.34,10.85]
["Insumo"," 00006110/SINAPI ","ORSE","Serralheiro (horista)","Mão de Obra",null,"h",3.5,19.11,66.88]
["Insumo"," 00006111/SINAPI ","ORSE","Servente de obras (horista)","Mão de Obra",null,"h",5,13.65,68.25]
["Insumo"," 00006160/SINAPI ","ORSE","Soldador (horista)","Mão de Obra",null,"h",2.5,19.13,47.82]
["Insumo"," 00010932/SINAPI ","ORSE","Tela de arame galvanizada quadrangular / losangular, fio 4,19 mm (8 bwg), malha 5 x 5 cm, h = 2 m","Material",null,"m²",1.1000000000000001,99.56,109.51]
["Insumo"," 00010997/SINAPI ","ORSE","Eletrodo revestido aws - e7018, diametro igual a 4,00 mm","Material",null,"kg",3.37,51.84,174.7]
["Insumo"," 00011948/SINAPI ","ORSE","Parafuso zincado, sextavado, com rosca soberba, diametro 5/16\", comprimento 40 mm","Material",null,"un",9,0.71,6.39]
["Insumo"," 258 ","ORSE","Barra chata de ferro 2\" x 1/4\" (2,53 kg/m)","Material",null,"m",3,26.63,79.89]
["Insumo"," 4370 ","ORSE","Perfil Aço, Cantoneira abas iguais - 2 1/2\" x 3/16\" (4,57 kg/m)","Material",null,"kg",13.71,11.23,153.96]
[]
[]
[]
[" 2.9.1 ","Código","Banco","Descrição","Tipo",null,"Und","Quant.","Valor Unit","Total"]
["Composição"," 88489 ","SINAPI","PINTURA LÁTEX ACRÍLICA PREMIUM, APLICAÇÃO MANUAL EM PAREDES, DUAS DEMÃOS. AF_04/2023","PINT - PINTURAS",null,"m²",1,13.12,13.12]
["Composição Auxiliar"," 88310 ","SINAPI","PINTOR COM ENCARGOS COMPLEMENTARES","SEDI - SERVIÇOS DIVERSOS",null,"H",0.16309999999999999,27.65,4.5]
["Composição Auxiliar"," 88316 ","SINAPI","SERVENTE COM ENCARGOS COMPLEMENTARES","SEDI - SERVIÇOS DIVERSOS",null,"H",5.4399999999999997E-2,20.420000000000002,1.1100000000000001]
["Insumo"," 00007356 ","SINAPI","TINTA ACRILICA PREMIUM, COR BRANCO FOSCO","Material",null,"L",0.22850000000000001,32.869999999999997,7.51]
[]
[]
[]
[" 2.9.2 ","Código","Banco","Descrição","Tipo",null,"Und","Quant.","Valor Unit","Total"]
["Composição"," 100758 ","SINAPI","PINTURA COM TINTA ALQUÍDICA DE ACABAMENTO (ESMALTE SINTÉTICO ACETINADO) APLICADA A ROLO OU PINCEL SOBRE SUPERFÍCIES METÁLICAS (EXCETO PERFIL) EXECUTADO EM OBRA (02 DEMÃOS). AF_01/2020","PINT - PINTURAS",null,"m²",1,48.23,48.23]
["Composição Auxiliar"," 88310 ","SINAPI","PINTOR COM ENCARGOS COMPLEMENTARES","SEDI - SERVIÇOS DIVERSOS",null,"H",1.3559000000000001,27.65,37.49]
["Insumo"," 00005318 ","SINAPI","SOLVENTE DILUENTE A BASE DE AGUARRAS","Material",null,"L",2.5499999999999998E-2,25.76,0.65]
["Insumo"," 00007311 ","SINAPI","TINTA ESMALTE SINTETICO PREMIUM ACETINADO","Material",null,"L",0.25490000000000002,39.6,10.09]
[]
[]
[]
[" 2.10.1 ","Código","Banco","Descrição","Tipo",null,"Und","Quant.","Valor Unit","Total"]
["Composição"," 94213 ","SINAPI","TELHAMENTO COM TELHA DE AÇO/ALUMÍNIO E = 0,5 MM, COM ATÉ 2 ÁGUAS, INCLUSO IÇAMENTO. AF_07/2019","COBE - COBERTURA",null,"m²",1,66.38,66.38]
["Composição Auxiliar"," 88316 ","SINAPI","SERVENTE COM ENCARGOS COMPLEMENTARES","SEDI - SERVIÇOS DIVERSOS",null,"H",9.7000000000000003E-2,20.420000000000002,1.98]
["Composição Auxiliar"," 88323 ","SINAPI","TELHADISTA COM ENCARGOS COMPLEMENTARES","SEDI - SERVIÇOS DIVERSOS",null,"H",9.0999999999999998E-2,25.57,2.3199999999999998]
["Composição Auxiliar"," 93281 ","SINAPI","GUINCHO ELÉTRICO DE COLUNA, CAPACIDADE 400 KG, COM MOTO FREIO, MOTOR TRIFÁSICO DE 1,25 CV - CHP DIURNO. AF_03/2016","CHOR - CUSTOS HORÁRIOS DE MÁQUINAS E EQUIPAMENTOS",null,"CHP",8.9999999999999998E-4,25.29,0.02]
["Composição Auxiliar"," 93282 ","SINAPI","GUINCHO ELÉTRICO DE COLUNA, CAPACIDADE 400 KG, COM MOTO FREIO, MOTOR TRIFÁSICO DE 1,25 CV - CHI DIURNO. AF_03/2016","CHOR - CUSTOS HORÁRIOS DE MÁQUINAS E EQUIPAMENTOS",null,"CHI",1.2999999999999999E-3,24.36,0.03]
["Insumo"," 00007243 ","SINAPI","TELHA TRAPEZOIDAL EM ACO ZINCADO, SEM PINTURA, ALTURA DE APROXIMADAMENTE 40 MM, ESPESSURA DE 0,50 MM E LARGURA UTIL DE 980 MM","Material",null,"m²",1.1659999999999999,44.41,51.78]
["Insumo"," 00011029 ","SINAPI","HASTE RETA PARA GANCHO DE FERRO GALVANIZADO, COM ROSCA 1/4 \" X 30 CM PARA FIXACAO DE TELHA METALICA, INCLUI PORCA E ARRUELAS DE VEDACAO","Material",null,"CJ",4.1500000000000004,2.4700000000000002,10.25]
[]
[]
[]
[" 2.10.2 ","Código","Banco","Descrição","Tipo",null,"Und","Quant.","Valor Unit","Total"]
["Composição"," 100777 ","SINAPI","ESTRUTURA TRELIÇADA DE COBERTURA, TIPO SHED, COM LIGAÇÕES PARAFUSADAS, INCLUSOS PERFIS METÁLICOS, CHAPAS METÁLICAS, MÃO DE OBRA E TRANSPORTE COM GUINDASTE - FORNECIMENTO E INSTALAÇÃO. AF_01/2020_PSA","FUES - FUNDAÇÕES E ESTRUTURAS",null,"KG",1,11.37,11.37]
["Composição Auxiliar"," 100716 ","SINAPI","JATEAMENTO ABRASIVO COM GRANALHA DE AÇO EM PERFIL METÁLICO EM FÁBRICA. AF_01/2020","PINT - PINTURAS",null,"m²",4.6067900000000002E-2,26.75,1.23]
["Composição Auxiliar"," 100719 ","SINAPI","PINTURA COM TINTA ALQUÍDICA DE FUNDO (TIPO ZARCÃO) PULVERIZADA SOBRE PERFIL METÁLICO EXECUTADO EM FÁBRICA (POR DEMÃO). AF_01/2020_PE","PINT - PINTURAS",null,"m²",4.6067900000000002E-2,11.11,0.51]
["Composição Auxiliar"," 88240 ","SINAPI","AJUDANTE DE ESTRUTURA METÁLICA COM ENCARGOS COMPLEMENTARES","SEDI - SERVIÇOS DIVERSOS",null,"H",6.8639999999999999E-4,19.41,0.01]
["Composição Auxiliar"," 88278 ","SINAPI","MONTADOR DE ESTRUTURA METÁLICA COM ENCARGOS COMPLEMENTARES","SEDI - SERVIÇOS DIVERSOS",null,"H",3.8605000000000002E-3,23.33,0.09]
["Composição Auxiliar"," 93287 ","SINAPI","GUINDASTE HIDRÁULICO AUTOPROPELIDO, COM LANÇA TELESCÓPICA 40 M, CAPACIDADE MÁXIMA 60 T, POTÊNCIA 260 KW - CHP DIURNO. AF_03/2016","CHOR - CUSTOS HORÁRIOS DE MÁQUINAS E EQUIPAMENTOS",null,"CHP",5.3899999999999998E-4,357.19,0.19]
["Composição Auxiliar"," 93288 ","SINAPI","GUINDASTE HIDRÁULICO AUTOPROPELIDO, COM LANÇA TELESCÓPICA 40 M, CAPACIDADE MÁXIMA 60 T, POTÊNCIA 260 KW - CHI DIURNO. AF_03/2016","CHOR - CUSTOS HORÁRIOS DE MÁQUINAS E EQUIPAMENTOS",null,"CHI",4.0539999999999999E-4,184.85,7.0000000000000007E-2]
["Insumo"," 00000442 ","SINAPI","PARAFUSO FRANCES M16 EM ACO GALVANIZADO, COMPRIMENTO = 45 MM, DIAMETRO = 16 MM, CABECA ABAULADA","Material",null,"UN",1.7551999999999999E-3,7.17,0.01]
["Insumo"," 00001333 ","SINAPI","CHAPA DE ACO GROSSA, ASTM A36, E = 1/2 \" (12,70 MM) 99,59 KG/M2","Material",null,"KG",3.7513999999999998E-3,8.5,0.03]
["Insumo"," 00004777 ","SINAPI","CANTONEIRA ACO ABAS IGUAIS (QUALQUER BITOLA), ESPESSURA ENTRE 1/8\" E 1/4\"","Material",null,"KG",0.60744169999999997,8.02,4.87]
["Insumo"," 00010966 ","SINAPI","PERFIL \"U\" SIMPLES, EM CHAPA DOBRADA DE ACO LAMINADO, E = 8 MM, H = 150 MM, L = 75 MM (16,97 KG/M)","Material",null,"KG",0.47874539999999999,9.1199999999999992,4.3600000000000003]
[]
[]
[]
[" 3.1.1 ","Código","Banco","Descrição","Tipo",null,"Und","Quant.","Valor Unit","Total"]
["Composição"," 93358 ","SINAPI","ESCAVAÇÃO MANUAL DE VALA COM PROFUNDIDADE MENOR OU IGUAL A 1,30 M. AF_02/2021","MOVT - MOVIMENTO DE TERRA",null,"m³",1,80.78,80.78]
["Composição Auxiliar"," 88316 ","SINAPI","SERVENTE COM ENCARGOS COMPLEMENTARES","SEDI - SERVIÇOS DIVERSOS",null,"H",3.956,20.420000000000002,80.78]
[]
[]
[]
[" 3.1.2 ","Código","Banco","Descrição","Tipo",null,"Und","Quant.","Valor Unit","Total"]
["Composição"," 103800 ","SINAPI","PEDRA ARGAMASSADA COM CIMENTO E AREIA 1:3, 40% DE ARGAMASSA EM VOLUME - AREIA E PEDRA DE MÃO COMERCIAIS - FORNECIMENTO E ASSENTAMENTO. AF_08/2022","FUES - FUNDAÇÕES E ESTRUTURAS",null,"m³",1,514.59,514.59]
["Composição Auxiliar"," 88309 ","SINAPI","PEDREIRO COM ENCARGOS COMPLEMENTARES","SEDI - SERVIÇOS DIVERSOS",null,"H",2.2158000000000002,26.15,57.94]
["Composição Auxiliar"," 88316 ","SINAPI","SERVENTE COM ENCARGOS COMPLEMENTARES","SEDI - SERVIÇOS DIVERSOS",null,"H",3.1021000000000001,20.420000000000002,63.34]
["Composição Auxiliar"," 88629 ","SINAPI","ARGAMASSA TRAÇO 1:3 (EM VOLUME DE CIMENTO E AREIA MÉDIA ÚMIDA), PREPARO MANUAL. AF_08/2019","SEDI - SERVIÇOS DIVERSOS",null,"m³",0.44119999999999998,659.73,291.07]
["Insumo"," 00004730 ","SINAPI","PEDRA DE MAO OU PEDRA RACHAO PARA ARRIMO/FUNDACAO (POSTO PEDREIRA/FORNECEDOR, SEM FRETE)","Material",null,"m³",0.90859999999999996,112.53,102.24]
[]
[]
[]
[" 3.1.3 ","Código","Banco","Descrição","Tipo",null,"Und","Quant.","Valor Unit","Total"]
["Composição"," 9399 ","ORSE","Concreto simples fabricado na obra, fck=25 mpa, lançado e adensado","Concreto Simples",null,"m³",1,626.77,626.77]
["Composição Auxiliar"," 7692 ","ORSE","Lançamento de concreto simples fabricado na obra, inclusive adensamento e acabamento em peças da superestrutura","Concreto Simples",null,"m³",1,48.7,48.7]
["Composição Auxiliar"," 9398 ","ORSE","Concreto simples fck= 25 MPA (b1/b2), fabricado na obra, sem lançamento e adensamento","Concreto Simples",null,"m³",1,578.07000000000005,578.07000000000005]
[]
[]
[]
[" 3.2.1 ","Código","Banco","Descrição","Tipo",null,"Und","Quant.","Valor Unit","Total"]
["Composição"," 103330 ","SINAPI","ALVENARIA DE VEDAÇÃO DE BLOCOS CERÂMICOS FURADOS NA HORIZONTAL DE 11,5X19X19 CM (ESPESSURA 11,5 CM) E ARGAMASSA DE ASSENTAMENTO COM PREPARO EM BETONEIRA. AF_12/2021","PARE - PAREDES/PAINEIS",null,"m²",1,69.540000000000006,69.540000000000006]
["Composição Auxiliar"," 87292 ","SINAPI","ARGAMASSA TRAÇO 1:2:8 (EM VOLUME DE CIMENTO, CAL E AREIA MÉDIA ÚMIDA) PARA EMBOÇO/MASSA ÚNICA/ASSENTAMENTO DE ALVENARIA DE VEDAÇÃO, PREPARO MECÂNICO COM BETONEIRA 400 L. AF_08/2019","SEDI - SERVIÇOS DIVERSOS",null,"m³",9.7999999999999997E-3,601.32000000000005,5.89]
["Composição Auxiliar"," 88309 ","SINAPI","PEDREIRO COM ENCARGOS COMPLEMENTARES","SEDI - SERVIÇOS DIVERSOS",null,"H",1.2,26.15,31.38]
["Composição Auxiliar"," 88316 ","SINAPI","SERVENTE COM ENCARGOS COMPLEMENTARES","SEDI - SERVIÇOS DIVERSOS",null,"H",0.6,20.420000000000002,12.25]
["Insumo"," 00034558 ","SINAPI","TELA DE ACO SOLDADA GALVANIZADA/ZINCADA PARA ALVENARIA, FIO D = *1,20 A 1,70* MM, MALHA 15 X 15 MM, (C X L) *50 X 10,5* CM","Material",null,"M",0.42,2.84,1.19]
["Insumo"," 00037395 ","SINAPI","PINO DE ACO COM FURO, HASTE = 27 MM (ACAO DIRETA)","Material",null,"CENTO",0.01,43.74,0.43]
["Insumo"," 00038783 ","SINAPI","BLOCO CERAMICO / TIJOLO VAZADO PARA ALVENARIA DE VEDACAO, FUROS NA HORIZONTAL DE 11,5 X 19 X 19 CM (L X A X C)","Material",null,"UN",28.31,0.65,18.399999999999999]
[]
[]
[]
[" 3.2.2 ","Código","Banco","Descrição","Tipo",null,"Und","Quant.","Valor Unit","Total"]
["Composição"," 94965 ","SINAPI","CONCRETO FCK = 25MPA, TRAÇO 1:2,3:2,7 (EM MASSA SECA DE CIMENTO/ AREIA MÉDIA/ BRITA 1) - PREPARO MECÂNICO COM BETONEIRA 400 L. AF_05/2021","FUES - FUNDAÇÕES E ESTRUTURAS",null,"m³",1,509.97,509.97]
["Composição Auxiliar"," 88316 ","SINAPI","SERVENTE COM ENCARGOS COMPLEMENTARES","SEDI - SERVIÇOS DIVERSOS",null,"H",2.3117000000000001,20.420000000000002,47.2]
["Composição Auxiliar"," 88377 ","SINAPI","OPERADOR DE BETONEIRA ESTACIONÁRIA/MISTURADOR COM ENCARGOS COMPLEMENTARES","SEDI - SERVIÇOS DIVERSOS",null,"H",1.4637,23.84,34.89]
["Composição Auxiliar"," 88830 ","SINAPI","BETONEIRA CAPACIDADE NOMINAL DE 400 L, CAPACIDADE DE MISTURA 280 L, MOTOR ELÉTRICO TRIFÁSICO POTÊNCIA DE 2 CV, SEM CARREGADOR - CHP DIURNO. AF_10/2014","CHOR - CUSTOS HORÁRIOS DE MÁQUINAS E EQUIPAMENTOS",null,"CHP",0.75339999999999996,1.88,1.41]
["Composição Auxiliar"," 88831 ","SINAPI","BETONEIRA CAPACIDADE NOMINAL DE 400 L, CAPACIDADE DE MISTURA 280 L, MOTOR ELÉTRICO TRIFÁSICO POTÊNCIA DE 2 CV, SEM CARREGADOR - CHI DIURNO. AF_10/2014","CHOR - CUSTOS HORÁRIOS DE MÁQUINAS E EQUIPAMENTOS",null,"CHI",0.71030000000000004,0.43,0.3]
["Insumo"," 00000370 ","SINAPI","AREIA MEDIA - POSTO JAZIDA/FORNECEDOR (RETIRADO NA JAZIDA, SEM TRANSPORTE)","Material",null,"m³",0.72289999999999999,110,79.510000000000005]
["Insumo"," 00001379 ","SINAPI","CIMENTO PORTLAND COMPOSTO CP II-32","Material",null,"KG",362.65789999999998,0.76,275.62]
["Insumo"," 00004721 ","SINAPI","PEDRA BRITADA N. 1 (9,5 a 19 MM) POSTO PEDREIRA/FORNECEDOR, SEM FRETE","Material",null,"m³",0.59340000000000004,119.72,71.040000000000006]
[]
[]
[]
[" 3.2.3 ","Código","Banco","Descrição","Tipo",null,"Und","Quant.","Valor Unit","Total"]
["Composição"," 92915 ","SINAPI","ARMAÇÃO DE ESTRUTURAS DIVERSAS DE CONCRETO ARMADO, EXCETO VIGAS, PILARES, LAJES E FUNDAÇÕES, UTILIZANDO AÇO CA-60 DE 5,0 MM - MONTAGEM. AF_06/2022","FUES - FUNDAÇÕES E ESTRUTURAS",null,"KG",1,17.82,17.82]
["Composição Auxiliar"," 88238 ","SINAPI","AJUDANTE DE ARMADOR COM ENCARGOS COMPLEMENTARES","SEDI - SERVIÇOS DIVERSOS",null,"H",3.1600000000000003E-2,20.69,0.65]
["Composição Auxiliar"," 88245 ","SINAPI","ARMADOR COM ENCARGOS COMPLEMENTARES","SEDI - SERVIÇOS DIVERSOS",null,"H",0.1933,25.94,5.01]
["Composição Auxiliar"," 92800 ","SINAPI","CORTE E DOBRA DE AÇO CA-60, DIÂMETRO DE 5,0 MM. AF_06/2022","FUES - FUNDAÇÕES E ESTRUTURAS",null,"KG",1,11.28,11.28]
["Insumo"," 00039017 ","SINAPI","ESPACADOR / DISTANCIADOR CIRCULAR COM ENTRADA LATERAL, EM PLASTICO, PARA VERGALHAO *4,2 A 12,5* MM, COBRIMENTO 20 MM","Material",null,"UN",1.19,0.22,0.26]
["Insumo"," 00043132 ","SINAPI","ARAME RECOZIDO 16 BWG, D = 1,65 MM (0,016 KG/M) OU 18 BWG, D = 1,25 MM (0,01 KG/M)","Material",null,"KG",2.5000000000000001E-2,25,0.62]
[]
[]
[]
[" 3.2.4 ","Código","Banco","Descrição","Tipo",null,"Und","Quant.","Valor Unit","Total"]
["Composição"," 92263 ","SINAPI","FABRICAÇÃO DE FÔRMA PARA PILARES E ESTRUTURAS SIMILARES, EM CHAPA DE MADEIRA COMPENSADA RESINADA, E = 17 MM. AF_09/2020","FUES - FUNDAÇÕES E ESTRUTURAS",null,"m²",1,168.88,168.88]
["Composição Auxiliar"," 88239 ","SINAPI","AJUDANTE DE CARPINTEIRO COM ENCARGOS COMPLEMENTARES","SEDI - SERVIÇOS DIVERSOS",null,"H",0.25,20.6,5.15]
["Composição Auxiliar"," 88262 ","SINAPI","CARPINTEIRO DE FORMAS COM ENCARGOS COMPLEMENTARES","SEDI - SERVIÇOS DIVERSOS",null,"H",1.18,25.8,30.44]
["Composição Auxiliar"," 91692 ","SINAPI","SERRA CIRCULAR DE BANCADA COM MOTOR ELÉTRICO POTÊNCIA DE 5HP, COM COIFA PARA DISCO 10\" - CHP DIURNO. AF_08/2015","CHOR - CUSTOS HORÁRIOS DE MÁQUINAS E EQUIPAMENTOS",null,"CHP",6.3E-2,30.2,1.9]
["Composição Auxiliar"," 91693 ","SINAPI","SERRA CIRCULAR DE BANCADA COM MOTOR ELÉTRICO POTÊNCIA DE 5HP, COM COIFA PARA DISCO 10\" - CHI DIURNO. AF_08/2015","CHOR - CUSTOS HORÁRIOS DE MÁQUINAS E EQUIPAMENTOS",null,"CHI",0.255,28.99,7.39]
["Insumo"," 00001358 ","SINAPI","CHAPA DE MADEIRA COMPENSADA RESINADA PARA FORMA DE CONCRETO, DE *2,2 X 1,1* M, E = 17 MM","Material",null,"m²",1.3360000000000001,44.6,59.58]
["Insumo"," 00004491 ","SINAPI","PONTALETE *7,5 X 7,5* CM EM PINUS, MISTA OU EQUIVALENTE DA REGIAO - BRUTA","Material",null,"M",2.3079999999999998,10.99,25.36]
["Insumo"," 00004517 ","SINAPI","SARRAFO *2,5 X 7,5* CM EM PINUS, MISTA OU EQUIVALENTE DA REGIAO - BRUTA","Material",null,"M",9.2370000000000001,3.84,35.47]
["Insumo"," 00005068 ","SINAPI","PREGO DE ACO POLIDO COM CABECA 17 X 21 (2 X 11)","Material",null,"KG",0.20799999999999999,17.29,3.59]
[]
[]
[]
[" 3.2.5 ","Código","Banco","Descrição","Tipo",null,"Und","Quant.","Valor Unit","Total"]
["Composição"," 92409 ","SINAPI","MONTAGEM E DESMONTAGEM DE FÔRMA DE PILARES RETANGULARES E ESTRUTURAS SIMILARES, PÉ-DIREITO SIMPLES, EM MADEIRA SERRADA, 1 UTILIZAÇÃO. AF_09/2020","FUES - FUNDAÇÕES E ESTRUTURAS",null,"m²",1,256.83,256.83]
["Composição Auxiliar"," 88239 ","SINAPI","AJUDANTE DE CARPINTEIRO COM ENCARGOS COMPLEMENTARES","SEDI - SERVIÇOS DIVERSOS",null,"H",0.55400000000000005,20.6,11.41]
["Composição Auxiliar"," 88262 ","SINAPI","CARPINTEIRO DE FORMAS COM ENCARGOS COMPLEMENTARES","SEDI - SERVIÇOS DIVERSOS",null,"H",3.0230000000000001,25.8,77.989999999999995]
["Composição Auxiliar"," 92269 ","SINAPI","FABRICAÇÃO DE FÔRMA PARA PILARES E ESTRUTURAS SIMILARES, EM MADEIRA SERRADA, E=25 MM. AF_09/2020","FUES - FUNDAÇÕES E ESTRUTURAS",null,"m²",1.02,163.46,166.72]
["Insumo"," 00002692 ","SINAPI","DESMOLDANTE PROTETOR PARA FORMAS DE MADEIRA, DE BASE OLEOSA EMULSIONADA EM AGUA","Material",null,"L",1.7000000000000001E-2,8.31,0.14000000000000001]
["Insumo"," 00040304 ","SINAPI","PREGO DE ACO POLIDO COM CABECA DUPLA 17 X 27 (2 1/2 X 11)","Material",null,"KG",2.7E-2,21.34,0.56999999999999995]
[]
[]
[]
[" 3.3.1 ","Código","Banco","Descrição","Tipo",null,"Und","Quant.","Valor Unit","Total"]
["Composição"," 87878 ","SINAPI","CHAPISCO APLICADO EM ALVENARIAS E ESTRUTURAS DE CONCRETO INTERNAS, COM COLHER DE PEDREIRO.  ARGAMASSA TRAÇO 1:3 COM PREPARO MANUAL. AF_10/2022","REVE - REVESTIMENTO E TRATAMENTO DE SUPERFÍCIES",null,"m²",1,4.7,4.7]
["Composição Auxiliar"," 87377 ","SINAPI","ARGAMASSA TRAÇO 1:3 (EM VOLUME DE CIMENTO E AREIA GROSSA ÚMIDA) PARA CHAPISCO CONVENCIONAL, PREPARO MANUAL. AF_08/2019","SEDI - SERVIÇOS DIVERSOS",null,"m³",3.7000000000000002E-3,650.95000000000005,2.4]
["Composição Auxiliar"," 88309 ","SINAPI","PEDREIRO COM ENCARGOS COMPLEMENTARES","SEDI - SERVIÇOS DIVERSOS",null,"H",6.8099999999999994E-2,26.15,1.78]
["Composição Auxiliar"," 88316 ","SINAPI","SERVENTE COM ENCARGOS COMPLEMENTARES","SEDI - SERVIÇOS DIVERSOS",null,"H",2.5499999999999998E-2,20.420000000000002,0.52]
[]
[]
[]
[" 3.3.2 ","Código","Banco","Descrição","Tipo",null,"Und","Quant.","Valor Unit","Total"]
["Composição"," 87548 ","SINAPI","MASSA ÚNICA, EM ARGAMASSA TRAÇO 1:2:8, PREPARO MANUAL, APLICADA MANUALMENTE EM PAREDES INTERNAS DE AMBIENTES COM ÁREA ENTRE 5M² E 10M², E = 10MM, COM TALISCAS. AF_03/2024","REVE - REVESTIMENTO E TRATAMENTO DE SUPERFÍCIES",null,"m²",1,27.51,27.51]
["Composição Auxiliar"," 87369 ","SINAPI","ARGAMASSA TRAÇO 1:2:8 (EM VOLUME DE CIMENTO, CAL E AREIA MÉDIA ÚMIDA) PARA EMBOÇO/MASSA ÚNICA/ASSENTAMENTO DE ALVENARIA DE VEDAÇÃO, PREPARO MANUAL. AF_08/2019","SEDI - SERVIÇOS DIVERSOS",null,"m³",1.9400000000000001E-2,708.85,13.75]
["Composição Auxiliar"," 88309 ","SINAPI","PEDREIRO COM ENCARGOS COMPLEMENTARES","SEDI - SERVIÇOS DIVERSOS",null,"H",0.37890000000000001,26.15,9.9]
["Composição Auxiliar"," 88316 ","SINAPI","SERVENTE COM ENCARGOS COMPLEMENTARES","SEDI - SERVIÇOS DIVERSOS",null,"H",0.18940000000000001,20.420000000000002,3.86]
[]
[]
[]
[" 3.3.3 ","Código","Banco","Descrição","Tipo",null,"Und","Quant.","Valor Unit","Total"]
["Composição"," 87532 ","SINAPI","EMBOÇO, EM ARGAMASSA TRAÇO 1:2:8, PREPARO MANUAL, APLICADO MANUALMENTE EM PAREDES INTERNAS DE AMBIENTES COM ÁREA ENTRE 5M² E 10M², E = 17,5MM, COM TALISCAS. AF_03/2024","REVE - REVESTIMENTO E TRATAMENTO DE SUPERFÍCIES",null,"m²",1,37.54,37.54]
["Composição Auxiliar"," 87369 ","SINAPI","ARGAMASSA TRAÇO 1:2:8 (EM VOLUME DE CIMENTO, CAL E AREIA MÉDIA ÚMIDA) PARA EMBOÇO/MASSA ÚNICA/ASSENTAMENTO DE ALVENARIA DE VEDAÇÃO, PREPARO MANUAL. AF_08/2019","SEDI - SERVIÇOS DIVERSOS",null,"m³",3.04E-2,708.85,21.54]
["Composição Auxiliar"," 88309 ","SINAPI","PEDREIRO COM ENCARGOS COMPLEMENTARES","SEDI - SERVIÇOS DIVERSOS",null,"H",0.44019999999999998,26.15,11.51]
["Composição Auxiliar"," 88316 ","SINAPI","SERVENTE COM ENCARGOS COMPLEMENTARES","SEDI - SERVIÇOS DIVERSOS",null,"H",0.22009999999999999,20.420000000000002,4.49]
[]
[]
[]
[" 3.3.4 ","Código","Banco","Descrição","Tipo",null,"Und","Quant.","Valor Unit","Total"]
["Composição"," 87273 ","SINAPI","REVESTIMENTO CERÂMICO PARA PAREDES INTERNAS COM PLACAS TIPO ESMALTADA DE DIMENSÕES 33X45 CM APLICADAS NA ALTURA INTEIRA DAS PAREDES. AF_02/2023_PE","REVE - REVESTIMENTO E TRATAMENTO DE SUPERFÍCIES",null,"m²",1,64.19,64.19]
["Composição Auxiliar"," 88256 ","SINAPI","AZULEJISTA OU LADRILHISTA COM ENCARGOS COMPLEMENTARES","SEDI - SERVIÇOS DIVERSOS",null,"H",0.69699999999999995,26.01,18.12]
["Composição Auxiliar"," 88316 ","SINAPI","SERVENTE COM ENCARGOS COMPLEMENTARES","SEDI - SERVIÇOS DIVERSOS",null,"H",0.31380000000000002,20.420000000000002,6.4]
["Insumo"," 00000536 ","SINAPI","REVESTIMENTO EM CERAMICA ESMALTADA EXTRA, PEI MENOR OU IGUAL A 3, FORMATO MENOR OU IGUAL A 2025 CM2","Material",null,"m²",1.0798000000000001,29.95,32.340000000000003]
["Insumo"," 00001381 ","SINAPI","ARGAMASSA COLANTE AC I PARA CERAMICAS","Material",null,"KG",6.85,0.9,6.16]
["Insumo"," 00034357 ","SINAPI","REJUNTE CIMENTICIO, QUALQUER COR","Material",null,"KG",0.222,5.28,1.17]
[]
[]
[]
[" 3.4.1 ","Código","Banco","Descrição","Tipo",null,"Und","Quant.","Valor Unit","Total"]
["Composição"," 87248 ","SINAPI","REVESTIMENTO CERÂMICO PARA PISO COM PLACAS TIPO ESMALTADA DE DIMENSÕES 35X35 CM APLICADA EM AMBIENTES DE ÁREA MAIOR QUE 10 M2. AF_02/2023_PE","PISO - PISOS",null,"m²",1,48.5,48.5]
["Composição Auxiliar"," 88256 ","SINAPI","AZULEJISTA OU LADRILHISTA COM ENCARGOS COMPLEMENTARES","SEDI - SERVIÇOS DIVERSOS",null,"H",0.24110000000000001,26.01,6.27]
["Composição Auxiliar"," 88316 ","SINAPI","SERVENTE COM ENCARGOS COMPLEMENTARES","SEDI - SERVIÇOS DIVERSOS",null,"H",0.129,20.420000000000002,2.63]
["Insumo"," 00001287 ","SINAPI","PISO EM CERAMICA ESMALTADA EXTRA, PEI MAIOR OU IGUAL A 4, FORMATO MENOR OU IGUAL A 2025 CM2","Material",null,"m²",1.0570999999999999,28.5,30.12]
["Insumo"," 00001381 ","SINAPI","ARGAMASSA COLANTE AC I PARA CERAMICAS","Material",null,"KG",9.1325000000000003,0.9,8.2100000000000009]
["Insumo"," 00034357 ","SINAPI","REJUNTE CIMENTICIO, QUALQUER COR","Material",null,"KG",0.24099999999999999,5.28,1.27]
[]
[]
[]
[" 3.4.2 ","Código","Banco","Descrição","Tipo",null,"Und","Quant.","Valor Unit","Total"]
["Composição"," 98689 ","SINAPI","SOLEIRA EM GRANITO, LARGURA 15 CM, ESPESSURA 2,0 CM. AF_09/2020","PISO - PISOS",null,"M",1,101.07,101.07]
["Composição Auxiliar"," 88274 ","SINAPI","MARMORISTA/GRANITEIRO COM ENCARGOS COMPLEMENTARES","SEDI - SERVIÇOS DIVERSOS",null,"H",0.54700000000000004,25.58,13.99]
["Composição Auxiliar"," 88316 ","SINAPI","SERVENTE COM ENCARGOS COMPLEMENTARES","SEDI - SERVIÇOS DIVERSOS",null,"H",0.27300000000000002,20.420000000000002,5.57]
["Insumo"," 00020232 ","SINAPI","SOLEIRA EM GRANITO, POLIDO, TIPO ANDORINHA/ QUARTZ/ CASTELO/ CORUMBA OU OUTROS EQUIVALENTES DA REGIAO, L= *15* CM, E=  *2,0* CM","Material",null,"M",1,77.95,77.95]
["Insumo"," 00037595 ","SINAPI","ARGAMASSA COLANTE TIPO AC III","Material",null,"KG",1.29,2.76,3.56]
[]
[]
[]
[" 3.5.1 ","Código","Banco","Descrição","Tipo",null,"Und","Quant.","Valor Unit","Total"]
["Composição"," 96109 ","SINAPI","FORRO EM PLACAS DE GESSO, PARA AMBIENTES RESIDENCIAIS. AF_08/2023_PS","REVE - REVESTIMENTO E TRATAMENTO DE SUPERFÍCIES",null,"m²",1,51.37,51.37]
["Composição Auxiliar"," 88269 ","SINAPI","GESSEIRO COM ENCARGOS COMPLEMENTARES","SEDI - SERVIÇOS DIVERSOS",null,"H",0.9123,25.94,23.66]
["Composição Auxiliar"," 88316 ","SINAPI","SERVENTE COM ENCARGOS COMPLEMENTARES","SEDI - SERVIÇOS DIVERSOS",null,"H",0.52439999999999998,20.420000000000002,10.7]
["Insumo"," 00000345 ","SINAPI","ARAME GALVANIZADO 18 BWG, D = 1,24MM (0,009 KG/M)","Material",null,"KG",2.1700000000000001E-2,35.659999999999997,0.77]
["Insumo"," 00003315 ","SINAPI","GESSO EM PO PARA REVESTIMENTOS/MOLDURAS/SANCAS E USO GERAL","Material",null,"KG",1.8127,0.93,1.68]
["Insumo"," 00004812 ","SINAPI","PLACA DE GESSO PARA FORRO, *60 X 60* CM, ESPESSURA DE 12 MM (SEM COLOCACAO)","Material",null,"m²",1.0414000000000001,13,13.53]
["Insumo"," 00020250 ","SINAPI","SISAL EM FIBRA","Material",null,"KG",7.7999999999999996E-3,25.11,0.19]
["Insumo"," 00040547 ","SINAPI","PARAFUSO ZINCADO, AUTOBROCANTE, FLANGEADO, 4,2 MM X 19 MM","Material",null,"CENTO",2.93E-2,28.91,0.84]
[]
[]
[]
[" 3.5.2 ","Código","Banco","Descrição","Tipo",null,"Und","Quant.","Valor Unit","Total"]
["Composição"," 101963 ","SINAPI","LAJE PRÉ-MOLDADA UNIDIRECIONAL, BIAPOIADA, PARA PISO, ENCHIMENTO EM CERÂMICA, VIGOTA CONVENCIONAL, ALTURA TOTAL DA LAJE (ENCHIMENTO+CAPA) = (8+4). AF_11/2020_PA","FUES - FUNDAÇÕES E ESTRUTURAS",null,"m²",1,180.79,180.79]
["Composição Auxiliar"," 103674 ","SINAPI","CONCRETAGEM DE VIGAS E LAJES, FCK=25 MPA, PARA LAJES PREMOLDADAS COM USO DE BOMBA - LANÇAMENTO, ADENSAMENTO E ACABAMENTO. AF_02/2022_PS","FUES - FUNDAÇÕES E ESTRUTURAS",null,"m³",5.3999999999999999E-2,636.14,34.35]
["Composição Auxiliar"," 88262 ","SINAPI","CARPINTEIRO DE FORMAS COM ENCARGOS COMPLEMENTARES","SEDI - SERVIÇOS DIVERSOS",null,"H",0.501,25.8,12.92]
["Composição Auxiliar"," 88316 ","SINAPI","SERVENTE COM ENCARGOS COMPLEMENTARES","SEDI - SERVIÇOS DIVERSOS",null,"H",0.35399999999999998,20.420000000000002,7.22]
["Composição Auxiliar"," 92273 ","SINAPI","FABRICAÇÃO DE ESCORAS DO TIPO PONTALETE, EM MADEIRA, PARA PÉ-DIREITO SIMPLES. AF_09/2020","FUES - FUNDAÇÕES E ESTRUTURAS",null,"M",0.97,18.62,18.059999999999999]
["Composição Auxiliar"," 92767 ","SINAPI","ARMAÇÃO DE LAJE DE ESTRUTURA CONVENCIONAL DE CONCRETO ARMADO UTILIZANDO AÇO CA-60 DE 4,2 MM - MONTAGEM. AF_06/2022","FUES - FUNDAÇÕES E ESTRUTURAS",null,"KG",1.2110000000000001,16.63,20.13]
["Insumo"," 00003743 ","SINAPI","LAJE PRE-MOLDADA CONVENCIONAL (LAJOTAS + VIGOTAS) PARA PISO, UNIDIRECIONAL, SOBRECARGA DE 200 KG/M2, VAO ATE 3,50 M (SEM COLOCACAO)","Material",null,"m²",1,55.57,55.57]
["Insumo"," 00006193 ","SINAPI","TABUA NAO APARELHADA *2,5 X 20* CM, EM MACARANDUBA/MASSARANDUBA, ANGELIM OU EQUIVALENTE DA REGIAO - BRUTA","Material",null,"M",1.87,16.95,31.69]
["Insumo"," 00040304 ","SINAPI","PREGO DE ACO POLIDO COM CABECA DUPLA 17 X 27 (2 1/2 X 11)","Material",null,"KG",0.04,21.34,0.85]
[]
[]
[]
[" 3.5.3 ","Código","Banco","Descrição","Tipo",null,"Und","Quant.","Valor Unit","Total"]
["Composição"," 92580 ","SINAPI","TRAMA DE AÇO COMPOSTA POR TERÇAS PARA TELHADOS DE ATÉ 2 ÁGUAS PARA TELHA ONDULADA DE FIBROCIMENTO, METÁLICA, PLÁSTICA OU TERMOACÚSTICA, INCLUSO TRANSPORTE VERTICAL. AF_07/2019","COBE - COBERTURA",null,"m²",1,46.4,46.4]
["Composição Auxiliar"," 88278 ","SINAPI","MONTADOR DE ESTRUTURA METÁLICA COM ENCARGOS COMPLEMENTARES","SEDI - SERVIÇOS DIVERSOS",null,"H",0.21299999999999999,23.33,4.96]
["Composição Auxiliar"," 88316 ","SINAPI","SERVENTE COM ENCARGOS COMPLEMENTARES","SEDI - SERVIÇOS DIVERSOS",null,"H",0.106,20.420000000000002,2.16]
["Composição Auxiliar"," 93281 ","SINAPI","GUINCHO ELÉTRICO DE COLUNA, CAPACIDADE 400 KG, COM MOTO FREIO, MOTOR TRIFÁSICO DE 1,25 CV - CHP DIURNO. AF_03/2016","CHOR - CUSTOS HORÁRIOS DE MÁQUINAS E EQUIPAMENTOS",null,"CHP",6.7999999999999996E-3,25.29,0.17]
["Composição Auxiliar"," 93282 ","SINAPI","GUINCHO ELÉTRICO DE COLUNA, CAPACIDADE 400 KG, COM MOTO FREIO, MOTOR TRIFÁSICO DE 1,25 CV - CHI DIURNO. AF_03/2016","CHOR - CUSTOS HORÁRIOS DE MÁQUINAS E EQUIPAMENTOS",null,"CHI",9.4000000000000004E-3,24.36,0.22]
["Insumo"," 00040549 ","SINAPI","PARAFUSO, COMUM, ASTM A307, SEXTAVADO, DIAMETRO 1/2\" (12,7 MM), COMPRIMENTO 1\" (25,4 MM)","Material",null,"CENTO",7.0000000000000001E-3,196.2,1.37]
["Insumo"," 00043083 ","SINAPI","PERFIL \"U\" ENRIJECIDO DE ACO GALVANIZADO, DOBRADO, 150 X 60 X 20 MM, E = 3,00 MM OU 200 X 75 X 25 MM, E = 3,75 MM","Material",null,"KG",4.3330000000000002,8.66,37.520000000000003]
[]
[]
[]
[" 3.5.4 ","Código","Banco","Descrição","Tipo",null,"Und","Quant.","Valor Unit","Total"]
["Composição"," 94213 ","SINAPI","TELHAMENTO COM TELHA DE AÇO/ALUMÍNIO E = 0,5 MM, COM ATÉ 2 ÁGUAS, INCLUSO IÇAMENTO. AF_07/2019","COBE - COBERTURA",null,"m²",1,66.38,66.38]
["Composição Auxiliar"," 88316 ","SINAPI","SERVENTE COM ENCARGOS COMPLEMENTARES","SEDI - SERVIÇOS DIVERSOS",null,"H",9.7000000000000003E-2,20.420000000000002,1.98]
["Composição Auxiliar"," 88323 ","SINAPI","TELHADISTA COM ENCARGOS COMPLEMENTARES","SEDI - SERVIÇOS DIVERSOS",null,"H",9.0999999999999998E-2,25.57,2.3199999999999998]
["Composição Auxiliar"," 93281 ","SINAPI","GUINCHO ELÉTRICO DE COLUNA, CAPACIDADE 400 KG, COM MOTO FREIO, MOTOR TRIFÁSICO DE 1,25 CV - CHP DIURNO. AF_03/2016","CHOR - CUSTOS HORÁRIOS DE MÁQUINAS E EQUIPAMENTOS",null,"CHP",8.9999999999999998E-4,25.29,0.02]
["Composição Auxiliar"," 93282 ","SINAPI","GUINCHO ELÉTRICO DE COLUNA, CAPACIDADE 400 KG, COM MOTO FREIO, MOTOR TRIFÁSICO DE 1,25 CV - CHI DIURNO. AF_03/2016","CHOR - CUSTOS HORÁRIOS DE MÁQUINAS E EQUIPAMENTOS",null,"CHI",1.2999999999999999E-3,24.36,0.03]
["Insumo"," 00007243 ","SINAPI","TELHA TRAPEZOIDAL EM ACO ZINCADO, SEM PINTURA, ALTURA DE APROXIMADAMENTE 40 MM, ESPESSURA DE 0,50 MM E LARGURA UTIL DE 980 MM","Material",null,"m²",1.1659999999999999,44.41,51.78]
["Insumo"," 00011029 ","SINAPI","HASTE RETA PARA GANCHO DE FERRO GALVANIZADO, COM ROSCA 1/4 \" X 30 CM PARA FIXACAO DE TELHA METALICA, INCLUI PORCA E ARRUELAS DE VEDACAO","Material",null,"CJ",4.1500000000000004,2.4700000000000002,10.25]
[]
[]
[]
[" 3.5.5 ","Código","Banco","Descrição","Tipo",null,"Und","Quant.","Valor Unit","Total"]
["Composição"," 94231 ","SINAPI","RUFO EM CHAPA DE AÇO GALVANIZADO NÚMERO 24, CORTE DE 25 CM, INCLUSO TRANSPORTE VERTICAL. AF_07/2019","COBE - COBERTURA",null,"M",1,53.1,53.1]
["Composição Auxiliar"," 88316 ","SINAPI","SERVENTE COM ENCARGOS COMPLEMENTARES","SEDI - SERVIÇOS DIVERSOS",null,"H",0.20699999999999999,20.420000000000002,4.22]
["Composição Auxiliar"," 88323 ","SINAPI","TELHADISTA COM ENCARGOS COMPLEMENTARES","SEDI - SERVIÇOS DIVERSOS",null,"H",0.112,25.57,2.86]
["Composição Auxiliar"," 93281 ","SINAPI","GUINCHO ELÉTRICO DE COLUNA, CAPACIDADE 400 KG, COM MOTO FREIO, MOTOR TRIFÁSICO DE 1,25 CV - CHP DIURNO. AF_03/2016","CHOR - CUSTOS HORÁRIOS DE MÁQUINAS E EQUIPAMENTOS",null,"CHP",1.32E-2,25.29,0.33]
["Composição Auxiliar"," 93282 ","SINAPI","GUINCHO ELÉTRICO DE COLUNA, CAPACIDADE 400 KG, COM MOTO FREIO, MOTOR TRIFÁSICO DE 1,25 CV - CHI DIURNO. AF_03/2016","CHOR - CUSTOS HORÁRIOS DE MÁQUINAS E EQUIPAMENTOS",null,"CHI",1.83E-2,24.36,0.44]
["Insumo"," 00000142 ","SINAPI","SELANTE ELASTICO MONOCOMPONENTE A BASE DE POLIURETANO (PU) PARA JUNTAS DIVERSAS","Material",null,"310ML",0.19800000000000001,41.48,8.2100000000000009]
["Insumo"," 00005061 ","SINAPI","PREGO DE ACO POLIDO COM CABECA 18 X 27 (2 1/2 X 10)","Material",null,"KG",6.0000000000000001E-3,17,0.1]
["Insumo"," 00005104 ","SINAPI","REBITE DE ALUMINIO VAZADO DE REPUXO, 3,2 X 8 MM (1KG = 1025 UNIDADES)","Material",null,"KG",1.1999999999999999E-3,67.63,0.08]
["Insumo"," 00013388 ","SINAPI","SOLDA EM BARRA DE ESTANHO-CHUMBO 50/50","Material",null,"KG",4.4999999999999998E-2,252.27,11.35]
["Insumo"," 00040873 ","SINAPI","RUFO INTERNO/EXTERNO DE CHAPA DE ACO GALVANIZADA NUM 24, CORTE 25 CM","Material",null,"M",1.05,24.3,25.51]
[]
[]
[]
[" 3.5.6 ","Código","Banco","Descrição","Tipo",null,"Und","Quant.","Valor Unit","Total"]
["Composição"," 94228 ","SINAPI","CALHA EM CHAPA DE AÇO GALVANIZADO NÚMERO 24, DESENVOLVIMENTO DE 50 CM, INCLUSO TRANSPORTE VERTICAL. AF_07/2019","COBE - COBERTURA",null,"M",1,87.82,87.82]
["Composição Auxiliar"," 88316 ","SINAPI","SERVENTE COM ENCARGOS COMPLEMENTARES","SEDI - SERVIÇOS DIVERSOS",null,"H",0.371,20.420000000000002,7.57]
["Composição Auxiliar"," 88323 ","SINAPI","TELHADISTA COM ENCARGOS COMPLEMENTARES","SEDI - SERVIÇOS DIVERSOS",null,"H",0.27700000000000002,25.57,7.08]
["Composição Auxiliar"," 93281 ","SINAPI","GUINCHO ELÉTRICO DE COLUNA, CAPACIDADE 400 KG, COM MOTO FREIO, MOTOR TRIFÁSICO DE 1,25 CV - CHP DIURNO. AF_03/2016","CHOR - CUSTOS HORÁRIOS DE MÁQUINAS E EQUIPAMENTOS",null,"CHP",1.32E-2,25.29,0.33]
["Composição Auxiliar"," 93282 ","SINAPI","GUINCHO ELÉTRICO DE COLUNA, CAPACIDADE 400 KG, COM MOTO FREIO, MOTOR TRIFÁSICO DE 1,25 CV - CHI DIURNO. AF_03/2016","CHOR - CUSTOS HORÁRIOS DE MÁQUINAS E EQUIPAMENTOS",null,"CHI",1.83E-2,24.36,0.44]
["Insumo"," 00000142 ","SINAPI","SELANTE ELASTICO MONOCOMPONENTE A BASE DE POLIURETANO (PU) PARA JUNTAS DIVERSAS","Material",null,"310ML",8.1000000000000003E-2,41.48,3.35]
["Insumo"," 00005061 ","SINAPI","PREGO DE ACO POLIDO COM CABECA 18 X 27 (2 1/2 X 10)","Material",null,"KG",1.2999999999999999E-2,17,0.22]
["Insumo"," 00005104 ","SINAPI","REBITE DE ALUMINIO VAZADO DE REPUXO, 3,2 X 8 MM (1KG = 1025 UNIDADES)","Material",null,"KG",2.3999999999999998E-3,67.63,0.16]
["Insumo"," 00013388 ","SINAPI","SOLDA EM BARRA DE ESTANHO-CHUMBO 50/50","Material",null,"KG",0.09,252.27,22.7]
["Insumo"," 00040783 ","SINAPI","CALHA QUADRADA DE CHAPA DE ACO GALVANIZADA NUM 24, CORTE 50 CM","Material",null,"M",1.05,43.79,45.97]
[]
[]
[]
[" 3.6.1 ","Código","Banco","Descrição","Tipo",null,"Und","Quant.","Valor Unit","Total"]
["Composição"," 88415 ","SINAPI","APLICAÇÃO MANUAL DE FUNDO SELADOR ACRÍLICO EM PAREDES EXTERNAS DE CASAS. AF_03/2024","PINT - PINTURAS",null,"m²",1,3.8,3.8]
["Composição Auxiliar"," 88310 ","SINAPI","PINTOR COM ENCARGOS COMPLEMENTARES","SEDI - SERVIÇOS DIVERSOS",null,"H",5.6599999999999998E-2,27.65,1.56]
["Composição Auxiliar"," 88316 ","SINAPI","SERVENTE COM ENCARGOS COMPLEMENTARES","SEDI - SERVIÇOS DIVERSOS",null,"H",9.1999999999999998E-3,20.420000000000002,0.18]
["Insumo"," 00006085 ","SINAPI","SELADOR ACRILICO OPACO PREMIUM INTERIOR/EXTERIOR","Material",null,"L",0.29471999999999998,7,2.06]
[]
[]
[]
[" 3.6.2 ","Código","Banco","Descrição","Tipo",null,"Und","Quant.","Valor Unit","Total"]
["Composição"," 88423 ","SINAPI","APLICAÇÃO MANUAL DE PINTURA COM TINTA TEXTURIZADA ACRÍLICA EM PAREDES EXTERNAS DE CASAS, UMA COR. AF_03/2024","PINT - PINTURAS",null,"m²",1,22.43,22.43]
["Composição Auxiliar"," 88310 ","SINAPI","PINTOR COM ENCARGOS COMPLEMENTARES","SEDI - SERVIÇOS DIVERSOS",null,"H",0.1525,27.65,4.21]
["Composição Auxiliar"," 88316 ","SINAPI","SERVENTE COM ENCARGOS COMPLEMENTARES","SEDI - SERVIÇOS DIVERSOS",null,"H",2.4899999999999999E-2,20.420000000000002,0.5]
["Insumo"," 00038877 ","SINAPI","MASSA PARA TEXTURA LISA DE BASE ACRILICA, USO INTERNO E EXTERNO","Material",null,"KG",2.2608799999999998,7.84,17.72]
[]
[]
[]
[" 3.6.3 ","Código","Banco","Descrição","Tipo",null,"Und","Quant.","Valor Unit","Total"]
["Composição"," 100758 ","SINAPI","PINTURA COM TINTA ALQUÍDICA DE ACABAMENTO (ESMALTE SINTÉTICO ACETINADO) APLICADA A ROLO OU PINCEL SOBRE SUPERFÍCIES METÁLICAS (EXCETO PERFIL) EXECUTADO EM OBRA (02 DEMÃOS). AF_01/2020","PINT - PINTURAS",null,"m²",1,48.23,48.23]
["Composição Auxiliar"," 88310 ","SINAPI","PINTOR COM ENCARGOS COMPLEMENTARES","SEDI - SERVIÇOS DIVERSOS",null,"H",1.3559000000000001,27.65,37.49]
["Insumo"," 00005318 ","SINAPI","SOLVENTE DILUENTE A BASE DE AGUARRAS","Material",null,"L",2.5499999999999998E-2,25.76,0.65]
["Insumo"," 00007311 ","SINAPI","TINTA ESMALTE SINTETICO PREMIUM ACETINADO","Material",null,"L",0.25490000000000002,39.6,10.09]
[]
[]
[]
[" 3.7.1 ","Código","Banco","Descrição","Tipo",null,"Und","Quant.","Valor Unit","Total"]
["Composição"," 89957 ","SINAPI","PONTO DE CONSUMO TERMINAL DE ÁGUA FRIA (SUBRAMAL) COM TUBULAÇÃO DE PVC, DN 25 MM, INSTALADO EM RAMAL DE ÁGUA, INCLUSOS RASGO E CHUMBAMENTO EM ALVENARIA. AF_12/2014","INHI - INSTALAÇÕES HIDROS SANITÁRIAS",null,"UN",1,125.72,125.72]
["Composição Auxiliar"," 89356 ","SINAPI","TUBO, PVC, SOLDÁVEL, DN 25MM, INSTALADO EM RAMAL OU SUB-RAMAL DE ÁGUA - FORNECIMENTO E INSTALAÇÃO. AF_12/2014","INHI - INSTALAÇÕES HIDROS SANITÁRIAS",null,"M",2.14,21.06,45.06]
["Composição Auxiliar"," 89362 ","SINAPI","JOELHO 90 GRAUS, PVC, SOLDÁVEL, DN 25MM, INSTALADO EM RAMAL OU SUB-RAMAL DE ÁGUA - FORNECIMENTO E INSTALAÇÃO. AF_12/2014","INHI - INSTALAÇÕES HIDROS SANITÁRIAS",null,"UN",1.18,8.56,10.1]
["Composição Auxiliar"," 89366 ","SINAPI","JOELHO 90 GRAUS COM BUCHA DE LATÃO, PVC, SOLDÁVEL, DN 25MM, X 3/4\u0094 INSTALADO EM RAMAL OU SUB-RAMAL DE ÁGUA - FORNECIMENTO E INSTALAÇÃO. AF_12/2014","INHI - INSTALAÇÕES HIDROS SANITÁRIAS",null,"UN",1,13.96,13.96]
["Composição Auxiliar"," 89395 ","SINAPI","TE, PVC, SOLDÁVEL, DN 25MM, INSTALADO EM RAMAL OU SUB-RAMAL DE ÁGUA - FORNECIMENTO E INSTALAÇÃO. AF_12/2014","INHI - INSTALAÇÕES HIDROS SANITÁRIAS",null,"UN",0.89,11.78,10.48]
["Composição Auxiliar"," 90443 ","SINAPI","RASGO EM ALVENARIA PARA RAMAIS/ DISTRIBUIÇÃO COM DIAMETROS MENORES OU IGUAIS A 40 MM. AF_05/2015","INHI - INSTALAÇÕES HIDROS SANITÁRIAS",null,"M",2.14,7.28,15.57]
["Composição Auxiliar"," 90466 ","SINAPI","CHUMBAMENTO LINEAR EM ALVENARIA PARA RAMAIS/DISTRIBUIÇÃO COM DIÂMETROS MENORES OU IGUAIS A 40 MM. AF_05/2015","INHI - INSTALAÇÕES HIDROS SANITÁRIAS",null,"M",2.14,14.28,30.55]
[]
[]
[]
[" 3.7.2 ","Código","Banco","Descrição","Tipo",null,"Und","Quant.","Valor Unit","Total"]
["Composição"," 86904 ","SINAPI","LAVATÓRIO LOUÇA BRANCA SUSPENSO, 29,5 X 39CM OU EQUIVALENTE, PADRÃO POPULAR - FORNECIMENTO E INSTALAÇÃO. AF_01/2020","INHI - INSTALAÇÕES HIDROS SANITÁRIAS",null,"UN",1,144.69,144.69]
["Composição Auxiliar"," 88267 ","SINAPI","ENCANADOR OU BOMBEIRO HIDRÁULICO COM ENCARGOS COMPLEMENTARES","SEDI - SERVIÇOS DIVERSOS",null,"H",0.38700000000000001,25.39,9.82]
["Composição Auxiliar"," 88316 ","SINAPI","SERVENTE COM ENCARGOS COMPLEMENTARES","SEDI - SERVIÇOS DIVERSOS",null,"H",0.18859999999999999,20.420000000000002,3.85]
["Insumo"," 00004351 ","SINAPI","PARAFUSO NIQUELADO 3 1/2\" COM ACABAMENTO CROMADO PARA FIXAR PECA SANITARIA, INCLUI PORCA CEGA, ARRUELA E BUCHA DE NYLON TAMANHO S-8","Material",null,"UN",2,17.64,35.28]
["Insumo"," 00010425 ","SINAPI","LAVATORIO DE LOUCA BRANCA, SUSPENSO (SEM COLUNA), DIMENSOES *40 X 30* CM","Material",null,"UN",1,92.36,92.36]
["Insumo"," 00037329 ","SINAPI","REJUNTE EPOXI, QUALQUER COR","Material",null,"KG",3.04E-2,111.3,3.38]
[]
[]
[]
[" 3.7.3 ","Código","Banco","Descrição","Tipo",null,"Und","Quant.","Valor Unit","Total"]
["Composição"," 86883 ","SINAPI","SIFÃO DO TIPO FLEXÍVEL EM PVC 1  X 1.1/2  - FORNECIMENTO E INSTALAÇÃO. AF_01/2020","INHI - INSTALAÇÕES HIDROS SANITÁRIAS",null,"UN",1,10.77,10.77]
["Composição Auxiliar"," 88267 ","SINAPI","ENCANADOR OU BOMBEIRO HIDRÁULICO COM ENCARGOS COMPLEMENTARES","SEDI - SERVIÇOS DIVERSOS",null,"H",8.4500000000000006E-2,25.39,2.14]
["Composição Auxiliar"," 88316 ","SINAPI","SERVENTE COM ENCARGOS COMPLEMENTARES","SEDI - SERVIÇOS DIVERSOS",null,"H",2.6599999999999999E-2,20.420000000000002,0.54]
["Insumo"," 00003146 ","SINAPI","FITA VEDA ROSCA EM ROLOS DE 18 MM X 10 M (L X C)","Material",null,"UN",3.32E-2,3,0.09]
["Insumo"," 00044945 ","SINAPI","SIFAO / TUBO SINFONADO EXTENSIVEL/SANFONADO, UNIVERSAL/ SIMPLES, ENTRE *50 A 70* CM, DE PLASTICO BRANCO","Material",null,"UN",1,8,8]
[]
[]
[]
[" 3.7.4 ","Código","Banco","Descrição","Tipo",null,"Und","Quant.","Valor Unit","Total"]
["Composição"," 95546 ","SINAPI","KIT DE ACESSORIOS PARA BANHEIRO EM METAL CROMADO, 5 PECAS, INCLUSO FIXAÇÃO. AF_01/2020","INHI - INSTALAÇÕES HIDROS SANITÁRIAS",null,"UN",1,136.68,136.68]
["Composição Auxiliar"," 88267 ","SINAPI","ENCANADOR OU BOMBEIRO HIDRÁULICO COM ENCARGOS COMPLEMENTARES","SEDI - SERVIÇOS DIVERSOS",null,"H",1.897,25.39,48.16]
["Composição Auxiliar"," 88316 ","SINAPI","SERVENTE COM ENCARGOS COMPLEMENTARES","SEDI - SERVIÇOS DIVERSOS",null,"H",0.59770000000000001,20.420000000000002,12.2]
["Insumo"," 00039398 ","SINAPI","KIT DE ACESSORIOS PARA BANHEIRO EM METAL CROMADO, 5 PECAS","Material",null,"UN",1,76.319999999999993,76.319999999999993]
[]
[]
[]
[" 3.7.5 ","Código","Banco","Descrição","Tipo",null,"Und","Quant.","Valor Unit","Total"]
["Composição"," 89984 ","SINAPI","REGISTRO DE PRESSÃO BRUTO, LATÃO, ROSCÁVEL, 1/2\", COM ACABAMENTO E CANOPLA CROMADOS - FORNECIMENTO E INSTALAÇÃO. AF_08/2021","INHI - INSTALAÇÕES HIDROS SANITÁRIAS",null,"UN",1,82.76,82.76]
["Composição Auxiliar"," 88248 ","SINAPI","AUXILIAR DE ENCANADOR OU BOMBEIRO HIDRÁULICO COM ENCARGOS COMPLEMENTARES","SEDI - SERVIÇOS DIVERSOS",null,"H",0.18290000000000001,20.100000000000001,3.67]
["Composição Auxiliar"," 88267 ","SINAPI","ENCANADOR OU BOMBEIRO HIDRÁULICO COM ENCARGOS COMPLEMENTARES","SEDI - SERVIÇOS DIVERSOS",null,"H",0.18290000000000001,25.39,4.6399999999999997]
["Insumo"," 00003148 ","SINAPI","FITA VEDA ROSCA EM ROLOS DE 18 MM X 50 M (L X C)","Material",null,"UN",8.3999999999999995E-3,11.06,0.09]
["Insumo"," 00006021 ","SINAPI","REGISTRO PRESSAO COM ACABAMENTO E CANOPLA CROMADA, SIMPLES, BITOLA 1/2 \" (REF 1416)","Material",null,"UN",1,74.36,74.36]
[]
[]
[]
[" 3.7.6 ","Código","Banco","Descrição","Tipo",null,"Und","Quant.","Valor Unit","Total"]
["Composição"," 88504 ","SINAPI","CAIXA D´AGUA EM POLIETILENO, 500 LITROS, COM ACESSÓRIOS","INHI - INSTALAÇÕES HIDROS SANITÁRIAS",null,"UN",1,788.64,788.64]
["Composição Auxiliar"," 88248 ","SINAPI","AUXILIAR DE ENCANADOR OU BOMBEIRO HIDRÁULICO COM ENCARGOS COMPLEMENTARES","SEDI - SERVIÇOS DIVERSOS",null,"H",7.7,20.100000000000001,154.77000000000001]
["Composição Auxiliar"," 88267 ","SINAPI","ENCANADOR OU BOMBEIRO HIDRÁULICO COM ENCARGOS COMPLEMENTARES","SEDI - SERVIÇOS DIVERSOS",null,"H",7.7,25.39,195.5]
["Insumo"," 00000068 ","SINAPI","ADAPTADOR PVC SOLDAVEL, COM FLANGES LIVRES, 32 MM X 1\", PARA CAIXA D' AGUA","Material",null,"UN",2,22.92,45.84]
["Insumo"," 00000067 ","SINAPI","ADAPTADOR PVC ROSCAVEL, COM FLANGES E ANEL DE VEDACAO, 1/2\", PARA CAIXA D' AGUA","Material",null,"UN",1,13.35,13.35]
["Insumo"," 00000087 ","SINAPI","ADAPTADOR PVC SOLDAVEL, LONGO, COM FLANGE LIVRE,  25 MM X 3/4\", PARA CAIXA D' AGUA","Material",null,"UN",1,21.05,21.05]
["Insumo"," 00000119 ","SINAPI","ADESIVO PLASTICO PARA PVC, BISNAGA COM 75 GR","Material",null,"UN",0.4,7.9,3.16]
["Insumo"," 00034637 ","SINAPI","CAIXA D'AGUA EM POLIETILENO 500 LITROS, COM TAMPA","Material",null,"UN",1,257.01,257.01]
["Insumo"," 00003146 ","SINAPI","FITA VEDA ROSCA EM ROLOS DE 18 MM X 10 M (L X C)","Material",null,"UN",0.3,3,0.9]
["Insumo"," 00003536 ","SINAPI","JOELHO PVC, SOLDAVEL, 90 GRAUS, 32 MM, PARA AGUA FRIA PREDIAL","Material",null,"UN",1,1.99,1.99]
["Insumo"," 00011675 ","SINAPI","REGISTRO DE ESFERA, PVC, COM VOLANTE, VS, SOLDAVEL, DN 32 MM, COM CORPO DIVIDIDO","Material",null,"UN",1,45.17,45.17]
["Insumo"," 00007140 ","SINAPI","TE SOLDAVEL, PVC, 90 GRAUS, 32 MM, PARA AGUA FRIA PREDIAL (NBR 5648)","Material",null,"UN",1,3.1,3.1]
["Insumo"," 00011829 ","SINAPI","TORNEIRA DE BOIA CONVENCIONAL PARA CAIXA D'AGUA, AGUA FRIA, 1/2\", COM HASTE E TORNEIRA METALICOS E BALAO PLASTICO","Material",null,"UN",1,26.97,26.97]
["Insumo"," 00009868 ","SINAPI","TUBO PVC, SOLDAVEL, DN 25 MM, AGUA FRIA (NBR-5648)","Material",null,"M",1.5,3.41,5.1100000000000003]
["Insumo"," 00009869 ","SINAPI","TUBO PVC, SOLDAVEL, DN 32 MM, AGUA FRIA (NBR-5648)","Material",null,"M",2,7.36,14.72]
[]
[]
[]
[" 3.7.7 ","Código","Banco","Descrição","Tipo",null,"Und","Quant.","Valor Unit","Total"]
["Composição"," 86915 ","SINAPI","TORNEIRA CROMADA DE MESA, 1/2\" OU 3/4\", PARA LAVATÓRIO, PADRÃO MÉDIO - FORNECIMENTO E INSTALAÇÃO. AF_01/2020","INHI - INSTALAÇÕES HIDROS SANITÁRIAS",null,"UN",1,132.11000000000001,132.11000000000001]
["Composição Auxiliar"," 88267 ","SINAPI","ENCANADOR OU BOMBEIRO HIDRÁULICO COM ENCARGOS COMPLEMENTARES","SEDI - SERVIÇOS DIVERSOS",null,"H",9.6000000000000002E-2,25.39,2.4300000000000002]
["Composição Auxiliar"," 88316 ","SINAPI","SERVENTE COM ENCARGOS COMPLEMENTARES","SEDI - SERVIÇOS DIVERSOS",null,"H",3.0300000000000001E-2,20.420000000000002,0.61]
["Insumo"," 00003146 ","SINAPI","FITA VEDA ROSCA EM ROLOS DE 18 MM X 10 M (L X C)","Material",null,"UN",2.1000000000000001E-2,3,0.06]
["Insumo"," 00036791 ","SINAPI","TORNEIRA METALICA CROMADA DE MESA PARA LAVATORIO, BICA ALTA, COM AREJADOR (REF 1195)","Material",null,"UN",1,129.01,129.01]
[]
[]
[]
[" 3.7.8 ","Código","Banco","Descrição","Tipo",null,"Und","Quant.","Valor Unit","Total"]
["Composição"," 100858 ","SINAPI","MICTÓRIO SIFONADO LOUÇA BRANCA - PADRÃO MÉDIO - FORNECIMENTO E INSTALAÇÃO. AF_01/2020","INHI - INSTALAÇÕES HIDROS SANITÁRIAS",null,"UN",1,669.54,669.54]
["Composição Auxiliar"," 88267 ","SINAPI","ENCANADOR OU BOMBEIRO HIDRÁULICO COM ENCARGOS COMPLEMENTARES","SEDI - SERVIÇOS DIVERSOS",null,"H",1.0089999999999999,25.39,25.61]
["Composição Auxiliar"," 88316 ","SINAPI","SERVENTE COM ENCARGOS COMPLEMENTARES","SEDI - SERVIÇOS DIVERSOS",null,"H",0.31790000000000002,20.420000000000002,6.49]
["Insumo"," 00003146 ","SINAPI","FITA VEDA ROSCA EM ROLOS DE 18 MM X 10 M (L X C)","Material",null,"UN",3.6499999999999998E-2,3,0.1]
["Insumo"," 00004351 ","SINAPI","PARAFUSO NIQUELADO 3 1/2\" COM ACABAMENTO CROMADO PARA FIXAR PECA SANITARIA, INCLUI PORCA CEGA, ARRUELA E BUCHA DE NYLON TAMANHO S-8","Material",null,"UN",2,17.64,35.28]
["Insumo"," 00006142 ","SINAPI","CONJUNTO DE LIGACAO PARA BACIA SANITARIA AJUSTAVEL, EM PLASTICO BRANCO, COM TUBO, CANOPLA E ESPUDE","Material",null,"UN",1,8.51,8.51]
["Insumo"," 00010432 ","SINAPI","MICTORIO INDIVIDUAL, SIFONADO, DE LOUCA BRANCA, SEM COMPLEMENTOS","Material",null,"UN",1,355.18,355.18]
["Insumo"," 00021112 ","SINAPI","VALVULA DE DESCARGA EM METAL CROMADO PARA MICTORIO COM ACIONAMENTO POR PRESSAO E FECHAMENTO AUTOMATICO","Material",null,"UN",1,238.37,238.37]
[]
[]
[]
[" 3.7.9 ","Código","Banco","Descrição","Tipo",null,"Und","Quant.","Valor Unit","Total"]
["Composição"," 94649 ","SINAPI","TUBO, PVC, SOLDÁVEL, DE 32MM, INSTALADO EM RESERVAÇÃO PREDIAL DE ÁGUA - FORNECIMENTO E INSTALAÇÃO. AF_04/2024","INHI - INSTALAÇÕES HIDROS SANITÁRIAS",null,"M",1,10.47,10.47]
["Composição Auxiliar"," 88248 ","SINAPI","AUXILIAR DE ENCANADOR OU BOMBEIRO HIDRÁULICO COM ENCARGOS COMPLEMENTARES","SEDI - SERVIÇOS DIVERSOS",null,"H",6.0499999999999998E-2,20.100000000000001,1.21]
["Composição Auxiliar"," 88267 ","SINAPI","ENCANADOR OU BOMBEIRO HIDRÁULICO COM ENCARGOS COMPLEMENTARES","SEDI - SERVIÇOS DIVERSOS",null,"H",6.0499999999999998E-2,25.39,1.53]
["Insumo"," 00009869 ","SINAPI","TUBO PVC, SOLDAVEL, DN 32 MM, AGUA FRIA (NBR-5648)","Material",null,"M",1.0492999999999999,7.36,7.72]
["Insumo"," 00038383 ","SINAPI","LIXA D'AGUA EM FOLHA, GRAO 100","Material",null,"UN",6.7000000000000002E-3,2.52,0.01]
[]
[]
[]
[" 3.7.10 ","Código","Banco","Descrição","Tipo",null,"Und","Quant.","Valor Unit","Total"]
["Composição"," 86887 ","SINAPI","ENGATE FLEXÍVEL EM INOX, 1/2  X 40CM - FORNECIMENTO E INSTALAÇÃO. AF_01/2020","INHI - INSTALAÇÕES HIDROS SANITÁRIAS",null,"UN",1,52.29,52.29]
["Composição Auxiliar"," 88267 ","SINAPI","ENCANADOR OU BOMBEIRO HIDRÁULICO COM ENCARGOS COMPLEMENTARES","SEDI - SERVIÇOS DIVERSOS",null,"H",0.1525,25.39,3.87]
["Composição Auxiliar"," 88316 ","SINAPI","SERVENTE COM ENCARGOS COMPLEMENTARES","SEDI - SERVIÇOS DIVERSOS",null,"H",4.8099999999999997E-2,20.420000000000002,0.98]
["Insumo"," 00003146 ","SINAPI","FITA VEDA ROSCA EM ROLOS DE 18 MM X 10 M (L X C)","Material",null,"UN",2.1000000000000001E-2,3,0.06]
["Insumo"," 00011684 ","SINAPI","ENGATE / RABICHO FLEXIVEL INOX 1/2\" X 40 CM","Material",null,"UN",1,47.38,47.38]
[]
[]
[]
[" 3.8.1 ","Código","Banco","Descrição","Tipo",null,"Und","Quant.","Valor Unit","Total"]
["Composição"," 1679 ","ORSE","Ponto de esgoto com tubo de pvc rígido soldável de  Ø 40 mm (lavatórios, mictórios, ralos sifonados, etc...)","Tubos e Conexões de PVC Rígido Soldável para Esgoto",null,"un",1,68.459999999999994,68.459999999999994]
["Composição Auxiliar"," 10549 ","ORSE","Encargos Complementares - Servente","Provisórios",null,"h",0.65,3.79,2.46]
["Composição Auxiliar"," 10554 ","ORSE","Encargos Complementares - Encanador","Provisórios",null,"h",0.65,3.72,2.41]
["Insumo"," 138 ","ORSE","Adesivo pvc em frasco de 850 gramas","Material",null,"kg",3.9E-2,64.72,2.52]
["Insumo"," 1703 ","ORSE","Pasta lubrificante p/  pvc je","Material",null,"kg",0.09,56.75,5.0999999999999996]
["Insumo"," 2036 ","ORSE","Solucao limpadora pvc","Material",null,"l",0.06,62.33,3.73]
["Insumo"," 00002696/SINAPI ","ORSE","Encanador ou bombeiro hidraulico (horista)","Mão de Obra",null,"h",0.65,19.11,12.42]
["Insumo"," 00003516/SINAPI ","ORSE","Joelho pvc, soldavel, bb, 45 graus, dn 40 mm, para esgoto predial","Material",null,"un",3,1.83,5.49]
["Insumo"," 00003517/SINAPI ","ORSE","Joelho pvc, soldavel, bb, 90 graus, sem anel, dn 40 mm, para esgoto predial secundario","Material",null,"un",3,1.65,4.95]
["Insumo"," 00003767/SINAPI ","ORSE","Lixa em folha para parede ou madeira, numero 120, cor vermelha","Material",null,"un",0.2,0.95,0.19]
["Insumo"," 00006111/SINAPI ","ORSE","Servente de obras (horista)","Mão de Obra",null,"h",0.65,13.65,8.8699999999999992]
["Insumo"," 00009835/SINAPI ","ORSE","Tubo pvc  serie normal, dn 40 mm, para esgoto  predial (nbr5688)","Material",null,"m",4,5.08,20.32]
[]
[]
[]
[" 3.8.2 ","Código","Banco","Descrição","Tipo",null,"Und","Quant.","Valor Unit","Total"]
["Composição"," 1683 ","ORSE","Ponto de esgoto com tubo de pvc rígido soldável de Ø 100 mm (vaso sanitário)","Tubos e Conexões de PVC Rígido Soldável para Esgoto",null,"pt",1,92.26,92.26]
["Composição Auxiliar"," 10549 ","ORSE","Encargos Complementares - Servente","Provisórios",null,"h",0.4,3.79,1.51]
["Composição Auxiliar"," 10554 ","ORSE","Encargos Complementares - Encanador","Provisórios",null,"h",0.4,3.72,1.48]
["Insumo"," 138 ","ORSE","Adesivo pvc em frasco de 850 gramas","Material",null,"kg",1.4999999999999999E-2,64.72,0.97]
["Insumo"," 00000013/SINAPI ","ORSE","Estopa","Material",null,"kg",0.05,15.39,0.76]
["Insumo"," 00002696/SINAPI ","ORSE","Encanador ou bombeiro hidraulico (horista)","Mão de Obra",null,"h",0.4,19.11,7.64]
["Insumo"," 00003520/SINAPI ","ORSE","Joelho pvc, soldavel, pb, 90 graus, dn 100 mm, para esgoto predial","Material",null,"un",2,6.49,12.98]
["Insumo"," 00006111/SINAPI ","ORSE","Servente de obras (horista)","Mão de Obra",null,"h",0.4,13.65,5.46]
["Insumo"," 00009836/SINAPI ","ORSE","Tubo pvc  serie normal, dn 100 mm, para esgoto  predial (nbr 5688)","Material",null,"m",4,11.64,46.56]
["Insumo"," 00010908/SINAPI ","ORSE","Juncao de reducao invertida, pvc soldavel, 100 x 50 mm, serie normal para esgoto predial","Material",null,"un",1,14.9,14.9]
[]
[]
[]
[" 3.8.3 ","Código","Banco","Descrição","Tipo",null,"Und","Quant.","Valor Unit","Total"]
["Composição"," 86931 ","SINAPI","VASO SANITÁRIO SIFONADO COM CAIXA ACOPLADA LOUÇA BRANCA, INCLUSO ENGATE FLEXÍVEL EM PLÁSTICO BRANCO, 1/2  X 40CM - FORNECIMENTO E INSTALAÇÃO. AF_01/2020","INHI - INSTALAÇÕES HIDROS SANITÁRIAS",null,"UN",1,486.9,486.9]
["Composição Auxiliar"," 86885 ","SINAPI","ENGATE FLEXÍVEL EM PLÁSTICO BRANCO, 1/2\u0094 X 40CM - FORNECIMENTO E INSTALAÇÃO. AF_01/2020","INHI - INSTALAÇÕES HIDROS SANITÁRIAS",null,"UN",1,11.01,11.01]
["Composição Auxiliar"," 86888 ","SINAPI","VASO SANITÁRIO SIFONADO COM CAIXA ACOPLADA LOUÇA BRANCA - FORNECIMENTO E INSTALAÇÃO. AF_01/2020","INHI - INSTALAÇÕES HIDROS SANITÁRIAS",null,"UN",1,475.89,475.89]
[]
[]
[]
[" 3.8.4 ","Código","Banco","Descrição","Tipo",null,"Und","Quant.","Valor Unit","Total"]
["Composição"," 95472 ","SINAPI","VASO SANITARIO SIFONADO CONVENCIONAL PARA PCD SEM FURO FRONTAL COM LOUÇA BRANCA SEM ASSENTO, INCLUSO CONJUNTO DE LIGAÇÃO PARA BACIA SANITÁRIA AJUSTÁVEL - FORNECIMENTO E INSTALAÇÃO. AF_01/2020","INHI - INSTALAÇÕES HIDROS SANITÁRIAS",null,"UN",1,756.8,756.8]
["Composição Auxiliar"," 95471 ","SINAPI","VASO SANITARIO SIFONADO CONVENCIONAL PARA PCD SEM FURO FRONTAL COM  LOUÇA BRANCA SEM ASSENTO -  FORNECIMENTO E INSTALAÇÃO. AF_01/2020","INHI - INSTALAÇÕES HIDROS SANITÁRIAS",null,"UN",1,748.29,748.29]
["Insumo"," 00006142 ","SINAPI","CONJUNTO DE LIGACAO PARA BACIA SANITARIA AJUSTAVEL, EM PLASTICO BRANCO, COM TUBO, CANOPLA E ESPUDE","Material",null,"UN",1,8.51,8.51]
[]
[]
[]
[" 3.8.5 ","Código","Banco","Descrição","Tipo",null,"Und","Quant.","Valor Unit","Total"]
["Composição"," 89707 ","SINAPI","CAIXA SIFONADA, PVC, DN 100 X 100 X 50 MM, JUNTA ELÁSTICA, FORNECIDA E INSTALADA EM RAMAL DE DESCARGA OU EM RAMAL DE ESGOTO SANITÁRIO. AF_08/2022","INHI - INSTALAÇÕES HIDROS SANITÁRIAS",null,"UN",1,40.53,40.53]
["Composição Auxiliar"," 88248 ","SINAPI","AUXILIAR DE ENCANADOR OU BOMBEIRO HIDRÁULICO COM ENCARGOS COMPLEMENTARES","SEDI - SERVIÇOS DIVERSOS",null,"H",0.3987,20.100000000000001,8.01]
["Composição Auxiliar"," 88267 ","SINAPI","ENCANADOR OU BOMBEIRO HIDRÁULICO COM ENCARGOS COMPLEMENTARES","SEDI - SERVIÇOS DIVERSOS",null,"H",0.3987,25.39,10.119999999999999]
["Insumo"," 00000122 ","SINAPI","ADESIVO PLASTICO PARA PVC, FRASCO COM *850* GR","Material",null,"UN",2.92E-2,60.78,1.77]
["Insumo"," 00005103 ","SINAPI","CAIXA SIFONADA PVC, 100 X 100 X 50 MM, COM GRELHA REDONDA, BRANCA","Material",null,"UN",1,17.579999999999998,17.579999999999998]
["Insumo"," 00020083 ","SINAPI","SOLUCAO PREPARADORA / LIMPADORA PARA PVC, FRASCO COM 1000 CM3","Material",null,"UN",4.3999999999999997E-2,68.86,3.02]
["Insumo"," 00038383 ","SINAPI","LIXA D'AGUA EM FOLHA, GRAO 100","Material",null,"UN",1.54E-2,2.52,0.03]
[]
[]
[]
[" 3.8.6 ","Código","Banco","Descrição","Tipo",null,"Und","Quant.","Valor Unit","Total"]
["Composição"," 98052 ","SINAPI","TANQUE SÉPTICO CIRCULAR, EM CONCRETO PRÉ-MOLDADO, DIÂMETRO INTERNO = 1,10 M, ALTURA INTERNA = 2,50 M, VOLUME ÚTIL: 2138,2 L (PARA 5 CONTRIBUINTES). AF_12/2020_PA","INHI - INSTALAÇÕES HIDROS SANITÁRIAS",null,"UN",1,1973.58,1973.58]
["Composição Auxiliar"," 101623 ","SINAPI","PREPARO DE FUNDO DE VALA COM LARGURA MENOR QUE 1,5 M, COM CAMADA DE BRITA, LANÇAMENTO MECANIZADO. AF_08/2020","MOVT - MOVIMENTO DE TERRA",null,"m³",0.15390000000000001,265.83999999999997,40.909999999999997]
["Composição Auxiliar"," 5678 ","SINAPI","RETROESCAVADEIRA SOBRE RODAS COM CARREGADEIRA, TRAÇÃO 4X4, POTÊNCIA LÍQ. 88 HP, CAÇAMBA CARREG. CAP. MÍN. 1 M3, CAÇAMBA RETRO CAP. 0,26 M3, PESO OPERACIONAL MÍN. 6.674 KG, PROFUNDIDADE ESCAVAÇÃO MÁX. 4,37 M - CHP DIURNO. AF_06/2014","CHOR - CUSTOS HORÁRIOS DE MÁQUINAS E EQUIPAMENTOS",null,"CHP",0.35449999999999998,139.99,49.62]
["Composição Auxiliar"," 5679 ","SINAPI","RETROESCAVADEIRA SOBRE RODAS COM CARREGADEIRA, TRAÇÃO 4X4, POTÊNCIA LÍQ. 88 HP, CAÇAMBA CARREG. CAP. MÍN. 1 M3, CAÇAMBA RETRO CAP. 0,26 M3, PESO OPERACIONAL MÍN. 6.674 KG, PROFUNDIDADE ESCAVAÇÃO MÁX. 4,37 M - CHI DIURNO. AF_06/2014","CHOR - CUSTOS HORÁRIOS DE MÁQUINAS E EQUIPAMENTOS",null,"CHI",0.72240000000000004,60.83,43.94]
["Composição Auxiliar"," 88309 ","SINAPI","PEDREIRO COM ENCARGOS COMPLEMENTARES","SEDI - SERVIÇOS DIVERSOS",null,"H",1.5562,26.15,40.69]
["Composição Auxiliar"," 88316 ","SINAPI","SERVENTE COM ENCARGOS COMPLEMENTARES","SEDI - SERVIÇOS DIVERSOS",null,"H",1.2228000000000001,20.420000000000002,24.96]
["Composição Auxiliar"," 88628 ","SINAPI","ARGAMASSA TRAÇO 1:3 (EM VOLUME DE CIMENTO E AREIA MÉDIA ÚMIDA), PREPARO MECÂNICO COM BETONEIRA 400 L. AF_08/2019","SEDI - SERVIÇOS DIVERSOS",null,"m³",4.7800000000000002E-2,569.46,27.22]
["Composição Auxiliar"," 97738 ","SINAPI","PEÇA CIRCULAR PRÉ-MOLDADA, VOLUME DE CONCRETO DE 10 A 30 LITROS, TAXA DE FIBRA DE POLIPROPILENO APROXIMADA DE 6 KG/M³. AF_01/2018_P","FUES - FUNDAÇÕES E ESTRUTURAS",null,"m³",1.54E-2,3680,56.67]
["Composição Auxiliar"," 97739 ","SINAPI","PEÇA CIRCULAR PRÉ-MOLDADA, VOLUME DE CONCRETO DE 30 A 100 LITROS, TAXA DE AÇO APROXIMADA DE 30KG/M³. AF_01/2018","FUES - FUNDAÇÕES E ESTRUTURAS",null,"m³",7.9200000000000007E-2,2762.94,218.82]
["Insumo"," 00012551 ","SINAPI","ANEL EM CONCRETO ARMADO, LISO, PARA POCOS DE VISITA, POCOS DE INSPECAO, FOSSAS SEPTICAS E SUMIDOUROS, SEM FUNDO, DIAMETRO INTERNO DE 1,20 M E ALTURA DE 0,50 M","Material",null,"UN",5,294.14999999999998,1470.75]
[]
[]
[]
[" 3.8.7 ","Código","Banco","Descrição","Tipo",null,"Und","Quant.","Valor Unit","Total"]
["Composição"," 98078 ","SINAPI","SUMIDOURO RETANGULAR, EM ALVENARIA COM TIJOLOS CERÂMICOS MACIÇOS, DIMENSÕES INTERNAS: 0,8 X 1,4 X H=3,0 M, ÁREA DE INFILTRAÇÃO: 13,2 M² (PARA 5 CONTRIBUINTES). AF_12/2020","INHI - INSTALAÇÕES HIDROS SANITÁRIAS",null,"UN",1,3701.85,3701.85]
["Composição Auxiliar"," 100475 ","SINAPI","ARGAMASSA TRAÇO 1:3 (EM VOLUME DE CIMENTO E AREIA MÉDIA ÚMIDA) COM ADIÇÃO DE IMPERMEABILIZANTE, PREPARO MECÂNICO COM BETONEIRA 400 L. AF_08/2019","SEDI - SERVIÇOS DIVERSOS",null,"m³",1.0201,748.57,763.61]
["Composição Auxiliar"," 101625 ","SINAPI","PREPARO DE FUNDO DE VALA COM LARGURA MAIOR OU IGUAL A 1,5 M E MENOR QUE 2,5 M, COM CAMADA DE AREIA, LANÇAMENTO MECANIZADO. AF_08/2020","MOVT - MOVIMENTO DE TERRA",null,"m³",0.187,175.69,32.85]
["Composição Auxiliar"," 5678 ","SINAPI","RETROESCAVADEIRA SOBRE RODAS COM CARREGADEIRA, TRAÇÃO 4X4, POTÊNCIA LÍQ. 88 HP, CAÇAMBA CARREG. CAP. MÍN. 1 M3, CAÇAMBA RETRO CAP. 0,26 M3, PESO OPERACIONAL MÍN. 6.674 KG, PROFUNDIDADE ESCAVAÇÃO MÁX. 4,37 M - CHP DIURNO. AF_06/2014","CHOR - CUSTOS HORÁRIOS DE MÁQUINAS E EQUIPAMENTOS",null,"CHP",0.11940000000000001,139.99,16.71]
["Composição Auxiliar"," 5679 ","SINAPI","RETROESCAVADEIRA SOBRE RODAS COM CARREGADEIRA, TRAÇÃO 4X4, POTÊNCIA LÍQ. 88 HP, CAÇAMBA CARREG. CAP. MÍN. 1 M3, CAÇAMBA RETRO CAP. 0,26 M3, PESO OPERACIONAL MÍN. 6.674 KG, PROFUNDIDADE ESCAVAÇÃO MÁX. 4,37 M - CHI DIURNO. AF_06/2014","CHOR - CUSTOS HORÁRIOS DE MÁQUINAS E EQUIPAMENTOS",null,"CHI",0.2432,60.83,14.79]
["Composição Auxiliar"," 88309 ","SINAPI","PEDREIRO COM ENCARGOS COMPLEMENTARES","SEDI - SERVIÇOS DIVERSOS",null,"H",31.145600000000002,26.15,814.45]
["Composição Auxiliar"," 88316 ","SINAPI","SERVENTE COM ENCARGOS COMPLEMENTARES","SEDI - SERVIÇOS DIVERSOS",null,"H",24.471599999999999,20.420000000000002,499.71]
["Composição Auxiliar"," 89995 ","SINAPI","GRAUTEAMENTO DE CINTA SUPERIOR OU DE VERGA EM ALVENARIA ESTRUTURAL. AF_01/2015","FUES - FUNDAÇÕES E ESTRUTURAS",null,"m³",0.104,995.07,103.48]
["Composição Auxiliar"," 89998 ","SINAPI","ARMAÇÃO DE CINTA DE ALVENARIA ESTRUTURAL; DIÂMETRO DE 10,0 MM. AF_01/2015","FUES - FUNDAÇÕES E ESTRUTURAS",null,"KG",3.2084000000000001,11.41,36.6]
["Composição Auxiliar"," 96536 ","SINAPI","FABRICAÇÃO, MONTAGEM E DESMONTAGEM DE FÔRMA PARA VIGA BALDRAME, EM MADEIRA SERRADA, E=25 MM, 4 UTILIZAÇÕES. AF_06/2017","FUES - FUNDAÇÕES E ESTRUTURAS",null,"m²",1.04,70.930000000000007,73.760000000000005]
["Composição Auxiliar"," 97734 ","SINAPI","PEÇA RETANGULAR PRÉ-MOLDADA, VOLUME DE CONCRETO DE 10 A 30 LITROS, TAXA DE AÇO APROXIMADA DE 30KG/M³. AF_01/2018","FUES - FUNDAÇÕES E ESTRUTURAS",null,"m³",2.52E-2,2870.85,72.34]
["Composição Auxiliar"," 97735 ","SINAPI","PEÇA RETANGULAR PRÉ-MOLDADA, VOLUME DE CONCRETO DE 30 A 100 LITROS, TAXA DE AÇO APROXIMADA DE 30KG/M³. AF_01/2018","FUES - FUNDAÇÕES E ESTRUTURAS",null,"m³",0.126,2375.5500000000002,299.31]
["Insumo"," 00004720 ","SINAPI","PEDRA BRITADA N. 0, OU PEDRISCO (4,8 A 9,5 MM) POSTO PEDREIRA/FORNECEDOR, SEM FRETE","Material",null,"m³",0.36959999999999998,138.22,51.08]
["Insumo"," 00007258 ","SINAPI","TIJOLO CERAMICO MACICO COMUM *5 X 10 X 20* CM (L X A X C)","Material",null,"UN",2198.0212999999999,0.42,923.16]
[]
[]
[]
[" 3.8.8 ","Código","Banco","Descrição","Tipo",null,"Und","Quant.","Valor Unit","Total"]
["Composição"," 89512 ","SINAPI","TUBO PVC, SÉRIE R, ÁGUA PLUVIAL, DN 100 MM, FORNECIDO E INSTALADO EM RAMAL DE ENCAMINHAMENTO. AF_06/2022","INHI - INSTALAÇÕES HIDROS SANITÁRIAS",null,"M",1,41.12,41.12]
["Composição Auxiliar"," 88248 ","SINAPI","AUXILIAR DE ENCANADOR OU BOMBEIRO HIDRÁULICO COM ENCARGOS COMPLEMENTARES","SEDI - SERVIÇOS DIVERSOS",null,"H",0.40239999999999998,20.100000000000001,8.08]
["Composição Auxiliar"," 88267 ","SINAPI","ENCANADOR OU BOMBEIRO HIDRÁULICO COM ENCARGOS COMPLEMENTARES","SEDI - SERVIÇOS DIVERSOS",null,"H",0.40239999999999998,25.39,10.210000000000001]
["Insumo"," 00009841 ","SINAPI","TUBO PVC, SERIE R, DN 100 MM, PARA ESGOTO OU AGUAS PLUVIAIS PREDIAL (NBR 5688)","Material",null,"M",1.0353000000000001,22.01,22.78]
["Insumo"," 00038383 ","SINAPI","LIXA D'AGUA EM FOLHA, GRAO 100","Material",null,"UN",2.24E-2,2.52,0.05]
[]
[]
[]
[" 3.8.9 ","Código","Banco","Descrição","Tipo",null,"Und","Quant.","Valor Unit","Total"]
["Composição"," 89798 ","SINAPI","TUBO PVC, SERIE NORMAL, ESGOTO PREDIAL, DN 50 MM, FORNECIDO E INSTALADO EM PRUMADA DE ESGOTO SANITÁRIO OU VENTILAÇÃO. AF_08/2022","INHI - INSTALAÇÕES HIDROS SANITÁRIAS",null,"M",1,10.82,10.82]
["Composição Auxiliar"," 88248 ","SINAPI","AUXILIAR DE ENCANADOR OU BOMBEIRO HIDRÁULICO COM ENCARGOS COMPLEMENTARES","SEDI - SERVIÇOS DIVERSOS",null,"H",4.1500000000000002E-2,20.100000000000001,0.83]
["Composição Auxiliar"," 88267 ","SINAPI","ENCANADOR OU BOMBEIRO HIDRÁULICO COM ENCARGOS COMPLEMENTARES","SEDI - SERVIÇOS DIVERSOS",null,"H",4.1500000000000002E-2,25.39,1.05]
["Insumo"," 00009838 ","SINAPI","TUBO PVC SERIE NORMAL, DN 50 MM, PARA ESGOTO PREDIAL (NBR 5688)","Material",null,"M",1.0548999999999999,8.43,8.89]
["Insumo"," 00038383 ","SINAPI","LIXA D'AGUA EM FOLHA, GRAO 100","Material",null,"UN",2.3E-2,2.52,0.05]
[]
[]
[]
[" 3.9.1 ","Código","Banco","Descrição","Tipo",null,"Und","Quant.","Valor Unit","Total"]
["Composição"," 97591 ","SINAPI","LUMINÁRIA TIPO PLAFON REDONDO COM VIDRO FOSCO, DE SOBREPOR, COM 2 LÂMPADAS FLUORESCENTES DE 15 W, SEM REATOR - FORNECIMENTO E INSTALAÇÃO. AF_02/2020","INEL - INSTALAÇÃO ELÉTRICA/ELETRIFICAÇÃO E ILUMINAÇÃO EXTERNA",null,"UN",1,131.29,131.29]
["Composição Auxiliar"," 88247 ","SINAPI","AUXILIAR DE ELETRICISTA COM ENCARGOS COMPLEMENTARES","SEDI - SERVIÇOS DIVERSOS",null,"H",0.2883,21.09,6.08]
["Composição Auxiliar"," 88264 ","SINAPI","ELETRICISTA COM ENCARGOS COMPLEMENTARES","SEDI - SERVIÇOS DIVERSOS",null,"H",0.69199999999999995,26.5,18.329999999999998]
["Insumo"," 00038191 ","SINAPI","LAMPADA FLUORESCENTE COMPACTA 2U BRANCA 15 W, BASE E27 (127/220 V)","Material",null,"UN",2,16.07,32.14]
["Insumo"," 00038770 ","SINAPI","LUMINARIA PLAFON REDONDO COM VIDRO FOSCO DIAMETRO *30* CM, PARA 2 LAMPADAS, BASE E27, POTENCIA MAXIMA 40/60 W (NAO INCLUI LAMPADAS)","Material",null,"UN",1,74.739999999999995,74.739999999999995]
[]
[]
[]
[" 3.9.2 ","Código","Banco","Descrição","Tipo",null,"Und","Quant.","Valor Unit","Total"]
["Composição"," 97590 ","SINAPI","LUMINÁRIA TIPO PLAFON REDONDO COM VIDRO FOSCO, DE SOBREPOR, COM 1 LÂMPADA FLUORESCENTE DE 15 W, SEM REATOR - FORNECIMENTO E INSTALAÇÃO. AF_02/2020","INEL - INSTALAÇÃO ELÉTRICA/ELETRIFICAÇÃO E ILUMINAÇÃO EXTERNA",null,"UN",1,99.5,99.5]
["Composição Auxiliar"," 88247 ","SINAPI","AUXILIAR DE ELETRICISTA COM ENCARGOS COMPLEMENTARES","SEDI - SERVIÇOS DIVERSOS",null,"H",0.22309999999999999,21.09,4.7]
["Composição Auxiliar"," 88264 ","SINAPI","ELETRICISTA COM ENCARGOS COMPLEMENTARES","SEDI - SERVIÇOS DIVERSOS",null,"H",0.53549999999999998,26.5,14.19]
["Insumo"," 00003803 ","SINAPI","LUMINARIA PLAFON REDONDO COM VIDRO FOSCO DIAMETRO *25* CM, PARA 1 LAMPADA, BASE E27, POTENCIA MAXIMA 40/60 W (NAO INCLUI LAMPADA)","Material",null,"UN",1,64.540000000000006,64.540000000000006]
["Insumo"," 00038191 ","SINAPI","LAMPADA FLUORESCENTE COMPACTA 2U BRANCA 15 W, BASE E27 (127/220 V)","Material",null,"UN",1,16.07,16.07]
[]
[]
[]
[" 3.9.3 ","Código","Banco","Descrição","Tipo",null,"Und","Quant.","Valor Unit","Total"]
["Composição"," 3278 ","ORSE","Ponto de interruptor 01 seção (1 s) embutido com eletroduto de pvc flexível sanfonado Ø 3/4\"","Conversão InfoWOrca",null,"pt",1,192.48,192.48]
["Composição Auxiliar"," 10549 ","ORSE","Encargos Complementares - Servente","Provisórios",null,"h",3,3.79,11.37]
["Composição Auxiliar"," 10552 ","ORSE","Encargos Complementares - Eletricista","Provisórios",null,"h",4,3.65,14.6]
["Insumo"," 00000939/SINAPI ","ORSE","Fio de cobre, solido, classe 1, isolacao em pvc/a, antichama bwf-b, 450/750v,secao nominal 2,5 mm2","Material",null,"m",12,2.46,29.52]
["Insumo"," 00001872/SINAPI ","ORSE","Caixa de passagem, em pvc, de 4\" x 2\", para eletroduto flexivel corrugado","Material",null,"un",1,1.57,1.57]
["Insumo"," 00002436/SINAPI ","ORSE","Eletricista (horista)","Mão de Obra",null,"h",4,19.13,76.52]
["Insumo"," 00002688/SINAPI ","ORSE","Eletroduto pvc flexivel corrugado, cor amarela, de 25 mm","Material",null,"m",6,2.16,12.96]
["Insumo"," 00006111/SINAPI ","ORSE","Servente de obras (horista)","Mão de Obra",null,"h",3,13.65,40.950000000000003]
["Insumo"," 00020111/SINAPI ","ORSE","Fita isolante adesiva antichama, uso ate 750 v, em rolo de 19 mm x 20 m","Material",null,"un",0.15,10.6,1.59]
["Insumo"," 1117 ","ORSE","Interruptor embutir 01 seção simples com placa","Material",null,"un",1,3.4,3.4]
[]
[]
[]
[" 3.10.1 ","Código","Banco","Descrição","Tipo",null,"Und","Quant.","Valor Unit","Total"]
["Composição"," 100701 ","SINAPI","PORTA DE FERRO, DE ABRIR, TIPO GRADE COM CHAPA, COM GUARNIÇÕES. AF_12/2019","ESQV - ESQUADRIAS/FERRAGENS/VIDROS",null,"m²",1,553.66999999999996,553.66999999999996]
["Composição Auxiliar"," 88309 ","SINAPI","PEDREIRO COM ENCARGOS COMPLEMENTARES","SEDI - SERVIÇOS DIVERSOS",null,"H",0.45700000000000002,26.15,11.95]
["Composição Auxiliar"," 88316 ","SINAPI","SERVENTE COM ENCARGOS COMPLEMENTARES","SEDI - SERVIÇOS DIVERSOS",null,"H",0.22900000000000001,20.420000000000002,4.67]
["Composição Auxiliar"," 88627 ","SINAPI","ARGAMASSA TRAÇO 1:0,5:4,5 (EM VOLUME DE CIMENTO, CAL E AREIA MÉDIA ÚMIDA) PARA ASSENTAMENTO DE ALVENARIA, PREPARO MANUAL. AF_08/2019","SEDI - SERVIÇOS DIVERSOS",null,"m³",1.2E-2,654.51,7.85]
["Insumo"," 00004930 ","SINAPI","PORTA DE ABRIR / GIRO, EM GRADIL FERRO, COM BARRA CHATA 3 CM X 1/4\", COM REQUADRO E GUARNICAO - COMPLETO - ACABAMENTO NATURAL","Material",null,"m²",1,529.20000000000005,529.20000000000005]
[]
[]
[]
[" 3.10.2 ","Código","Banco","Descrição","Tipo",null,"Und","Quant.","Valor Unit","Total"]
["Composição"," 101162 ","SINAPI","ALVENARIA DE VEDAÇÃO COM ELEMENTO VAZADO DE CERÂMICA (COBOGÓ) DE 7X20X20CM E ARGAMASSA DE ASSENTAMENTO COM PREPARO EM BETONEIRA. AF_05/2020","PARE - PAREDES/PAINEIS",null,"m²",1,129.57,129.57]
["Composição Auxiliar"," 100489 ","SINAPI","ARGAMASSA TRAÇO 1:3 (EM VOLUME DE CIMENTO E AREIA MÉDIA ÚMIDA), PREPARO MECÂNICO COM BETONEIRA 600 L. AF_08/2019","SEDI - SERVIÇOS DIVERSOS",null,"m³",2.3E-2,565.24,13]
["Composição Auxiliar"," 88309 ","SINAPI","PEDREIRO COM ENCARGOS COMPLEMENTARES","SEDI - SERVIÇOS DIVERSOS",null,"H",2.2200000000000002,26.15,58.05]
["Composição Auxiliar"," 88316 ","SINAPI","SERVENTE COM ENCARGOS COMPLEMENTARES","SEDI - SERVIÇOS DIVERSOS",null,"H",1.1100000000000001,20.420000000000002,22.66]
["Insumo"," 00007272 ","SINAPI","ELEMENTO VAZADO CERAMICO QUADRADO (TIPO RETO OU REDONDO) DE *7 A 9 X 20 X 20* CM (L X A X C)","Material",null,"UN",23.29,1.54,35.86]
[]
[]
[]
[" 3.11.1 ","Código","Banco","Descrição","Tipo",null,"Und","Quant.","Valor Unit","Total"]
["Composição"," 100872 ","SINAPI","BARRA DE APOIO RETA, EM ALUMINIO, COMPRIMENTO 80 CM,  FIXADA NA PAREDE - FORNECIMENTO E INSTALAÇÃO. AF_01/2020","INHI - INSTALAÇÕES HIDROS SANITÁRIAS",null,"UN",1,329.01,329.01]
["Composição Auxiliar"," 88267 ","SINAPI","ENCANADOR OU BOMBEIRO HIDRÁULICO COM ENCARGOS COMPLEMENTARES","SEDI - SERVIÇOS DIVERSOS",null,"H",0.94850000000000001,25.39,24.08]
["Composição Auxiliar"," 88316 ","SINAPI","SERVENTE COM ENCARGOS COMPLEMENTARES","SEDI - SERVIÇOS DIVERSOS",null,"H",0.29880000000000001,20.420000000000002,6.1]
["Insumo"," 00004351 ","SINAPI","PARAFUSO NIQUELADO 3 1/2\" COM ACABAMENTO CROMADO PARA FIXAR PECA SANITARIA, INCLUI PORCA CEGA, ARRUELA E BUCHA DE NYLON TAMANHO S-8","Material",null,"UN",6,17.64,105.84]
["Insumo"," 00036080 ","SINAPI","BARRA DE APOIO RETA, EM ALUMINIO, COMPRIMENTO 80 CM, DIAMETRO MINIMO 3 CM","Material",null,"UN",1,192.99,192.99]
[]
[]
[]
[" 4.1.1 ","Código","Banco","Descrição","Tipo",null,"Und","Quant.","Valor Unit","Total"]
["Composição"," 101496 ","SINAPI","ENTRADA DE ENERGIA ELÉTRICA, AÉREA, MONOFÁSICA, COM CAIXA DE EMBUTIR, CABO DE 35 MM2 E DISJUNTOR DIN 50A (NÃO INCLUSO O POSTE DE CONCRETO). AF_07/2020_PS","INEL - INSTALAÇÃO ELÉTRICA/ELETRIFICAÇÃO E ILUMINAÇÃO EXTERNA",null,"UN",1,1612.67,1612.67]
["Composição Auxiliar"," 100578 ","SINAPI","ASSENTAMENTO DE POSTE DE CONCRETO COM COMPRIMENTO NOMINAL DE 9 M, CARGA NOMINAL MENOR OU IGUAL A 1000 DAN, ENGASTAMENTO SIMPLES COM 1,5 M DE SOLO (NÃO INCLUI FORNECIMENTO). AF_11/2019","INEL - INSTALAÇÃO ELÉTRICA/ELETRIFICAÇÃO E ILUMINAÇÃO EXTERNA",null,"UN",1,487.47,487.47]
["Composição Auxiliar"," 104749 ","SINAPI","CONECTOR GRAMPO METÁLICO TIPO OLHAL, PARA SPDA, PARA HASTE DE ATERRAMENTO DE 3/4'' E CABOS DE 10 A 50 MM2 - FORNECIMENTO E INSTALAÇÃO. AF_08/2023","INEL - INSTALAÇÃO ELÉTRICA/ELETRIFICAÇÃO E ILUMINAÇÃO EXTERNA",null,"UN",1,20.65,20.65]
["Composição Auxiliar"," 87367 ","SINAPI","ARGAMASSA TRAÇO 1:1:6 (EM VOLUME DE CIMENTO, CAL E AREIA MÉDIA ÚMIDA) PARA EMBOÇO/MASSA ÚNICA/ASSENTAMENTO DE ALVENARIA DE VEDAÇÃO, PREPARO MANUAL. AF_08/2019","SEDI - SERVIÇOS DIVERSOS",null,"m³",8.0000000000000002E-3,699.11,5.59]
["Composição Auxiliar"," 88247 ","SINAPI","AUXILIAR DE ELETRICISTA COM ENCARGOS COMPLEMENTARES","SEDI - SERVIÇOS DIVERSOS",null,"H",0.31619999999999998,21.09,6.66]
["Composição Auxiliar"," 88264 ","SINAPI","ELETRICISTA COM ENCARGOS COMPLEMENTARES","SEDI - SERVIÇOS DIVERSOS",null,"H",2.8462999999999998,26.5,75.42]
["Composição Auxiliar"," 91873 ","SINAPI","ELETRODUTO RÍGIDO ROSCÁVEL, PVC, DN 40 MM (1 1/4\"), PARA CIRCUITOS TERMINAIS, INSTALADO EM PAREDE - FORNECIMENTO E INSTALAÇÃO. AF_12/2015","INEL - INSTALAÇÃO ELÉTRICA/ELETRIFICAÇÃO E ILUMINAÇÃO EXTERNA",null,"M",6.05,19.100000000000001,115.55]
["Composição Auxiliar"," 91886 ","SINAPI","LUVA PARA ELETRODUTO, PVC, ROSCÁVEL, DN 40 MM (1 1/4\"), PARA CIRCUITOS TERMINAIS, INSTALADA EM PAREDE - FORNECIMENTO E INSTALAÇÃO. AF_12/2015","INEL - INSTALAÇÃO ELÉTRICA/ELETRIFICAÇÃO E ILUMINAÇÃO EXTERNA",null,"UN",1,13.03,13.03]
["Composição Auxiliar"," 91920 ","SINAPI","CURVA 90 GRAUS PARA ELETRODUTO, PVC, ROSCÁVEL, DN 40 MM (1 1/4\"), PARA CIRCUITOS TERMINAIS, INSTALADA EM PAREDE - FORNECIMENTO E INSTALAÇÃO. AF_12/2015","INEL - INSTALAÇÃO ELÉTRICA/ELETRIFICAÇÃO E ILUMINAÇÃO EXTERNA",null,"UN",1,19.95,19.95]
["Composição Auxiliar"," 91922 ","SINAPI","CURVA 180 GRAUS PARA ELETRODUTO, PVC, ROSCÁVEL, DN 40 MM (1 1/4\"), PARA CIRCUITOS TERMINAIS, INSTALADA EM PAREDE - FORNECIMENTO E INSTALAÇÃO. AF_12/2015","INEL - INSTALAÇÃO ELÉTRICA/ELETRIFICAÇÃO E ILUMINAÇÃO EXTERNA",null,"UN",1,21.14,21.14]
["Composição Auxiliar"," 92986 ","SINAPI","CABO DE COBRE FLEXÍVEL ISOLADO, 35 MM², ANTI-CHAMA 0,6/1,0 KV, PARA DISTRIBUIÇÃO - FORNECIMENTO E INSTALAÇÃO. AF_12/2015","INEL - INSTALAÇÃO ELÉTRICA/ELETRIFICAÇÃO E ILUMINAÇÃO EXTERNA",null,"M",11,37.93,417.23]
["Composição Auxiliar"," 93659 ","SINAPI","DISJUNTOR MONOPOLAR TIPO DIN, CORRENTE NOMINAL DE 50A - FORNECIMENTO E INSTALAÇÃO. AF_10/2020","INEL - INSTALAÇÃO ELÉTRICA/ELETRIFICAÇÃO E ILUMINAÇÃO EXTERNA",null,"UN",1,22.27,22.27]
["Composição Auxiliar"," 96977 ","SINAPI","CORDOALHA DE COBRE NU 50 MM², ENTERRADA, SEM ISOLADOR - FORNECIMENTO E INSTALAÇÃO. AF_12/2017","INEL - INSTALAÇÃO ELÉTRICA/ELETRIFICAÇÃO E ILUMINAÇÃO EXTERNA",null,"M",1.95,57.22,111.57]
["Composição Auxiliar"," 96986 ","SINAPI","HASTE DE ATERRAMENTO 3/4  PARA SPDA - FORNECIMENTO E INSTALAÇÃO. AF_12/2017","INEL - INSTALAÇÃO ELÉTRICA/ELETRIFICAÇÃO E ILUMINAÇÃO EXTERNA",null,"UN",1,132.58000000000001,132.58000000000001]
["Insumo"," 00001094 ","SINAPI","ARMACAO VERTICAL COM HASTE E CONTRA-PINO, EM CHAPA DE ACO GALVANIZADO 3/16\", COM 1 ESTRIBO, SEM ISOLADOR","Material",null,"UN",1,14.59,14.59]
["Insumo"," 00003398 ","SINAPI","ISOLADOR DE PORCELANA, TIPO ROLDANA, DIMENSOES DE *72* X *72* MM, PARA USO EM BAIXA TENSAO","Material",null,"UN",1,2,2]
["Insumo"," 00004346 ","SINAPI","PARAFUSO DE FERRO POLIDO, SEXTAVADO, COM ROSCA PARCIAL, DIAMETRO 5/8\", COMPRIMENTO 6\", COM PORCA E ARRUELA DE PRESSAO MEDIA","Material",null,"UN",3,10.73,32.19]
["Insumo"," 00011267 ","SINAPI","ARRUELA LISA, REDONDA, DE LATAO POLIDO, DIAMETRO NOMINAL 5/8\", DIAMETRO EXTERNO = 34 MM, DIAMETRO DO FURO = 17 MM, ESPESSURA = *2,5* MM","Material",null,"UN",2,1.43,2.86]
["Insumo"," 00014153 ","SINAPI","FITA METALICA PERFURADA, L = *18* MM, ROLO DE 30 M, CARGA RECOMENDADA = *30* KGF","Material",null,"UN",0.06,60.18,3.61]
["Insumo"," 00034643 ","SINAPI","CAIXA DE INSPECAO PARA ATERRAMENTO E PARA RAIOS, EM POLIPROPILENO,  DIAMETRO = 300 MM X ALTURA = 400 MM","Material",null,"UN",1,31.98,31.98]
["Insumo"," 00039808 ","SINAPI","CAIXA PARA MEDIDOR MONOFASICO, EM POLICARBONATO / TERMOPLASTICO, PARA ALOJAR 1 DISJUNTOR (PADRAO DA CONCESSIONARIA LOCAL)","Material",null,"UN",1,75.11,75.11]
["Insumo"," 00039996 ","SINAPI","VERGALHAO ZINCADO ROSCA TOTAL, 1/4 \" (6,3 MM)","Material",null,"M",0.16639999999999999,3.5,0.57999999999999996]
["Insumo"," 00039997 ","SINAPI","PORCA ZINCADA, SEXTAVADA, DIAMETRO 1/4\"","Material",null,"UN",2,0.32,0.64]
[]
[]
[]
[" 4.1.2 ","Código","Banco","Descrição","Tipo",null,"Und","Quant.","Valor Unit","Total"]
["Composição"," 83446 ","SINAPI","CAIXA DE PASSAGEM 30X30X40 COM TAMPA E DRENO BRITA","INEL - INSTALAÇÃO ELÉTRICA/ELETRIFICAÇÃO E ILUMINAÇÃO EXTERNA",null,"UN",1,212.59,212.59]
["Composição Auxiliar"," 88309 ","SINAPI","PEDREIRO COM ENCARGOS COMPLEMENTARES","SEDI - SERVIÇOS DIVERSOS",null,"H",1.6789000000000001,26.15,43.9]
["Composição Auxiliar"," 88316 ","SINAPI","SERVENTE COM ENCARGOS COMPLEMENTARES","SEDI - SERVIÇOS DIVERSOS",null,"H",4.4832000000000001,20.420000000000002,91.54]
["Insumo"," 00043059 ","SINAPI","ACO CA-60, 4,2 MM, OU 5,0 MM, OU 6,0 MM, OU 7,0 MM, VERGALHAO","Material",null,"KG",2.1560000000000001,8.9700000000000006,19.329999999999998]
["Insumo"," 00000370 ","SINAPI","AREIA MEDIA - POSTO JAZIDA/FORNECEDOR (RETIRADO NA JAZIDA, SEM TRANSPORTE)","Material",null,"m³",6.5299999999999997E-2,110,7.18]
["Insumo"," 00001106 ","SINAPI","CAL HIDRATADA CH-I PARA ARGAMASSAS","Material",null,"KG",3.0095999999999998,1.23,3.7]
["Insumo"," 00001358 ","SINAPI","CHAPA DE MADEIRA COMPENSADA RESINADA PARA FORMA DE CONCRETO, DE *2,2 X 1,1* M, E = 17 MM","Material",null,"m²",0.06,44.6,2.67]
["Insumo"," 00001379 ","SINAPI","CIMENTO PORTLAND COMPOSTO CP II-32","Material",null,"KG",18.508400000000002,0.76,14.06]
["Insumo"," 00004721 ","SINAPI","PEDRA BRITADA N. 1 (9,5 a 19 MM) POSTO PEDREIRA/FORNECEDOR, SEM FRETE","Material",null,"m³",3.6499999999999998E-2,119.72,4.3600000000000003]
["Insumo"," 00004722 ","SINAPI","PEDRA BRITADA N. 3 (38 A 50 MM) POSTO PEDREIRA/FORNECEDOR, SEM FRETE","Material",null,"m³",4.0000000000000001E-3,113.08,0.45]
["Insumo"," 00007258 ","SINAPI","TIJOLO CERAMICO MACICO COMUM *5 X 10 X 20* CM (L X A X C)","Material",null,"UN",60.48,0.42,25.4]
[]
[]
[]
[" 4.2.1 ","Código","Banco","Descrição","Tipo",null,"Und","Quant.","Valor Unit","Total"]
["Composição"," 331 ","ORSE","Poste de concreto duplo T (DT)  9/200 - fornecimento e assentamento","Entrada em Baixa Tensão",null,"un",1,874.5,874.5]
["Composição Auxiliar"," 128 ","ORSE","Lançamento de concreto usinado, bombeado, em peças armadas da superestrutura, inclusive colocação, adensamento e acabamento","Concreto Simples",null,"m³",0.1,48.7,4.87]
["Composição Auxiliar"," 95 ","ORSE","Concreto simples fabricado na obra, fck=13,5 mpa, lançado e adensado","Alvenarias de Pedra e Concretos para Fundações",null,"m³",0.1,566.41999999999996,56.64]
["Composição Auxiliar"," 10549 ","ORSE","Encargos Complementares - Servente","Provisórios",null,"h",5.5,3.79,20.84]
["Composição Auxiliar"," 10550 ","ORSE","Encargos Complementares - Pedreiro","Provisórios",null,"h",1.4,3.66,5.12]
["Insumo"," 2455 ","ORSE","Aluguel de caminhão guindauto 3,0 t ( m. benz - 1215 c/48- 143,0 hp","Equipamento",null,"h",1,102.86,102.86]
["Insumo"," 00004750 ","SINAPI","PEDREIRO","Mão de Obra",null,"H",1.4,19.12,26.76]
["Insumo"," 00005038 ","SINAPI","POSTE DE CONCRETO DUPLO T, TIPO D, 200 KG, H = 9 M (NBR 8451)","Material",null,"UN",1,582.39,582.39]
["Insumo"," 00006111 ","SINAPI","SERVENTE DE OBRAS","Mão de Obra",null,"H",5.5,13.64,75.02]
[]
[]
[]
[" 4.2.2 ","Código","Banco","Descrição","Tipo",null,"Und","Quant.","Valor Unit","Total"]
["Composição"," 91863 ","SINAPI","ELETRODUTO RÍGIDO ROSCÁVEL, PVC, DN 25 MM (3/4\"), PARA CIRCUITOS TERMINAIS, INSTALADO EM FORRO - FORNECIMENTO E INSTALAÇÃO. AF_03/2023","INEL - INSTALAÇÃO ELÉTRICA/ELETRIFICAÇÃO E ILUMINAÇÃO EXTERNA",null,"M",1,9.82,9.82]
["Composição Auxiliar"," 88247 ","SINAPI","AUXILIAR DE ELETRICISTA COM ENCARGOS COMPLEMENTARES","SEDI - SERVIÇOS DIVERSOS",null,"H",0.11899999999999999,21.09,2.5]
["Composição Auxiliar"," 88264 ","SINAPI","ELETRICISTA COM ENCARGOS COMPLEMENTARES","SEDI - SERVIÇOS DIVERSOS",null,"H",0.11899999999999999,26.5,3.15]
["Insumo"," 00002674 ","SINAPI","ELETRODUTO DE PVC RIGIDO ROSCAVEL DE 3/4 \", SEM LUVA","Material",null,"M",1.0169999999999999,4.1100000000000003,4.17]
[]
[]
[]
[" 4.2.3 ","Código","Banco","Descrição","Tipo",null,"Und","Quant.","Valor Unit","Total"]
["Composição"," 91879 ","SINAPI","LUVA PARA ELETRODUTO, PVC, ROSCÁVEL, DN 25 MM (3/4\"), PARA CIRCUITOS TERMINAIS, INSTALADA EM LAJE - FORNECIMENTO E INSTALAÇÃO. AF_03/2023","INEL - INSTALAÇÃO ELÉTRICA/ELETRIFICAÇÃO E ILUMINAÇÃO EXTERNA",null,"UN",1,5.79,5.79]
["Composição Auxiliar"," 88247 ","SINAPI","AUXILIAR DE ELETRICISTA COM ENCARGOS COMPLEMENTARES","SEDI - SERVIÇOS DIVERSOS",null,"H",0.108,21.09,2.27]
["Composição Auxiliar"," 88264 ","SINAPI","ELETRICISTA COM ENCARGOS COMPLEMENTARES","SEDI - SERVIÇOS DIVERSOS",null,"H",0.108,26.5,2.86]
["Insumo"," 00001891 ","SINAPI","LUVA EM PVC RIGIDO ROSCAVEL, DE 3/4\", PARA ELETRODUTO","Material",null,"UN",1,0.66,0.66]
[]
[]
[]
[" 4.2.4 ","Código","Banco","Descrição","Tipo",null,"Und","Quant.","Valor Unit","Total"]
["Composição"," 91890 ","SINAPI","CURVA 90 GRAUS PARA ELETRODUTO, PVC, ROSCÁVEL, DN 25 MM (3/4\"), PARA CIRCUITOS TERMINAIS, INSTALADA EM FORRO - FORNECIMENTO E INSTALAÇÃO. AF_03/2023","INEL - INSTALAÇÃO ELÉTRICA/ELETRIFICAÇÃO E ILUMINAÇÃO EXTERNA",null,"UN",1,11.31,11.31]
["Composição Auxiliar"," 88247 ","SINAPI","AUXILIAR DE ELETRICISTA COM ENCARGOS COMPLEMENTARES","SEDI - SERVIÇOS DIVERSOS",null,"H",0.20599999999999999,21.09,4.34]
["Composição Auxiliar"," 88264 ","SINAPI","ELETRICISTA COM ENCARGOS COMPLEMENTARES","SEDI - SERVIÇOS DIVERSOS",null,"H",0.20599999999999999,26.5,5.45]
["Insumo"," 00001879 ","SINAPI","CURVA 90 GRAUS, LONGA, DE PVC RIGIDO ROSCAVEL, DE 3/4\", PARA ELETRODUTO","Material",null,"UN",1,1.52,1.52]
[]
[]
[]
[" 4.2.5 ","Código","Banco","Descrição","Tipo",null,"Und","Quant.","Valor Unit","Total"]
["Composição"," 91892 ","SINAPI","CURVA 180 GRAUS PARA ELETRODUTO, PVC, ROSCÁVEL, DN 25 MM (3/4\"), PARA CIRCUITOS TERMINAIS, INSTALADA EM FORRO - FORNECIMENTO E INSTALAÇÃO. AF_03/2023","INEL - INSTALAÇÃO ELÉTRICA/ELETRIFICAÇÃO E ILUMINAÇÃO EXTERNA",null,"UN",1,12.39,12.39]
["Composição Auxiliar"," 88247 ","SINAPI","AUXILIAR DE ELETRICISTA COM ENCARGOS COMPLEMENTARES","SEDI - SERVIÇOS DIVERSOS",null,"H",0.20599999999999999,21.09,4.34]
["Composição Auxiliar"," 88264 ","SINAPI","ELETRICISTA COM ENCARGOS COMPLEMENTARES","SEDI - SERVIÇOS DIVERSOS",null,"H",0.20599999999999999,26.5,5.45]
["Insumo"," 00012034 ","SINAPI","CURVA 180 GRAUS, DE PVC RIGIDO ROSCAVEL, DE 3/4\", PARA ELETRODUTO","Material",null,"UN",1,2.6,2.6]
[]
[]
[]
[" 4.2.6 ","Código","Banco","Descrição","Tipo",null,"Und","Quant.","Valor Unit","Total"]
["Composição"," 96985 ","SINAPI","HASTE DE ATERRAMENTO, DIÂMETRO 5/8\", COM 3 METROS - FORNECIMENTO E INSTALAÇÃO. AF_08/2023","INEL - INSTALAÇÃO ELÉTRICA/ELETRIFICAÇÃO E ILUMINAÇÃO EXTERNA",null,"UN",1,88.94,88.94]
["Composição Auxiliar"," 88247 ","SINAPI","AUXILIAR DE ELETRICISTA COM ENCARGOS COMPLEMENTARES","SEDI - SERVIÇOS DIVERSOS",null,"H",0.24840000000000001,21.09,5.23]
["Composição Auxiliar"," 88264 ","SINAPI","ELETRICISTA COM ENCARGOS COMPLEMENTARES","SEDI - SERVIÇOS DIVERSOS",null,"H",0.24840000000000001,26.5,6.58]
["Insumo"," 00003379 ","SINAPI","!EM PROCESSO DE DESATIVACAO! HASTE DE ATERRAMENTO EM ACO COM 3,00 M DE COMPRIMENTO E DN = 5/8\", REVESTIDA COM BAIXA CAMADA DE COBRE, SEM CONECTOR","Material",null,"UN",1,77.13,77.13]
[]
[]
[]
[" 4.2.7 ","Código","Banco","Descrição","Tipo",null,"Und","Quant.","Valor Unit","Total"]
["Composição"," 83446 ","SINAPI","CAIXA DE PASSAGEM 30X30X40 COM TAMPA E DRENO BRITA","INEL - INSTALAÇÃO ELÉTRICA/ELETRIFICAÇÃO E ILUMINAÇÃO EXTERNA",null,"UN",1,212.59,212.59]
["Composição Auxiliar"," 88309 ","SINAPI","PEDREIRO COM ENCARGOS COMPLEMENTARES","SEDI - SERVIÇOS DIVERSOS",null,"H",1.6789000000000001,26.15,43.9]
["Composição Auxiliar"," 88316 ","SINAPI","SERVENTE COM ENCARGOS COMPLEMENTARES","SEDI - SERVIÇOS DIVERSOS",null,"H",4.4832000000000001,20.420000000000002,91.54]
["Insumo"," 00043059 ","SINAPI","ACO CA-60, 4,2 MM, OU 5,0 MM, OU 6,0 MM, OU 7,0 MM, VERGALHAO","Material",null,"KG",2.1560000000000001,8.9700000000000006,19.329999999999998]
["Insumo"," 00000370 ","SINAPI","AREIA MEDIA - POSTO JAZIDA/FORNECEDOR (RETIRADO NA JAZIDA, SEM TRANSPORTE)","Material",null,"m³",6.5299999999999997E-2,110,7.18]
["Insumo"," 00001106 ","SINAPI","CAL HIDRATADA CH-I PARA ARGAMASSAS","Material",null,"KG",3.0095999999999998,1.23,3.7]
["Insumo"," 00001358 ","SINAPI","CHAPA DE MADEIRA COMPENSADA RESINADA PARA FORMA DE CONCRETO, DE *2,2 X 1,1* M, E = 17 MM","Material",null,"m²",0.06,44.6,2.67]
["Insumo"," 00001379 ","SINAPI","CIMENTO PORTLAND COMPOSTO CP II-32","Material",null,"KG",18.508400000000002,0.76,14.06]
["Insumo"," 00004721 ","SINAPI","PEDRA BRITADA N. 1 (9,5 a 19 MM) POSTO PEDREIRA/FORNECEDOR, SEM FRETE","Material",null,"m³",3.6499999999999998E-2,119.72,4.3600000000000003]
["Insumo"," 00004722 ","SINAPI","PEDRA BRITADA N. 3 (38 A 50 MM) POSTO PEDREIRA/FORNECEDOR, SEM FRETE","Material",null,"m³",4.0000000000000001E-3,113.08,0.45]
["Insumo"," 00007258 ","SINAPI","TIJOLO CERAMICO MACICO COMUM *5 X 10 X 20* CM (L X A X C)","Material",null,"UN",60.48,0.42,25.4]
[]
[]
[]
[" 4.2.8 ","Código","Banco","Descrição","Tipo",null,"Und","Quant.","Valor Unit","Total"]
["Composição"," CODEVASF  235 ","Próprio","ENTRADA DE ENERGIA ELÉTRICA AÉREA MONOFÁSICA 40A COM POSTE DE CONCRETO, INCLUSIVE CABEAMENTO, CAIXA DE PROTEÇÃO PARA MEDIDOR E ATERRAMENTO.","INEL - INSTALAÇÃO ELÉTRICA/ELETRIFICAÇÃO E ILUMINAÇÃO EXTERNA",null,"und",1,1565.53,1565.53]
["Composição Auxiliar"," 88264 ","SINAPI","ELETRICISTA COM ENCARGOS COMPLEMENTARES","SEDI - SERVIÇOS DIVERSOS",null,"H",6,26.5,159]
["Composição Auxiliar"," 88316 ","SINAPI","SERVENTE COM ENCARGOS COMPLEMENTARES","SEDI - SERVIÇOS DIVERSOS",null,"H",6,20.420000000000002,122.52]
["Insumo"," 00039808 ","SINAPI","CAIXA PARA MEDIDOR MONOFASICO, EM POLICARBONATO / TERMOPLASTICO, PARA ALOJAR 1 DISJUNTOR (PADRAO DA CONCESSIONARIA LOCAL)","Material",null,"UN",1,75.11,75.11]
["Insumo"," 00001095 ","SINAPI","ARMACAO VERTICAL COM HASTE E CONTRA-PINO, EM CHAPA DE ACO GALVANIZADO 3/16\", COM 2 ESTRIBOS, E 2 ISOLADORES","Material",null,"UN",1,31.01,31.01]
["Insumo"," 00034686 ","SINAPI","DISJUNTOR TIPO DIN / IEC, MONOPOLAR DE 40  ATE 50A","Material",null,"UN",1,11.45,11.45]
["Insumo"," 00011856 ","SINAPI","CONECTOR METALICO TIPO PARAFUSO FENDIDO (SPLIT BOLT), PARA CABOS ATE 10 MM2","Material",null,"UN",2,6.01,12.02]
["Insumo"," 00002685 ","SINAPI","ELETRODUTO DE PVC RIGIDO ROSCAVEL DE 1 \", SEM LUVA","Material",null,"M",9,6.42,57.78]
["Insumo"," 00003380 ","SINAPI","!EM PROCESSO DE DESATIVACAO! HASTE DE ATERRAMENTO EM ACO COM 3,00 M DE COMPRIMENTO E DN = 5/8\", REVESTIDA COM BAIXA CAMADA DE COBRE, COM CONECTOR TIPO GRAMPO","Material",null,"UN",1,79.89,79.89]
["Insumo"," 00000379 ","SINAPI","ARRUELA QUADRADA EM ACO GALVANIZADO, DIMENSAO = 38 MM, ESPESSURA = 3MM, DIAMETRO DO FURO= 18 MM","Material",null,"UN",2,1.43,2.86]
["Insumo"," 00000420 ","SINAPI","CINTA CIRCULAR EM ACO GALVANIZADO DE 150 MM DE DIAMETRO PARA FIXACAO DE CAIXA MEDICAO, INCLUI PARAFUSOS E PORCAS","Material",null,"UN",2,21.76,43.52]
["Insumo"," 00004336 ","SINAPI","PARAFUSO ZINCADO, SEXTAVADO, COM ROSCA INTEIRA, DIAMETRO 5/8\", COMPRIMENTO 3\", COM PORCA E ARRUELA DE PRESSAO MEDIA","Material",null,"UN",2,5.55,11.1]
["Insumo"," 00005038 ","SINAPI","POSTE DE CONCRETO DUPLO T, TIPO D, 200 KG, H = 9 M (NBR 8451)","Material",null,"UN",1,582.39,582.39]
["Insumo"," 00000994 ","SINAPI","CABO DE COBRE, FLEXIVEL, CLASSE 4 OU 5, ISOLACAO EM PVC/A, ANTICHAMA BWF-B, COBERTURA PVC-ST1, ANTICHAMA BWF-B, 1 CONDUTOR, 0,6/1 KV, SECAO NOMINAL 6 MM2","Material",null,"M",54,5.96,321.83999999999997]
["Insumo"," 00001884 ","SINAPI","CURVA 90 GRAUS, LONGA, DE PVC RIGIDO ROSCAVEL, DE 1\", PARA ELETRODUTO","Material",null,"UN",5,2.2999999999999998,11.5]
["Insumo"," 00001892 ","SINAPI","LUVA EM PVC RIGIDO ROSCAVEL, DE 1\", PARA ELETRODUTO","Material",null,"UN",7,0.92,6.44]
["Insumo"," 00000862 ","SINAPI","CABO DE COBRE NU 10 MM2 MEIO-DURO","Material",null,"M",3.5,10.6,37.1]
[]
[]
[]
[" 4.2.9 ","Código","Banco","Descrição","Tipo",null,"Und","Quant.","Valor Unit","Total"]
["Composição"," 8349 ","ORSE","Refletor para lampada vapor de sódio 400w, Olivo ou similar, inclusive lâmpada e reator","Luminárias Externas",null,"un",1,259.83999999999997,259.83999999999997]
["Composição Auxiliar"," 10549 ","ORSE","Encargos Complementares - Servente","Provisórios",null,"h",0.3,3.79,1.1299999999999999]
["Composição Auxiliar"," 10552 ","ORSE","Encargos Complementares - Eletricista","Provisórios",null,"h",0.3,3.65,1.0900000000000001]
["Insumo"," 1319 ","ORSE","Lâmpada vapor sódio alta pressão 400 w  (philips ref. son 400w ou similar) Lâmpada vapor sódio alta pressão 400 w  (phllips ref. son 400w ou similar)","Material",null,"un",1,39.700000000000003,39.700000000000003]
["Insumo"," 1922 ","ORSE","Reator p/ lâmpada vapor sódio 400w - interno","Material",null,"un",1,110,110]
["Insumo"," 8606 ","ORSE","Refletor para lâmpada vapor sódio 400w (Olivo ou similar)","Material",null,"un",1,98.1,98.1]
["Insumo"," 00002436/SINAPI ","ORSE","Eletricista (horista)","Mão de Obra",null,"h",0.3,19.13,5.73]
["Insumo"," 00006111/SINAPI ","ORSE","Servente de obras (horista)","Mão de Obra",null,"h",0.3,13.65,4.09]
[]
[]
[]
[" 4.2.10 ","Código","Banco","Descrição","Tipo",null,"Und","Quant.","Valor Unit","Total"]
["Composição"," 4232 ","ORSE","Lâmpada vapor metálico 400w, fornecimento. Rev 01_06/2024","Subestação Transformadora em Poste",null,"un",1,33.99,33.99]
["Insumo"," 1313 ","ORSE","Lâmpada vapor mercúrio 400 w  (philips ref. hpl - n400 ou similar)","Material",null,"un",1,33.99,33.99]
[]
[]
[]
[" 4.2.11 ","Código","Banco","Descrição","Tipo",null,"Und","Quant.","Valor Unit","Total"]
["Composição"," 103782 ","SINAPI","LUMINÁRIA TIPO PLAFON CIRCULAR, DE SOBREPOR, COM LED DE 12/13 W - FORNECIMENTO E INSTALAÇÃO. AF_03/2022","INEL - INSTALAÇÃO ELÉTRICA/ELETRIFICAÇÃO E ILUMINAÇÃO EXTERNA",null,"UN",1,26.76,26.76]
["Composição Auxiliar"," 88247 ","SINAPI","AUXILIAR DE ELETRICISTA COM ENCARGOS COMPLEMENTARES","SEDI - SERVIÇOS DIVERSOS",null,"H",0.37,21.09,7.8]
["Composição Auxiliar"," 88264 ","SINAPI","ELETRICISTA COM ENCARGOS COMPLEMENTARES","SEDI - SERVIÇOS DIVERSOS",null,"H",0.37,26.5,9.8000000000000007]
["Insumo"," 00039385 ","SINAPI","LUMINARIA LED PLAFON REDONDO DE SOBREPOR BIVOLT 12/13 W, D = *17* CM","Material",null,"UN",1,9.16,9.16]
[]
[]
[]
[" 4.2.12 ","Código","Banco","Descrição","Tipo",null,"Und","Quant.","Valor Unit","Total"]
["Composição"," 642 ","ORSE","Ponto de luz em teto ou parede, com eletroduto pvc rígido embutido Ø 3/4\"","Pontos de Suprimento de Energia Convencionais",null,"un",1,278.37,278.37]
["Composição Auxiliar"," 10549 ","ORSE","Encargos Complementares - Servente","Provisórios",null,"h",6,3.79,22.74]
["Composição Auxiliar"," 10552 ","ORSE","Encargos Complementares - Eletricista","Provisórios",null,"h",5,3.65,18.25]
["Insumo"," 00000939/SINAPI ","ORSE","Fio de cobre, solido, classe 1, isolacao em pvc/a, antichama bwf-b, 450/750v,secao nominal 2,5 mm2","Material",null,"m",12,2.46,29.52]
["Insumo"," 00002436/SINAPI ","ORSE","Eletricista (horista)","Mão de Obra",null,"h",5,19.13,95.65]
["Insumo"," 00002674/SINAPI ","ORSE","Eletroduto de pvc rigido roscavel de 3/4 \", sem luva","Material",null,"m",6,4.1100000000000003,24.66]
["Insumo"," 00006111/SINAPI ","ORSE","Servente de obras (horista)","Mão de Obra",null,"h",6,13.65,81.900000000000006]
["Insumo"," 00012001/SINAPI ","ORSE","Caixa octogonal de fundo movel, em pvc, de 4\" x 4\", para eletroduto flexivel corrugado","Material",null,"un",1,4.0599999999999996,4.0599999999999996]
["Insumo"," 00020111/SINAPI ","ORSE","Fita isolante adesiva antichama, uso ate 750 v, em rolo de 19 mm x 20 m","Material",null,"un",0.15,10.6,1.59]
[]
[]
[]
[" 4.2.13 ","Código","Banco","Descrição","Tipo",null,"Und","Quant.","Valor Unit","Total"]
["Composição"," 91859 ","SINAPI","ELETRODUTO FLEXÍVEL LISO, PEAD, DN 32 MM (1\"), PARA CIRCUITOS TERMINAIS, INSTALADO EM PAREDE - FORNECIMENTO E INSTALAÇÃO. AF_03/2023","INEL - INSTALAÇÃO ELÉTRICA/ELETRIFICAÇÃO E ILUMINAÇÃO EXTERNA",null,"M",1,9.7799999999999994,9.7799999999999994]
["Composição Auxiliar"," 88247 ","SINAPI","AUXILIAR DE ELETRICISTA COM ENCARGOS COMPLEMENTARES","SEDI - SERVIÇOS DIVERSOS",null,"H",0.14899999999999999,21.09,3.14]
["Composição Auxiliar"," 88264 ","SINAPI","ELETRICISTA COM ENCARGOS COMPLEMENTARES","SEDI - SERVIÇOS DIVERSOS",null,"H",0.14899999999999999,26.5,3.94]
["Insumo"," 00040401 ","SINAPI","ELETRODUTO FLEXIVEL PLANO EM PEAD, COR PRETA E LARANJA,  DIAMETRO 32 MM","Material",null,"M",1.0169999999999999,2.66,2.7]
[]
[]
[]
[" 4.2.14 ","Código","Banco","Descrição","Tipo",null,"Und","Quant.","Valor Unit","Total"]
["Composição"," 91871 ","SINAPI","ELETRODUTO RÍGIDO ROSCÁVEL, PVC, DN 25 MM (3/4\"), PARA CIRCUITOS TERMINAIS, INSTALADO EM PAREDE - FORNECIMENTO E INSTALAÇÃO. AF_03/2023","INEL - INSTALAÇÃO ELÉTRICA/ELETRIFICAÇÃO E ILUMINAÇÃO EXTERNA",null,"M",1,12.59,12.59]
["Composição Auxiliar"," 88247 ","SINAPI","AUXILIAR DE ELETRICISTA COM ENCARGOS COMPLEMENTARES","SEDI - SERVIÇOS DIVERSOS",null,"H",0.17699999999999999,21.09,3.73]
["Composição Auxiliar"," 88264 ","SINAPI","ELETRICISTA COM ENCARGOS COMPLEMENTARES","SEDI - SERVIÇOS DIVERSOS",null,"H",0.17699999999999999,26.5,4.6900000000000004]
["Insumo"," 00002674 ","SINAPI","ELETRODUTO DE PVC RIGIDO ROSCAVEL DE 3/4 \", SEM LUVA","Material",null,"M",1.0169999999999999,4.1100000000000003,4.17]
[]
[]
[]
[" 4.2.15 ","Código","Banco","Descrição","Tipo",null,"Und","Quant.","Valor Unit","Total"]
["Composição"," 91931 ","SINAPI","CABO DE COBRE FLEXÍVEL ISOLADO, 6 MM², ANTI-CHAMA 0,6/1,0 KV, PARA CIRCUITOS TERMINAIS - FORNECIMENTO E INSTALAÇÃO. AF_03/2023","INEL - INSTALAÇÃO ELÉTRICA/ELETRIFICAÇÃO E ILUMINAÇÃO EXTERNA",null,"M",1,9.8699999999999992,9.8699999999999992]
["Composição Auxiliar"," 88247 ","SINAPI","AUXILIAR DE ELETRICISTA COM ENCARGOS COMPLEMENTARES","SEDI - SERVIÇOS DIVERSOS",null,"H",5.0999999999999997E-2,21.09,1.07]
["Composição Auxiliar"," 88264 ","SINAPI","ELETRICISTA COM ENCARGOS COMPLEMENTARES","SEDI - SERVIÇOS DIVERSOS",null,"H",5.0999999999999997E-2,26.5,1.35]
["Insumo"," 00000994 ","SINAPI","CABO DE COBRE, FLEXIVEL, CLASSE 4 OU 5, ISOLACAO EM PVC/A, ANTICHAMA BWF-B, COBERTURA PVC-ST1, ANTICHAMA BWF-B, 1 CONDUTOR, 0,6/1 KV, SECAO NOMINAL 6 MM2","Material",null,"M",1.2434000000000001,5.96,7.41]
["Insumo"," 00021127 ","SINAPI","FITA ISOLANTE ADESIVA ANTICHAMA, USO ATE 750 V, EM ROLO DE 19 MM X 5 M","Material",null,"UN",9.4000000000000004E-3,4.4400000000000004,0.04]
[]
[]
[]
[" 4.2.16 ","Código","Banco","Descrição","Tipo",null,"Und","Quant.","Valor Unit","Total"]
["Composição"," 91926 ","SINAPI","CABO DE COBRE FLEXÍVEL ISOLADO, 2,5 MM², ANTI-CHAMA 450/750 V, PARA CIRCUITOS TERMINAIS - FORNECIMENTO E INSTALAÇÃO. AF_03/2023","INEL - INSTALAÇÃO ELÉTRICA/ELETRIFICAÇÃO E ILUMINAÇÃO EXTERNA",null,"M",1,4.2,4.2]
["Composição Auxiliar"," 88247 ","SINAPI","AUXILIAR DE ELETRICISTA COM ENCARGOS COMPLEMENTARES","SEDI - SERVIÇOS DIVERSOS",null,"H",2.9000000000000001E-2,21.09,0.61]
["Composição Auxiliar"," 88264 ","SINAPI","ELETRICISTA COM ENCARGOS COMPLEMENTARES","SEDI - SERVIÇOS DIVERSOS",null,"H",2.9000000000000001E-2,26.5,0.76]
["Insumo"," 00001014 ","SINAPI","CABO DE COBRE, FLEXIVEL, CLASSE 4 OU 5, ISOLACAO EM PVC/A, ANTICHAMA BWF-B, 1 CONDUTOR, 450/750 V, SECAO NOMINAL 2,5 MM2","Material",null,"M",1.2434000000000001,2.25,2.79]
["Insumo"," 00021127 ","SINAPI","FITA ISOLANTE ADESIVA ANTICHAMA, USO ATE 750 V, EM ROLO DE 19 MM X 5 M","Material",null,"UN",9.4000000000000004E-3,4.4400000000000004,0.04]
[]
[]
[]
[" 4.2.17 ","Código","Banco","Descrição","Tipo",null,"Und","Quant.","Valor Unit","Total"]
["Composição"," 101878 ","SINAPI","QUADRO DE DISTRIBUIÇÃO DE ENERGIA EM CHAPA DE AÇO GALVANIZADO, DE SOBREPOR, COM BARRAMENTO TRIFÁSICO, PARA 18 DISJUNTORES DIN 100A - FORNECIMENTO E INSTALAÇÃO. AF_10/2020","INEL - INSTALAÇÃO ELÉTRICA/ELETRIFICAÇÃO E ILUMINAÇÃO EXTERNA",null,"UN",1,492.63,492.63]
["Composição Auxiliar"," 88247 ","SINAPI","AUXILIAR DE ELETRICISTA COM ENCARGOS COMPLEMENTARES","SEDI - SERVIÇOS DIVERSOS",null,"H",1.5233000000000001,21.09,32.119999999999997]
["Composição Auxiliar"," 88264 ","SINAPI","ELETRICISTA COM ENCARGOS COMPLEMENTARES","SEDI - SERVIÇOS DIVERSOS",null,"H",1.5233000000000001,26.5,40.36]
["Insumo"," 00012038 ","SINAPI","QUADRO DE DISTRIBUICAO COM BARRAMENTO TRIFASICO, DE SOBREPOR, EM CHAPA DE ACO GALVANIZADO, PARA 18 DISJUNTORES DIN, 100 A","Material",null,"UN",1,420.15,420.15]
[]
[]
[]
[" 4.2.18 ","Código","Banco","Descrição","Tipo",null,"Und","Quant.","Valor Unit","Total"]
["Composição"," 93672 ","SINAPI","DISJUNTOR TRIPOLAR TIPO DIN, CORRENTE NOMINAL DE 40A - FORNECIMENTO E INSTALAÇÃO. AF_10/2020","INEL - INSTALAÇÃO ELÉTRICA/ELETRIFICAÇÃO E ILUMINAÇÃO EXTERNA",null,"UN",1,78.11,78.11]
["Composição Auxiliar"," 88247 ","SINAPI","AUXILIAR DE ELETRICISTA COM ENCARGOS COMPLEMENTARES","SEDI - SERVIÇOS DIVERSOS",null,"H",0.40570000000000001,21.09,8.5500000000000007]
["Composição Auxiliar"," 88264 ","SINAPI","ELETRICISTA COM ENCARGOS COMPLEMENTARES","SEDI - SERVIÇOS DIVERSOS",null,"H",0.40570000000000001,26.5,10.75]
["Insumo"," 00001574 ","SINAPI","TERMINAL A COMPRESSAO EM COBRE ESTANHADO PARA CABO 10 MM2, 1 FURO E 1 COMPRESSAO, PARA PARAFUSO DE FIXACAO M6","Material",null,"UN",3,1.53,4.59]
["Insumo"," 00034709 ","SINAPI","DISJUNTOR TERMOMAGNETICO PARA TRILHO DIN (IEC), TRIPOLAR, 10 - 50 A","Material",null,"UN",1,54.22,54.22]
[]
[]
[]
[" 4.2.19 ","Código","Banco","Descrição","Tipo",null,"Und","Quant.","Valor Unit","Total"]
["Composição"," 93654 ","SINAPI","DISJUNTOR MONOPOLAR TIPO DIN, CORRENTE NOMINAL DE 16A - FORNECIMENTO E INSTALAÇÃO. AF_10/2020","INEL - INSTALAÇÃO ELÉTRICA/ELETRIFICAÇÃO E ILUMINAÇÃO EXTERNA",null,"UN",1,10.89,10.89]
["Composição Auxiliar"," 88247 ","SINAPI","AUXILIAR DE ELETRICISTA COM ENCARGOS COMPLEMENTARES","SEDI - SERVIÇOS DIVERSOS",null,"H",4.7600000000000003E-2,21.09,1]
["Composição Auxiliar"," 88264 ","SINAPI","ELETRICISTA COM ENCARGOS COMPLEMENTARES","SEDI - SERVIÇOS DIVERSOS",null,"H",4.7600000000000003E-2,26.5,1.26]
["Insumo"," 00001570 ","SINAPI","TERMINAL A COMPRESSAO EM COBRE ESTANHADO PARA CABO 2,5 MM2, 1 FURO E 1 COMPRESSAO, PARA PARAFUSO DE FIXACAO M5","Material",null,"UN",1,0.91,0.91]
["Insumo"," 00034653 ","SINAPI","DISJUNTOR TERMOMAGNETICO PARA TRILHO DIN (IEC), MONOPOLAR, 6 - 32 A","Material",null,"UN",1,7.72,7.72]
[]
[]
[]
[" 4.2.20 ","Código","Banco","Descrição","Tipo",null,"Und","Quant.","Valor Unit","Total"]
["Composição"," 93660 ","SINAPI","DISJUNTOR BIPOLAR TIPO DIN, CORRENTE NOMINAL DE 10A - FORNECIMENTO E INSTALAÇÃO. AF_10/2020","INEL - INSTALAÇÃO ELÉTRICA/ELETRIFICAÇÃO E ILUMINAÇÃO EXTERNA",null,"UN",1,49.42,49.42]
["Composição Auxiliar"," 88247 ","SINAPI","AUXILIAR DE ELETRICISTA COM ENCARGOS COMPLEMENTARES","SEDI - SERVIÇOS DIVERSOS",null,"H",7.0300000000000001E-2,21.09,1.48]
["Composição Auxiliar"," 88264 ","SINAPI","ELETRICISTA COM ENCARGOS COMPLEMENTARES","SEDI - SERVIÇOS DIVERSOS",null,"H",7.0300000000000001E-2,26.5,1.86]
["Insumo"," 00001570 ","SINAPI","TERMINAL A COMPRESSAO EM COBRE ESTANHADO PARA CABO 2,5 MM2, 1 FURO E 1 COMPRESSAO, PARA PARAFUSO DE FIXACAO M5","Material",null,"UN",2,0.91,1.82]
["Insumo"," 00034616 ","SINAPI","DISJUNTOR TERMOMAGNETICO PARA TRILHO DIN (IEC), BIPOLAR, 6 - 32 A","Material",null,"UN",1,44.26,44.26]
[]
[]
[]
[" 4.2.21 ","Código","Banco","Descrição","Tipo",null,"Und","Quant.","Valor Unit","Total"]
["Composição"," 93653 ","SINAPI","DISJUNTOR MONOPOLAR TIPO DIN, CORRENTE NOMINAL DE 10A - FORNECIMENTO E INSTALAÇÃO. AF_10/2020","INEL - INSTALAÇÃO ELÉTRICA/ELETRIFICAÇÃO E ILUMINAÇÃO EXTERNA",null,"UN",1,10.3,10.3]
["Composição Auxiliar"," 88247 ","SINAPI","AUXILIAR DE ELETRICISTA COM ENCARGOS COMPLEMENTARES","SEDI - SERVIÇOS DIVERSOS",null,"H",3.5200000000000002E-2,21.09,0.74]
["Composição Auxiliar"," 88264 ","SINAPI","ELETRICISTA COM ENCARGOS COMPLEMENTARES","SEDI - SERVIÇOS DIVERSOS",null,"H",3.5200000000000002E-2,26.5,0.93]
["Insumo"," 00001570 ","SINAPI","TERMINAL A COMPRESSAO EM COBRE ESTANHADO PARA CABO 2,5 MM2, 1 FURO E 1 COMPRESSAO, PARA PARAFUSO DE FIXACAO M5","Material",null,"UN",1,0.91,0.91]
["Insumo"," 00034653 ","SINAPI","DISJUNTOR TERMOMAGNETICO PARA TRILHO DIN (IEC), MONOPOLAR, 6 - 32 A","Material",null,"UN",1,7.72,7.72]
[]
[]
[]
[" 4.2.22 ","Código","Banco","Descrição","Tipo",null,"Und","Quant.","Valor Unit","Total"]
["Composição"," 92001 ","SINAPI","TOMADA BAIXA DE EMBUTIR (1 MÓDULO), 2P+T 20 A, INCLUINDO SUPORTE E PLACA - FORNECIMENTO E INSTALAÇÃO. AF_03/2023","INEL - INSTALAÇÃO ELÉTRICA/ELETRIFICAÇÃO E ILUMINAÇÃO EXTERNA",null,"UN",1,29.35,29.35]
["Composição Auxiliar"," 91946 ","SINAPI","SUPORTE PARAFUSADO COM PLACA DE ENCAIXE 4\" X 2\" MÉDIO (1,30 M DO PISO) PARA PONTO ELÉTRICO - FORNECIMENTO E INSTALAÇÃO. AF_03/2023","INEL - INSTALAÇÃO ELÉTRICA/ELETRIFICAÇÃO E ILUMINAÇÃO EXTERNA",null,"UN",1,9.68,9.68]
["Composição Auxiliar"," 91999 ","SINAPI","TOMADA BAIXA DE EMBUTIR (1 MÓDULO), 2P+T 20 A, SEM SUPORTE E SEM PLACA - FORNECIMENTO E INSTALAÇÃO. AF_03/2023","INEL - INSTALAÇÃO ELÉTRICA/ELETRIFICAÇÃO E ILUMINAÇÃO EXTERNA",null,"UN",1,19.670000000000002,19.670000000000002]
[]
[]
[]
[" 5.1 ","Código","Banco","Descrição","Tipo",null,"Und","Quant.","Valor Unit","Total"]
["Composição"," CODEVASF  240 ","Próprio","LOGOMARCA EM ALTO RELEVO","ASTU - ASSENTAMENTO DE TUBOS E PECAS",null,"und",1,375.11,375.11]
["Composição Auxiliar"," 98746 ","SINAPI","SOLDA DE TOPO EM CHAPA/PERFIL/TUBO DE AÇO CHANFRADO, ESPESSURA=1/4''. AF_06/2018","FUES - FUNDAÇÕES E ESTRUTURAS",null,"M",2,74.02,148.04]
["Composição Auxiliar"," 88487 ","SINAPI","APLICAÇÃO MANUAL DE PINTURA COM TINTA LÁTEX PVA EM PAREDES, DUAS DEMÃOS. AF_06/2014","PINT - PINTURAS",null,"m²",0.88,15.41,13.56]
["Composição Auxiliar"," 94970 ","SINAPI","CONCRETO FCK = 20MPA, TRAÇO 1:2,7:3 (EM MASSA SECA DE CIMENTO/ AREIA MÉDIA/ BRITA 1) - PREPARO MECÂNICO COM BETONEIRA 600 L. AF_05/2021","FUES - FUNDAÇÕES E ESTRUTURAS",null,"m³",4.8000000000000001E-2,478.11,22.94]
["Composição Auxiliar"," 88309 ","SINAPI","PEDREIRO COM ENCARGOS COMPLEMENTARES","SEDI - SERVIÇOS DIVERSOS",null,"H",1.216,26.15,31.79]
["Composição Auxiliar"," 88316 ","SINAPI","SERVENTE COM ENCARGOS COMPLEMENTARES","SEDI - SERVIÇOS DIVERSOS",null,"H",0.93600000000000005,20.420000000000002,19.11]
["Insumo"," 00001323 ","SINAPI","CHAPA DE ACO FINA A QUENTE BITOLA MSG 18, E = 1,20 MM (9,60 KG/M2)","Material",null,"KG",14.97,9.26,138.62]
["Insumo"," 00039397 ","SINAPI","DESMOLDANTE PARA FORMAS METALICAS A BASE DE OLEO VEGETAL","Material",null,"L",5.0999999999999997E-2,20.6,1.05]
[]
[]
[]
[" 5.2 ","Código","Banco","Descrição","Tipo",null,"Und","Quant.","Valor Unit","Total"]
["Composição"," 5 ","ORSE","Placa de inauguração de obra em alumínio 0,50 x 0,70 m","Serviços Iniciais de Obras Civis",null,"un",1,2087.8000000000002,2087.8000000000002]
["Composição Auxiliar"," 1903 ","ORSE","Argamassa cimento e areia traço t-1 (1:3) - 1 saco cimento 50kg / 3 padiolas areia dim. 0.35 x 0.45 x 0.23 m - Confecção mecânica e transporte","Argamassas",null,"m³",4.0000000000000001E-3,541.27,2.16]
["Composição Auxiliar"," 10549 ","ORSE","Encargos Complementares - Servente","Provisórios",null,"h",0.6,3.79,2.27]
["Composição Auxiliar"," 10550 ","ORSE","Encargos Complementares - Pedreiro","Provisórios",null,"h",0.6,3.66,2.19]
["Insumo"," 1772 ","ORSE","Placa de inauguração em alumínio fundido medindo 0,50 x 0,70 m Placa de inauguração de obra em alumínio medindo 0,50 x 0,70m","Material",null,"un",1,2061.5300000000002,2061.5300000000002]
["Insumo"," 00004750/SINAPI ","ORSE","Pedreiro (horista)","Mão de Obra",null,"h",0.6,19.11,11.46]
["Insumo"," 00006111/SINAPI ","ORSE","Servente de obras (horista)","Mão de Obra",null,"h",0.6,13.65,8.19]
[]
[]
[]
["Composições Auxiliares"]
[null,"Código","Banco","Descrição","Tipo",null,"Und","Quant.","Valor Unit","Total"]
["Composição"," 88238 ","SINAPI","AJUDANTE DE ARMADOR COM ENCARGOS COMPLEMENTARES","SEDI - SERVIÇOS DIVERSOS",null,"H",1,20.69,20.69]
["Composição Auxiliar"," 95308 ","SINAPI","CURSO DE CAPACITAÇÃO PARA AJUDANTE DE ARMADOR (ENCARGOS COMPLEMENTARES) - HORISTA","SEDI - SERVIÇOS DIVERSOS",null,"H",1,0.18,0.18]
["Insumo"," 00006114 ","SINAPI","AJUDANTE DE ARMADOR","Mão de Obra",null,"H",1,13.94,13.94]
["Insumo"," 00037370 ","SINAPI","ALIMENTACAO - HORISTA (COLETADO CAIXA)","Outros",null,"H",1,2.39,2.39]
["Insumo"," 00037371 ","SINAPI","TRANSPORTE - HORISTA (COLETADO CAIXA)","Serviços",null,"H",1,0.74,0.74]
["Insumo"," 00037372 ","SINAPI","EXAMES - HORISTA (COLETADO CAIXA)","Outros",null,"H",1,1.34,1.34]
["Insumo"," 00037373 ","SINAPI","SEGURO - HORISTA (COLETADO CAIXA)","Taxas",null,"H",1,0.04,0.04]
["Insumo"," 00043465 ","SINAPI","FERRAMENTAS - FAMILIA PEDREIRO - HORISTA (ENCARGOS COMPLEMENTARES - COLETADO CAIXA)","Equipamento",null,"H",1,0.82,0.82]
["Insumo"," 00043489 ","SINAPI","EPI - FAMILIA PEDREIRO - HORISTA (ENCARGOS COMPLEMENTARES - COLETADO CAIXA)","Equipamento",null,"H",1,1.24,1.24]
[]
[]
[]
[null,"Código","Banco","Descrição","Tipo",null,"Und","Quant.","Valor Unit","Total"]
["Composição"," 88239 ","SINAPI","AJUDANTE DE CARPINTEIRO COM ENCARGOS COMPLEMENTARES","SEDI - SERVIÇOS DIVERSOS",null,"H",1,20.6,20.6]
["Composição Auxiliar"," 95309 ","SINAPI","CURSO DE CAPACITAÇÃO PARA AJUDANTE DE CARPINTEIRO (ENCARGOS COMPLEMENTARES) - HORISTA","SEDI - SERVIÇOS DIVERSOS",null,"H",1,0.23,0.23]
["Insumo"," 00006117 ","SINAPI","CARPINTEIRO AUXILIAR","Mão de Obra",null,"H",1,13.94,13.94]
["Insumo"," 00037370 ","SINAPI","ALIMENTACAO - HORISTA (COLETADO CAIXA)","Outros",null,"H",1,2.39,2.39]
["Insumo"," 00037371 ","SINAPI","TRANSPORTE - HORISTA (COLETADO CAIXA)","Serviços",null,"H",1,0.74,0.74]
["Insumo"," 00037372 ","SINAPI","EXAMES - HORISTA (COLETADO CAIXA)","Outros",null,"H",1,1.34,1.34]
["Insumo"," 00037373 ","SINAPI","SEGURO - HORISTA (COLETADO CAIXA)","Taxas",null,"H",1,0.04,0.04]
["Insumo"," 00043459 ","SINAPI","FERRAMENTAS - FAMILIA CARPINTEIRO DE FORMAS - HORISTA (ENCARGOS COMPLEMENTARES - COLETADO CAIXA)","Equipamento",null,"H",1,0.49,0.49]
["Insumo"," 00043483 ","SINAPI","EPI - FAMILIA CARPINTEIRO DE FORMAS - HORISTA (ENCARGOS COMPLEMENTARES - COLETADO CAIXA)","Equipamento",null,"H",1,1.43,1.43]
[]
[]
[]
[null,"Código","Banco","Descrição","Tipo",null,"Und","Quant.","Valor Unit","Total"]
["Composição"," 88240 ","SINAPI","AJUDANTE DE ESTRUTURA METÁLICA COM ENCARGOS COMPLEMENTARES","SEDI - SERVIÇOS DIVERSOS",null,"H",1,19.41,19.41]
["Composição Auxiliar"," 95310 ","SINAPI","CURSO DE CAPACITAÇÃO PARA AJUDANTE DE ESTRUTURA METÁLICA (ENCARGOS COMPLEMENTARES) - HORISTA","SEDI - SERVIÇOS DIVERSOS",null,"H",1,0.18,0.18]
["Insumo"," 00037370 ","SINAPI","ALIMENTACAO - HORISTA (COLETADO CAIXA)","Outros",null,"H",1,2.39,2.39]
["Insumo"," 00037371 ","SINAPI","TRANSPORTE - HORISTA (COLETADO CAIXA)","Serviços",null,"H",1,0.74,0.74]
["Insumo"," 00037372 ","SINAPI","EXAMES - HORISTA (COLETADO CAIXA)","Outros",null,"H",1,1.34,1.34]
["Insumo"," 00037373 ","SINAPI","SEGURO - HORISTA (COLETADO CAIXA)","Taxas",null,"H",1,0.04,0.04]
["Insumo"," 00043464 ","SINAPI","FERRAMENTAS - FAMILIA OPERADOR ESCAVADEIRA - HORISTA (ENCARGOS COMPLEMENTARES - COLETADO CAIXA)","Equipamento",null,"H",1,0.01,0.01]
["Insumo"," 00043488 ","SINAPI","EPI - FAMILIA OPERADOR ESCAVADEIRA - HORISTA (ENCARGOS COMPLEMENTARES - COLETADO CAIXA)","Equipamento",null,"H",1,0.86,0.86]
["Insumo"," 00044499 ","SINAPI","AJUDANTE DE ESTRUTURAS METALICAS (HORISTA)","Mão de Obra",null,"H",1,13.85,13.85]
[]
[]
[]
[null,"Código","Banco","Descrição","Tipo",null,"Und","Quant.","Valor Unit","Total"]
["Composição"," 88487 ","SINAPI","APLICAÇÃO MANUAL DE PINTURA COM TINTA LÁTEX PVA EM PAREDES, DUAS DEMÃOS. AF_06/2014","PINT - PINTURAS",null,"m²",1,15.41,15.41]
["Composição Auxiliar"," 88310 ","SINAPI","PINTOR COM ENCARGOS COMPLEMENTARES","SEDI - SERVIÇOS DIVERSOS",null,"H",0.13,27.65,3.59]
["Composição Auxiliar"," 88316 ","SINAPI","SERVENTE COM ENCARGOS COMPLEMENTARES","SEDI - SERVIÇOS DIVERSOS",null,"H",4.8000000000000001E-2,20.420000000000002,0.98]
["Insumo"," 00007356 ","SINAPI","TINTA ACRILICA PREMIUM, COR BRANCO FOSCO","Material",null,"L",0.33,32.869999999999997,10.84]
[]
[]
[]
[null,"Código","Banco","Descrição","Tipo",null,"Und","Quant.","Valor Unit","Total"]
["Composição"," 88627 ","SINAPI","ARGAMASSA TRAÇO 1:0,5:4,5 (EM VOLUME DE CIMENTO, CAL E AREIA MÉDIA ÚMIDA) PARA ASSENTAMENTO DE ALVENARIA, PREPARO MANUAL. AF_08/2019","SEDI - SERVIÇOS DIVERSOS",null,"m³",1,654.51,654.51]
["Composição Auxiliar"," 88316 ","SINAPI","SERVENTE COM ENCARGOS COMPLEMENTARES","SEDI - SERVIÇOS DIVERSOS",null,"H",8.7799999999999994,20.420000000000002,179.28]
["Insumo"," 00000370 ","SINAPI","AREIA MEDIA - POSTO JAZIDA/FORNECEDOR (RETIRADO NA JAZIDA, SEM TRANSPORTE)","Material",null,"m³",1.1299999999999999,110,124.3]
["Insumo"," 00001106 ","SINAPI","CAL HIDRATADA CH-I PARA ARGAMASSAS","Material",null,"KG",75.47,1.23,92.82]
["Insumo"," 00001379 ","SINAPI","CIMENTO PORTLAND COMPOSTO CP II-32","Material",null,"KG",339.62,0.76,258.11]
[]
[]
[]
[null,"Código","Banco","Descrição","Tipo",null,"Und","Quant.","Valor Unit","Total"]
["Composição"," 87367 ","SINAPI","ARGAMASSA TRAÇO 1:1:6 (EM VOLUME DE CIMENTO, CAL E AREIA MÉDIA ÚMIDA) PARA EMBOÇO/MASSA ÚNICA/ASSENTAMENTO DE ALVENARIA DE VEDAÇÃO, PREPARO MANUAL. AF_08/2019","SEDI - SERVIÇOS DIVERSOS",null,"m³",1,699.11,699.11]
["Composição Auxiliar"," 88316 ","SINAPI","SERVENTE COM ENCARGOS COMPLEMENTARES","SEDI - SERVIÇOS DIVERSOS",null,"H",11.23,20.420000000000002,229.31]
["Insumo"," 00000370 ","SINAPI","AREIA MEDIA - POSTO JAZIDA/FORNECEDOR (RETIRADO NA JAZIDA, SEM TRANSPORTE)","Material",null,"m³",1.1599999999999999,110,127.6]
["Insumo"," 00001106 ","SINAPI","CAL HIDRATADA CH-I PARA ARGAMASSAS","Material",null,"KG",116.4,1.23,143.16999999999999]
["Insumo"," 00001379 ","SINAPI","CIMENTO PORTLAND COMPOSTO CP II-32","Material",null,"KG",261.89,0.76,199.03]
[]
[]
[]
[null,"Código","Banco","Descrição","Tipo",null,"Und","Quant.","Valor Unit","Total"]
["Composição"," 87369 ","SINAPI","ARGAMASSA TRAÇO 1:2:8 (EM VOLUME DE CIMENTO, CAL E AREIA MÉDIA ÚMIDA) PARA EMBOÇO/MASSA ÚNICA/ASSENTAMENTO DE ALVENARIA DE VEDAÇÃO, PREPARO MANUAL. AF_08/2019","SEDI - SERVIÇOS DIVERSOS",null,"m³",1,708.85,708.85]
["Composição Auxiliar"," 88316 ","SINAPI","SERVENTE COM ENCARGOS COMPLEMENTARES","SEDI - SERVIÇOS DIVERSOS",null,"H",11.1,20.420000000000002,226.66]
["Insumo"," 00000370 ","SINAPI","AREIA MEDIA - POSTO JAZIDA/FORNECEDOR (RETIRADO NA JAZIDA, SEM TRANSPORTE)","Material",null,"m³",1.1399999999999999,110,125.4]
["Insumo"," 00001106 ","SINAPI","CAL HIDRATADA CH-I PARA ARGAMASSAS","Material",null,"KG",171.13,1.23,210.48]
["Insumo"," 00001379 ","SINAPI","CIMENTO PORTLAND COMPOSTO CP II-32","Material",null,"KG",192.52,0.76,146.31]
[]
[]
[]
[null,"Código","Banco","Descrição","Tipo",null,"Und","Quant.","Valor Unit","Total"]
["Composição"," 87292 ","SINAPI","ARGAMASSA TRAÇO 1:2:8 (EM VOLUME DE CIMENTO, CAL E AREIA MÉDIA ÚMIDA) PARA EMBOÇO/MASSA ÚNICA/ASSENTAMENTO DE ALVENARIA DE VEDAÇÃO, PREPARO MECÂNICO COM BETONEIRA 400 L. AF_08/2019","SEDI - SERVIÇOS DIVERSOS",null,"m³",1,601.32000000000005,601.32000000000005]
["Composição Auxiliar"," 88377 ","SINAPI","OPERADOR DE BETONEIRA ESTACIONÁRIA/MISTURADOR COM ENCARGOS COMPLEMENTARES","SEDI - SERVIÇOS DIVERSOS",null,"H",4.5,23.84,107.28]
["Composição Auxiliar"," 88830 ","SINAPI","BETONEIRA CAPACIDADE NOMINAL DE 400 L, CAPACIDADE DE MISTURA 280 L, MOTOR ELÉTRICO TRIFÁSICO POTÊNCIA DE 2 CV, SEM CARREGADOR - CHP DIURNO. AF_10/2014","CHOR - CUSTOS HORÁRIOS DE MÁQUINAS E EQUIPAMENTOS",null,"CHP",1.05,1.88,1.97]
["Composição Auxiliar"," 88831 ","SINAPI","BETONEIRA CAPACIDADE NOMINAL DE 400 L, CAPACIDADE DE MISTURA 280 L, MOTOR ELÉTRICO TRIFÁSICO POTÊNCIA DE 2 CV, SEM CARREGADOR - CHI DIURNO. AF_10/2014","CHOR - CUSTOS HORÁRIOS DE MÁQUINAS E EQUIPAMENTOS",null,"CHI",3.45,0.43,1.48]
["Insumo"," 00000370 ","SINAPI","AREIA MEDIA - POSTO JAZIDA/FORNECEDOR (RETIRADO NA JAZIDA, SEM TRANSPORTE)","Material",null,"m³",1.1599999999999999,110,127.6]
["Insumo"," 00001106 ","SINAPI","CAL HIDRATADA CH-I PARA ARGAMASSAS","Material",null,"KG",174.1,1.23,214.14]
["Insumo"," 00001379 ","SINAPI","CIMENTO PORTLAND COMPOSTO CP II-32","Material",null,"KG",195.86,0.76,148.85]
[]
[]
[]
[null,"Código","Banco","Descrição","Tipo",null,"Und","Quant.","Valor Unit","Total"]
["Composição"," 87377 ","SINAPI","ARGAMASSA TRAÇO 1:3 (EM VOLUME DE CIMENTO E AREIA GROSSA ÚMIDA) PARA CHAPISCO CONVENCIONAL, PREPARO MANUAL. AF_08/2019","SEDI - SERVIÇOS DIVERSOS",null,"m³",1,650.95000000000005,650.95000000000005]
["Composição Auxiliar"," 88316 ","SINAPI","SERVENTE COM ENCARGOS COMPLEMENTARES","SEDI - SERVIÇOS DIVERSOS",null,"H",11.02,20.420000000000002,225.02]
["Insumo"," 00000367 ","SINAPI","AREIA GROSSA - POSTO JAZIDA/FORNECEDOR (RETIRADO NA JAZIDA, SEM TRANSPORTE)","Material",null,"m³",0.94,111.43,104.74]
["Insumo"," 00001379 ","SINAPI","CIMENTO PORTLAND COMPOSTO CP II-32","Material",null,"KG",422.63,0.76,321.19]
[]
[]
[]
[null,"Código","Banco","Descrição","Tipo",null,"Und","Quant.","Valor Unit","Total"]
["Composição"," 87313 ","SINAPI","ARGAMASSA TRAÇO 1:3 (EM VOLUME DE CIMENTO E AREIA GROSSA ÚMIDA) PARA CHAPISCO CONVENCIONAL, PREPARO MECÂNICO COM BETONEIRA 400 L. AF_08/2019","SEDI - SERVIÇOS DIVERSOS",null,"m³",1,536.27,536.27]
["Composição Auxiliar"," 88377 ","SINAPI","OPERADOR DE BETONEIRA ESTACIONÁRIA/MISTURADOR COM ENCARGOS COMPLEMENTARES","SEDI - SERVIÇOS DIVERSOS",null,"H",4.32,23.84,102.98]
["Composição Auxiliar"," 88830 ","SINAPI","BETONEIRA CAPACIDADE NOMINAL DE 400 L, CAPACIDADE DE MISTURA 280 L, MOTOR ELÉTRICO TRIFÁSICO POTÊNCIA DE 2 CV, SEM CARREGADOR - CHP DIURNO. AF_10/2014","CHOR - CUSTOS HORÁRIOS DE MÁQUINAS E EQUIPAMENTOS",null,"CHP",1.01,1.88,1.89]
["Composição Auxiliar"," 88831 ","SINAPI","BETONEIRA CAPACIDADE NOMINAL DE 400 L, CAPACIDADE DE MISTURA 280 L, MOTOR ELÉTRICO TRIFÁSICO POTÊNCIA DE 2 CV, SEM CARREGADOR - CHI DIURNO. AF_10/2014","CHOR - CUSTOS HORÁRIOS DE MÁQUINAS E EQUIPAMENTOS",null,"CHI",3.31,0.43,1.42]
["Insumo"," 00000367 ","SINAPI","AREIA GROSSA - POSTO JAZIDA/FORNECEDOR (RETIRADO NA JAZIDA, SEM TRANSPORTE)","Material",null,"m³",0.95,111.43,105.85]
["Insumo"," 00001379 ","SINAPI","CIMENTO PORTLAND COMPOSTO CP II-32","Material",null,"KG",426.49,0.76,324.13]
[]
[]
[]
[null,"Código","Banco","Descrição","Tipo",null,"Und","Quant.","Valor Unit","Total"]
["Composição"," 100475 ","SINAPI","ARGAMASSA TRAÇO 1:3 (EM VOLUME DE CIMENTO E AREIA MÉDIA ÚMIDA) COM ADIÇÃO DE IMPERMEABILIZANTE, PREPARO MECÂNICO COM BETONEIRA 400 L. AF_08/2019","SEDI - SERVIÇOS DIVERSOS",null,"m³",1,748.57,748.57]
["Composição Auxiliar"," 88377 ","SINAPI","OPERADOR DE BETONEIRA ESTACIONÁRIA/MISTURADOR COM ENCARGOS COMPLEMENTARES","SEDI - SERVIÇOS DIVERSOS",null,"H",3.75,23.84,89.4]
["Composição Auxiliar"," 88830 ","SINAPI","BETONEIRA CAPACIDADE NOMINAL DE 400 L, CAPACIDADE DE MISTURA 280 L, MOTOR ELÉTRICO TRIFÁSICO POTÊNCIA DE 2 CV, SEM CARREGADOR - CHP DIURNO. AF_10/2014","CHOR - CUSTOS HORÁRIOS DE MÁQUINAS E EQUIPAMENTOS",null,"CHP",0.87,1.88,1.63]
["Composição Auxiliar"," 88831 ","SINAPI","BETONEIRA CAPACIDADE NOMINAL DE 400 L, CAPACIDADE DE MISTURA 280 L, MOTOR ELÉTRICO TRIFÁSICO POTÊNCIA DE 2 CV, SEM CARREGADOR - CHI DIURNO. AF_10/2014","CHOR - CUSTOS HORÁRIOS DE MÁQUINAS E EQUIPAMENTOS",null,"CHI",2.88,0.43,1.23]
["Insumo"," 00000123 ","SINAPI","ADITIVO IMPERMEABILIZANTE DE PEGA NORMAL PARA ARGAMASSAS E CONCRETOS SEM ARMACAO, LIQUIDO E ISENTO DE CLORETOS","Material",null,"L",19.440000000000001,8.65,168.15]
["Insumo"," 00000370 ","SINAPI","AREIA MEDIA - POSTO JAZIDA/FORNECEDOR (RETIRADO NA JAZIDA, SEM TRANSPORTE)","Material",null,"m³",1.08,110,118.8]
["Insumo"," 00001379 ","SINAPI","CIMENTO PORTLAND COMPOSTO CP II-32","Material",null,"KG",486,0.76,369.36]
[]
[]
[]
[null,"Código","Banco","Descrição","Tipo",null,"Und","Quant.","Valor Unit","Total"]
["Composição"," 88629 ","SINAPI","ARGAMASSA TRAÇO 1:3 (EM VOLUME DE CIMENTO E AREIA MÉDIA ÚMIDA), PREPARO MANUAL. AF_08/2019","SEDI - SERVIÇOS DIVERSOS",null,"m³",1,659.73,659.73]
["Composição Auxiliar"," 88316 ","SINAPI","SERVENTE COM ENCARGOS COMPLEMENTARES","SEDI - SERVIÇOS DIVERSOS",null,"H",8.57,20.420000000000002,174.99]
["Insumo"," 00000370 ","SINAPI","AREIA MEDIA - POSTO JAZIDA/FORNECEDOR (RETIRADO NA JAZIDA, SEM TRANSPORTE)","Material",null,"m³",1.07,110,117.7]
["Insumo"," 00001379 ","SINAPI","CIMENTO PORTLAND COMPOSTO CP II-32","Material",null,"KG",482.96,0.76,367.04]
[]
[]
[]
[null,"Código","Banco","Descrição","Tipo",null,"Und","Quant.","Valor Unit","Total"]
["Composição"," 88628 ","SINAPI","ARGAMASSA TRAÇO 1:3 (EM VOLUME DE CIMENTO E AREIA MÉDIA ÚMIDA), PREPARO MECÂNICO COM BETONEIRA 400 L. AF_08/2019","SEDI - SERVIÇOS DIVERSOS",null,"m³",1,569.46,569.46]
["Composição Auxiliar"," 88377 ","SINAPI","OPERADOR DE BETONEIRA ESTACIONÁRIA/MISTURADOR COM ENCARGOS COMPLEMENTARES","SEDI - SERVIÇOS DIVERSOS",null,"H",3.42,23.84,81.53]
["Composição Auxiliar"," 88830 ","SINAPI","BETONEIRA CAPACIDADE NOMINAL DE 400 L, CAPACIDADE DE MISTURA 280 L, MOTOR ELÉTRICO TRIFÁSICO POTÊNCIA DE 2 CV, SEM CARREGADOR - CHP DIURNO. AF_10/2014","CHOR - CUSTOS HORÁRIOS DE MÁQUINAS E EQUIPAMENTOS",null,"CHP",0.8,1.88,1.5]
["Composição Auxiliar"," 88831 ","SINAPI","BETONEIRA CAPACIDADE NOMINAL DE 400 L, CAPACIDADE DE MISTURA 280 L, MOTOR ELÉTRICO TRIFÁSICO POTÊNCIA DE 2 CV, SEM CARREGADOR - CHI DIURNO. AF_10/2014","CHOR - CUSTOS HORÁRIOS DE MÁQUINAS E EQUIPAMENTOS",null,"CHI",2.62,0.43,1.1200000000000001]
["Insumo"," 00000370 ","SINAPI","AREIA MEDIA - POSTO JAZIDA/FORNECEDOR (RETIRADO NA JAZIDA, SEM TRANSPORTE)","Material",null,"m³",1.07,110,117.7]
["Insumo"," 00001379 ","SINAPI","CIMENTO PORTLAND COMPOSTO CP II-32","Material",null,"KG",483.7,0.76,367.61]
[]
[]
[]
[null,"Código","Banco","Descrição","Tipo",null,"Und","Quant.","Valor Unit","Total"]
["Composição"," 100489 ","SINAPI","ARGAMASSA TRAÇO 1:3 (EM VOLUME DE CIMENTO E AREIA MÉDIA ÚMIDA), PREPARO MECÂNICO COM BETONEIRA 600 L. AF_08/2019","SEDI - SERVIÇOS DIVERSOS",null,"m³",1,565.24,565.24]
["Composição Auxiliar"," 88316 ","SINAPI","SERVENTE COM ENCARGOS COMPLEMENTARES","SEDI - SERVIÇOS DIVERSOS",null,"H",0.75,20.420000000000002,15.31]
["Composição Auxiliar"," 88377 ","SINAPI","OPERADOR DE BETONEIRA ESTACIONÁRIA/MISTURADOR COM ENCARGOS COMPLEMENTARES","SEDI - SERVIÇOS DIVERSOS",null,"H",2.44,23.84,58.16]
["Composição Auxiliar"," 89225 ","SINAPI","BETONEIRA CAPACIDADE NOMINAL DE 600 L, CAPACIDADE DE MISTURA 360 L, MOTOR ELÉTRICO TRIFÁSICO POTÊNCIA DE 4 CV, SEM CARREGADOR - CHP DIURNO. AF_11/2014","CHOR - CUSTOS HORÁRIOS DE MÁQUINAS E EQUIPAMENTOS",null,"CHP",0.56999999999999995,5.53,3.15]
["Composição Auxiliar"," 89226 ","SINAPI","BETONEIRA CAPACIDADE NOMINAL DE 600 L, CAPACIDADE DE MISTURA 360 L, MOTOR ELÉTRICO TRIFÁSICO POTÊNCIA DE 4 CV, SEM CARREGADOR - CHI DIURNO. AF_11/2014","CHOR - CUSTOS HORÁRIOS DE MÁQUINAS E EQUIPAMENTOS",null,"CHI",1.87,1.77,3.3]
["Insumo"," 00000370 ","SINAPI","AREIA MEDIA - POSTO JAZIDA/FORNECEDOR (RETIRADO NA JAZIDA, SEM TRANSPORTE)","Material",null,"m³",1.07,110,117.7]
["Insumo"," 00001379 ","SINAPI","CIMENTO PORTLAND COMPOSTO CP II-32","Material",null,"KG",483.72,0.76,367.62]
[]
[]
[]
[null,"Código","Banco","Descrição","Tipo",null,"Und","Quant.","Valor Unit","Total"]
["Composição"," 88245 ","SINAPI","ARMADOR COM ENCARGOS COMPLEMENTARES","SEDI - SERVIÇOS DIVERSOS",null,"H",1,25.94,25.94]
["Composição Auxiliar"," 95314 ","SINAPI","CURSO DE CAPACITAÇÃO PARA ARMADOR (ENCARGOS COMPLEMENTARES) - HORISTA","SEDI - SERVIÇOS DIVERSOS",null,"H",1,0.25,0.25]
["Insumo"," 00000378 ","SINAPI","ARMADOR","Mão de Obra",null,"H",1,19.12,19.12]
["Insumo"," 00037370 ","SINAPI","ALIMENTACAO - HORISTA (COLETADO CAIXA)","Outros",null,"H",1,2.39,2.39]
["Insumo"," 00037371 ","SINAPI","TRANSPORTE - HORISTA (COLETADO CAIXA)","Serviços",null,"H",1,0.74,0.74]
["Insumo"," 00037372 ","SINAPI","EXAMES - HORISTA (COLETADO CAIXA)","Outros",null,"H",1,1.34,1.34]
["Insumo"," 00037373 ","SINAPI","SEGURO - HORISTA (COLETADO CAIXA)","Taxas",null,"H",1,0.04,0.04]
["Insumo"," 00043465 ","SINAPI","FERRAMENTAS - FAMILIA PEDREIRO - HORISTA (ENCARGOS COMPLEMENTARES - COLETADO CAIXA)","Equipamento",null,"H",1,0.82,0.82]
["Insumo"," 00043489 ","SINAPI","EPI - FAMILIA PEDREIRO - HORISTA (ENCARGOS COMPLEMENTARES - COLETADO CAIXA)","Equipamento",null,"H",1,1.24,1.24]
[]
[]
[]
[null,"Código","Banco","Descrição","Tipo",null,"Und","Quant.","Valor Unit","Total"]
["Composição"," 89998 ","SINAPI","ARMAÇÃO DE CINTA DE ALVENARIA ESTRUTURAL; DIÂMETRO DE 10,0 MM. AF_01/2015","FUES - FUNDAÇÕES E ESTRUTURAS",null,"KG",1,11.41,11.41]
["Composição Auxiliar"," 88238 ","SINAPI","AJUDANTE DE ARMADOR COM ENCARGOS COMPLEMENTARES","SEDI - SERVIÇOS DIVERSOS",null,"H",3.2500000000000001E-2,20.69,0.67]
["Composição Auxiliar"," 88245 ","SINAPI","ARMADOR COM ENCARGOS COMPLEMENTARES","SEDI - SERVIÇOS DIVERSOS",null,"H",4.8800000000000003E-2,25.94,1.26]
["Insumo"," 00000034 ","SINAPI","ACO CA-50, 10,0 MM, VERGALHAO","Material",null,"KG",1,9.48,9.48]
[]
[]
[]
[null,"Código","Banco","Descrição","Tipo",null,"Und","Quant.","Valor Unit","Total"]
["Composição"," 92767 ","SINAPI","ARMAÇÃO DE LAJE DE ESTRUTURA CONVENCIONAL DE CONCRETO ARMADO UTILIZANDO AÇO CA-60 DE 4,2 MM - MONTAGEM. AF_06/2022","FUES - FUNDAÇÕES E ESTRUTURAS",null,"KG",1,16.63,16.63]
["Composição Auxiliar"," 88238 ","SINAPI","AJUDANTE DE ARMADOR COM ENCARGOS COMPLEMENTARES","SEDI - SERVIÇOS DIVERSOS",null,"H",1.72E-2,20.69,0.35]
["Composição Auxiliar"," 88245 ","SINAPI","ARMADOR COM ENCARGOS COMPLEMENTARES","SEDI - SERVIÇOS DIVERSOS",null,"H",0.1055,25.94,2.73]
["Composição Auxiliar"," 92799 ","SINAPI","CORTE E DOBRA DE AÇO CA-60, DIÂMETRO DE 4,2 MM, UTILIZADO EM LAJE. AF_12/2015","FUES - FUNDAÇÕES E ESTRUTURAS",null,"KG",1,12.32,12.32]
["Insumo"," 00039017 ","SINAPI","ESPACADOR / DISTANCIADOR CIRCULAR COM ENTRADA LATERAL, EM PLASTICO, PARA VERGALHAO *4,2 A 12,5* MM, COBRIMENTO 20 MM","Material",null,"UN",2.8159999999999998,0.22,0.61]
["Insumo"," 00043132 ","SINAPI","ARAME RECOZIDO 16 BWG, D = 1,65 MM (0,016 KG/M) OU 18 BWG, D = 1,25 MM (0,01 KG/M)","Material",null,"KG",2.5000000000000001E-2,25,0.62]
[]
[]
[]
[null,"Código","Banco","Descrição","Tipo",null,"Und","Quant.","Valor Unit","Total"]
["Composição"," 100578 ","SINAPI","ASSENTAMENTO DE POSTE DE CONCRETO COM COMPRIMENTO NOMINAL DE 9 M, CARGA NOMINAL MENOR OU IGUAL A 1000 DAN, ENGASTAMENTO SIMPLES COM 1,5 M DE SOLO (NÃO INCLUI FORNECIMENTO). AF_11/2019","INEL - INSTALAÇÃO ELÉTRICA/ELETRIFICAÇÃO E ILUMINAÇÃO EXTERNA",null,"UN",1,487.47,487.47]
["Composição Auxiliar"," 5928 ","SINAPI","GUINDAUTO HIDRÁULICO, CAPACIDADE MÁXIMA DE CARGA 6200 KG, MOMENTO MÁXIMO DE CARGA 11,7 TM, ALCANCE MÁXIMO HORIZONTAL 9,70 M, INCLUSIVE CAMINHÃO TOCO PBT 16.000 KG, POTÊNCIA DE 189 CV - CHP DIURNO. AF_06/2014","CHOR - CUSTOS HORÁRIOS DE MÁQUINAS E EQUIPAMENTOS",null,"CHP",7.6999999999999999E-2,264.56,20.37]
["Composição Auxiliar"," 88247 ","SINAPI","AUXILIAR DE ELETRICISTA COM ENCARGOS COMPLEMENTARES","SEDI - SERVIÇOS DIVERSOS",null,"H",1.2330000000000001,21.09,26]
["Composição Auxiliar"," 88264 ","SINAPI","ELETRICISTA COM ENCARGOS COMPLEMENTARES","SEDI - SERVIÇOS DIVERSOS",null,"H",4.008,26.5,106.21]
["Insumo"," 00000863 ","SINAPI","CABO DE COBRE NU 35 MM2 MEIO-DURO","Material",null,"M",9,37.21,334.89]
[]
[]
[]
[null,"Código","Banco","Descrição","Tipo",null,"Und","Quant.","Valor Unit","Total"]
["Composição"," 88247 ","SINAPI","AUXILIAR DE ELETRICISTA COM ENCARGOS COMPLEMENTARES","SEDI - SERVIÇOS DIVERSOS",null,"H",1,21.09,21.09]
["Composição Auxiliar"," 95316 ","SINAPI","CURSO DE CAPACITAÇÃO PARA AUXILIAR DE ELETRICISTA (ENCARGOS COMPLEMENTARES) - HORISTA","SEDI - SERVIÇOS DIVERSOS",null,"H",1,0.59,0.59]
["Insumo"," 00000247 ","SINAPI","AJUDANTE DE ELETRICISTA","Mão de Obra",null,"H",1,13.94,13.94]
["Insumo"," 00037370 ","SINAPI","ALIMENTACAO - HORISTA (COLETADO CAIXA)","Outros",null,"H",1,2.39,2.39]
["Insumo"," 00037371 ","SINAPI","TRANSPORTE - HORISTA (COLETADO CAIXA)","Serviços",null,"H",1,0.74,0.74]
["Insumo"," 00037372 ","SINAPI","EXAMES - HORISTA (COLETADO CAIXA)","Outros",null,"H",1,1.34,1.34]
["Insumo"," 00037373 ","SINAPI","SEGURO - HORISTA (COLETADO CAIXA)","Taxas",null,"H",1,0.04,0.04]
["Insumo"," 00043460 ","SINAPI","FERRAMENTAS - FAMILIA ELETRICISTA - HORISTA (ENCARGOS COMPLEMENTARES - COLETADO CAIXA)","Equipamento",null,"H",1,0.85,0.85]
["Insumo"," 00043484 ","SINAPI","EPI - FAMILIA ELETRICISTA - HORISTA (ENCARGOS COMPLEMENTARES - COLETADO CAIXA)","Equipamento",null,"H",1,1.2,1.2]
[]
[]
[]
[null,"Código","Banco","Descrição","Tipo",null,"Und","Quant.","Valor Unit","Total"]
["Composição"," 88248 ","SINAPI","AUXILIAR DE ENCANADOR OU BOMBEIRO HIDRÁULICO COM ENCARGOS COMPLEMENTARES","SEDI - SERVIÇOS DIVERSOS",null,"H",1,20.100000000000001,20.100000000000001]
["Composição Auxiliar"," 95317 ","SINAPI","CURSO DE CAPACITAÇÃO PARA AUXILIAR DE ENCANADOR OU BOMBEIRO HIDRÁULICO (ENCARGOS COMPLEMENTARES) - HORISTA","SEDI - SERVIÇOS DIVERSOS",null,"H",1,0.28000000000000003,0.28000000000000003]
["Insumo"," 00000246 ","SINAPI","AUXILIAR DE ENCANADOR OU BOMBEIRO HIDRAULICO","Mão de Obra",null,"H",1,13.94,13.94]
["Insumo"," 00037370 ","SINAPI","ALIMENTACAO - HORISTA (COLETADO CAIXA)","Outros",null,"H",1,2.39,2.39]
["Insumo"," 00037371 ","SINAPI","TRANSPORTE - HORISTA (COLETADO CAIXA)","Serviços",null,"H",1,0.74,0.74]
["Insumo"," 00037372 ","SINAPI","EXAMES - HORISTA (COLETADO CAIXA)","Outros",null,"H",1,1.34,1.34]
["Insumo"," 00037373 ","SINAPI","SEGURO - HORISTA (COLETADO CAIXA)","Taxas",null,"H",1,0.04,0.04]
["Insumo"," 00043461 ","SINAPI","FERRAMENTAS - FAMILIA ENCANADOR - HORISTA (ENCARGOS COMPLEMENTARES - COLETADO CAIXA)","Equipamento",null,"H",1,0.31,0.31]
["Insumo"," 00043485 ","SINAPI","EPI - FAMILIA ENCANADOR - HORISTA (ENCARGOS COMPLEMENTARES - COLETADO CAIXA)","Equipamento",null,"H",1,1.06,1.06]
[]
[]
[]
[null,"Código","Banco","Descrição","Tipo",null,"Und","Quant.","Valor Unit","Total"]
["Composição"," 88256 ","SINAPI","AZULEJISTA OU LADRILHISTA COM ENCARGOS COMPLEMENTARES","SEDI - SERVIÇOS DIVERSOS",null,"H",1,26.01,26.01]
["Composição Auxiliar"," 95324 ","SINAPI","CURSO DE CAPACITAÇÃO PARA AZULEJISTA OU LADRILHISTA (ENCARGOS COMPLEMENTARES) - HORISTA","SEDI - SERVIÇOS DIVERSOS",null,"H",1,0.32,0.32]
["Insumo"," 00004760 ","SINAPI","AZULEJISTA OU LADRILHEIRO","Mão de Obra",null,"H",1,19.12,19.12]
["Insumo"," 00037370 ","SINAPI","ALIMENTACAO - HORISTA (COLETADO CAIXA)","Outros",null,"H",1,2.39,2.39]
["Insumo"," 00037371 ","SINAPI","TRANSPORTE - HORISTA (COLETADO CAIXA)","Serviços",null,"H",1,0.74,0.74]
["Insumo"," 00037372 ","SINAPI","EXAMES - HORISTA (COLETADO CAIXA)","Outros",null,"H",1,1.34,1.34]
["Insumo"," 00037373 ","SINAPI","SEGURO - HORISTA (COLETADO CAIXA)","Taxas",null,"H",1,0.04,0.04]
["Insumo"," 00043465 ","SINAPI","FERRAMENTAS - FAMILIA PEDREIRO - HORISTA (ENCARGOS COMPLEMENTARES - COLETADO CAIXA)","Equipamento",null,"H",1,0.82,0.82]
["Insumo"," 00043489 ","SINAPI","EPI - FAMILIA PEDREIRO - HORISTA (ENCARGOS COMPLEMENTARES - COLETADO CAIXA)","Equipamento",null,"H",1,1.24,1.24]
[]
[]
[]
[null,"Código","Banco","Descrição","Tipo",null,"Und","Quant.","Valor Unit","Total"]
["Composição"," 1903 ","ORSE","Argamassa cimento e areia traço t-1 (1:3) - 1 saco cimento 50kg / 3 padiolas areia dim. 0.35 x 0.45 x 0.23 m - Confecção mecânica e transporte","Argamassas",null,"m³",1,541.27,541.27]
["Composição Auxiliar"," 10549 ","ORSE","Encargos Complementares - Servente","Provisórios",null,"h",4,3.79,15.16]
["Insumo"," 00000370/SINAPI ","ORSE","Areia media - posto jazida/fornecedor (retirado na jazida, sem transporte)","Material",null,"m³",1.08,110,118.8]
["Insumo"," 00001379/SINAPI ","ORSE","Cimento portland composto cp ii-32","Material",null,"kg",452.2,0.78,352.71]
["Insumo"," 00006111/SINAPI ","ORSE","Servente de obras (horista)","Mão de Obra",null,"h",4,13.65,54.6]
[]
[]
[]
[null,"Código","Banco","Descrição","Tipo",null,"Und","Quant.","Valor Unit","Total"]
["Composição"," 88831 ","SINAPI","BETONEIRA CAPACIDADE NOMINAL DE 400 L, CAPACIDADE DE MISTURA 280 L, MOTOR ELÉTRICO TRIFÁSICO POTÊNCIA DE 2 CV, SEM CARREGADOR - CHI DIURNO. AF_10/2014","CHOR - CUSTOS HORÁRIOS DE MÁQUINAS E EQUIPAMENTOS",null,"CHI",1,0.43,0.43]
["Composição Auxiliar"," 88826 ","SINAPI","BETONEIRA CAPACIDADE NOMINAL DE 400 L, CAPACIDADE DE MISTURA 280 L, MOTOR ELÉTRICO TRIFÁSICO POTÊNCIA DE 2 CV, SEM CARREGADOR - DEPRECIAÇÃO. AF_10/2014","CHOR - CUSTOS HORÁRIOS DE MÁQUINAS E EQUIPAMENTOS",null,"H",1,0.35,0.35]
["Composição Auxiliar"," 88827 ","SINAPI","BETONEIRA CAPACIDADE NOMINAL DE 400 L, CAPACIDADE DE MISTURA 280 L, MOTOR ELÉTRICO TRIFÁSICO POTÊNCIA DE 2 CV, SEM CARREGADOR - JUROS. AF_10/2014","CHOR - CUSTOS HORÁRIOS DE MÁQUINAS E EQUIPAMENTOS",null,"H",1,0.08,0.08]
[]
[]
[]
[null,"Código","Banco","Descrição","Tipo",null,"Und","Quant.","Valor Unit","Total"]
["Composição"," 88830 ","SINAPI","BETONEIRA CAPACIDADE NOMINAL DE 400 L, CAPACIDADE DE MISTURA 280 L, MOTOR ELÉTRICO TRIFÁSICO POTÊNCIA DE 2 CV, SEM CARREGADOR - CHP DIURNO. AF_10/2014","CHOR - CUSTOS HORÁRIOS DE MÁQUINAS E EQUIPAMENTOS",null,"CHP",1,1.88,1.88]
["Composição Auxiliar"," 88826 ","SINAPI","BETONEIRA CAPACIDADE NOMINAL DE 400 L, CAPACIDADE DE MISTURA 280 L, MOTOR ELÉTRICO TRIFÁSICO POTÊNCIA DE 2 CV, SEM CARREGADOR - DEPRECIAÇÃO. AF_10/2014","CHOR - CUSTOS HORÁRIOS DE MÁQUINAS E EQUIPAMENTOS",null,"H",1,0.35,0.35]
["Composição Auxiliar"," 88827 ","SINAPI","BETONEIRA CAPACIDADE NOMINAL DE 400 L, CAPACIDADE DE MISTURA 280 L, MOTOR ELÉTRICO TRIFÁSICO POTÊNCIA DE 2 CV, SEM CARREGADOR - JUROS. AF_10/2014","CHOR - CUSTOS HORÁRIOS DE MÁQUINAS E EQUIPAMENTOS",null,"H",1,0.08,0.08]
["Composição Auxiliar"," 88828 ","SINAPI","BETONEIRA CAPACIDADE NOMINAL DE 400 L, CAPACIDADE DE MISTURA 280 L, MOTOR ELÉTRICO TRIFÁSICO POTÊNCIA DE 2 CV, SEM CARREGADOR - MANUTENÇÃO. AF_10/2014","CHOR - CUSTOS HORÁRIOS DE MÁQUINAS E EQUIPAMENTOS",null,"H",1,0.4,0.4]
["Composição Auxiliar"," 88829 ","SINAPI","BETONEIRA CAPACIDADE NOMINAL DE 400 L, CAPACIDADE DE MISTURA 280 L, MOTOR ELÉTRICO TRIFÁSICO POTÊNCIA DE 2 CV, SEM CARREGADOR - MATERIAIS NA OPERAÇÃO. AF_10/2014","CHOR - CUSTOS HORÁRIOS DE MÁQUINAS E EQUIPAMENTOS",null,"H",1,1.05,1.05]
[]
[]
[]
[null,"Código","Banco","Descrição","Tipo",null,"Und","Quant.","Valor Unit","Total"]
["Composição"," 88826 ","SINAPI","BETONEIRA CAPACIDADE NOMINAL DE 400 L, CAPACIDADE DE MISTURA 280 L, MOTOR ELÉTRICO TRIFÁSICO POTÊNCIA DE 2 CV, SEM CARREGADOR - DEPRECIAÇÃO. AF_10/2014","CHOR - CUSTOS HORÁRIOS DE MÁQUINAS E EQUIPAMENTOS",null,"H",1,0.35,0.35]
["Insumo"," 00010535 ","SINAPI","BETONEIRA CAPACIDADE NOMINAL 400 L, CAPACIDADE DE MISTURA  280 L, MOTOR ELETRICO TRIFASICO 220/380 V POTENCIA 2 CV, SEM CARREGADOR","Equipamento",null,"UN",6.0000000000000002E-5,5850,0.35]
[]
[]
[]
[null,"Código","Banco","Descrição","Tipo",null,"Und","Quant.","Valor Unit","Total"]
["Composição"," 88827 ","SINAPI","BETONEIRA CAPACIDADE NOMINAL DE 400 L, CAPACIDADE DE MISTURA 280 L, MOTOR ELÉTRICO TRIFÁSICO POTÊNCIA DE 2 CV, SEM CARREGADOR - JUROS. AF_10/2014","CHOR - CUSTOS HORÁRIOS DE MÁQUINAS E EQUIPAMENTOS",null,"H",1,0.08,0.08]
["Insumo"," 00010535 ","SINAPI","BETONEIRA CAPACIDADE NOMINAL 400 L, CAPACIDADE DE MISTURA  280 L, MOTOR ELETRICO TRIFASICO 220/380 V POTENCIA 2 CV, SEM CARREGADOR","Equipamento",null,"UN",1.4800000000000001E-5,5850,0.08]
[]
[]
[]
[null,"Código","Banco","Descrição","Tipo",null,"Und","Quant.","Valor Unit","Total"]
["Composição"," 88828 ","SINAPI","BETONEIRA CAPACIDADE NOMINAL DE 400 L, CAPACIDADE DE MISTURA 280 L, MOTOR ELÉTRICO TRIFÁSICO POTÊNCIA DE 2 CV, SEM CARREGADOR - MANUTENÇÃO. AF_10/2014","CHOR - CUSTOS HORÁRIOS DE MÁQUINAS E EQUIPAMENTOS",null,"H",1,0.4,0.4]
["Insumo"," 00010535 ","SINAPI","BETONEIRA CAPACIDADE NOMINAL 400 L, CAPACIDADE DE MISTURA  280 L, MOTOR ELETRICO TRIFASICO 220/380 V POTENCIA 2 CV, SEM CARREGADOR","Equipamento",null,"UN",6.9999999999999994E-5,5850,0.4]
[]
[]
[]
[null,"Código","Banco","Descrição","Tipo",null,"Und","Quant.","Valor Unit","Total"]
["Composição"," 88829 ","SINAPI","BETONEIRA CAPACIDADE NOMINAL DE 400 L, CAPACIDADE DE MISTURA 280 L, MOTOR ELÉTRICO TRIFÁSICO POTÊNCIA DE 2 CV, SEM CARREGADOR - MATERIAIS NA OPERAÇÃO. AF_10/2014","CHOR - CUSTOS HORÁRIOS DE MÁQUINAS E EQUIPAMENTOS",null,"H",1,1.05,1.05]
["Insumo"," 00002705 ","SINAPI","ENERGIA ELETRICA ATE 2000 KWH INDUSTRIAL, SEM DEMANDA","Material",null,"KW/H",1.2512000000000001,0.84,1.05]
[]
[]
[]
[null,"Código","Banco","Descrição","Tipo",null,"Und","Quant.","Valor Unit","Total"]
["Composição"," 89226 ","SINAPI","BETONEIRA CAPACIDADE NOMINAL DE 600 L, CAPACIDADE DE MISTURA 360 L, MOTOR ELÉTRICO TRIFÁSICO POTÊNCIA DE 4 CV, SEM CARREGADOR - CHI DIURNO. AF_11/2014","CHOR - CUSTOS HORÁRIOS DE MÁQUINAS E EQUIPAMENTOS",null,"CHI",1,1.77,1.77]
["Composição Auxiliar"," 89221 ","SINAPI","BETONEIRA CAPACIDADE NOMINAL DE 600 L, CAPACIDADE DE MISTURA 360 L, MOTOR ELÉTRICO TRIFÁSICO POTÊNCIA DE 4 CV, SEM CARREGADOR - DEPRECIAÇÃO. AF_11/2014","CHOR - CUSTOS HORÁRIOS DE MÁQUINAS E EQUIPAMENTOS",null,"H",1,1.42,1.42]
["Composição Auxiliar"," 89222 ","SINAPI","BETONEIRA CAPACIDADE NOMINAL DE 600 L, CAPACIDADE DE MISTURA 360 L, MOTOR ELÉTRICO TRIFÁSICO POTÊNCIA DE 4 CV, SEM CARREGADOR - JUROS. AF_11/2014","CHOR - CUSTOS HORÁRIOS DE MÁQUINAS E EQUIPAMENTOS",null,"H",1,0.35,0.35]
[]
[]
[]
[null,"Código","Banco","Descrição","Tipo",null,"Und","Quant.","Valor Unit","Total"]
["Composição"," 89225 ","SINAPI","BETONEIRA CAPACIDADE NOMINAL DE 600 L, CAPACIDADE DE MISTURA 360 L, MOTOR ELÉTRICO TRIFÁSICO POTÊNCIA DE 4 CV, SEM CARREGADOR - CHP DIURNO. AF_11/2014","CHOR - CUSTOS HORÁRIOS DE MÁQUINAS E EQUIPAMENTOS",null,"CHP",1,5.53,5.53]
["Composição Auxiliar"," 89221 ","SINAPI","BETONEIRA CAPACIDADE NOMINAL DE 600 L, CAPACIDADE DE MISTURA 360 L, MOTOR ELÉTRICO TRIFÁSICO POTÊNCIA DE 4 CV, SEM CARREGADOR - DEPRECIAÇÃO. AF_11/2014","CHOR - CUSTOS HORÁRIOS DE MÁQUINAS E EQUIPAMENTOS",null,"H",1,1.42,1.42]
["Composição Auxiliar"," 89222 ","SINAPI","BETONEIRA CAPACIDADE NOMINAL DE 600 L, CAPACIDADE DE MISTURA 360 L, MOTOR ELÉTRICO TRIFÁSICO POTÊNCIA DE 4 CV, SEM CARREGADOR - JUROS. AF_11/2014","CHOR - CUSTOS HORÁRIOS DE MÁQUINAS E EQUIPAMENTOS",null,"H",1,0.35,0.35]
["Composição Auxiliar"," 89223 ","SINAPI","BETONEIRA CAPACIDADE NOMINAL DE 600 L, CAPACIDADE DE MISTURA 360 L, MOTOR ELÉTRICO TRIFÁSICO POTÊNCIA DE 4 CV, SEM CARREGADOR - MANUTENÇÃO. AF_11/2014","CHOR - CUSTOS HORÁRIOS DE MÁQUINAS E EQUIPAMENTOS",null,"H",1,1.66,1.66]
["Composição Auxiliar"," 89224 ","SINAPI","BETONEIRA CAPACIDADE NOMINAL DE 600 L, CAPACIDADE DE MISTURA 360 L, MOTOR ELÉTRICO TRIFÁSICO POTÊNCIA DE 4 CV, SEM CARREGADOR - MATERIAIS NA OPERAÇÃO. AF_11/2014","CHOR - CUSTOS HORÁRIOS DE MÁQUINAS E EQUIPAMENTOS",null,"H",1,2.1,2.1]
[]
[]
[]
[null,"Código","Banco","Descrição","Tipo",null,"Und","Quant.","Valor Unit","Total"]
["Composição"," 89221 ","SINAPI","BETONEIRA CAPACIDADE NOMINAL DE 600 L, CAPACIDADE DE MISTURA 360 L, MOTOR ELÉTRICO TRIFÁSICO POTÊNCIA DE 4 CV, SEM CARREGADOR - DEPRECIAÇÃO. AF_11/2014","CHOR - CUSTOS HORÁRIOS DE MÁQUINAS E EQUIPAMENTOS",null,"H",1,1.42,1.42]
["Insumo"," 00036397 ","SINAPI","BETONEIRA, CAPACIDADE NOMINAL 600 L, CAPACIDADE DE MISTURA  360L, MOTOR ELETRICO TRIFASICO 220/380V, POTENCIA 4CV, EXCLUSO CARREGADOR","Equipamento",null,"UN",6.0000000000000002E-5,23796.61,1.42]
[]
[]
[]
[null,"Código","Banco","Descrição","Tipo",null,"Und","Quant.","Valor Unit","Total"]
["Composição"," 89222 ","SINAPI","BETONEIRA CAPACIDADE NOMINAL DE 600 L, CAPACIDADE DE MISTURA 360 L, MOTOR ELÉTRICO TRIFÁSICO POTÊNCIA DE 4 CV, SEM CARREGADOR - JUROS. AF_11/2014","CHOR - CUSTOS HORÁRIOS DE MÁQUINAS E EQUIPAMENTOS",null,"H",1,0.35,0.35]
["Insumo"," 00036397 ","SINAPI","BETONEIRA, CAPACIDADE NOMINAL 600 L, CAPACIDADE DE MISTURA  360L, MOTOR ELETRICO TRIFASICO 220/380V, POTENCIA 4CV, EXCLUSO CARREGADOR","Equipamento",null,"UN",1.4800000000000001E-5,23796.61,0.35]
[]
[]
[]
[null,"Código","Banco","Descrição","Tipo",null,"Und","Quant.","Valor Unit","Total"]
["Composição"," 89223 ","SINAPI","BETONEIRA CAPACIDADE NOMINAL DE 600 L, CAPACIDADE DE MISTURA 360 L, MOTOR ELÉTRICO TRIFÁSICO POTÊNCIA DE 4 CV, SEM CARREGADOR - MANUTENÇÃO. AF_11/2014","CHOR - CUSTOS HORÁRIOS DE MÁQUINAS E EQUIPAMENTOS",null,"H",1,1.66,1.66]
["Insumo"," 00036397 ","SINAPI","BETONEIRA, CAPACIDADE NOMINAL 600 L, CAPACIDADE DE MISTURA  360L, MOTOR ELETRICO TRIFASICO 220/380V, POTENCIA 4CV, EXCLUSO CARREGADOR","Equipamento",null,"UN",6.9999999999999994E-5,23796.61,1.66]
[]
[]
[]
[null,"Código","Banco","Descrição","Tipo",null,"Und","Quant.","Valor Unit","Total"]
["Composição"," 89224 ","SINAPI","BETONEIRA CAPACIDADE NOMINAL DE 600 L, CAPACIDADE DE MISTURA 360 L, MOTOR ELÉTRICO TRIFÁSICO POTÊNCIA DE 4 CV, SEM CARREGADOR - MATERIAIS NA OPERAÇÃO. AF_11/2014","CHOR - CUSTOS HORÁRIOS DE MÁQUINAS E EQUIPAMENTOS",null,"H",1,2.1,2.1]
["Insumo"," 00002705 ","SINAPI","ENERGIA ELETRICA ATE 2000 KWH INDUSTRIAL, SEM DEMANDA","Material",null,"KW/H",2.5023900000000001,0.84,2.1]
[]
[]
[]
[null,"Código","Banco","Descrição","Tipo",null,"Und","Quant.","Valor Unit","Total"]
["Composição"," 92986 ","SINAPI","CABO DE COBRE FLEXÍVEL ISOLADO, 35 MM², ANTI-CHAMA 0,6/1,0 KV, PARA DISTRIBUIÇÃO - FORNECIMENTO E INSTALAÇÃO. AF_12/2015","INEL - INSTALAÇÃO ELÉTRICA/ELETRIFICAÇÃO E ILUMINAÇÃO EXTERNA",null,"M",1,37.93,37.93]
["Composição Auxiliar"," 88247 ","SINAPI","AUXILIAR DE ELETRICISTA COM ENCARGOS COMPLEMENTARES","SEDI - SERVIÇOS DIVERSOS",null,"H",6.9699999999999998E-2,21.09,1.46]
["Composição Auxiliar"," 88264 ","SINAPI","ELETRICISTA COM ENCARGOS COMPLEMENTARES","SEDI - SERVIÇOS DIVERSOS",null,"H",6.9699999999999998E-2,26.5,1.84]
["Insumo"," 00001019 ","SINAPI","CABO DE COBRE, FLEXIVEL, CLASSE 4 OU 5, ISOLACAO EM PVC/A, ANTICHAMA BWF-B, COBERTURA PVC-ST1, ANTICHAMA BWF-B, 1 CONDUTOR, 0,6/1 KV, SECAO NOMINAL 35 MM2","Material",null,"M",1.0149999999999999,34.090000000000003,34.6]
["Insumo"," 00021127 ","SINAPI","FITA ISOLANTE ADESIVA ANTICHAMA, USO ATE 750 V, EM ROLO DE 19 MM X 5 M","Material",null,"UN",8.9999999999999993E-3,4.4400000000000004,0.03]
[]
[]
[]
[null,"Código","Banco","Descrição","Tipo",null,"Und","Quant.","Valor Unit","Total"]
["Composição"," 67827 ","SINAPI","CAMINHÃO BASCULANTE 6 M3 TOCO, PESO BRUTO TOTAL 16.000 KG, CARGA ÚTIL MÁXIMA 11.130 KG, DISTÂNCIA ENTRE EIXOS 5,36 M, POTÊNCIA 185 CV, INCLUSIVE CAÇAMBA METÁLICA - CHI DIURNO. AF_06/2014","CHOR - CUSTOS HORÁRIOS DE MÁQUINAS E EQUIPAMENTOS",null,"CHI",1,61.29,61.29]
["Composição Auxiliar"," 7058 ","SINAPI","CAMINHÃO BASCULANTE 6 M3 TOCO, PESO BRUTO TOTAL 16.000 KG, CARGA ÚTIL MÁXIMA 11.130 KG, DISTÂNCIA ENTRE EIXOS 5,36 M, POTÊNCIA 185 CV, INCLUSIVE CAÇAMBA METÁLICA - DEPRECIAÇÃO. AF_06/2014","CHOR - CUSTOS HORÁRIOS DE MÁQUINAS E EQUIPAMENTOS",null,"H",1,19.739999999999998,19.739999999999998]
["Composição Auxiliar"," 7059 ","SINAPI","CAMINHÃO BASCULANTE 6 M3 TOCO, PESO BRUTO TOTAL 16.000 KG, CARGA ÚTIL MÁXIMA 11.130 KG, DISTÂNCIA ENTRE EIXOS 5,36 M, POTÊNCIA 185 CV, INCLUSIVE CAÇAMBA METÁLICA - JUROS. AF_06/2014","CHOR - CUSTOS HORÁRIOS DE MÁQUINAS E EQUIPAMENTOS",null,"H",1,7.81,7.81]
["Composição Auxiliar"," 88281 ","SINAPI","MOTORISTA DE BASCULANTE COM ENCARGOS COMPLEMENTARES","SEDI - SERVIÇOS DIVERSOS",null,"H",1,30.59,30.59]
["Composição Auxiliar"," 91402 ","SINAPI","CAMINHÃO BASCULANTE 6 M3 TOCO, PESO BRUTO TOTAL 16.000 KG, CARGA ÚTIL MÁXIMA 11.130 KG, DISTÂNCIA ENTRE EIXOS 5,36 M, POTÊNCIA 185 CV, INCLUSIVE CAÇAMBA METÁLICA - IMPOSTOS E SEGUROS. AF_06/2014","CHOR - CUSTOS HORÁRIOS DE MÁQUINAS E EQUIPAMENTOS",null,"H",1,3.15,3.15]
[]
[]
[]
[null,"Código","Banco","Descrição","Tipo",null,"Und","Quant.","Valor Unit","Total"]
["Composição"," 67826 ","SINAPI","CAMINHÃO BASCULANTE 6 M3 TOCO, PESO BRUTO TOTAL 16.000 KG, CARGA ÚTIL MÁXIMA 11.130 KG, DISTÂNCIA ENTRE EIXOS 5,36 M, POTÊNCIA 185 CV, INCLUSIVE CAÇAMBA METÁLICA - CHP DIURNO. AF_06/2014","CHOR - CUSTOS HORÁRIOS DE MÁQUINAS E EQUIPAMENTOS",null,"CHP",1,175.1,175.1]
["Composição Auxiliar"," 7058 ","SINAPI","CAMINHÃO BASCULANTE 6 M3 TOCO, PESO BRUTO TOTAL 16.000 KG, CARGA ÚTIL MÁXIMA 11.130 KG, DISTÂNCIA ENTRE EIXOS 5,36 M, POTÊNCIA 185 CV, INCLUSIVE CAÇAMBA METÁLICA - DEPRECIAÇÃO. AF_06/2014","CHOR - CUSTOS HORÁRIOS DE MÁQUINAS E EQUIPAMENTOS",null,"H",1,19.739999999999998,19.739999999999998]
["Composição Auxiliar"," 7059 ","SINAPI","CAMINHÃO BASCULANTE 6 M3 TOCO, PESO BRUTO TOTAL 16.000 KG, CARGA ÚTIL MÁXIMA 11.130 KG, DISTÂNCIA ENTRE EIXOS 5,36 M, POTÊNCIA 185 CV, INCLUSIVE CAÇAMBA METÁLICA - JUROS. AF_06/2014","CHOR - CUSTOS HORÁRIOS DE MÁQUINAS E EQUIPAMENTOS",null,"H",1,7.81,7.81]
["Composição Auxiliar"," 7060 ","SINAPI","CAMINHÃO BASCULANTE 6 M3 TOCO, PESO BRUTO TOTAL 16.000 KG, CARGA ÚTIL MÁXIMA 11.130 KG, DISTÂNCIA ENTRE EIXOS 5,36 M, POTÊNCIA 185 CV, INCLUSIVE CAÇAMBA METÁLICA - MANUTENÇÃO. AF_06/2014","CHOR - CUSTOS HORÁRIOS DE MÁQUINAS E EQUIPAMENTOS",null,"H",1,36.18,36.18]
["Composição Auxiliar"," 7061 ","SINAPI","CAMINHÃO BASCULANTE 6 M3 TOCO, PESO BRUTO TOTAL 16.000 KG, CARGA ÚTIL MÁXIMA 11.130 KG, DISTÂNCIA ENTRE EIXOS 5,36 M, POTÊNCIA 185 CV, INCLUSIVE CAÇAMBA METÁLICA - MATERIAIS NA OPERAÇÃO. AF_06/2014","CHOR - CUSTOS HORÁRIOS DE MÁQUINAS E EQUIPAMENTOS",null,"H",1,77.63,77.63]
["Composição Auxiliar"," 88281 ","SINAPI","MOTORISTA DE BASCULANTE COM ENCARGOS COMPLEMENTARES","SEDI - SERVIÇOS DIVERSOS",null,"H",1,30.59,30.59]
["Composição Auxiliar"," 91402 ","SINAPI","CAMINHÃO BASCULANTE 6 M3 TOCO, PESO BRUTO TOTAL 16.000 KG, CARGA ÚTIL MÁXIMA 11.130 KG, DISTÂNCIA ENTRE EIXOS 5,36 M, POTÊNCIA 185 CV, INCLUSIVE CAÇAMBA METÁLICA - IMPOSTOS E SEGUROS. AF_06/2014","CHOR - CUSTOS HORÁRIOS DE MÁQUINAS E EQUIPAMENTOS",null,"H",1,3.15,3.15]
[]
[]
[]
[null,"Código","Banco","Descrição","Tipo",null,"Und","Quant.","Valor Unit","Total"]
["Composição"," 7058 ","SINAPI","CAMINHÃO BASCULANTE 6 M3 TOCO, PESO BRUTO TOTAL 16.000 KG, CARGA ÚTIL MÁXIMA 11.130 KG, DISTÂNCIA ENTRE EIXOS 5,36 M, POTÊNCIA 185 CV, INCLUSIVE CAÇAMBA METÁLICA - DEPRECIAÇÃO. AF_06/2014","CHOR - CUSTOS HORÁRIOS DE MÁQUINAS E EQUIPAMENTOS",null,"H",1,19.739999999999998,19.739999999999998]
["Insumo"," 00037733 ","SINAPI","CACAMBA METALICA BASCULANTE COM CAPACIDADE DE 6 M3 (INCLUI MONTAGEM, NAO INCLUI CAMINHAO)","Material",null,"UN",6.0300000000000002E-5,31363.63,1.89]
["Insumo"," 00037752 ","SINAPI","CAMINHAO TOCO, PESO BRUTO TOTAL 16000 KG, CARGA UTIL MAXIMA 11130 KG, DISTANCIA ENTRE EIXOS 5,36 M, POTENCIA 185 CV (INCLUI CABINE E CHASSI, NAO INCLUI CARROCERIA)","Equipamento",null,"UN",3.4199999999999998E-5,522162.14,17.850000000000001]
[]
[]
[]
[null,"Código","Banco","Descrição","Tipo",null,"Und","Quant.","Valor Unit","Total"]
["Composição"," 91402 ","SINAPI","CAMINHÃO BASCULANTE 6 M3 TOCO, PESO BRUTO TOTAL 16.000 KG, CARGA ÚTIL MÁXIMA 11.130 KG, DISTÂNCIA ENTRE EIXOS 5,36 M, POTÊNCIA 185 CV, INCLUSIVE CAÇAMBA METÁLICA - IMPOSTOS E SEGUROS. AF_06/2014","CHOR - CUSTOS HORÁRIOS DE MÁQUINAS E EQUIPAMENTOS",null,"H",1,3.15,3.15]
["Insumo"," 00037733 ","SINAPI","CACAMBA METALICA BASCULANTE COM CAPACIDADE DE 6 M3 (INCLUI MONTAGEM, NAO INCLUI CAMINHAO)","Material",null,"UN",5.9000000000000003E-6,31363.63,0.18]
["Insumo"," 00037752 ","SINAPI","CAMINHAO TOCO, PESO BRUTO TOTAL 16000 KG, CARGA UTIL MAXIMA 11130 KG, DISTANCIA ENTRE EIXOS 5,36 M, POTENCIA 185 CV (INCLUI CABINE E CHASSI, NAO INCLUI CARROCERIA)","Equipamento",null,"UN",5.6999999999999996E-6,522162.14,2.97]
[]
[]
[]
[null,"Código","Banco","Descrição","Tipo",null,"Und","Quant.","Valor Unit","Total"]
["Composição"," 7059 ","SINAPI","CAMINHÃO BASCULANTE 6 M3 TOCO, PESO BRUTO TOTAL 16.000 KG, CARGA ÚTIL MÁXIMA 11.130 KG, DISTÂNCIA ENTRE EIXOS 5,36 M, POTÊNCIA 185 CV, INCLUSIVE CAÇAMBA METÁLICA - JUROS. AF_06/2014","CHOR - CUSTOS HORÁRIOS DE MÁQUINAS E EQUIPAMENTOS",null,"H",1,7.81,7.81]
["Insumo"," 00037733 ","SINAPI","CACAMBA METALICA BASCULANTE COM CAPACIDADE DE 6 M3 (INCLUI MONTAGEM, NAO INCLUI CAMINHAO)","Material",null,"UN",1.4600000000000001E-5,31363.63,0.45]
["Insumo"," 00037752 ","SINAPI","CAMINHAO TOCO, PESO BRUTO TOTAL 16000 KG, CARGA UTIL MAXIMA 11130 KG, DISTANCIA ENTRE EIXOS 5,36 M, POTENCIA 185 CV (INCLUI CABINE E CHASSI, NAO INCLUI CARROCERIA)","Equipamento",null,"UN",1.4100000000000001E-5,522162.14,7.36]
[]
[]
[]
[null,"Código","Banco","Descrição","Tipo",null,"Und","Quant.","Valor Unit","Total"]
["Composição"," 7060 ","SINAPI","CAMINHÃO BASCULANTE 6 M3 TOCO, PESO BRUTO TOTAL 16.000 KG, CARGA ÚTIL MÁXIMA 11.130 KG, DISTÂNCIA ENTRE EIXOS 5,36 M, POTÊNCIA 185 CV, INCLUSIVE CAÇAMBA METÁLICA - MANUTENÇÃO. AF_06/2014","CHOR - CUSTOS HORÁRIOS DE MÁQUINAS E EQUIPAMENTOS",null,"H",1,36.18,36.18]
["Insumo"," 00037733 ","SINAPI","CACAMBA METALICA BASCULANTE COM CAPACIDADE DE 6 M3 (INCLUI MONTAGEM, NAO INCLUI CAMINHAO)","Material",null,"UN",8.4900000000000004E-5,31363.63,2.66]
["Insumo"," 00037752 ","SINAPI","CAMINHAO TOCO, PESO BRUTO TOTAL 16000 KG, CARGA UTIL MAXIMA 11130 KG, DISTANCIA ENTRE EIXOS 5,36 M, POTENCIA 185 CV (INCLUI CABINE E CHASSI, NAO INCLUI CARROCERIA)","Equipamento",null,"UN",6.4200000000000002E-5,522162.14,33.520000000000003]
[]
[]
[]
[null,"Código","Banco","Descrição","Tipo",null,"Und","Quant.","Valor Unit","Total"]
["Composição"," 7061 ","SINAPI","CAMINHÃO BASCULANTE 6 M3 TOCO, PESO BRUTO TOTAL 16.000 KG, CARGA ÚTIL MÁXIMA 11.130 KG, DISTÂNCIA ENTRE EIXOS 5,36 M, POTÊNCIA 185 CV, INCLUSIVE CAÇAMBA METÁLICA - MATERIAIS NA OPERAÇÃO. AF_06/2014","CHOR - CUSTOS HORÁRIOS DE MÁQUINAS E EQUIPAMENTOS",null,"H",1,77.63,77.63]
["Insumo"," 00004221 ","SINAPI","OLEO DIESEL COMBUSTIVEL COMUM","Material",null,"L",13.62,5.7,77.63]
[]
[]
[]
[null,"Código","Banco","Descrição","Tipo",null,"Und","Quant.","Valor Unit","Total"]
["Composição"," 5903 ","SINAPI","CAMINHÃO PIPA 10.000 L TRUCADO, PESO BRUTO TOTAL 23.000 KG, CARGA ÚTIL MÁXIMA 15.935 KG, DISTÂNCIA ENTRE EIXOS 4,8 M, POTÊNCIA 230 CV, INCLUSIVE TANQUE DE AÇO PARA TRANSPORTE DE ÁGUA - CHI DIURNO. AF_06/2014","CHOR - CUSTOS HORÁRIOS DE MÁQUINAS E EQUIPAMENTOS",null,"CHI",1,71.7,71.7]
["Composição Auxiliar"," 88282 ","SINAPI","MOTORISTA DE CAMINHÃO COM ENCARGOS COMPLEMENTARES","SEDI - SERVIÇOS DIVERSOS",null,"H",1,29.66,29.66]
["Composição Auxiliar"," 91396 ","SINAPI","CAMINHÃO PIPA 10.000 L TRUCADO, PESO BRUTO TOTAL 23.000 KG, CARGA ÚTIL MÁXIMA 15.935 KG, DISTÂNCIA ENTRE EIXOS 4,8 M, POTÊNCIA 230 CV, INCLUSIVE TANQUE DE AÇO PARA TRANSPORTE DE ÁGUA - DEPRECIAÇÃO. AF_06/2014","CHOR - CUSTOS HORÁRIOS DE MÁQUINAS E EQUIPAMENTOS",null,"H",1,27.3,27.3]
["Composição Auxiliar"," 91397 ","SINAPI","CAMINHÃO PIPA 10.000 L TRUCADO, PESO BRUTO TOTAL 23.000 KG, CARGA ÚTIL MÁXIMA 15.935 KG, DISTÂNCIA ENTRE EIXOS 4,8 M, POTÊNCIA 230 CV, INCLUSIVE TANQUE DE AÇO PARA TRANSPORTE DE ÁGUA - JUROS. AF_06/2014","CHOR - CUSTOS HORÁRIOS DE MÁQUINAS E EQUIPAMENTOS",null,"H",1,10.5,10.5]
["Composição Auxiliar"," 91398 ","SINAPI","CAMINHÃO PIPA 10.000 L TRUCADO, PESO BRUTO TOTAL 23.000 KG, CARGA ÚTIL MÁXIMA 15.935 KG, DISTÂNCIA ENTRE EIXOS 4,8 M, POTÊNCIA 230 CV, INCLUSIVE TANQUE DE AÇO PARA TRANSPORTE DE ÁGUA - IMPOSTOS E SEGUROS. AF_06/2014","CHOR - CUSTOS HORÁRIOS DE MÁQUINAS E EQUIPAMENTOS",null,"H",1,4.24,4.24]
[]
[]
[]
[null,"Código","Banco","Descrição","Tipo",null,"Und","Quant.","Valor Unit","Total"]
["Composição"," 5901 ","SINAPI","CAMINHÃO PIPA 10.000 L TRUCADO, PESO BRUTO TOTAL 23.000 KG, CARGA ÚTIL MÁXIMA 15.935 KG, DISTÂNCIA ENTRE EIXOS 4,8 M, POTÊNCIA 230 CV, INCLUSIVE TANQUE DE AÇO PARA TRANSPORTE DE ÁGUA - CHP DIURNO. AF_06/2014","CHOR - CUSTOS HORÁRIOS DE MÁQUINAS E EQUIPAMENTOS",null,"CHP",1,303.24,303.24]
["Composição Auxiliar"," 53831 ","SINAPI","CAMINHÃO PIPA 10.000 L TRUCADO, PESO BRUTO TOTAL 23.000 KG, CARGA ÚTIL MÁXIMA 15.935 KG, DISTÂNCIA ENTRE EIXOS 4,8 M, POTÊNCIA 230 CV, INCLUSIVE TANQUE DE AÇO PARA TRANSPORTE DE ÁGUA - MATERIAIS NA OPERAÇÃO. AF_06/2014","CHOR - CUSTOS HORÁRIOS DE MÁQUINAS E EQUIPAMENTOS",null,"H",1,183.31,183.31]
["Composição Auxiliar"," 5763 ","SINAPI","CAMINHÃO PIPA 10.000 L TRUCADO, PESO BRUTO TOTAL 23.000 KG, CARGA ÚTIL MÁXIMA 15.935 KG, DISTÂNCIA ENTRE EIXOS 4,8 M, POTÊNCIA 230 CV, INCLUSIVE TANQUE DE AÇO PARA TRANSPORTE DE ÁGUA - MANUTENÇÃO. AF_06/2014","CHOR - CUSTOS HORÁRIOS DE MÁQUINAS E EQUIPAMENTOS",null,"H",1,48.23,48.23]
["Composição Auxiliar"," 88282 ","SINAPI","MOTORISTA DE CAMINHÃO COM ENCARGOS COMPLEMENTARES","SEDI - SERVIÇOS DIVERSOS",null,"H",1,29.66,29.66]
["Composição Auxiliar"," 91396 ","SINAPI","CAMINHÃO PIPA 10.000 L TRUCADO, PESO BRUTO TOTAL 23.000 KG, CARGA ÚTIL MÁXIMA 15.935 KG, DISTÂNCIA ENTRE EIXOS 4,8 M, POTÊNCIA 230 CV, INCLUSIVE TANQUE DE AÇO PARA TRANSPORTE DE ÁGUA - DEPRECIAÇÃO. AF_06/2014","CHOR - CUSTOS HORÁRIOS DE MÁQUINAS E EQUIPAMENTOS",null,"H",1,27.3,27.3]
["Composição Auxiliar"," 91397 ","SINAPI","CAMINHÃO PIPA 10.000 L TRUCADO, PESO BRUTO TOTAL 23.000 KG, CARGA ÚTIL MÁXIMA 15.935 KG, DISTÂNCIA ENTRE EIXOS 4,8 M, POTÊNCIA 230 CV, INCLUSIVE TANQUE DE AÇO PARA TRANSPORTE DE ÁGUA - JUROS. AF_06/2014","CHOR - CUSTOS HORÁRIOS DE MÁQUINAS E EQUIPAMENTOS",null,"H",1,10.5,10.5]
["Composição Auxiliar"," 91398 ","SINAPI","CAMINHÃO PIPA 10.000 L TRUCADO, PESO BRUTO TOTAL 23.000 KG, CARGA ÚTIL MÁXIMA 15.935 KG, DISTÂNCIA ENTRE EIXOS 4,8 M, POTÊNCIA 230 CV, INCLUSIVE TANQUE DE AÇO PARA TRANSPORTE DE ÁGUA - IMPOSTOS E SEGUROS. AF_06/2014","CHOR - CUSTOS HORÁRIOS DE MÁQUINAS E EQUIPAMENTOS",null,"H",1,4.24,4.24]
[]
[]
[]
[null,"Código","Banco","Descrição","Tipo",null,"Und","Quant.","Valor Unit","Total"]
["Composição"," 91396 ","SINAPI","CAMINHÃO PIPA 10.000 L TRUCADO, PESO BRUTO TOTAL 23.000 KG, CARGA ÚTIL MÁXIMA 15.935 KG, DISTÂNCIA ENTRE EIXOS 4,8 M, POTÊNCIA 230 CV, INCLUSIVE TANQUE DE AÇO PARA TRANSPORTE DE ÁGUA - DEPRECIAÇÃO. AF_06/2014","CHOR - CUSTOS HORÁRIOS DE MÁQUINAS E EQUIPAMENTOS",null,"H",1,27.3,27.3]
["Insumo"," 00037736 ","SINAPI","TANQUE DE ACO CARBONO NAO REVESTIDO, PARA TRANSPORTE DE AGUA COM CAPACIDADE DE 10 M3, COM BOMBA CENTRIFUGA POR TOMADA DE FORCA, VAZAO MAXIMA *75* M3/H (INCLUI MONTAGEM, NAO INCLUI CAMINHAO)","Material",null,"UN",5.5099999999999998E-5,85950,4.7300000000000004]
["Insumo"," 00037758 ","SINAPI","CAMINHAO TRUCADO, PESO BRUTO TOTAL 23000 KG, CARGA UTIL MAXIMA 15285 KG, DISTANCIA ENTRE EIXOS 4,80 M, POTENCIA 326 CV (INCLUI CABINE E CHASSI, NAO INCLUI CARROCERIA)","Equipamento",null,"UN",3.43E-5,658090.06999999995,22.57]
[]
[]
[]
[null,"Código","Banco","Descrição","Tipo",null,"Und","Quant.","Valor Unit","Total"]
["Composição"," 91398 ","SINAPI","CAMINHÃO PIPA 10.000 L TRUCADO, PESO BRUTO TOTAL 23.000 KG, CARGA ÚTIL MÁXIMA 15.935 KG, DISTÂNCIA ENTRE EIXOS 4,8 M, POTÊNCIA 230 CV, INCLUSIVE TANQUE DE AÇO PARA TRANSPORTE DE ÁGUA - IMPOSTOS E SEGUROS. AF_06/2014","CHOR - CUSTOS HORÁRIOS DE MÁQUINAS E EQUIPAMENTOS",null,"H",1,4.24,4.24]
["Insumo"," 00037736 ","SINAPI","TANQUE DE ACO CARBONO NAO REVESTIDO, PARA TRANSPORTE DE AGUA COM CAPACIDADE DE 10 M3, COM BOMBA CENTRIFUGA POR TOMADA DE FORCA, VAZAO MAXIMA *75* M3/H (INCLUI MONTAGEM, NAO INCLUI CAMINHAO)","Material",null,"UN",5.8000000000000004E-6,85950,0.49]
["Insumo"," 00037758 ","SINAPI","CAMINHAO TRUCADO, PESO BRUTO TOTAL 23000 KG, CARGA UTIL MAXIMA 15285 KG, DISTANCIA ENTRE EIXOS 4,80 M, POTENCIA 326 CV (INCLUI CABINE E CHASSI, NAO INCLUI CARROCERIA)","Equipamento",null,"UN",5.6999999999999996E-6,658090.06999999995,3.75]
[]
[]
[]
[null,"Código","Banco","Descrição","Tipo",null,"Und","Quant.","Valor Unit","Total"]
["Composição"," 91397 ","SINAPI","CAMINHÃO PIPA 10.000 L TRUCADO, PESO BRUTO TOTAL 23.000 KG, CARGA ÚTIL MÁXIMA 15.935 KG, DISTÂNCIA ENTRE EIXOS 4,8 M, POTÊNCIA 230 CV, INCLUSIVE TANQUE DE AÇO PARA TRANSPORTE DE ÁGUA - JUROS. AF_06/2014","CHOR - CUSTOS HORÁRIOS DE MÁQUINAS E EQUIPAMENTOS",null,"H",1,10.5,10.5]
["Insumo"," 00037736 ","SINAPI","TANQUE DE ACO CARBONO NAO REVESTIDO, PARA TRANSPORTE DE AGUA COM CAPACIDADE DE 10 M3, COM BOMBA CENTRIFUGA POR TOMADA DE FORCA, VAZAO MAXIMA *75* M3/H (INCLUI MONTAGEM, NAO INCLUI CAMINHAO)","Material",null,"UN",1.4399999999999999E-5,85950,1.23]
["Insumo"," 00037758 ","SINAPI","CAMINHAO TRUCADO, PESO BRUTO TOTAL 23000 KG, CARGA UTIL MAXIMA 15285 KG, DISTANCIA ENTRE EIXOS 4,80 M, POTENCIA 326 CV (INCLUI CABINE E CHASSI, NAO INCLUI CARROCERIA)","Equipamento",null,"UN",1.4100000000000001E-5,658090.06999999995,9.27]
[]
[]
[]
[null,"Código","Banco","Descrição","Tipo",null,"Und","Quant.","Valor Unit","Total"]
["Composição"," 5763 ","SINAPI","CAMINHÃO PIPA 10.000 L TRUCADO, PESO BRUTO TOTAL 23.000 KG, CARGA ÚTIL MÁXIMA 15.935 KG, DISTÂNCIA ENTRE EIXOS 4,8 M, POTÊNCIA 230 CV, INCLUSIVE TANQUE DE AÇO PARA TRANSPORTE DE ÁGUA - MANUTENÇÃO. AF_06/2014","CHOR - CUSTOS HORÁRIOS DE MÁQUINAS E EQUIPAMENTOS",null,"H",1,48.23,48.23]
["Insumo"," 00037736 ","SINAPI","TANQUE DE ACO CARBONO NAO REVESTIDO, PARA TRANSPORTE DE AGUA COM CAPACIDADE DE 10 M3, COM BOMBA CENTRIFUGA POR TOMADA DE FORCA, VAZAO MAXIMA *75* M3/H (INCLUI MONTAGEM, NAO INCLUI CAMINHAO)","Material",null,"UN",6.8899999999999994E-5,85950,5.92]
["Insumo"," 00037758 ","SINAPI","CAMINHAO TRUCADO, PESO BRUTO TOTAL 23000 KG, CARGA UTIL MAXIMA 15285 KG, DISTANCIA ENTRE EIXOS 4,80 M, POTENCIA 326 CV (INCLUI CABINE E CHASSI, NAO INCLUI CARROCERIA)","Equipamento",null,"UN",6.4300000000000004E-5,658090.06999999995,42.31]
[]
[]
[]
[null,"Código","Banco","Descrição","Tipo",null,"Und","Quant.","Valor Unit","Total"]
["Composição"," 53831 ","SINAPI","CAMINHÃO PIPA 10.000 L TRUCADO, PESO BRUTO TOTAL 23.000 KG, CARGA ÚTIL MÁXIMA 15.935 KG, DISTÂNCIA ENTRE EIXOS 4,8 M, POTÊNCIA 230 CV, INCLUSIVE TANQUE DE AÇO PARA TRANSPORTE DE ÁGUA - MATERIAIS NA OPERAÇÃO. AF_06/2014","CHOR - CUSTOS HORÁRIOS DE MÁQUINAS E EQUIPAMENTOS",null,"H",1,183.31,183.31]
["Insumo"," 00004221 ","SINAPI","OLEO DIESEL COMBUSTIVEL COMUM","Material",null,"L",32.159999999999997,5.7,183.31]
[]
[]
[]
[null,"Código","Banco","Descrição","Tipo",null,"Und","Quant.","Valor Unit","Total"]
["Composição"," 73467 ","SINAPI","CAMINHÃO TOCO, PBT 14.300 KG, CARGA ÚTIL MÁX. 9.710 KG, DIST. ENTRE EIXOS 3,56 M, POTÊNCIA 185 CV, INCLUSIVE CARROCERIA FIXA ABERTA DE MADEIRA P/ TRANSPORTE GERAL DE CARGA SECA, DIMEN. APROX. 2,50 X 6,50 X 0,50 M - CHP DIURNO. AF_06/2014","CHOR - CUSTOS HORÁRIOS DE MÁQUINAS E EQUIPAMENTOS",null,"CHP",1,235.6,235.6]
["Composição Auxiliar"," 73335 ","SINAPI","CAMINHÃO TOCO, PBT 14.300 KG, CARGA ÚTIL MÁX. 9.710 KG, DIST. ENTRE EIXOS 3,56 M, POTÊNCIA 185 CV, INCLUSIVE CARROCERIA FIXA ABERTA DE MADEIRA P/ TRANSPORTE GERAL DE CARGA SECA, DIMEN. APROX. 2,50 X 6,50 X 0,50 M - MANUTENÇÃO. AF_06/2014","CHOR - CUSTOS HORÁRIOS DE MÁQUINAS E EQUIPAMENTOS",null,"H",1,31.63,31.63]
["Composição Auxiliar"," 73340 ","SINAPI","CAMINHÃO TOCO, PBT 14.300 KG, CARGA ÚTIL MÁX. 9.710 KG, DIST. ENTRE EIXOS 3,56 M, POTÊNCIA 185 CV, INCLUSIVE CARROCERIA FIXA ABERTA DE MADEIRA P/ TRANSPORTE GERAL DE CARGA SECA, DIMEN. APROX. 2,50 X 6,50 X 0,50 M - MATERIAIS NA OPERAÇÃO. AF_06/2014","CHOR - CUSTOS HORÁRIOS DE MÁQUINAS E EQUIPAMENTOS",null,"H",1,147.44999999999999,147.44999999999999]
["Composição Auxiliar"," 88282 ","SINAPI","MOTORISTA DE CAMINHÃO COM ENCARGOS COMPLEMENTARES","SEDI - SERVIÇOS DIVERSOS",null,"H",1,29.66,29.66]
["Composição Auxiliar"," 91390 ","SINAPI","CAMINHÃO TOCO, PBT 14.300 KG, CARGA ÚTIL MÁX. 9.710 KG, DIST. ENTRE EIXOS 3,56 M, POTÊNCIA 185 CV, INCLUSIVE CARROCERIA FIXA ABERTA DE MADEIRA P/ TRANSPORTE GERAL DE CARGA SECA, DIMEN. APROX. 2,50 X 6,50 X 0,50 M - DEPRECIAÇÃO. AF_06/2014","CHOR - CUSTOS HORÁRIOS DE MÁQUINAS E EQUIPAMENTOS",null,"H",1,17.149999999999999,17.149999999999999]
["Composição Auxiliar"," 91391 ","SINAPI","CAMINHÃO TOCO, PBT 14.300 KG, CARGA ÚTIL MÁX. 9.710 KG, DIST. ENTRE EIXOS 3,56 M, POTÊNCIA 185 CV, INCLUSIVE CARROCERIA FIXA ABERTA DE MADEIRA P/ TRANSPORTE GERAL DE CARGA SECA, DIMEN. APROX. 2,50 X 6,50 X 0,50 M - JUROS. AF_06/2014","CHOR - CUSTOS HORÁRIOS DE MÁQUINAS E EQUIPAMENTOS",null,"H",1,6.92,6.92]
["Composição Auxiliar"," 91392 ","SINAPI","CAMINHÃO TOCO, PBT 14.300 KG, CARGA ÚTIL MÁX. 9.710 KG, DIST. ENTRE EIXOS 3,56 M, POTÊNCIA 185 CV, INCLUSIVE CARROCERIA FIXA ABERTA DE MADEIRA P/ TRANSPORTE GERAL DE CARGA SECA, DIMEN. APROX. 2,50 X 6,50 X 0,50 M - IMPOSTOS E SEGUROS. AF_06/2014","CHOR - CUSTOS HORÁRIOS DE MÁQUINAS E EQUIPAMENTOS",null,"H",1,2.79,2.79]
[]
[]
[]
[null,"Código","Banco","Descrição","Tipo",null,"Und","Quant.","Valor Unit","Total"]
["Composição"," 91390 ","SINAPI","CAMINHÃO TOCO, PBT 14.300 KG, CARGA ÚTIL MÁX. 9.710 KG, DIST. ENTRE EIXOS 3,56 M, POTÊNCIA 185 CV, INCLUSIVE CARROCERIA FIXA ABERTA DE MADEIRA P/ TRANSPORTE GERAL DE CARGA SECA, DIMEN. APROX. 2,50 X 6,50 X 0,50 M - DEPRECIAÇÃO. AF_06/2014","CHOR - CUSTOS HORÁRIOS DE MÁQUINAS E EQUIPAMENTOS",null,"H",1,17.149999999999999,17.149999999999999]
["Insumo"," 00037730 ","SINAPI","CARROCERIA FIXA ABERTA DE MADEIRA PARA TRANSPORTE GERAL DE CARGA SECA DIMENSOES APROXIMADAS 2,5 X 6,5 X 0,50 M (INCLUI MONTAGEM, NAO INCLUI CAMINHAO)","Material",null,"UN",5.5099999999999998E-5,15409.09,0.84]
["Insumo"," 00037754 ","SINAPI","CAMINHAO TOCO, PESO BRUTO TOTAL 14300 KG, CARGA UTIL MAXIMA 9480 KG, DISTANCIA ENTRE EIXOS 4,80 M, POTENCIA 185 CV (INCLUI CABINE E CHASSI, NAO INCLUI CARROCERIA)","Equipamento",null,"UN",3.43E-5,475581.99,16.309999999999999]
[]
[]
[]
[null,"Código","Banco","Descrição","Tipo",null,"Und","Quant.","Valor Unit","Total"]
["Composição"," 91392 ","SINAPI","CAMINHÃO TOCO, PBT 14.300 KG, CARGA ÚTIL MÁX. 9.710 KG, DIST. ENTRE EIXOS 3,56 M, POTÊNCIA 185 CV, INCLUSIVE CARROCERIA FIXA ABERTA DE MADEIRA P/ TRANSPORTE GERAL DE CARGA SECA, DIMEN. APROX. 2,50 X 6,50 X 0,50 M - IMPOSTOS E SEGUROS. AF_06/2014","CHOR - CUSTOS HORÁRIOS DE MÁQUINAS E EQUIPAMENTOS",null,"H",1,2.79,2.79]
["Insumo"," 00037730 ","SINAPI","CARROCERIA FIXA ABERTA DE MADEIRA PARA TRANSPORTE GERAL DE CARGA SECA DIMENSOES APROXIMADAS 2,5 X 6,5 X 0,50 M (INCLUI MONTAGEM, NAO INCLUI CAMINHAO)","Material",null,"UN",5.8000000000000004E-6,15409.09,0.08]
["Insumo"," 00037754 ","SINAPI","CAMINHAO TOCO, PESO BRUTO TOTAL 14300 KG, CARGA UTIL MAXIMA 9480 KG, DISTANCIA ENTRE EIXOS 4,80 M, POTENCIA 185 CV (INCLUI CABINE E CHASSI, NAO INCLUI CARROCERIA)","Equipamento",null,"UN",5.6999999999999996E-6,475581.99,2.71]
[]
[]
[]
[null,"Código","Banco","Descrição","Tipo",null,"Und","Quant.","Valor Unit","Total"]
["Composição"," 91391 ","SINAPI","CAMINHÃO TOCO, PBT 14.300 KG, CARGA ÚTIL MÁX. 9.710 KG, DIST. ENTRE EIXOS 3,56 M, POTÊNCIA 185 CV, INCLUSIVE CARROCERIA FIXA ABERTA DE MADEIRA P/ TRANSPORTE GERAL DE CARGA SECA, DIMEN. APROX. 2,50 X 6,50 X 0,50 M - JUROS. AF_06/2014","CHOR - CUSTOS HORÁRIOS DE MÁQUINAS E EQUIPAMENTOS",null,"H",1,6.92,6.92]
["Insumo"," 00037730 ","SINAPI","CARROCERIA FIXA ABERTA DE MADEIRA PARA TRANSPORTE GERAL DE CARGA SECA DIMENSOES APROXIMADAS 2,5 X 6,5 X 0,50 M (INCLUI MONTAGEM, NAO INCLUI CAMINHAO)","Material",null,"UN",1.4399999999999999E-5,15409.09,0.22]
["Insumo"," 00037754 ","SINAPI","CAMINHAO TOCO, PESO BRUTO TOTAL 14300 KG, CARGA UTIL MAXIMA 9480 KG, DISTANCIA ENTRE EIXOS 4,80 M, POTENCIA 185 CV (INCLUI CABINE E CHASSI, NAO INCLUI CARROCERIA)","Equipamento",null,"UN",1.4100000000000001E-5,475581.99,6.7]
[]
[]
[]
[null,"Código","Banco","Descrição","Tipo",null,"Und","Quant.","Valor Unit","Total"]
["Composição"," 73335 ","SINAPI","CAMINHÃO TOCO, PBT 14.300 KG, CARGA ÚTIL MÁX. 9.710 KG, DIST. ENTRE EIXOS 3,56 M, POTÊNCIA 185 CV, INCLUSIVE CARROCERIA FIXA ABERTA DE MADEIRA P/ TRANSPORTE GERAL DE CARGA SECA, DIMEN. APROX. 2,50 X 6,50 X 0,50 M - MANUTENÇÃO. AF_06/2014","CHOR - CUSTOS HORÁRIOS DE MÁQUINAS E EQUIPAMENTOS",null,"H",1,31.63,31.63]
["Insumo"," 00037730 ","SINAPI","CARROCERIA FIXA ABERTA DE MADEIRA PARA TRANSPORTE GERAL DE CARGA SECA DIMENSOES APROXIMADAS 2,5 X 6,5 X 0,50 M (INCLUI MONTAGEM, NAO INCLUI CAMINHAO)","Material",null,"UN",6.8899999999999994E-5,15409.09,1.06]
["Insumo"," 00037754 ","SINAPI","CAMINHAO TOCO, PESO BRUTO TOTAL 14300 KG, CARGA UTIL MAXIMA 9480 KG, DISTANCIA ENTRE EIXOS 4,80 M, POTENCIA 185 CV (INCLUI CABINE E CHASSI, NAO INCLUI CARROCERIA)","Equipamento",null,"UN",6.4300000000000004E-5,475581.99,30.57]
[]
[]
[]
[null,"Código","Banco","Descrição","Tipo",null,"Und","Quant.","Valor Unit","Total"]
["Composição"," 73340 ","SINAPI","CAMINHÃO TOCO, PBT 14.300 KG, CARGA ÚTIL MÁX. 9.710 KG, DIST. ENTRE EIXOS 3,56 M, POTÊNCIA 185 CV, INCLUSIVE CARROCERIA FIXA ABERTA DE MADEIRA P/ TRANSPORTE GERAL DE CARGA SECA, DIMEN. APROX. 2,50 X 6,50 X 0,50 M - MATERIAIS NA OPERAÇÃO. AF_06/2014","CHOR - CUSTOS HORÁRIOS DE MÁQUINAS E EQUIPAMENTOS",null,"H",1,147.44999999999999,147.44999999999999]
["Insumo"," 00004221 ","SINAPI","OLEO DIESEL COMBUSTIVEL COMUM","Material",null,"L",25.87,5.7,147.44999999999999]
[]
[]
[]
[null,"Código","Banco","Descrição","Tipo",null,"Und","Quant.","Valor Unit","Total"]
["Composição"," 88261 ","SINAPI","CARPINTEIRO DE ESQUADRIA COM ENCARGOS COMPLEMENTARES","SEDI - SERVIÇOS DIVERSOS",null,"H",1,24.94,24.94]
["Composição Auxiliar"," 95329 ","SINAPI","CURSO DE CAPACITAÇÃO PARA CARPINTEIRO DE ESQUADRIA (ENCARGOS COMPLEMENTARES) - HORISTA","SEDI - SERVIÇOS DIVERSOS",null,"H",1,0.3,0.3]
["Insumo"," 00001214 ","SINAPI","CARPINTEIRO DE ESQUADRIAS","Mão de Obra",null,"H",1,18.21,18.21]
["Insumo"," 00037370 ","SINAPI","ALIMENTACAO - HORISTA (COLETADO CAIXA)","Outros",null,"H",1,2.39,2.39]
["Insumo"," 00037371 ","SINAPI","TRANSPORTE - HORISTA (COLETADO CAIXA)","Serviços",null,"H",1,0.74,0.74]
["Insumo"," 00037372 ","SINAPI","EXAMES - HORISTA (COLETADO CAIXA)","Outros",null,"H",1,1.34,1.34]
["Insumo"," 00037373 ","SINAPI","SEGURO - HORISTA (COLETADO CAIXA)","Taxas",null,"H",1,0.04,0.04]
["Insumo"," 00043459 ","SINAPI","FERRAMENTAS - FAMILIA CARPINTEIRO DE FORMAS - HORISTA (ENCARGOS COMPLEMENTARES - COLETADO CAIXA)","Equipamento",null,"H",1,0.49,0.49]
["Insumo"," 00043483 ","SINAPI","EPI - FAMILIA CARPINTEIRO DE FORMAS - HORISTA (ENCARGOS COMPLEMENTARES - COLETADO CAIXA)","Equipamento",null,"H",1,1.43,1.43]
[]
[]
[]
[null,"Código","Banco","Descrição","Tipo",null,"Und","Quant.","Valor Unit","Total"]
["Composição"," 88262 ","SINAPI","CARPINTEIRO DE FORMAS COM ENCARGOS COMPLEMENTARES","SEDI - SERVIÇOS DIVERSOS",null,"H",1,25.8,25.8]
["Composição Auxiliar"," 95330 ","SINAPI","CURSO DE CAPACITAÇÃO PARA CARPINTEIRO DE FÔRMAS (ENCARGOS COMPLEMENTARES) - HORISTA","SEDI - SERVIÇOS DIVERSOS",null,"H",1,0.25,0.25]
["Insumo"," 00001213 ","SINAPI","CARPINTEIRO DE FORMAS","Mão de Obra",null,"H",1,19.12,19.12]
["Insumo"," 00037370 ","SINAPI","ALIMENTACAO - HORISTA (COLETADO CAIXA)","Outros",null,"H",1,2.39,2.39]
["Insumo"," 00037371 ","SINAPI","TRANSPORTE - HORISTA (COLETADO CAIXA)","Serviços",null,"H",1,0.74,0.74]
["Insumo"," 00037372 ","SINAPI","EXAMES - HORISTA (COLETADO CAIXA)","Outros",null,"H",1,1.34,1.34]
["Insumo"," 00037373 ","SINAPI","SEGURO - HORISTA (COLETADO CAIXA)","Taxas",null,"H",1,0.04,0.04]
["Insumo"," 00043459 ","SINAPI","FERRAMENTAS - FAMILIA CARPINTEIRO DE FORMAS - HORISTA (ENCARGOS COMPLEMENTARES - COLETADO CAIXA)","Equipamento",null,"H",1,0.49,0.49]
["Insumo"," 00043483 ","SINAPI","EPI - FAMILIA CARPINTEIRO DE FORMAS - HORISTA (ENCARGOS COMPLEMENTARES - COLETADO CAIXA)","Equipamento",null,"H",1,1.43,1.43]
[]
[]
[]
[null,"Código","Banco","Descrição","Tipo",null,"Und","Quant.","Valor Unit","Total"]
["Composição"," 90466 ","SINAPI","CHUMBAMENTO LINEAR EM ALVENARIA PARA RAMAIS/DISTRIBUIÇÃO COM DIÂMETROS MENORES OU IGUAIS A 40 MM. AF_05/2015","INHI - INSTALAÇÕES HIDROS SANITÁRIAS",null,"M",1,14.28,14.28]
["Composição Auxiliar"," 88248 ","SINAPI","AUXILIAR DE ENCANADOR OU BOMBEIRO HIDRÁULICO COM ENCARGOS COMPLEMENTARES","SEDI - SERVIÇOS DIVERSOS",null,"H",8.3000000000000004E-2,20.100000000000001,1.66]
["Composição Auxiliar"," 88267 ","SINAPI","ENCANADOR OU BOMBEIRO HIDRÁULICO COM ENCARGOS COMPLEMENTARES","SEDI - SERVIÇOS DIVERSOS",null,"H",0.36499999999999999,25.39,9.26]
["Composição Auxiliar"," 88629 ","SINAPI","ARGAMASSA TRAÇO 1:3 (EM VOLUME DE CIMENTO E AREIA MÉDIA ÚMIDA), PREPARO MANUAL. AF_08/2019","SEDI - SERVIÇOS DIVERSOS",null,"m³",5.1000000000000004E-3,659.73,3.36]
[]
[]
[]
[null,"Código","Banco","Descrição","Tipo",null,"Und","Quant.","Valor Unit","Total"]
["Composição"," 91534 ","SINAPI","COMPACTADOR DE SOLOS DE PERCUSSÃO (SOQUETE) COM MOTOR A GASOLINA 4 TEMPOS, POTÊNCIA 4 CV - CHI DIURNO. AF_08/2015","CHOR - CUSTOS HORÁRIOS DE MÁQUINAS E EQUIPAMENTOS",null,"CHI",1,29.9,29.9]
["Composição Auxiliar"," 88297 ","SINAPI","OPERADOR DE MÁQUINAS E EQUIPAMENTOS COM ENCARGOS COMPLEMENTARES","SEDI - SERVIÇOS DIVERSOS",null,"H",1,28.86,28.86]
["Composição Auxiliar"," 91529 ","SINAPI","COMPACTADOR DE SOLOS DE PERCUSSÃO (SOQUETE) COM MOTOR A GASOLINA 4 TEMPOS, POTÊNCIA 4 CV - DEPRECIAÇÃO. AF_08/2015","CHOR - CUSTOS HORÁRIOS DE MÁQUINAS E EQUIPAMENTOS",null,"H",1,0.82,0.82]
["Composição Auxiliar"," 91530 ","SINAPI","COMPACTADOR DE SOLOS DE PERCUSSÃO (SOQUETE) COM MOTOR A GASOLINA 4 TEMPOS, POTÊNCIA 4 CV - JUROS. AF_08/2015","CHOR - CUSTOS HORÁRIOS DE MÁQUINAS E EQUIPAMENTOS",null,"H",1,0.22,0.22]
[]
[]
[]
[null,"Código","Banco","Descrição","Tipo",null,"Und","Quant.","Valor Unit","Total"]
["Composição"," 91533 ","SINAPI","COMPACTADOR DE SOLOS DE PERCUSSÃO (SOQUETE) COM MOTOR A GASOLINA 4 TEMPOS, POTÊNCIA 4 CV - CHP DIURNO. AF_08/2015","CHOR - CUSTOS HORÁRIOS DE MÁQUINAS E EQUIPAMENTOS",null,"CHP",1,37.53,37.53]
["Composição Auxiliar"," 88297 ","SINAPI","OPERADOR DE MÁQUINAS E EQUIPAMENTOS COM ENCARGOS COMPLEMENTARES","SEDI - SERVIÇOS DIVERSOS",null,"H",1,28.86,28.86]
["Composição Auxiliar"," 91529 ","SINAPI","COMPACTADOR DE SOLOS DE PERCUSSÃO (SOQUETE) COM MOTOR A GASOLINA 4 TEMPOS, POTÊNCIA 4 CV - DEPRECIAÇÃO. AF_08/2015","CHOR - CUSTOS HORÁRIOS DE MÁQUINAS E EQUIPAMENTOS",null,"H",1,0.82,0.82]
["Composição Auxiliar"," 91530 ","SINAPI","COMPACTADOR DE SOLOS DE PERCUSSÃO (SOQUETE) COM MOTOR A GASOLINA 4 TEMPOS, POTÊNCIA 4 CV - JUROS. AF_08/2015","CHOR - CUSTOS HORÁRIOS DE MÁQUINAS E EQUIPAMENTOS",null,"H",1,0.22,0.22]
["Composição Auxiliar"," 91531 ","SINAPI","COMPACTADOR DE SOLOS DE PERCUSSÃO (SOQUETE) COM MOTOR A GASOLINA 4 TEMPOS, POTÊNCIA 4 CV - MANUTENÇÃO. AF_08/2015","CHOR - CUSTOS HORÁRIOS DE MÁQUINAS E EQUIPAMENTOS",null,"H",1,1.03,1.03]
["Composição Auxiliar"," 91532 ","SINAPI","COMPACTADOR DE SOLOS DE PERCUSSÃO (SOQUETE) COM MOTOR A GASOLINA 4 TEMPOS, POTÊNCIA 4 CV - MATERIAIS NA OPERAÇÃO. AF_08/2015","CHOR - CUSTOS HORÁRIOS DE MÁQUINAS E EQUIPAMENTOS",null,"H",1,6.6,6.6]
[]
[]
[]
[null,"Código","Banco","Descrição","Tipo",null,"Und","Quant.","Valor Unit","Total"]
["Composição"," 91529 ","SINAPI","COMPACTADOR DE SOLOS DE PERCUSSÃO (SOQUETE) COM MOTOR A GASOLINA 4 TEMPOS, POTÊNCIA 4 CV - DEPRECIAÇÃO. AF_08/2015","CHOR - CUSTOS HORÁRIOS DE MÁQUINAS E EQUIPAMENTOS",null,"H",1,0.82,0.82]
["Insumo"," 00013458 ","SINAPI","COMPACTADOR DE SOLOS DE PERCURSAO (SOQUETE) COM MOTOR A GASOLINA 4 TEMPOS DE 4 HP (4 CV)","Equipamento",null,"UN",5.3300000000000001E-5,15517.01,0.82]
[]
[]
[]
[null,"Código","Banco","Descrição","Tipo",null,"Und","Quant.","Valor Unit","Total"]
["Composição"," 91530 ","SINAPI","COMPACTADOR DE SOLOS DE PERCUSSÃO (SOQUETE) COM MOTOR A GASOLINA 4 TEMPOS, POTÊNCIA 4 CV - JUROS. AF_08/2015","CHOR - CUSTOS HORÁRIOS DE MÁQUINAS E EQUIPAMENTOS",null,"H",1,0.22,0.22]
["Insumo"," 00013458 ","SINAPI","COMPACTADOR DE SOLOS DE PERCURSAO (SOQUETE) COM MOTOR A GASOLINA 4 TEMPOS DE 4 HP (4 CV)","Equipamento",null,"UN",1.43E-5,15517.01,0.22]
[]
[]
[]
[null,"Código","Banco","Descrição","Tipo",null,"Und","Quant.","Valor Unit","Total"]
["Composição"," 91531 ","SINAPI","COMPACTADOR DE SOLOS DE PERCUSSÃO (SOQUETE) COM MOTOR A GASOLINA 4 TEMPOS, POTÊNCIA 4 CV - MANUTENÇÃO. AF_08/2015","CHOR - CUSTOS HORÁRIOS DE MÁQUINAS E EQUIPAMENTOS",null,"H",1,1.03,1.03]
["Insumo"," 00013458 ","SINAPI","COMPACTADOR DE SOLOS DE PERCURSAO (SOQUETE) COM MOTOR A GASOLINA 4 TEMPOS DE 4 HP (4 CV)","Equipamento",null,"UN",6.6699999999999995E-5,15517.01,1.03]
[]
[]
[]
[null,"Código","Banco","Descrição","Tipo",null,"Und","Quant.","Valor Unit","Total"]
["Composição"," 91532 ","SINAPI","COMPACTADOR DE SOLOS DE PERCUSSÃO (SOQUETE) COM MOTOR A GASOLINA 4 TEMPOS, POTÊNCIA 4 CV - MATERIAIS NA OPERAÇÃO. AF_08/2015","CHOR - CUSTOS HORÁRIOS DE MÁQUINAS E EQUIPAMENTOS",null,"H",1,6.6,6.6]
["Insumo"," 00004222 ","SINAPI","GASOLINA COMUM","Material",null,"L",1.03,6.41,6.6]
[]
[]
[]
[null,"Código","Banco","Descrição","Tipo",null,"Und","Quant.","Valor Unit","Total"]
["Composição"," 103674 ","SINAPI","CONCRETAGEM DE VIGAS E LAJES, FCK=25 MPA, PARA LAJES PREMOLDADAS COM USO DE BOMBA - LANÇAMENTO, ADENSAMENTO E ACABAMENTO. AF_02/2022_PS","FUES - FUNDAÇÕES E ESTRUTURAS",null,"m³",1,636.14,636.14]
["Composição Auxiliar"," 88262 ","SINAPI","CARPINTEIRO DE FORMAS COM ENCARGOS COMPLEMENTARES","SEDI - SERVIÇOS DIVERSOS",null,"H",0.186,25.8,4.79]
["Composição Auxiliar"," 88309 ","SINAPI","PEDREIRO COM ENCARGOS COMPLEMENTARES","SEDI - SERVIÇOS DIVERSOS",null,"H",1.119,26.15,29.26]
["Composição Auxiliar"," 88316 ","SINAPI","SERVENTE COM ENCARGOS COMPLEMENTARES","SEDI - SERVIÇOS DIVERSOS",null,"H",1.1919999999999999,20.420000000000002,24.34]
["Composição Auxiliar"," 90586 ","SINAPI","VIBRADOR DE IMERSÃO, DIÂMETRO DE PONTEIRA 45MM, MOTOR ELÉTRICO TRIFÁSICO POTÊNCIA DE 2 CV - CHP DIURNO. AF_06/2015","CHOR - CUSTOS HORÁRIOS DE MÁQUINAS E EQUIPAMENTOS",null,"CHP",0.19400000000000001,1.23,0.23]
["Composição Auxiliar"," 90587 ","SINAPI","VIBRADOR DE IMERSÃO, DIÂMETRO DE PONTEIRA 45MM, MOTOR ELÉTRICO TRIFÁSICO POTÊNCIA DE 2 CV - CHI DIURNO. AF_06/2015","CHOR - CUSTOS HORÁRIOS DE MÁQUINAS E EQUIPAMENTOS",null,"CHI",0.17899999999999999,0.49,0.08]
["Insumo"," 00001527 ","SINAPI","CONCRETO USINADO BOMBEAVEL, CLASSE DE RESISTENCIA C25, BRITA 0 E 1, SLUMP = 100 +/- 20 MM, COM BOMBEAMENTO (DISPONIBILIZACAO DE BOMBA), SEM O LANCAMENTO (NBR 8953)","Material",null,"m³",1.103,523.52,577.44000000000005]
[]
[]
[]
[null,"Código","Banco","Descrição","Tipo",null,"Und","Quant.","Valor Unit","Total"]
["Composição"," 94963 ","SINAPI","CONCRETO FCK = 15MPA, TRAÇO 1:3,4:3,5 (EM MASSA SECA DE CIMENTO/ AREIA MÉDIA/ BRITA 1) - PREPARO MECÂNICO COM BETONEIRA 400 L. AF_05/2021","FUES - FUNDAÇÕES E ESTRUTURAS",null,"m³",1,449.63,449.63]
["Composição Auxiliar"," 88316 ","SINAPI","SERVENTE COM ENCARGOS COMPLEMENTARES","SEDI - SERVIÇOS DIVERSOS",null,"H",2.3275000000000001,20.420000000000002,47.52]
["Composição Auxiliar"," 88377 ","SINAPI","OPERADOR DE BETONEIRA ESTACIONÁRIA/MISTURADOR COM ENCARGOS COMPLEMENTARES","SEDI - SERVIÇOS DIVERSOS",null,"H",1.4695,23.84,35.03]
["Composição Auxiliar"," 88830 ","SINAPI","BETONEIRA CAPACIDADE NOMINAL DE 400 L, CAPACIDADE DE MISTURA 280 L, MOTOR ELÉTRICO TRIFÁSICO POTÊNCIA DE 2 CV, SEM CARREGADOR - CHP DIURNO. AF_10/2014","CHOR - CUSTOS HORÁRIOS DE MÁQUINAS E EQUIPAMENTOS",null,"CHP",0.75629999999999997,1.88,1.42]
["Composição Auxiliar"," 88831 ","SINAPI","BETONEIRA CAPACIDADE NOMINAL DE 400 L, CAPACIDADE DE MISTURA 280 L, MOTOR ELÉTRICO TRIFÁSICO POTÊNCIA DE 2 CV, SEM CARREGADOR - CHI DIURNO. AF_10/2014","CHOR - CUSTOS HORÁRIOS DE MÁQUINAS E EQUIPAMENTOS",null,"CHI",0.71309999999999996,0.43,0.3]
["Insumo"," 00000370 ","SINAPI","AREIA MEDIA - POSTO JAZIDA/FORNECEDOR (RETIRADO NA JAZIDA, SEM TRANSPORTE)","Material",null,"m³",0.80459999999999998,110,88.5]
["Insumo"," 00001379 ","SINAPI","CIMENTO PORTLAND COMPOSTO CP II-32","Material",null,"KG",273.06299999999999,0.76,207.52]
["Insumo"," 00004721 ","SINAPI","PEDRA BRITADA N. 1 (9,5 a 19 MM) POSTO PEDREIRA/FORNECEDOR, SEM FRETE","Material",null,"m³",0.57920000000000005,119.72,69.34]
[]
[]
[]
[null,"Código","Banco","Descrição","Tipo",null,"Und","Quant.","Valor Unit","Total"]
["Composição"," 94964 ","SINAPI","CONCRETO FCK = 20MPA, TRAÇO 1:2,7:3 (EM MASSA SECA DE CIMENTO/ AREIA MÉDIA/ BRITA 1) - PREPARO MECÂNICO COM BETONEIRA 400 L. AF_05/2021","FUES - FUNDAÇÕES E ESTRUTURAS",null,"m³",1,490.73,490.73]
["Composição Auxiliar"," 88316 ","SINAPI","SERVENTE COM ENCARGOS COMPLEMENTARES","SEDI - SERVIÇOS DIVERSOS",null,"H",2.5333000000000001,20.420000000000002,51.72]
["Composição Auxiliar"," 88377 ","SINAPI","OPERADOR DE BETONEIRA ESTACIONÁRIA/MISTURADOR COM ENCARGOS COMPLEMENTARES","SEDI - SERVIÇOS DIVERSOS",null,"H",1.6046,23.84,38.25]
["Composição Auxiliar"," 88830 ","SINAPI","BETONEIRA CAPACIDADE NOMINAL DE 400 L, CAPACIDADE DE MISTURA 280 L, MOTOR ELÉTRICO TRIFÁSICO POTÊNCIA DE 2 CV, SEM CARREGADOR - CHP DIURNO. AF_10/2014","CHOR - CUSTOS HORÁRIOS DE MÁQUINAS E EQUIPAMENTOS",null,"CHP",0.82589999999999997,1.88,1.55]
["Composição Auxiliar"," 88831 ","SINAPI","BETONEIRA CAPACIDADE NOMINAL DE 400 L, CAPACIDADE DE MISTURA 280 L, MOTOR ELÉTRICO TRIFÁSICO POTÊNCIA DE 2 CV, SEM CARREGADOR - CHI DIURNO. AF_10/2014","CHOR - CUSTOS HORÁRIOS DE MÁQUINAS E EQUIPAMENTOS",null,"CHI",0.77869999999999995,0.43,0.33]
["Insumo"," 00000370 ","SINAPI","AREIA MEDIA - POSTO JAZIDA/FORNECEDOR (RETIRADO NA JAZIDA, SEM TRANSPORTE)","Material",null,"m³",0.75580000000000003,110,83.13]
["Insumo"," 00001379 ","SINAPI","CIMENTO PORTLAND COMPOSTO CP II-32","Material",null,"KG",322.97770000000003,0.76,245.46]
["Insumo"," 00004721 ","SINAPI","PEDRA BRITADA N. 1 (9,5 a 19 MM) POSTO PEDREIRA/FORNECEDOR, SEM FRETE","Material",null,"m³",0.58720000000000006,119.72,70.290000000000006]
[]
[]
[]
[null,"Código","Banco","Descrição","Tipo",null,"Und","Quant.","Valor Unit","Total"]
["Composição"," 94970 ","SINAPI","CONCRETO FCK = 20MPA, TRAÇO 1:2,7:3 (EM MASSA SECA DE CIMENTO/ AREIA MÉDIA/ BRITA 1) - PREPARO MECÂNICO COM BETONEIRA 600 L. AF_05/2021","FUES - FUNDAÇÕES E ESTRUTURAS",null,"m³",1,478.11,478.11]
["Composição Auxiliar"," 88316 ","SINAPI","SERVENTE COM ENCARGOS COMPLEMENTARES","SEDI - SERVIÇOS DIVERSOS",null,"H",2.0266999999999999,20.420000000000002,41.38]
["Composição Auxiliar"," 88377 ","SINAPI","OPERADOR DE BETONEIRA ESTACIONÁRIA/MISTURADOR COM ENCARGOS COMPLEMENTARES","SEDI - SERVIÇOS DIVERSOS",null,"H",1.2767999999999999,23.84,30.43]
["Composição Auxiliar"," 89225 ","SINAPI","BETONEIRA CAPACIDADE NOMINAL DE 600 L, CAPACIDADE DE MISTURA 360 L, MOTOR ELÉTRICO TRIFÁSICO POTÊNCIA DE 4 CV, SEM CARREGADOR - CHP DIURNO. AF_11/2014","CHOR - CUSTOS HORÁRIOS DE MÁQUINAS E EQUIPAMENTOS",null,"CHP",0.65720000000000001,5.53,3.63]
["Composição Auxiliar"," 89226 ","SINAPI","BETONEIRA CAPACIDADE NOMINAL DE 600 L, CAPACIDADE DE MISTURA 360 L, MOTOR ELÉTRICO TRIFÁSICO POTÊNCIA DE 4 CV, SEM CARREGADOR - CHI DIURNO. AF_11/2014","CHOR - CUSTOS HORÁRIOS DE MÁQUINAS E EQUIPAMENTOS",null,"CHI",0.61970000000000003,1.77,1.0900000000000001]
["Insumo"," 00000370 ","SINAPI","AREIA MEDIA - POSTO JAZIDA/FORNECEDOR (RETIRADO NA JAZIDA, SEM TRANSPORTE)","Material",null,"m³",0.76090000000000002,110,83.69]
["Insumo"," 00001379 ","SINAPI","CIMENTO PORTLAND COMPOSTO CP II-32","Material",null,"KG",325.15890000000002,0.76,247.12]
["Insumo"," 00004721 ","SINAPI","PEDRA BRITADA N. 1 (9,5 a 19 MM) POSTO PEDREIRA/FORNECEDOR, SEM FRETE","Material",null,"m³",0.59119999999999995,119.72,70.77]
[]
[]
[]
[null,"Código","Banco","Descrição","Tipo",null,"Und","Quant.","Valor Unit","Total"]
["Composição"," 94971 ","SINAPI","CONCRETO FCK = 25MPA, TRAÇO 1:2,3:2,7 (EM MASSA SECA DE CIMENTO/ AREIA MÉDIA/ BRITA 1) - PREPARO MECÂNICO COM BETONEIRA 600 L. AF_05/2021","FUES - FUNDAÇÕES E ESTRUTURAS",null,"m³",1,503.69,503.69]
["Composição Auxiliar"," 88316 ","SINAPI","SERVENTE COM ENCARGOS COMPLEMENTARES","SEDI - SERVIÇOS DIVERSOS",null,"H",1.9792000000000001,20.420000000000002,40.409999999999997]
["Composição Auxiliar"," 88377 ","SINAPI","OPERADOR DE BETONEIRA ESTACIONÁRIA/MISTURADOR COM ENCARGOS COMPLEMENTARES","SEDI - SERVIÇOS DIVERSOS",null,"H",1.2501,23.84,29.8]
["Composição Auxiliar"," 89225 ","SINAPI","BETONEIRA CAPACIDADE NOMINAL DE 600 L, CAPACIDADE DE MISTURA 360 L, MOTOR ELÉTRICO TRIFÁSICO POTÊNCIA DE 4 CV, SEM CARREGADOR - CHP DIURNO. AF_11/2014","CHOR - CUSTOS HORÁRIOS DE MÁQUINAS E EQUIPAMENTOS",null,"CHP",0.64339999999999997,5.53,3.55]
["Composição Auxiliar"," 89226 ","SINAPI","BETONEIRA CAPACIDADE NOMINAL DE 600 L, CAPACIDADE DE MISTURA 360 L, MOTOR ELÉTRICO TRIFÁSICO POTÊNCIA DE 4 CV, SEM CARREGADOR - CHI DIURNO. AF_11/2014","CHOR - CUSTOS HORÁRIOS DE MÁQUINAS E EQUIPAMENTOS",null,"CHI",0.60670000000000002,1.77,1.07]
["Insumo"," 00000370 ","SINAPI","AREIA MEDIA - POSTO JAZIDA/FORNECEDOR (RETIRADO NA JAZIDA, SEM TRANSPORTE)","Material",null,"m³",0.72750000000000004,110,80.02]
["Insumo"," 00001379 ","SINAPI","CIMENTO PORTLAND COMPOSTO CP II-32","Material",null,"KG",364.94330000000002,0.76,277.35000000000002]
["Insumo"," 00004721 ","SINAPI","PEDRA BRITADA N. 1 (9,5 a 19 MM) POSTO PEDREIRA/FORNECEDOR, SEM FRETE","Material",null,"m³",0.59719999999999995,119.72,71.489999999999995]
[]
[]
[]
[null,"Código","Banco","Descrição","Tipo",null,"Und","Quant.","Valor Unit","Total"]
["Composição"," 94972 ","SINAPI","CONCRETO FCK = 30MPA, TRAÇO 1:2,1:2,5 (EM MASSA SECA DE CIMENTO/ AREIA MÉDIA/ BRITA 1) - PREPARO MECÂNICO COM BETONEIRA 600 L. AF_05/2021","FUES - FUNDAÇÕES E ESTRUTURAS",null,"m³",1,520.76,520.76]
["Composição Auxiliar"," 88316 ","SINAPI","SERVENTE COM ENCARGOS COMPLEMENTARES","SEDI - SERVIÇOS DIVERSOS",null,"H",1.9633,20.420000000000002,40.090000000000003]
["Composição Auxiliar"," 88377 ","SINAPI","OPERADOR DE BETONEIRA ESTACIONÁRIA/MISTURADOR COM ENCARGOS COMPLEMENTARES","SEDI - SERVIÇOS DIVERSOS",null,"H",1.24,23.84,29.56]
["Composição Auxiliar"," 89225 ","SINAPI","BETONEIRA CAPACIDADE NOMINAL DE 600 L, CAPACIDADE DE MISTURA 360 L, MOTOR ELÉTRICO TRIFÁSICO POTÊNCIA DE 4 CV, SEM CARREGADOR - CHP DIURNO. AF_11/2014","CHOR - CUSTOS HORÁRIOS DE MÁQUINAS E EQUIPAMENTOS",null,"CHP",0.63819999999999999,5.53,3.52]
["Composição Auxiliar"," 89226 ","SINAPI","BETONEIRA CAPACIDADE NOMINAL DE 600 L, CAPACIDADE DE MISTURA 360 L, MOTOR ELÉTRICO TRIFÁSICO POTÊNCIA DE 4 CV, SEM CARREGADOR - CHI DIURNO. AF_11/2014","CHOR - CUSTOS HORÁRIOS DE MÁQUINAS E EQUIPAMENTOS",null,"CHI",0.6018,1.77,1.06]
["Insumo"," 00000370 ","SINAPI","AREIA MEDIA - POSTO JAZIDA/FORNECEDOR (RETIRADO NA JAZIDA, SEM TRANSPORTE)","Material",null,"m³",0.71189999999999998,110,78.3]
["Insumo"," 00001379 ","SINAPI","CIMENTO PORTLAND COMPOSTO CP II-32","Material",null,"KG",391.16629999999998,0.76,297.27999999999997]
["Insumo"," 00004721 ","SINAPI","PEDRA BRITADA N. 1 (9,5 a 19 MM) POSTO PEDREIRA/FORNECEDOR, SEM FRETE","Material",null,"m³",0.5927,119.72,70.95]
[]
[]
[]
[null,"Código","Banco","Descrição","Tipo",null,"Und","Quant.","Valor Unit","Total"]
["Composição"," 104749 ","SINAPI","CONECTOR GRAMPO METÁLICO TIPO OLHAL, PARA SPDA, PARA HASTE DE ATERRAMENTO DE 3/4'' E CABOS DE 10 A 50 MM2 - FORNECIMENTO E INSTALAÇÃO. AF_08/2023","INEL - INSTALAÇÃO ELÉTRICA/ELETRIFICAÇÃO E ILUMINAÇÃO EXTERNA",null,"UN",1,20.65,20.65]
["Composição Auxiliar"," 88247 ","SINAPI","AUXILIAR DE ELETRICISTA COM ENCARGOS COMPLEMENTARES","SEDI - SERVIÇOS DIVERSOS",null,"H",0.18629999999999999,21.09,3.92]
["Composição Auxiliar"," 88264 ","SINAPI","ELETRICISTA COM ENCARGOS COMPLEMENTARES","SEDI - SERVIÇOS DIVERSOS",null,"H",0.18629999999999999,26.5,4.93]
["Insumo"," 00000416 ","SINAPI","GRAMPO METALICO TIPO OLHAL PARA HASTE DE ATERRAMENTO DE 3/4\", CONDUTOR DE *10* A 50 MM2","Material",null,"UN",1,11.8,11.8]
[]
[]
[]
[null,"Código","Banco","Descrição","Tipo",null,"Und","Quant.","Valor Unit","Total"]
["Composição"," 96977 ","SINAPI","CORDOALHA DE COBRE NU 50 MM², ENTERRADA, SEM ISOLADOR - FORNECIMENTO E INSTALAÇÃO. AF_12/2017","INEL - INSTALAÇÃO ELÉTRICA/ELETRIFICAÇÃO E ILUMINAÇÃO EXTERNA",null,"M",1,57.22,57.22]
["Composição Auxiliar"," 88247 ","SINAPI","AUXILIAR DE ELETRICISTA COM ENCARGOS COMPLEMENTARES","SEDI - SERVIÇOS DIVERSOS",null,"H",3.3099999999999997E-2,21.09,0.69]
["Composição Auxiliar"," 88264 ","SINAPI","ELETRICISTA COM ENCARGOS COMPLEMENTARES","SEDI - SERVIÇOS DIVERSOS",null,"H",3.3099999999999997E-2,26.5,0.87]
["Insumo"," 00000867 ","SINAPI","CABO DE COBRE NU 50 MM2 MEIO-DURO","Material",null,"M",1.05,53.01,55.66]
[]
[]
[]
[null,"Código","Banco","Descrição","Tipo",null,"Und","Quant.","Valor Unit","Total"]
["Composição"," 92803 ","SINAPI","CORTE E DOBRA DE AÇO CA-50, DIÂMETRO DE 10,0 MM. AF_06/2022","FUES - FUNDAÇÕES E ESTRUTURAS",null,"KG",1,10.76,10.76]
["Composição Auxiliar"," 88238 ","SINAPI","AJUDANTE DE ARMADOR COM ENCARGOS COMPLEMENTARES","SEDI - SERVIÇOS DIVERSOS",null,"H",1.4E-3,20.69,0.02]
["Composição Auxiliar"," 88245 ","SINAPI","ARMADOR COM ENCARGOS COMPLEMENTARES","SEDI - SERVIÇOS DIVERSOS",null,"H",8.8000000000000005E-3,25.94,0.22]
["Insumo"," 00000034 ","SINAPI","ACO CA-50, 10,0 MM, VERGALHAO","Material",null,"KG",1.1100000000000001,9.48,10.52]
[]
[]
[]
[null,"Código","Banco","Descrição","Tipo",null,"Und","Quant.","Valor Unit","Total"]
["Composição"," 92801 ","SINAPI","CORTE E DOBRA DE AÇO CA-50, DIÂMETRO DE 6,3 MM. AF_06/2022","FUES - FUNDAÇÕES E ESTRUTURAS",null,"KG",1,11.6,11.6]
["Composição Auxiliar"," 88238 ","SINAPI","AJUDANTE DE ARMADOR COM ENCARGOS COMPLEMENTARES","SEDI - SERVIÇOS DIVERSOS",null,"H",5.1000000000000004E-3,20.69,0.1]
["Composição Auxiliar"," 88245 ","SINAPI","ARMADOR COM ENCARGOS COMPLEMENTARES","SEDI - SERVIÇOS DIVERSOS",null,"H",3.1E-2,25.94,0.8]
["Insumo"," 00000032 ","SINAPI","ACO CA-50, 6,3 MM, VERGALHAO","Material",null,"KG",1.07,10,10.7]
[]
[]
[]
[null,"Código","Banco","Descrição","Tipo",null,"Und","Quant.","Valor Unit","Total"]
["Composição"," 92799 ","SINAPI","CORTE E DOBRA DE AÇO CA-60, DIÂMETRO DE 4,2 MM, UTILIZADO EM LAJE. AF_12/2015","FUES - FUNDAÇÕES E ESTRUTURAS",null,"KG",1,12.32,12.32]
["Composição Auxiliar"," 88238 ","SINAPI","AJUDANTE DE ARMADOR COM ENCARGOS COMPLEMENTARES","SEDI - SERVIÇOS DIVERSOS",null,"H",1.52E-2,20.69,0.31]
["Composição Auxiliar"," 88245 ","SINAPI","ARMADOR COM ENCARGOS COMPLEMENTARES","SEDI - SERVIÇOS DIVERSOS",null,"H",9.3299999999999994E-2,25.94,2.42]
["Insumo"," 00043059 ","SINAPI","ACO CA-60, 4,2 MM, OU 5,0 MM, OU 6,0 MM, OU 7,0 MM, VERGALHAO","Material",null,"KG",1.07,8.9700000000000006,9.59]
[]
[]
[]
[null,"Código","Banco","Descrição","Tipo",null,"Und","Quant.","Valor Unit","Total"]
["Composição"," 92800 ","SINAPI","CORTE E DOBRA DE AÇO CA-60, DIÂMETRO DE 5,0 MM. AF_06/2022","FUES - FUNDAÇÕES E ESTRUTURAS",null,"KG",1,11.28,11.28]
["Composição Auxiliar"," 88238 ","SINAPI","AJUDANTE DE ARMADOR COM ENCARGOS COMPLEMENTARES","SEDI - SERVIÇOS DIVERSOS",null,"H",9.4999999999999998E-3,20.69,0.19]
["Composição Auxiliar"," 88245 ","SINAPI","ARMADOR COM ENCARGOS COMPLEMENTARES","SEDI - SERVIÇOS DIVERSOS",null,"H",5.8099999999999999E-2,25.94,1.5]
["Insumo"," 00043059 ","SINAPI","ACO CA-60, 4,2 MM, OU 5,0 MM, OU 6,0 MM, OU 7,0 MM, VERGALHAO","Material",null,"KG",1.07,8.9700000000000006,9.59]
[]
[]
[]
[null,"Código","Banco","Descrição","Tipo",null,"Und","Quant.","Valor Unit","Total"]
["Composição"," 95308 ","SINAPI","CURSO DE CAPACITAÇÃO PARA AJUDANTE DE ARMADOR (ENCARGOS COMPLEMENTARES) - HORISTA","SEDI - SERVIÇOS DIVERSOS",null,"H",1,0.18,0.18]
["Insumo"," 00006114 ","SINAPI","AJUDANTE DE ARMADOR","Mão de Obra",null,"H",1.328E-2,13.94,0.18]
[]
[]
[]
[null,"Código","Banco","Descrição","Tipo",null,"Und","Quant.","Valor Unit","Total"]
["Composição"," 95309 ","SINAPI","CURSO DE CAPACITAÇÃO PARA AJUDANTE DE CARPINTEIRO (ENCARGOS COMPLEMENTARES) - HORISTA","SEDI - SERVIÇOS DIVERSOS",null,"H",1,0.23,0.23]
["Insumo"," 00006117 ","SINAPI","CARPINTEIRO AUXILIAR","Mão de Obra",null,"H",1.6990000000000002E-2,13.94,0.23]
[]
[]
[]
[null,"Código","Banco","Descrição","Tipo",null,"Und","Quant.","Valor Unit","Total"]
["Composição"," 95310 ","SINAPI","CURSO DE CAPACITAÇÃO PARA AJUDANTE DE ESTRUTURA METÁLICA (ENCARGOS COMPLEMENTARES) - HORISTA","SEDI - SERVIÇOS DIVERSOS",null,"H",1,0.18,0.18]
["Insumo"," 00044499 ","SINAPI","AJUDANTE DE ESTRUTURAS METALICAS (HORISTA)","Mão de Obra",null,"H",1.328E-2,13.85,0.18]
[]
[]
[]
[null,"Código","Banco","Descrição","Tipo",null,"Und","Quant.","Valor Unit","Total"]
["Composição"," 95314 ","SINAPI","CURSO DE CAPACITAÇÃO PARA ARMADOR (ENCARGOS COMPLEMENTARES) - HORISTA","SEDI - SERVIÇOS DIVERSOS",null,"H",1,0.25,0.25]
["Insumo"," 00000378 ","SINAPI","ARMADOR","Mão de Obra",null,"H",1.328E-2,19.12,0.25]
[]
[]
[]
[null,"Código","Banco","Descrição","Tipo",null,"Und","Quant.","Valor Unit","Total"]
["Composição"," 95316 ","SINAPI","CURSO DE CAPACITAÇÃO PARA AUXILIAR DE ELETRICISTA (ENCARGOS COMPLEMENTARES) - HORISTA","SEDI - SERVIÇOS DIVERSOS",null,"H",1,0.59,0.59]
["Insumo"," 00000247 ","SINAPI","AJUDANTE DE ELETRICISTA","Mão de Obra",null,"H",4.2970000000000001E-2,13.94,0.59]
[]
[]
[]
[null,"Código","Banco","Descrição","Tipo",null,"Und","Quant.","Valor Unit","Total"]
["Composição"," 95317 ","SINAPI","CURSO DE CAPACITAÇÃO PARA AUXILIAR DE ENCANADOR OU BOMBEIRO HIDRÁULICO (ENCARGOS COMPLEMENTARES) - HORISTA","SEDI - SERVIÇOS DIVERSOS",null,"H",1,0.28000000000000003,0.28000000000000003]
["Insumo"," 00000246 ","SINAPI","AUXILIAR DE ENCANADOR OU BOMBEIRO HIDRAULICO","Mão de Obra",null,"H",2.07E-2,13.94,0.28000000000000003]
[]
[]
[]
[null,"Código","Banco","Descrição","Tipo",null,"Und","Quant.","Valor Unit","Total"]
["Composição"," 95324 ","SINAPI","CURSO DE CAPACITAÇÃO PARA AZULEJISTA OU LADRILHISTA (ENCARGOS COMPLEMENTARES) - HORISTA","SEDI - SERVIÇOS DIVERSOS",null,"H",1,0.32,0.32]
["Insumo"," 00004760 ","SINAPI","AZULEJISTA OU LADRILHEIRO","Mão de Obra",null,"H",1.6990000000000002E-2,19.12,0.32]
[]
[]
[]
[null,"Código","Banco","Descrição","Tipo",null,"Und","Quant.","Valor Unit","Total"]
["Composição"," 95329 ","SINAPI","CURSO DE CAPACITAÇÃO PARA CARPINTEIRO DE ESQUADRIA (ENCARGOS COMPLEMENTARES) - HORISTA","SEDI - SERVIÇOS DIVERSOS",null,"H",1,0.3,0.3]
["Insumo"," 00001214 ","SINAPI","CARPINTEIRO DE ESQUADRIAS","Mão de Obra",null,"H",1.6990000000000002E-2,18.21,0.3]
[]
[]
[]
[null,"Código","Banco","Descrição","Tipo",null,"Und","Quant.","Valor Unit","Total"]
["Composição"," 95330 ","SINAPI","CURSO DE CAPACITAÇÃO PARA CARPINTEIRO DE FÔRMAS (ENCARGOS COMPLEMENTARES) - HORISTA","SEDI - SERVIÇOS DIVERSOS",null,"H",1,0.25,0.25]
["Insumo"," 00001213 ","SINAPI","CARPINTEIRO DE FORMAS","Mão de Obra",null,"H",1.328E-2,19.12,0.25]
[]
[]
[]
[null,"Código","Banco","Descrição","Tipo",null,"Und","Quant.","Valor Unit","Total"]
["Composição"," 95332 ","SINAPI","CURSO DE CAPACITAÇÃO PARA ELETRICISTA (ENCARGOS COMPLEMENTARES) - HORISTA","SEDI - SERVIÇOS DIVERSOS",null,"H",1,0.82,0.82]
["Insumo"," 00002436 ","SINAPI","ELETRICISTA","Mão de Obra",null,"H",4.2970000000000001E-2,19.12,0.82]
[]
[]
[]
[null,"Código","Banco","Descrição","Tipo",null,"Und","Quant.","Valor Unit","Total"]
["Composição"," 95335 ","SINAPI","CURSO DE CAPACITAÇÃO PARA ENCANADOR OU BOMBEIRO HIDRÁULICO (ENCARGOS COMPLEMENTARES) - HORISTA","SEDI - SERVIÇOS DIVERSOS",null,"H",1,0.39,0.39]
["Insumo"," 00002696 ","SINAPI","ENCANADOR OU BOMBEIRO HIDRAULICO","Mão de Obra",null,"H",2.07E-2,19.12,0.39]
[]
[]
[]
[null,"Código","Banco","Descrição","Tipo",null,"Und","Quant.","Valor Unit","Total"]
["Composição"," 95401 ","SINAPI","CURSO DE CAPACITAÇÃO PARA ENCARREGADO GERAL (ENCARGOS COMPLEMENTARES) - HORISTA","SEDI - SERVIÇOS DIVERSOS",null,"H",1,0.69,0.69]
["Insumo"," 00004083 ","SINAPI","ENCARREGADO GERAL DE OBRAS","Mão de Obra",null,"H",2.4420000000000001E-2,28.5,0.69]
[]
[]
[]
[null,"Código","Banco","Descrição","Tipo",null,"Und","Quant.","Valor Unit","Total"]
["Composição"," 95402 ","SINAPI","CURSO DE CAPACITAÇÃO PARA ENGENHEIRO CIVIL DE OBRA JÚNIOR (ENCARGOS COMPLEMENTARES) - HORISTA","SEDI - SERVIÇOS DIVERSOS",null,"H",1,1.96,1.96]
["Insumo"," 00002706 ","SINAPI","ENGENHEIRO CIVIL DE OBRA JUNIOR","Mão de Obra",null,"H",1.6990000000000002E-2,115.94,1.96]
[]
[]
[]
[null,"Código","Banco","Descrição","Tipo",null,"Und","Quant.","Valor Unit","Total"]
["Composição"," 95337 ","SINAPI","CURSO DE CAPACITAÇÃO PARA GESSEIRO (ENCARGOS COMPLEMENTARES) - HORISTA","SEDI - SERVIÇOS DIVERSOS",null,"H",1,0.25,0.25]
["Insumo"," 00012872 ","SINAPI","GESSEIRO","Mão de Obra",null,"H",1.328E-2,19.12,0.25]
[]
[]
[]
[null,"Código","Banco","Descrição","Tipo",null,"Und","Quant.","Valor Unit","Total"]
["Composição"," 95341 ","SINAPI","CURSO DE CAPACITAÇÃO PARA MARMORISTA/GRANITEIRO (ENCARGOS COMPLEMENTARES) - HORISTA","SEDI - SERVIÇOS DIVERSOS",null,"H",1,0.31,0.31]
["Insumo"," 00004755 ","SINAPI","MARMORISTA / GRANITEIRO","Mão de Obra",null,"H",1.6990000000000002E-2,18.7,0.31]
[]
[]
[]
[null,"Código","Banco","Descrição","Tipo",null,"Und","Quant.","Valor Unit","Total"]
["Composição"," 95344 ","SINAPI","CURSO DE CAPACITAÇÃO PARA MONTADOR DE ESTRUTURA METÁLICA (ENCARGOS COMPLEMENTARES) - HORISTA","SEDI - SERVIÇOS DIVERSOS",null,"H",1,0.23,0.23]
["Insumo"," 00044497 ","SINAPI","MONTADOR DE ESTRUTURAS METALICAS HORISTA","Mão de Obra",null,"H",1.328E-2,17.72,0.23]
[]
[]
[]
[null,"Código","Banco","Descrição","Tipo",null,"Und","Quant.","Valor Unit","Total"]
["Composição"," 95346 ","SINAPI","CURSO DE CAPACITAÇÃO PARA MOTORISTA DE BASCULANTE (ENCARGOS COMPLEMENTARES) - HORISTA","SEDI - SERVIÇOS DIVERSOS",null,"H",1,0.14000000000000001,0.14000000000000001]
["Insumo"," 00020020 ","SINAPI","MOTORISTA DE CAMINHAO-BASCULANTE","Mão de Obra",null,"H",5.8599999999999998E-3,25.07,0.14000000000000001]
[]
[]
[]
[null,"Código","Banco","Descrição","Tipo",null,"Und","Quant.","Valor Unit","Total"]
["Composição"," 95347 ","SINAPI","CURSO DE CAPACITAÇÃO PARA MOTORISTA DE CAMINHÃO (ENCARGOS COMPLEMENTARES) - HORISTA","SEDI - SERVIÇOS DIVERSOS",null,"H",1,0.14000000000000001,0.14000000000000001]
["Insumo"," 00004093 ","SINAPI","MOTORISTA DE CAMINHAO","Mão de Obra",null,"H",5.8599999999999998E-3,24.14,0.14000000000000001]
[]
[]
[]
[null,"Código","Banco","Descrição","Tipo",null,"Und","Quant.","Valor Unit","Total"]
["Composição"," 95351 ","SINAPI","CURSO DE CAPACITAÇÃO PARA MOTORISTA OPERADOR DE MUNCK (ENCARGOS COMPLEMENTARES) - HORISTA","SEDI - SERVIÇOS DIVERSOS",null,"H",1,0.47,0.47]
["Insumo"," 00004096 ","SINAPI","MOTORISTA OPERADOR DE CAMINHAO COM MUNCK","Mão de Obra",null,"H",1.8849999999999999E-2,25.37,0.47]
[]
[]
[]
[null,"Código","Banco","Descrição","Tipo",null,"Und","Quant.","Valor Unit","Total"]
["Composição"," 95389 ","SINAPI","CURSO DE CAPACITAÇÃO PARA OPERADOR DE BETONEIRA ESTACIONÁRIA/MISTURADOR (ENCARGOS COMPLEMENTARES) - HORISTA","SEDI - SERVIÇOS DIVERSOS",null,"H",1,0.17,0.17]
["Insumo"," 00037666 ","SINAPI","OPERADOR DE BETONEIRA ESTACIONARIA / MISTURADOR","Mão de Obra",null,"H",9.5700000000000004E-3,18.29,0.17]
[]
[]
[]
[null,"Código","Banco","Descrição","Tipo",null,"Und","Quant.","Valor Unit","Total"]
["Composição"," 95357 ","SINAPI","CURSO DE CAPACITAÇÃO PARA OPERADOR DE ESCAVADEIRA (ENCARGOS COMPLEMENTARES) - HORISTA","SEDI - SERVIÇOS DIVERSOS",null,"H",1,0.32,0.32]
["Insumo"," 00004234 ","SINAPI","OPERADOR DE ESCAVADEIRA","Mão de Obra",null,"H",1.328E-2,24.25,0.32]
[]
[]
[]
[null,"Código","Banco","Descrição","Tipo",null,"Und","Quant.","Valor Unit","Total"]
["Composição"," 95358 ","SINAPI","CURSO DE CAPACITAÇÃO PARA OPERADOR DE GUINCHO (ENCARGOS COMPLEMENTARES) - HORISTA","SEDI - SERVIÇOS DIVERSOS",null,"H",1,0.34,0.34]
["Insumo"," 00004253 ","SINAPI","OPERADOR DE GUINCHO OU GUINCHEIRO","Mão de Obra",null,"H",1.8849999999999999E-2,18.29,0.34]
[]
[]
[]
[null,"Código","Banco","Descrição","Tipo",null,"Und","Quant.","Valor Unit","Total"]
["Composição"," 95359 ","SINAPI","CURSO DE CAPACITAÇÃO PARA OPERADOR DE GUINDASTE (ENCARGOS COMPLEMENTARES) - HORISTA","SEDI - SERVIÇOS DIVERSOS",null,"H",1,0.54,0.54]
["Insumo"," 00004254 ","SINAPI","OPERADOR DE GUINDASTE (HORISTA)","Mão de Obra",null,"H",1.8849999999999999E-2,28.82,0.54]
[]
[]
[]
[null,"Código","Banco","Descrição","Tipo",null,"Und","Quant.","Valor Unit","Total"]
["Composição"," 95360 ","SINAPI","CURSO DE CAPACITAÇÃO PARA OPERADOR DE MÁQUINAS E EQUIPAMENTOS (ENCARGOS COMPLEMENTARES) - HORISTA","SEDI - SERVIÇOS DIVERSOS",null,"H",1,0.3,0.3]
["Insumo"," 00004230 ","SINAPI","OPERADOR DE MAQUINAS E TRATORES DIVERSOS (TERRAPLANAGEM)","Mão de Obra",null,"H",1.328E-2,23.18,0.3]
[]
[]
[]
[null,"Código","Banco","Descrição","Tipo",null,"Und","Quant.","Valor Unit","Total"]
["Composição"," 95368 ","SINAPI","CURSO DE CAPACITAÇÃO PARA OPERADOR JATO DE AREIA OU JATISTA (ENCARGOS COMPLEMENTARES) - HORISTA","SEDI - SERVIÇOS DIVERSOS",null,"H",1,0.27,0.27]
["Insumo"," 00004251 ","SINAPI","OPERADOR DE JATO ABRASIVO OU JATISTA (HORISTA)","Mão de Obra",null,"H",1.328E-2,20.420000000000002,0.27]
[]
[]
[]
[null,"Código","Banco","Descrição","Tipo",null,"Und","Quant.","Valor Unit","Total"]
["Composição"," 95371 ","SINAPI","CURSO DE CAPACITAÇÃO PARA PEDREIRO (ENCARGOS COMPLEMENTARES) - HORISTA","SEDI - SERVIÇOS DIVERSOS",null,"H",1,0.46,0.46]
["Insumo"," 00004750 ","SINAPI","PEDREIRO","Mão de Obra",null,"H",2.4420000000000001E-2,19.12,0.46]
[]
[]
[]
[null,"Código","Banco","Descrição","Tipo",null,"Und","Quant.","Valor Unit","Total"]
["Composição"," 95372 ","SINAPI","CURSO DE CAPACITAÇÃO PARA PINTOR (ENCARGOS COMPLEMENTARES) - HORISTA","SEDI - SERVIÇOS DIVERSOS",null,"H",1,0.32,0.32]
["Insumo"," 00004783 ","SINAPI","PINTOR","Mão de Obra",null,"H",1.6990000000000002E-2,19.12,0.32]
[]
[]
[]
[null,"Código","Banco","Descrição","Tipo",null,"Und","Quant.","Valor Unit","Total"]
["Composição"," 95377 ","SINAPI","CURSO DE CAPACITAÇÃO PARA SERRALHEIRO (ENCARGOS COMPLEMENTARES) - HORISTA","SEDI - SERVIÇOS DIVERSOS",null,"H",1,0.25,0.25]
["Insumo"," 00006110 ","SINAPI","SERRALHEIRO","Mão de Obra",null,"H",1.328E-2,19.12,0.25]
[]
[]
[]
[null,"Código","Banco","Descrição","Tipo",null,"Und","Quant.","Valor Unit","Total"]
["Composição"," 95378 ","SINAPI","CURSO DE CAPACITAÇÃO PARA SERVENTE (ENCARGOS COMPLEMENTARES) - HORISTA","SEDI - SERVIÇOS DIVERSOS",null,"H",1,0.33,0.33]
["Insumo"," 00006111 ","SINAPI","SERVENTE DE OBRAS","Mão de Obra",null,"H",2.4420000000000001E-2,13.64,0.33]
[]
[]
[]
[null,"Código","Banco","Descrição","Tipo",null,"Und","Quant.","Valor Unit","Total"]
["Composição"," 95379 ","SINAPI","CURSO DE CAPACITAÇÃO PARA SOLDADOR (ENCARGOS COMPLEMENTARES) - HORISTA","SEDI - SERVIÇOS DIVERSOS",null,"H",1,0.25,0.25]
["Insumo"," 00006160 ","SINAPI","SOLDADOR","Mão de Obra",null,"H",1.328E-2,19.12,0.25]
[]
[]
[]
[null,"Código","Banco","Descrição","Tipo",null,"Und","Quant.","Valor Unit","Total"]
["Composição"," 95385 ","SINAPI","CURSO DE CAPACITAÇÃO PARA TELHADISTA (ENCARGOS COMPLEMENTARES) - HORISTA","SEDI - SERVIÇOS DIVERSOS",null,"H",1,0.25,0.25]
["Insumo"," 00012869 ","SINAPI","TELHADOR","Mão de Obra",null,"H",1.328E-2,18.89,0.25]
[]
[]
[]
[null,"Código","Banco","Descrição","Tipo",null,"Und","Quant.","Valor Unit","Total"]
["Composição"," 91922 ","SINAPI","CURVA 180 GRAUS PARA ELETRODUTO, PVC, ROSCÁVEL, DN 40 MM (1 1/4\"), PARA CIRCUITOS TERMINAIS, INSTALADA EM PAREDE - FORNECIMENTO E INSTALAÇÃO. AF_12/2015","INEL - INSTALAÇÃO ELÉTRICA/ELETRIFICAÇÃO E ILUMINAÇÃO EXTERNA",null,"UN",1,21.14,21.14]
["Composição Auxiliar"," 88247 ","SINAPI","AUXILIAR DE ELETRICISTA COM ENCARGOS COMPLEMENTARES","SEDI - SERVIÇOS DIVERSOS",null,"H",0.36499999999999999,21.09,7.69]
["Composição Auxiliar"," 88264 ","SINAPI","ELETRICISTA COM ENCARGOS COMPLEMENTARES","SEDI - SERVIÇOS DIVERSOS",null,"H",0.36499999999999999,26.5,9.67]
["Insumo"," 00040408 ","SINAPI","CURVA 180 GRAUS, DE PVC RIGIDO ROSCAVEL, DE 1 1/4\", PARA ELETRODUTO","Material",null,"UN",1,3.78,3.78]
[]
[]
[]
[null,"Código","Banco","Descrição","Tipo",null,"Und","Quant.","Valor Unit","Total"]
["Composição"," 91920 ","SINAPI","CURVA 90 GRAUS PARA ELETRODUTO, PVC, ROSCÁVEL, DN 40 MM (1 1/4\"), PARA CIRCUITOS TERMINAIS, INSTALADA EM PAREDE - FORNECIMENTO E INSTALAÇÃO. AF_12/2015","INEL - INSTALAÇÃO ELÉTRICA/ELETRIFICAÇÃO E ILUMINAÇÃO EXTERNA",null,"UN",1,19.95,19.95]
["Composição Auxiliar"," 88247 ","SINAPI","AUXILIAR DE ELETRICISTA COM ENCARGOS COMPLEMENTARES","SEDI - SERVIÇOS DIVERSOS",null,"H",0.36499999999999999,21.09,7.69]
["Composição Auxiliar"," 88264 ","SINAPI","ELETRICISTA COM ENCARGOS COMPLEMENTARES","SEDI - SERVIÇOS DIVERSOS",null,"H",0.36499999999999999,26.5,9.67]
["Insumo"," 00001874 ","SINAPI","CURVA 90 GRAUS, LONGA, DE PVC RIGIDO ROSCAVEL, DE 1 1/4\", PARA ELETRODUTO","Material",null,"UN",1,2.59,2.59]
[]
[]
[]
[null,"Código","Banco","Descrição","Tipo",null,"Und","Quant.","Valor Unit","Total"]
["Composição"," 124 ","ORSE","Concreto simples fabricado na obra, fck=13,5 mpa (b1/b2), sem lançamento e adensamento","Concreto Simples",null,"m³",1,517.72,517.72]
["Composição Auxiliar"," 10549 ","ORSE","Encargos Complementares - Servente","Provisórios",null,"h",6,3.79,22.74]
["Insumo"," 00000367/SINAPI ","ORSE","Areia grossa - posto jazida/fornecedor (retirado na jazida,sem transporte)","Material",null,"m³",0.94299999999999995,111.43,105.07]
["Insumo"," 00001379/SINAPI ","ORSE","Cimento portland composto cp ii-32","Material",null,"kg",255,0.78,198.9]
["Insumo"," 00004718/SINAPI ","ORSE","Pedra britada n. 2 (19 a 38 mm) posto pedreira/fornecedor, sem frete","Material",null,"m³",0.627,130.69999999999999,81.94]
["Insumo"," 00004721/SINAPI ","ORSE","Pedra britada n. 1 (9,5 a 19 mm) posto pedreira/fornecedor,sem frete","Material",null,"m³",0.20899999999999999,130.01,27.17]
["Insumo"," 00006111/SINAPI ","ORSE","Servente de obras (horista)","Mão de Obra",null,"h",6,13.65,81.900000000000006]
[]
[]
[]
[null,"Código","Banco","Descrição","Tipo",null,"Und","Quant.","Valor Unit","Total"]
["Composição"," 95 ","ORSE","Concreto simples fabricado na obra, fck=13,5 mpa, lançado e adensado","Alvenarias de Pedra e Concretos para Fundações",null,"m³",1,566.41999999999996,566.41999999999996]
["Composição Auxiliar"," 124 ","ORSE","Concreto simples fabricado na obra, fck=13,5 mpa (b1/b2), sem lançamento e adensamento","Concreto Simples",null,"m³",1,517.72,517.72]
["Composição Auxiliar"," 7692 ","ORSE","Lançamento de concreto simples fabricado na obra, inclusive adensamento e acabamento em peças da superestrutura","Concreto Simples",null,"m³",1,48.7,48.7]
[]
[]
[]
[null,"Código","Banco","Descrição","Tipo",null,"Und","Quant.","Valor Unit","Total"]
["Composição"," 9398 ","ORSE","Concreto simples fck= 25 MPA (b1/b2), fabricado na obra, sem lançamento e adensamento","Concreto Simples",null,"m³",1,578.07000000000005,578.07000000000005]
["Composição Auxiliar"," 10549 ","ORSE","Encargos Complementares - Servente","Provisórios",null,"h",6,3.79,22.74]
["Insumo"," 00000367/SINAPI ","ORSE","Areia grossa - posto jazida/fornecedor (retirado na jazida,sem transporte)","Material",null,"m³",0.59,111.43,65.739999999999995]
["Insumo"," 00001379/SINAPI ","ORSE","Cimento portland composto cp ii-32","Material",null,"kg",390,0.78,304.2]
["Insumo"," 00004718/SINAPI ","ORSE","Pedra britada n. 2 (19 a 38 mm) posto pedreira/fornecedor, sem frete","Material",null,"m³",0.39700000000000002,130.69999999999999,51.88]
["Insumo"," 00004721/SINAPI ","ORSE","Pedra britada n. 1 (9,5 a 19 mm) posto pedreira/fornecedor,sem frete","Material",null,"m³",0.39700000000000002,130.01,51.61]
["Insumo"," 00006111/SINAPI ","ORSE","Servente de obras (horista)","Mão de Obra",null,"h",6,13.65,81.900000000000006]
[]
[]
[]
[null,"Código","Banco","Descrição","Tipo",null,"Und","Quant.","Valor Unit","Total"]
["Composição"," 96 ","ORSE","Concreto simples usinado fck=15mpa, bombeado, lançado e adensado em superestrura","Alvenarias de Pedra e Concretos para Fundações",null,"m³",1,526.79999999999995,526.79999999999995]
["Composição Auxiliar"," 128 ","ORSE","Lançamento de concreto usinado, bombeado, em peças armadas da superestrutura, inclusive colocação, adensamento e acabamento","Concreto Simples",null,"m³",1,48.7,48.7]
["Insumo"," 00044535/SINAPI ","ORSE","Servico de bombeamento de concreto com consumo minimo de 40m3, (disponibilizacao de bomba), sem o lancamento","Material",null,"m³",1,46.26,46.26]
["Insumo"," 634 ","ORSE","Concreto usinado bombeavel b0-b1 fck=15mpa","Material",null,"m³",1,431.84,431.84]
[]
[]
[]
[null,"Código","Banco","Descrição","Tipo",null,"Und","Quant.","Valor Unit","Total"]
["Composição"," 93659 ","SINAPI","DISJUNTOR MONOPOLAR TIPO DIN, CORRENTE NOMINAL DE 50A - FORNECIMENTO E INSTALAÇÃO. AF_10/2020","INEL - INSTALAÇÃO ELÉTRICA/ELETRIFICAÇÃO E ILUMINAÇÃO EXTERNA",null,"UN",1,22.27,22.27]
["Composição Auxiliar"," 88247 ","SINAPI","AUXILIAR DE ELETRICISTA COM ENCARGOS COMPLEMENTARES","SEDI - SERVIÇOS DIVERSOS",null,"H",0.18920000000000001,21.09,3.99]
["Composição Auxiliar"," 88264 ","SINAPI","ELETRICISTA COM ENCARGOS COMPLEMENTARES","SEDI - SERVIÇOS DIVERSOS",null,"H",0.18920000000000001,26.5,5.01]
["Insumo"," 00001575 ","SINAPI","TERMINAL A COMPRESSAO EM COBRE ESTANHADO PARA CABO 16 MM2, 1 FURO E 1 COMPRESSAO, PARA PARAFUSO DE FIXACAO M6","Material",null,"UN",1,1.82,1.82]
["Insumo"," 00034686 ","SINAPI","DISJUNTOR TIPO DIN / IEC, MONOPOLAR DE 40  ATE 50A","Material",null,"UN",1,11.45,11.45]
[]
[]
[]
[null,"Código","Banco","Descrição","Tipo",null,"Und","Quant.","Valor Unit","Total"]
["Composição"," 88264 ","SINAPI","ELETRICISTA COM ENCARGOS COMPLEMENTARES","SEDI - SERVIÇOS DIVERSOS",null,"H",1,26.5,26.5]
["Composição Auxiliar"," 95332 ","SINAPI","CURSO DE CAPACITAÇÃO PARA ELETRICISTA (ENCARGOS COMPLEMENTARES) - HORISTA","SEDI - SERVIÇOS DIVERSOS",null,"H",1,0.82,0.82]
["Insumo"," 00002436 ","SINAPI","ELETRICISTA","Mão de Obra",null,"H",1,19.12,19.12]
["Insumo"," 00037370 ","SINAPI","ALIMENTACAO - HORISTA (COLETADO CAIXA)","Outros",null,"H",1,2.39,2.39]
["Insumo"," 00037371 ","SINAPI","TRANSPORTE - HORISTA (COLETADO CAIXA)","Serviços",null,"H",1,0.74,0.74]
["Insumo"," 00037372 ","SINAPI","EXAMES - HORISTA (COLETADO CAIXA)","Outros",null,"H",1,1.34,1.34]
["Insumo"," 00037373 ","SINAPI","SEGURO - HORISTA (COLETADO CAIXA)","Taxas",null,"H",1,0.04,0.04]
["Insumo"," 00043460 ","SINAPI","FERRAMENTAS - FAMILIA ELETRICISTA - HORISTA (ENCARGOS COMPLEMENTARES - COLETADO CAIXA)","Equipamento",null,"H",1,0.85,0.85]
["Insumo"," 00043484 ","SINAPI","EPI - FAMILIA ELETRICISTA - HORISTA (ENCARGOS COMPLEMENTARES - COLETADO CAIXA)","Equipamento",null,"H",1,1.2,1.2]
[]
[]
[]
[null,"Código","Banco","Descrição","Tipo",null,"Und","Quant.","Valor Unit","Total"]
["Composição"," 91873 ","SINAPI","ELETRODUTO RÍGIDO ROSCÁVEL, PVC, DN 40 MM (1 1/4\"), PARA CIRCUITOS TERMINAIS, INSTALADO EM PAREDE - FORNECIMENTO E INSTALAÇÃO. AF_12/2015","INEL - INSTALAÇÃO ELÉTRICA/ELETRIFICAÇÃO E ILUMINAÇÃO EXTERNA",null,"M",1,19.100000000000001,19.100000000000001]
["Composição Auxiliar"," 88247 ","SINAPI","AUXILIAR DE ELETRICISTA COM ENCARGOS COMPLEMENTARES","SEDI - SERVIÇOS DIVERSOS",null,"H",0.219,21.09,4.6100000000000003]
["Composição Auxiliar"," 88264 ","SINAPI","ELETRICISTA COM ENCARGOS COMPLEMENTARES","SEDI - SERVIÇOS DIVERSOS",null,"H",0.219,26.5,5.8]
["Insumo"," 00002684 ","SINAPI","ELETRODUTO DE PVC RIGIDO ROSCAVEL DE 1 1/4 \", SEM LUVA","Material",null,"M",1.0169999999999999,8.5500000000000007,8.69]
[]
[]
[]
[null,"Código","Banco","Descrição","Tipo",null,"Und","Quant.","Valor Unit","Total"]
["Composição"," 88267 ","SINAPI","ENCANADOR OU BOMBEIRO HIDRÁULICO COM ENCARGOS COMPLEMENTARES","SEDI - SERVIÇOS DIVERSOS",null,"H",1,25.39,25.39]
["Composição Auxiliar"," 95335 ","SINAPI","CURSO DE CAPACITAÇÃO PARA ENCANADOR OU BOMBEIRO HIDRÁULICO (ENCARGOS COMPLEMENTARES) - HORISTA","SEDI - SERVIÇOS DIVERSOS",null,"H",1,0.39,0.39]
["Insumo"," 00002696 ","SINAPI","ENCANADOR OU BOMBEIRO HIDRAULICO","Mão de Obra",null,"H",1,19.12,19.12]
["Insumo"," 00037370 ","SINAPI","ALIMENTACAO - HORISTA (COLETADO CAIXA)","Outros",null,"H",1,2.39,2.39]
["Insumo"," 00037371 ","SINAPI","TRANSPORTE - HORISTA (COLETADO CAIXA)","Serviços",null,"H",1,0.74,0.74]
["Insumo"," 00037372 ","SINAPI","EXAMES - HORISTA (COLETADO CAIXA)","Outros",null,"H",1,1.34,1.34]
["Insumo"," 00037373 ","SINAPI","SEGURO - HORISTA (COLETADO CAIXA)","Taxas",null,"H",1,0.04,0.04]
["Insumo"," 00043461 ","SINAPI","FERRAMENTAS - FAMILIA ENCANADOR - HORISTA (ENCARGOS COMPLEMENTARES - COLETADO CAIXA)","Equipamento",null,"H",1,0.31,0.31]
["Insumo"," 00043485 ","SINAPI","EPI - FAMILIA ENCANADOR - HORISTA (ENCARGOS COMPLEMENTARES - COLETADO CAIXA)","Equipamento",null,"H",1,1.06,1.06]
[]
[]
[]
[null,"Código","Banco","Descrição","Tipo",null,"Und","Quant.","Valor Unit","Total"]
["Composição"," 90776 ","SINAPI","ENCARREGADO GERAL COM ENCARGOS COMPLEMENTARES","SEDI - SERVIÇOS DIVERSOS",null,"H",1,31.92,31.92]
["Composição Auxiliar"," 95401 ","SINAPI","CURSO DE CAPACITAÇÃO PARA ENCARREGADO GERAL (ENCARGOS COMPLEMENTARES) - HORISTA","SEDI - SERVIÇOS DIVERSOS",null,"H",1,0.69,0.69]
["Insumo"," 00004083 ","SINAPI","ENCARREGADO GERAL DE OBRAS","Mão de Obra",null,"H",1,28.5,28.5]
["Insumo"," 00037372 ","SINAPI","EXAMES - HORISTA (COLETADO CAIXA)","Outros",null,"H",1,1.34,1.34]
["Insumo"," 00037373 ","SINAPI","SEGURO - HORISTA (COLETADO CAIXA)","Taxas",null,"H",1,0.04,0.04]
["Insumo"," 00043463 ","SINAPI","FERRAMENTAS - FAMILIA ENCARREGADO GERAL - HORISTA (ENCARGOS COMPLEMENTARES - COLETADO CAIXA)","Equipamento",null,"H",1,0.1,0.1]
["Insumo"," 00043487 ","SINAPI","EPI - FAMILIA ENCARREGADO GERAL - HORISTA (ENCARGOS COMPLEMENTARES - COLETADO CAIXA)","Equipamento",null,"H",1,1.25,1.25]
[]
[]
[]
[null,"Código","Banco","Descrição","Tipo",null,"Und","Quant.","Valor Unit","Total"]
["Composição"," 86885 ","SINAPI","ENGATE FLEXÍVEL EM PLÁSTICO BRANCO, 1/2\u0094 X 40CM - FORNECIMENTO E INSTALAÇÃO. AF_01/2020","INHI - INSTALAÇÕES HIDROS SANITÁRIAS",null,"UN",1,11.01,11.01]
["Composição Auxiliar"," 88267 ","SINAPI","ENCANADOR OU BOMBEIRO HIDRÁULICO COM ENCARGOS COMPLEMENTARES","SEDI - SERVIÇOS DIVERSOS",null,"H",0.1525,25.39,3.87]
["Composição Auxiliar"," 88316 ","SINAPI","SERVENTE COM ENCARGOS COMPLEMENTARES","SEDI - SERVIÇOS DIVERSOS",null,"H",4.8099999999999997E-2,20.420000000000002,0.98]
["Insumo"," 00003146 ","SINAPI","FITA VEDA ROSCA EM ROLOS DE 18 MM X 10 M (L X C)","Material",null,"UN",2.1000000000000001E-2,3,0.06]
["Insumo"," 00011681 ","SINAPI","ENGATE/RABICHO FLEXIVEL PLASTICO (PVC OU ABS) BRANCO 1/2 \" X 40 CM","Material",null,"UN",1,6.1,6.1]
[]
[]
[]
[null,"Código","Banco","Descrição","Tipo",null,"Und","Quant.","Valor Unit","Total"]
["Composição"," 90777 ","SINAPI","ENGENHEIRO CIVIL DE OBRA JUNIOR COM ENCARGOS COMPLEMENTARES","SEDI - SERVIÇOS DIVERSOS",null,"H",1,120.03,120.03]
["Composição Auxiliar"," 95402 ","SINAPI","CURSO DE CAPACITAÇÃO PARA ENGENHEIRO CIVIL DE OBRA JÚNIOR (ENCARGOS COMPLEMENTARES) - HORISTA","SEDI - SERVIÇOS DIVERSOS",null,"H",1,1.96,1.96]
["Insumo"," 00002706 ","SINAPI","ENGENHEIRO CIVIL DE OBRA JUNIOR","Mão de Obra",null,"H",1,115.94,115.94]
["Insumo"," 00037372 ","SINAPI","EXAMES - HORISTA (COLETADO CAIXA)","Outros",null,"H",1,1.34,1.34]
["Insumo"," 00037373 ","SINAPI","SEGURO - HORISTA (COLETADO CAIXA)","Taxas",null,"H",1,0.04,0.04]
["Insumo"," 00043462 ","SINAPI","FERRAMENTAS - FAMILIA ENGENHEIRO CIVIL - HORISTA (ENCARGOS COMPLEMENTARES - COLETADO CAIXA)","Equipamento",null,"H",1,0.01,0.01]
["Insumo"," 00043486 ","SINAPI","EPI - FAMILIA ENGENHEIRO CIVIL - HORISTA (ENCARGOS COMPLEMENTARES - COLETADO CAIXA)","Equipamento",null,"H",1,0.74,0.74]
[]
[]
[]
[null,"Código","Banco","Descrição","Tipo",null,"Und","Quant.","Valor Unit","Total"]
["Composição"," 10555 ","ORSE","Encargos Complementares - Armador","Provisórios",null,"h",1,3.63,3.63]
["Insumo"," 158 ","ORSE","Almoço (Participação do empregador)","Material",null,"un",0.1018,14,1.42]
["Insumo"," 941 ","ORSE","Fardamento com mangas curta","Material",null,"un",1.5E-3,190.35,0.28000000000000003]
["Insumo"," 1651 ","ORSE","Óculos branco proteção","Material",null,"pr",8.0000000000000004E-4,6.35,0]
["Insumo"," 2378 ","ORSE","Vale transporte","Material",null,"un",6.54E-2,4.5,0.28999999999999998]
["Insumo"," 10362 ","ORSE","Seguro de vida e acidente em grupo","Serviços",null,"un",4.4999999999999997E-3,12.54,0.05]
["Insumo"," 10492 ","ORSE","Cesta Básica","Material",null,"un",4.4999999999999997E-3,190,0.85]
["Insumo"," 10517 ","ORSE","Exames admissionais/demissionais (checkup)","Serviços",null,"cj",4.0000000000000002E-4,300,0.12]
["Insumo"," 10585 ","ORSE","Arco de serra","Material",null,"un",2.0000000000000001E-4,19.899999999999999,0]
["Insumo"," 10586 ","ORSE","Torquesa","Material",null,"un",2.0000000000000001E-4,36.9,0]
["Insumo"," 10596 ","ORSE","Protetor auricular","Material",null,"un",4.4999999999999997E-3,4.9000000000000004,0.02]
["Insumo"," 10599 ","ORSE","Protetor solar fps 30 com 120ml","Material",null,"un",1.8E-3,18,0.03]
["Insumo"," 10761 ","ORSE","Refeição - café da manhã ( café com leite e dois pães com manteiga)","Serviços",null,"un",0.1018,5,0.5]
["Insumo"," 00012892/SINAPI ","ORSE","Luva raspa de couro, cano curto (punho *7* cm)","Material",null,"par",2.3E-3,12.15,0.02]
["Insumo"," 00012893/SINAPI ","ORSE","Bota de seguranca com biqueira de aco e colarinho acolchoado","Material",null,"par",8.0000000000000004E-4,64.8,0.05]
["Insumo"," 00012894/SINAPI ","ORSE","Capa para chuva em pvc com forro de poliester, com capuz (amarela ou azul)","Material",null,"un",2.0000000000000001E-4,17.55,0]
["Insumo"," 00012895/SINAPI ","ORSE","Capacete de seguranca aba frontal com suspensao de polietileno, sem jugular (classe b)","Material",null,"un",5.9999999999999995E-4,13.5,0]
[]
[]
[]
[null,"Código","Banco","Descrição","Tipo",null,"Und","Quant.","Valor Unit","Total"]
["Composição"," 10551 ","ORSE","Encargos Complementares - Carpinteiro","Provisórios",null,"h",1,3.69,3.69]
["Insumo"," 158 ","ORSE","Almoço (Participação do empregador)","Material",null,"un",0.1018,14,1.42]
["Insumo"," 941 ","ORSE","Fardamento com mangas curta","Material",null,"un",1.5E-3,190.35,0.28000000000000003]
["Insumo"," 1651 ","ORSE","Óculos branco proteção","Material",null,"pr",6.9999999999999999E-4,6.35,0]
["Insumo"," 2378 ","ORSE","Vale transporte","Material",null,"un",6.54E-2,4.5,0.28999999999999998]
["Insumo"," 10362 ","ORSE","Seguro de vida e acidente em grupo","Serviços",null,"un",4.4999999999999997E-3,12.54,0.05]
["Insumo"," 10492 ","ORSE","Cesta Básica","Material",null,"un",4.4999999999999997E-3,190,0.85]
["Insumo"," 10517 ","ORSE","Exames admissionais/demissionais (checkup)","Serviços",null,"cj",4.0000000000000002E-4,300,0.12]
["Insumo"," 10577 ","ORSE","Serrote 40cm","Material",null,"un",1E-4,29.9,0]
["Insumo"," 10578 ","ORSE","Formão grande","Material",null,"un",2.0000000000000001E-4,15.15,0]
["Insumo"," 10579 ","ORSE","Chave de fenda chata 30 cm","Material",null,"un",2.0000000000000001E-4,26.89,0]
["Insumo"," 10596 ","ORSE","Protetor auricular","Material",null,"un",4.4999999999999997E-3,4.9000000000000004,0.02]
["Insumo"," 10599 ","ORSE","Protetor solar fps 30 com 120ml","Material",null,"un",1.8E-3,18,0.03]
["Insumo"," 10761 ","ORSE","Refeição - café da manhã ( café com leite e dois pães com manteiga)","Serviços",null,"un",0.1018,5,0.5]
["Insumo"," 11244 ","ORSE","Martelo com unha","Material",null,"un",2.0000000000000001E-4,48.95,0]
["Insumo"," 11248 ","ORSE","Furadeira e Parafusadeira eletrica Bosch ou Similar profissional","Equipamento",null,"un",1E-4,246,0.02]
["Insumo"," 11249 ","ORSE","Serra circular eletrica portatil","Equipamento",null,"un",1E-4,518,0.05]
["Insumo"," 00012892/SINAPI ","ORSE","Luva raspa de couro, cano curto (punho *7* cm)","Material",null,"par",2.3E-3,12.15,0.02]
["Insumo"," 00012893/SINAPI ","ORSE","Bota de seguranca com biqueira de aco e colarinho acolchoado","Material",null,"par",6.9999999999999999E-4,64.8,0.04]
["Insumo"," 00012894/SINAPI ","ORSE","Capa para chuva em pvc com forro de poliester, com capuz (amarela ou azul)","Material",null,"un",2.0000000000000001E-4,17.55,0]
["Insumo"," 00012895/SINAPI ","ORSE","Capacete de seguranca aba frontal com suspensao de polietileno, sem jugular (classe b)","Material",null,"un",5.9999999999999995E-4,13.5,0]
[]
[]
[]
[null,"Código","Banco","Descrição","Tipo",null,"Und","Quant.","Valor Unit","Total"]
["Composição"," 10552 ","ORSE","Encargos Complementares - Eletricista","Provisórios",null,"h",1,3.65,3.65]
["Insumo"," 158 ","ORSE","Almoço (Participação do empregador)","Material",null,"un",0.1018,14,1.42]
["Insumo"," 941 ","ORSE","Fardamento com mangas curta","Material",null,"un",1.5E-3,190.35,0.28000000000000003]
["Insumo"," 1651 ","ORSE","Óculos branco proteção","Material",null,"pr",8.0000000000000004E-4,6.35,0]
["Insumo"," 2378 ","ORSE","Vale transporte","Material",null,"un",6.54E-2,4.5,0.28999999999999998]
["Insumo"," 10362 ","ORSE","Seguro de vida e acidente em grupo","Serviços",null,"un",4.4999999999999997E-3,12.54,0.05]
["Insumo"," 10492 ","ORSE","Cesta Básica","Material",null,"un",4.4999999999999997E-3,190,0.85]
["Insumo"," 10517 ","ORSE","Exames admissionais/demissionais (checkup)","Serviços",null,"cj",4.0000000000000002E-4,300,0.12]
["Insumo"," 10579 ","ORSE","Chave de fenda chata 30 cm","Material",null,"un",2.0000000000000001E-4,26.89,0]
["Insumo"," 10596 ","ORSE","Protetor auricular","Material",null,"un",4.4999999999999997E-3,4.9000000000000004,0.02]
["Insumo"," 10599 ","ORSE","Protetor solar fps 30 com 120ml","Material",null,"un",1.8E-3,18,0.03]
["Insumo"," 10761 ","ORSE","Refeição - café da manhã ( café com leite e dois pães com manteiga)","Serviços",null,"un",0.1018,5,0.5]
["Insumo"," 11240 ","ORSE","Alicate com isolamento","Material",null,"un",2.0000000000000001E-4,47.69,0]
["Insumo"," 11241 ","ORSE","Alicate volt-amperimetro","Material",null,"un",2.0000000000000001E-4,163,0.03]
["Insumo"," 11242 ","ORSE","Chave inglesa 12\"","Material",null,"un",1E-4,34,0]
["Insumo"," 00012892/SINAPI ","ORSE","Luva raspa de couro, cano curto (punho *7* cm)","Material",null,"par",2.3E-3,12.15,0.02]
["Insumo"," 00012893/SINAPI ","ORSE","Bota de seguranca com biqueira de aco e colarinho acolchoado","Material",null,"par",6.9999999999999999E-4,64.8,0.04]
["Insumo"," 00012894/SINAPI ","ORSE","Capa para chuva em pvc com forro de poliester, com capuz (amarela ou azul)","Material",null,"un",2.0000000000000001E-4,17.55,0]
["Insumo"," 00012895/SINAPI ","ORSE","Capacete de seguranca aba frontal com suspensao de polietileno, sem jugular (classe b)","Material",null,"un",5.9999999999999995E-4,13.5,0]
[]
[]
[]
[null,"Código","Banco","Descrição","Tipo",null,"Und","Quant.","Valor Unit","Total"]
["Composição"," 10554 ","ORSE","Encargos Complementares - Encanador","Provisórios",null,"h",1,3.72,3.72]
["Insumo"," 158 ","ORSE","Almoço (Participação do empregador)","Material",null,"un",0.1018,14,1.42]
["Insumo"," 941 ","ORSE","Fardamento com mangas curta","Material",null,"un",1.5E-3,190.35,0.28000000000000003]
["Insumo"," 1651 ","ORSE","Óculos branco proteção","Material",null,"pr",8.0000000000000004E-4,6.35,0]
["Insumo"," 2378 ","ORSE","Vale transporte","Material",null,"un",6.54E-2,4.5,0.28999999999999998]
["Insumo"," 10362 ","ORSE","Seguro de vida e acidente em grupo","Serviços",null,"un",4.4999999999999997E-3,12.54,0.05]
["Insumo"," 10492 ","ORSE","Cesta Básica","Material",null,"un",4.4999999999999997E-3,190,0.85]
["Insumo"," 10517 ","ORSE","Exames admissionais/demissionais (checkup)","Serviços",null,"cj",4.0000000000000002E-4,300,0.12]
["Insumo"," 10592 ","ORSE","Lima chata 12\"","Material",null,"un",1E-4,37.29,0]
["Insumo"," 10593 ","ORSE","Praio simples 30cm","Material",null,"un",1E-4,19.57,0]
["Insumo"," 10596 ","ORSE","Protetor auricular","Material",null,"un",4.4999999999999997E-3,4.9000000000000004,0.02]
["Insumo"," 10599 ","ORSE","Protetor solar fps 30 com 120ml","Material",null,"un",1.8E-3,18,0.03]
["Insumo"," 10761 ","ORSE","Refeição - café da manhã ( café com leite e dois pães com manteiga)","Serviços",null,"un",0.1018,5,0.5]
["Insumo"," 11253 ","ORSE","Tarracha para tubos PVC de 1/2\"","Material",null,"un",1.1000000000000001E-3,25.5,0.02]
["Insumo"," 11254 ","ORSE","Tarracha para tubos PVC de 3/4\"","Material",null,"un",6.9999999999999999E-4,22.8,0.01]
["Insumo"," 11255 ","ORSE","Tarracha para tubos PVC de 1\"","Material",null,"un",5.9999999999999995E-4,63,0.03]
["Insumo"," 11256 ","ORSE","Tarracha para tubos PVC de 1 1/2\"","Material",null,"un",4.0000000000000002E-4,60,0.02]
["Insumo"," 11257 ","ORSE","Tarracha para tubos PVC de 1 1/4\"","Material",null,"un",4.0000000000000002E-4,32.299999999999997,0.01]
["Insumo"," 00012892/SINAPI ","ORSE","Luva raspa de couro, cano curto (punho *7* cm)","Material",null,"par",2.3E-3,12.15,0.02]
["Insumo"," 00012893/SINAPI ","ORSE","Bota de seguranca com biqueira de aco e colarinho acolchoado","Material",null,"par",8.0000000000000004E-4,64.8,0.05]
["Insumo"," 00012894/SINAPI ","ORSE","Capa para chuva em pvc com forro de poliester, com capuz (amarela ou azul)","Material",null,"un",2.0000000000000001E-4,17.55,0]
["Insumo"," 00012895/SINAPI ","ORSE","Capacete de seguranca aba frontal com suspensao de polietileno, sem jugular (classe b)","Material",null,"un",5.9999999999999995E-4,13.5,0]
[]
[]
[]
[null,"Código","Banco","Descrição","Tipo",null,"Und","Quant.","Valor Unit","Total"]
["Composição"," 10550 ","ORSE","Encargos Complementares - Pedreiro","Provisórios",null,"h",1,3.66,3.66]
["Insumo"," 158 ","ORSE","Almoço (Participação do empregador)","Material",null,"un",0.1018,14,1.42]
["Insumo"," 941 ","ORSE","Fardamento com mangas curta","Material",null,"un",1.5E-3,190.35,0.28000000000000003]
["Insumo"," 1651 ","ORSE","Óculos branco proteção","Material",null,"pr",8.0000000000000004E-4,6.35,0]
["Insumo"," 2378 ","ORSE","Vale transporte","Material",null,"un",6.54E-2,4.5,0.28999999999999998]
["Insumo"," 4174 ","ORSE","Desempenadeira de aço lisa, cabo madeira, ref:143, Atlas ou similar","Material",null,"un",5.0000000000000001E-4,10.8,0]
["Insumo"," 4722 ","ORSE","Colher de pedreiro","Material",null,"un",4.0000000000000002E-4,18.8,0]
["Insumo"," 10282 ","ORSE","Regua de alumínio c/ 2,00m (para pedreiro)","Material",null,"un",2.0000000000000001E-4,40.799999999999997,0]
["Insumo"," 10362 ","ORSE","Seguro de vida e acidente em grupo","Serviços",null,"un",4.4999999999999997E-3,12.54,0.05]
["Insumo"," 10492 ","ORSE","Cesta Básica","Material",null,"un",4.4999999999999997E-3,190,0.85]
["Insumo"," 10517 ","ORSE","Exames admissionais/demissionais (checkup)","Serviços",null,"cj",4.0000000000000002E-4,300,0.12]
["Insumo"," 10596 ","ORSE","Protetor auricular","Material",null,"un",4.4999999999999997E-3,4.9000000000000004,0.02]
["Insumo"," 10599 ","ORSE","Protetor solar fps 30 com 120ml","Material",null,"un",1.8E-3,18,0.03]
["Insumo"," 10761 ","ORSE","Refeição - café da manhã ( café com leite e dois pães com manteiga)","Serviços",null,"un",0.1018,5,0.5]
["Insumo"," 10789 ","ORSE","Nível de bolha de madeira","Material",null,"un",2.0000000000000001E-4,15.4,0]
["Insumo"," 10790 ","ORSE","Prumo de face","Material",null,"un",1E-4,25.95,0]
["Insumo"," 11243 ","ORSE","Martelo sem unha","Material",null,"un",1E-4,28,0]
["Insumo"," 11245 ","ORSE","Desempoladeira de madeira 12x22","Material",null,"un",6.9999999999999999E-4,11.6,0]
["Insumo"," 11246 ","ORSE","Escala métrica de bambú","Material",null,"Un",6.9999999999999999E-4,10.220000000000001,0]
["Insumo"," 11247 ","ORSE","Serra mármore Serra marmore","Material",null,"un",1E-4,327.8,0.03]
["Insumo"," 11264 ","ORSE","Marreta de 1/2 kg com cabo","Material",null,"un",2.0000000000000001E-4,13.52,0]
["Insumo"," 11265 ","ORSE","Martelo de borracha com cabo","Material",null,"un",4.0000000000000002E-4,18.75,0]
["Insumo"," 00012892/SINAPI ","ORSE","Luva raspa de couro, cano curto (punho *7* cm)","Material",null,"par",2.3E-3,12.15,0.02]
["Insumo"," 00012893/SINAPI ","ORSE","Bota de seguranca com biqueira de aco e colarinho acolchoado","Material",null,"par",8.0000000000000004E-4,64.8,0.05]
["Insumo"," 00012894/SINAPI ","ORSE","Capa para chuva em pvc com forro de poliester, com capuz (amarela ou azul)","Material",null,"un",2.0000000000000001E-4,17.55,0]
["Insumo"," 00012895/SINAPI ","ORSE","Capacete de seguranca aba frontal com suspensao de polietileno, sem jugular (classe b)","Material",null,"un",5.9999999999999995E-4,13.5,0]
[]
[]
[]
[null,"Código","Banco","Descrição","Tipo",null,"Und","Quant.","Valor Unit","Total"]
["Composição"," 10594 ","ORSE","Encargos Complementares - Serralheiro ou Operador de Equipamento Leve","Provisórios",null,"h",1,3.63,3.63]
["Insumo"," 00012892/SINAPI ","ORSE","Luva raspa de couro, cano curto (punho *7* cm)","Material",null,"par",2.3E-3,12.15,0.02]
["Insumo"," 00012893/SINAPI ","ORSE","Bota de seguranca com biqueira de aco e colarinho acolchoado","Material",null,"par",8.0000000000000004E-4,64.8,0.05]
["Insumo"," 00012894/SINAPI ","ORSE","Capa para chuva em pvc com forro de poliester, com capuz (amarela ou azul)","Material",null,"un",2.0000000000000001E-4,17.55,0]
["Insumo"," 00012895/SINAPI ","ORSE","Capacete de seguranca aba frontal com suspensao de polietileno, sem jugular (classe b)","Material",null,"un",5.9999999999999995E-4,13.5,0]
["Insumo"," 10362 ","ORSE","Seguro de vida e acidente em grupo","Serviços",null,"un",4.4999999999999997E-3,12.54,0.05]
["Insumo"," 10492 ","ORSE","Cesta Básica","Material",null,"un",4.4999999999999997E-3,190,0.85]
["Insumo"," 10517 ","ORSE","Exames admissionais/demissionais (checkup)","Serviços",null,"cj",4.0000000000000002E-4,300,0.12]
["Insumo"," 10585 ","ORSE","Arco de serra","Material",null,"un",2.0000000000000001E-4,19.899999999999999,0]
["Insumo"," 10586 ","ORSE","Torquesa","Material",null,"un",2.0000000000000001E-4,36.9,0]
["Insumo"," 10596 ","ORSE","Protetor auricular","Material",null,"un",4.4999999999999997E-3,4.9000000000000004,0.02]
["Insumo"," 10599 ","ORSE","Protetor solar fps 30 com 120ml","Material",null,"un",1.8E-3,18,0.03]
["Insumo"," 10761 ","ORSE","Refeição - café da manhã ( café com leite e dois pães com manteiga)","Serviços",null,"un",0.1018,5,0.5]
["Insumo"," 158 ","ORSE","Almoço (Participação do empregador)","Material",null,"un",0.1018,14,1.42]
["Insumo"," 1651 ","ORSE","Óculos branco proteção","Material",null,"pr",8.0000000000000004E-4,6.35,0]
["Insumo"," 2378 ","ORSE","Vale transporte","Material",null,"un",6.54E-2,4.5,0.28999999999999998]
["Insumo"," 941 ","ORSE","Fardamento com mangas curta","Material",null,"un",1.5E-3,190.35,0.28000000000000003]
[]
[]
[]
[null,"Código","Banco","Descrição","Tipo",null,"Und","Quant.","Valor Unit","Total"]
["Composição"," 10549 ","ORSE","Encargos Complementares - Servente","Provisórios",null,"h",1,3.79,3.79]
["Insumo"," 158 ","ORSE","Almoço (Participação do empregador)","Material",null,"un",0.1018,14,1.42]
["Insumo"," 941 ","ORSE","Fardamento com mangas curta","Material",null,"un",1.5E-3,190.35,0.28000000000000003]
["Insumo"," 1651 ","ORSE","Óculos branco proteção","Material",null,"pr",8.0000000000000004E-4,6.35,0]
["Insumo"," 2378 ","ORSE","Vale transporte","Material",null,"un",9.4100000000000003E-2,4.5,0.42]
["Insumo"," 4728 ","ORSE","Talhadeira chata 10\" Talhadeira chara 10\"","Material",null,"un",2.9999999999999997E-4,18.579999999999998,0]
["Insumo"," 4729 ","ORSE","Marreta 1 kg com cabo","Material",null,"un",1E-4,31.5,0]
["Insumo"," 10362 ","ORSE","Seguro de vida e acidente em grupo","Serviços",null,"un",4.4999999999999997E-3,12.54,0.05]
["Insumo"," 10492 ","ORSE","Cesta Básica","Material",null,"un",4.4999999999999997E-3,190,0.85]
["Insumo"," 10517 ","ORSE","Exames admissionais/demissionais (checkup)","Serviços",null,"cj",4.0000000000000002E-4,300,0.12]
["Insumo"," 10596 ","ORSE","Protetor auricular","Material",null,"un",4.4999999999999997E-3,4.9000000000000004,0.02]
["Insumo"," 10599 ","ORSE","Protetor solar fps 30 com 120ml","Material",null,"un",1.8E-3,18,0.03]
["Insumo"," 10761 ","ORSE","Refeição - café da manhã ( café com leite e dois pães com manteiga)","Serviços",null,"un",0.1018,5,0.5]
["Insumo"," 10788 ","ORSE","Pá quadrada","Material",null,"un",2.0000000000000001E-4,36.9,0]
["Insumo"," 00002711/SINAPI ","ORSE","Carrinho de mao de aco capacidade 50 a 60 l, pneu com camara","Material",null,"un",2.0000000000000001E-4,180,0.03]
["Insumo"," 00012892/SINAPI ","ORSE","Luva raspa de couro, cano curto (punho *7* cm)","Material",null,"par",2.3E-3,12.15,0.02]
["Insumo"," 00012893/SINAPI ","ORSE","Bota de seguranca com biqueira de aco e colarinho acolchoado","Material",null,"par",8.0000000000000004E-4,64.8,0.05]
["Insumo"," 00012894/SINAPI ","ORSE","Capa para chuva em pvc com forro de poliester, com capuz (amarela ou azul)","Material",null,"un",2.0000000000000001E-4,17.55,0]
["Insumo"," 00012895/SINAPI ","ORSE","Capacete de seguranca aba frontal com suspensao de polietileno, sem jugular (classe b)","Material",null,"un",5.9999999999999995E-4,13.5,0]
[]
[]
[]
[null,"Código","Banco","Descrição","Tipo",null,"Und","Quant.","Valor Unit","Total"]
["Composição"," 10603 ","ORSE","Encargos Complementares - Soldador","Provisórios",null,"h",1,4.34,4.34]
["Insumo"," 00012892/SINAPI ","ORSE","Luva raspa de couro, cano curto (punho *7* cm)","Material",null,"par",2.3E-3,12.15,0.02]
["Insumo"," 00012893/SINAPI ","ORSE","Bota de seguranca com biqueira de aco e colarinho acolchoado","Material",null,"par",8.0000000000000004E-4,64.8,0.05]
["Insumo"," 00012894/SINAPI ","ORSE","Capa para chuva em pvc com forro de poliester, com capuz (amarela ou azul)","Material",null,"un",2.0000000000000001E-4,17.55,0]
["Insumo"," 00012895/SINAPI ","ORSE","Capacete de seguranca aba frontal com suspensao de polietileno, sem jugular (classe b)","Material",null,"un",5.9999999999999995E-4,13.5,0]
["Insumo"," 10362 ","ORSE","Seguro de vida e acidente em grupo","Serviços",null,"un",4.4999999999999997E-3,12.54,0.05]
["Insumo"," 10492 ","ORSE","Cesta Básica","Material",null,"un",4.4999999999999997E-3,190,0.85]
["Insumo"," 10517 ","ORSE","Exames admissionais/demissionais (checkup)","Serviços",null,"cj",4.0000000000000002E-4,300,0.12]
["Insumo"," 10596 ","ORSE","Protetor auricular","Material",null,"un",4.4999999999999997E-3,4.9000000000000004,0.02]
["Insumo"," 10599 ","ORSE","Protetor solar fps 30 com 120ml","Material",null,"un",1.8E-3,18,0.03]
["Insumo"," 10761 ","ORSE","Refeição - café da manhã ( café com leite e dois pães com manteiga)","Serviços",null,"un",0.1018,5,0.5]
["Insumo"," 11270 ","ORSE","Martelo de solda do tipo picareta, cabo de madeira, 300x0,4x0,5mm","Material",null,"un",2.9999999999999997E-4,28.65,0]
["Insumo"," 11271 ","ORSE","Talhadeira com punho de proteção 22 x225mm ref.207206BR Belzer","Material",null,"un",1E-4,29.21,0]
["Insumo"," 11272 ","ORSE","Alicate Climpador ( cripador )","Material",null,"un",1E-4,102.6,0.01]
["Insumo"," 11273 ","ORSE","Esquadro de alumínio para soldagem de peças, com duas morsas, 35 x 35 x 4,5cm, marca Black Jack","Material",null,"un",2.0000000000000001E-4,218.54,0.04]
["Insumo"," 11274 ","ORSE","Grampo de de aperto rápido 16\" Ref. 60987 Beltools","Material",null,"un",2.9999999999999997E-4,18.75,0]
["Insumo"," 11275 ","ORSE","Alicate de pressão 11\"","Material",null,"un",2.0000000000000001E-4,62.08,0.01]
["Insumo"," 11276 ","ORSE","Alicate de pressão para solda tipo U, para apertar chapas, tiras e qualquer tipo de perfil. Niquelado, mordentes reforçados em aço laminadao. Corpo em chapa dobrada  extra-reforçada e rebites de aço, 11\" (280mm). Ref. 138 Gedore.","Material",null,"un",2.0000000000000001E-4,68.31,0.01]
["Insumo"," 11277 ","ORSE","Alicate de pressão para solda de chapa 18\" (460mm), Ref.138 Z Gedore","Material",null,"un",2.0000000000000001E-4,110.32,0.02]
["Insumo"," 11278 ","ORSE","Alicate diagonal para corte rente 5\" a 8\"","Material",null,"un",2.0000000000000001E-4,37.6,0]
["Insumo"," 11279 ","ORSE","Alicate para anéis de pistão capacidade 50-100mm. ref.44044101 Tramontina ou similar","Material",null,"un",2.0000000000000001E-4,88.71,0.01]
["Insumo"," 11280 ","ORSE","Chave Inglesa 15\" ref. 012418012 carbografite","Material",null,"un",2.0000000000000001E-4,60.5,0.01]
["Insumo"," 11281 ","ORSE","Bolsa de lona para ferramentas 40 x 30 x 20cm","Material",null,"un",8.0000000000000004E-4,357.49,0.28000000000000003]
["Insumo"," 11282 ","ORSE","Esmerilhadeira angular elétrico portátil 4 1/2\" - 1000 watts  - ref. G1000kB2Black e Decker","Material",null,"un",2.0000000000000001E-4,362,7.0000000000000007E-2]
["Insumo"," 11283 ","ORSE","Selador horizontal para fita de aço 1\"","Material",null,"un",1E-4,483.81,0.04]
["Insumo"," 11284 ","ORSE","Cavalete de ferro nº 1","Material",null,"un",2.0000000000000001E-4,120.51,0.02]
["Insumo"," 11285 ","ORSE","Fonte inversora de solda WMI 140ED 220V - BAMBOZZI - WMI- 140ED","Material",null,"un",1E-4,899.9,0.08]
["Insumo"," 11286 ","ORSE","Macariço de solda Ref. CG201 código 010414410 carbografite","Material",null,"un",2.9999999999999997E-4,397.98,0.11]
["Insumo"," 158 ","ORSE","Almoço (Participação do empregador)","Material",null,"un",0.1018,14,1.42]
["Insumo"," 1651 ","ORSE","Óculos branco proteção","Material",null,"pr",8.0000000000000004E-4,6.35,0]
["Insumo"," 2378 ","ORSE","Vale transporte","Material",null,"un",6.54E-2,4.5,0.28999999999999998]
["Insumo"," 941 ","ORSE","Fardamento com mangas curta","Material",null,"un",1.5E-3,190.35,0.28000000000000003]
[]
[]
[]
[null,"Código","Banco","Descrição","Tipo",null,"Und","Quant.","Valor Unit","Total"]
["Composição"," 92273 ","SINAPI","FABRICAÇÃO DE ESCORAS DO TIPO PONTALETE, EM MADEIRA, PARA PÉ-DIREITO SIMPLES. AF_09/2020","FUES - FUNDAÇÕES E ESTRUTURAS",null,"M",1,18.62,18.62]
["Composição Auxiliar"," 88239 ","SINAPI","AJUDANTE DE CARPINTEIRO COM ENCARGOS COMPLEMENTARES","SEDI - SERVIÇOS DIVERSOS",null,"H",2.1000000000000001E-2,20.6,0.43]
["Composição Auxiliar"," 88262 ","SINAPI","CARPINTEIRO DE FORMAS COM ENCARGOS COMPLEMENTARES","SEDI - SERVIÇOS DIVERSOS",null,"H",9.0999999999999998E-2,25.8,2.34]
["Composição Auxiliar"," 91692 ","SINAPI","SERRA CIRCULAR DE BANCADA COM MOTOR ELÉTRICO POTÊNCIA DE 5HP, COM COIFA PARA DISCO 10\" - CHP DIURNO. AF_08/2015","CHOR - CUSTOS HORÁRIOS DE MÁQUINAS E EQUIPAMENTOS",null,"CHP",7.0000000000000001E-3,30.2,0.21]
["Composição Auxiliar"," 91693 ","SINAPI","SERRA CIRCULAR DE BANCADA COM MOTOR ELÉTRICO POTÊNCIA DE 5HP, COM COIFA PARA DISCO 10\" - CHI DIURNO. AF_08/2015","CHOR - CUSTOS HORÁRIOS DE MÁQUINAS E EQUIPAMENTOS",null,"CHI",0.03,28.99,0.86]
["Insumo"," 00004491 ","SINAPI","PONTALETE *7,5 X 7,5* CM EM PINUS, MISTA OU EQUIVALENTE DA REGIAO - BRUTA","Material",null,"M",1.31,10.99,14.39]
["Insumo"," 00005068 ","SINAPI","PREGO DE ACO POLIDO COM CABECA 17 X 21 (2 X 11)","Material",null,"KG",2.3E-2,17.29,0.39]
[]
[]
[]
[null,"Código","Banco","Descrição","Tipo",null,"Und","Quant.","Valor Unit","Total"]
["Composição"," 92269 ","SINAPI","FABRICAÇÃO DE FÔRMA PARA PILARES E ESTRUTURAS SIMILARES, EM MADEIRA SERRADA, E=25 MM. AF_09/2020","FUES - FUNDAÇÕES E ESTRUTURAS",null,"m²",1,163.46,163.46]
["Composição Auxiliar"," 88239 ","SINAPI","AJUDANTE DE CARPINTEIRO COM ENCARGOS COMPLEMENTARES","SEDI - SERVIÇOS DIVERSOS",null,"H",0.14299999999999999,20.6,2.94]
["Composição Auxiliar"," 88262 ","SINAPI","CARPINTEIRO DE FORMAS COM ENCARGOS COMPLEMENTARES","SEDI - SERVIÇOS DIVERSOS",null,"H",0.60699999999999998,25.8,15.66]
["Composição Auxiliar"," 91692 ","SINAPI","SERRA CIRCULAR DE BANCADA COM MOTOR ELÉTRICO POTÊNCIA DE 5HP, COM COIFA PARA DISCO 10\" - CHP DIURNO. AF_08/2015","CHOR - CUSTOS HORÁRIOS DE MÁQUINAS E EQUIPAMENTOS",null,"CHP",0.05,30.2,1.51]
["Composição Auxiliar"," 91693 ","SINAPI","SERRA CIRCULAR DE BANCADA COM MOTOR ELÉTRICO POTÊNCIA DE 5HP, COM COIFA PARA DISCO 10\" - CHI DIURNO. AF_08/2015","CHOR - CUSTOS HORÁRIOS DE MÁQUINAS E EQUIPAMENTOS",null,"CHI",0.20100000000000001,28.99,5.82]
["Insumo"," 00004517 ","SINAPI","SARRAFO *2,5 X 7,5* CM EM PINUS, MISTA OU EQUIVALENTE DA REGIAO - BRUTA","Material",null,"M",4.4320000000000004,3.84,17.010000000000002]
["Insumo"," 00005068 ","SINAPI","PREGO DE ACO POLIDO COM CABECA 17 X 21 (2 X 11)","Material",null,"KG",8.5999999999999993E-2,17.29,1.48]
["Insumo"," 00006212 ","SINAPI","TABUA *2,5 X 30 CM EM PINUS, MISTA OU EQUIVALENTE DA REGIAO - BRUTA","Material",null,"M",6.53,18.23,119.04]
[]
[]
[]
[null,"Código","Banco","Descrição","Tipo",null,"Und","Quant.","Valor Unit","Total"]
["Composição"," 96536 ","SINAPI","FABRICAÇÃO, MONTAGEM E DESMONTAGEM DE FÔRMA PARA VIGA BALDRAME, EM MADEIRA SERRADA, E=25 MM, 4 UTILIZAÇÕES. AF_06/2017","FUES - FUNDAÇÕES E ESTRUTURAS",null,"m²",1,70.930000000000007,70.930000000000007]
["Composição Auxiliar"," 88239 ","SINAPI","AJUDANTE DE CARPINTEIRO COM ENCARGOS COMPLEMENTARES","SEDI - SERVIÇOS DIVERSOS",null,"H",0.47699999999999998,20.6,9.82]
["Composição Auxiliar"," 88262 ","SINAPI","CARPINTEIRO DE FORMAS COM ENCARGOS COMPLEMENTARES","SEDI - SERVIÇOS DIVERSOS",null,"H",1.0880000000000001,25.8,28.07]
["Composição Auxiliar"," 91692 ","SINAPI","SERRA CIRCULAR DE BANCADA COM MOTOR ELÉTRICO POTÊNCIA DE 5HP, COM COIFA PARA DISCO 10\" - CHP DIURNO. AF_08/2015","CHOR - CUSTOS HORÁRIOS DE MÁQUINAS E EQUIPAMENTOS",null,"CHP",1.2999999999999999E-2,30.2,0.39]
["Composição Auxiliar"," 91693 ","SINAPI","SERRA CIRCULAR DE BANCADA COM MOTOR ELÉTRICO POTÊNCIA DE 5HP, COM COIFA PARA DISCO 10\" - CHI DIURNO. AF_08/2015","CHOR - CUSTOS HORÁRIOS DE MÁQUINAS E EQUIPAMENTOS",null,"CHI",5.2999999999999999E-2,28.99,1.53]
["Insumo"," 00002692 ","SINAPI","DESMOLDANTE PROTETOR PARA FORMAS DE MADEIRA, DE BASE OLEOSA EMULSIONADA EM AGUA","Material",null,"L",1.67E-2,8.31,0.13]
["Insumo"," 00004491 ","SINAPI","PONTALETE *7,5 X 7,5* CM EM PINUS, MISTA OU EQUIVALENTE DA REGIAO - BRUTA","Material",null,"M",0.60499999999999998,10.99,6.64]
["Insumo"," 00004517 ","SINAPI","SARRAFO *2,5 X 7,5* CM EM PINUS, MISTA OU EQUIVALENTE DA REGIAO - BRUTA","Material",null,"M",0.54700000000000004,3.84,2.1]
["Insumo"," 00005073 ","SINAPI","PREGO DE ACO POLIDO COM CABECA 17 X 24 (2 1/4 X 11)","Material",null,"KG",2.5999999999999999E-2,17.62,0.45]
["Insumo"," 00006212 ","SINAPI","TABUA *2,5 X 30 CM EM PINUS, MISTA OU EQUIVALENTE DA REGIAO - BRUTA","Material",null,"M",1.1339999999999999,18.23,20.67]
["Insumo"," 00040304 ","SINAPI","PREGO DE ACO POLIDO COM CABECA DUPLA 17 X 27 (2 1/2 X 11)","Material",null,"KG",5.2999999999999999E-2,21.34,1.1299999999999999]
[]
[]
[]
[null,"Código","Banco","Descrição","Tipo",null,"Und","Quant.","Valor Unit","Total"]
["Composição"," 88269 ","SINAPI","GESSEIRO COM ENCARGOS COMPLEMENTARES","SEDI - SERVIÇOS DIVERSOS",null,"H",1,25.94,25.94]
["Composição Auxiliar"," 95337 ","SINAPI","CURSO DE CAPACITAÇÃO PARA GESSEIRO (ENCARGOS COMPLEMENTARES) - HORISTA","SEDI - SERVIÇOS DIVERSOS",null,"H",1,0.25,0.25]
["Insumo"," 00012872 ","SINAPI","GESSEIRO","Mão de Obra",null,"H",1,19.12,19.12]
["Insumo"," 00037370 ","SINAPI","ALIMENTACAO - HORISTA (COLETADO CAIXA)","Outros",null,"H",1,2.39,2.39]
["Insumo"," 00037371 ","SINAPI","TRANSPORTE - HORISTA (COLETADO CAIXA)","Serviços",null,"H",1,0.74,0.74]
["Insumo"," 00037372 ","SINAPI","EXAMES - HORISTA (COLETADO CAIXA)","Outros",null,"H",1,1.34,1.34]
["Insumo"," 00037373 ","SINAPI","SEGURO - HORISTA (COLETADO CAIXA)","Taxas",null,"H",1,0.04,0.04]
["Insumo"," 00043465 ","SINAPI","FERRAMENTAS - FAMILIA PEDREIRO - HORISTA (ENCARGOS COMPLEMENTARES - COLETADO CAIXA)","Equipamento",null,"H",1,0.82,0.82]
["Insumo"," 00043489 ","SINAPI","EPI - FAMILIA PEDREIRO - HORISTA (ENCARGOS COMPLEMENTARES - COLETADO CAIXA)","Equipamento",null,"H",1,1.24,1.24]
[]
[]
[]
[null,"Código","Banco","Descrição","Tipo",null,"Und","Quant.","Valor Unit","Total"]
["Composição"," 90279 ","SINAPI","GRAUTE FGK=20 MPA; TRAÇO 1:0,04:1,6:1,9 (CIMENTO/ CAL/ AREIA GROSSA/ BRITA 0) - PREPARO MECÂNICO COM BETONEIRA 400 L. AF_02/2015","FUES - FUNDAÇÕES E ESTRUTURAS",null,"m³",1,582.08000000000004,582.08000000000004]
["Composição Auxiliar"," 88316 ","SINAPI","SERVENTE COM ENCARGOS COMPLEMENTARES","SEDI - SERVIÇOS DIVERSOS",null,"H",2.5491999999999999,20.420000000000002,52.05]
["Composição Auxiliar"," 88377 ","SINAPI","OPERADOR DE BETONEIRA ESTACIONÁRIA/MISTURADOR COM ENCARGOS COMPLEMENTARES","SEDI - SERVIÇOS DIVERSOS",null,"H",1.6069,23.84,38.299999999999997]
["Composição Auxiliar"," 88830 ","SINAPI","BETONEIRA CAPACIDADE NOMINAL DE 400 L, CAPACIDADE DE MISTURA 280 L, MOTOR ELÉTRICO TRIFÁSICO POTÊNCIA DE 2 CV, SEM CARREGADOR - CHP DIURNO. AF_10/2014","CHOR - CUSTOS HORÁRIOS DE MÁQUINAS E EQUIPAMENTOS",null,"CHP",1.1137999999999999,1.88,2.09]
["Composição Auxiliar"," 88831 ","SINAPI","BETONEIRA CAPACIDADE NOMINAL DE 400 L, CAPACIDADE DE MISTURA 280 L, MOTOR ELÉTRICO TRIFÁSICO POTÊNCIA DE 2 CV, SEM CARREGADOR - CHI DIURNO. AF_10/2014","CHOR - CUSTOS HORÁRIOS DE MÁQUINAS E EQUIPAMENTOS",null,"CHI",0.49309999999999998,0.43,0.21]
["Insumo"," 00000367 ","SINAPI","AREIA GROSSA - POSTO JAZIDA/FORNECEDOR (RETIRADO NA JAZIDA, SEM TRANSPORTE)","Material",null,"m³",0.63019999999999998,111.43,70.22]
["Insumo"," 00001106 ","SINAPI","CAL HIDRATADA CH-I PARA ARGAMASSAS","Material",null,"KG",15.125500000000001,1.23,18.600000000000001]
["Insumo"," 00001379 ","SINAPI","CIMENTO PORTLAND COMPOSTO CP II-32","Material",null,"KG",420.15269999999998,0.76,319.31]
["Insumo"," 00004720 ","SINAPI","PEDRA BRITADA N. 0, OU PEDRISCO (4,8 A 9,5 MM) POSTO PEDREIRA/FORNECEDOR, SEM FRETE","Material",null,"m³",0.58819999999999995,138.22,81.3]
[]
[]
[]
[null,"Código","Banco","Descrição","Tipo",null,"Und","Quant.","Valor Unit","Total"]
["Composição"," 89995 ","SINAPI","GRAUTEAMENTO DE CINTA SUPERIOR OU DE VERGA EM ALVENARIA ESTRUTURAL. AF_01/2015","FUES - FUNDAÇÕES E ESTRUTURAS",null,"m³",1,995.07,995.07]
["Composição Auxiliar"," 88309 ","SINAPI","PEDREIRO COM ENCARGOS COMPLEMENTARES","SEDI - SERVIÇOS DIVERSOS",null,"H",7.4147999999999996,26.15,193.89]
["Composição Auxiliar"," 88316 ","SINAPI","SERVENTE COM ENCARGOS COMPLEMENTARES","SEDI - SERVIÇOS DIVERSOS",null,"H",4.9432,20.420000000000002,100.94]
["Composição Auxiliar"," 90279 ","SINAPI","GRAUTE FGK=20 MPA; TRAÇO 1:0,04:1,6:1,9 (CIMENTO/ CAL/ AREIA GROSSA/ BRITA 0) - PREPARO MECÂNICO COM BETONEIRA 400 L. AF_02/2015","FUES - FUNDAÇÕES E ESTRUTURAS",null,"m³",1.2030000000000001,582.08000000000004,700.24]
[]
[]
[]
[null,"Código","Banco","Descrição","Tipo",null,"Und","Quant.","Valor Unit","Total"]
["Composição"," 93282 ","SINAPI","GUINCHO ELÉTRICO DE COLUNA, CAPACIDADE 400 KG, COM MOTO FREIO, MOTOR TRIFÁSICO DE 1,25 CV - CHI DIURNO. AF_03/2016","CHOR - CUSTOS HORÁRIOS DE MÁQUINAS E EQUIPAMENTOS",null,"CHI",1,24.36,24.36]
["Composição Auxiliar"," 88295 ","SINAPI","OPERADOR DE GUINCHO COM ENCARGOS COMPLEMENTARES","SEDI - SERVIÇOS DIVERSOS",null,"H",1,24.01,24.01]
["Composição Auxiliar"," 93277 ","SINAPI","GUINCHO ELÉTRICO DE COLUNA, CAPACIDADE 400 KG, COM MOTO FREIO, MOTOR TRIFÁSICO DE 1,25 CV - DEPRECIAÇÃO. AF_03/2016","CHOR - CUSTOS HORÁRIOS DE MÁQUINAS E EQUIPAMENTOS",null,"H",1,0.28999999999999998,0.28999999999999998]
["Composição Auxiliar"," 93278 ","SINAPI","GUINCHO ELÉTRICO DE COLUNA, CAPACIDADE 400 KG, COM MOTO FREIO, MOTOR TRIFÁSICO DE 1,25 CV - JUROS. AF_03/2016","CHOR - CUSTOS HORÁRIOS DE MÁQUINAS E EQUIPAMENTOS",null,"H",1,0.06,0.06]
[]
[]
[]
[null,"Código","Banco","Descrição","Tipo",null,"Und","Quant.","Valor Unit","Total"]
["Composição"," 93281 ","SINAPI","GUINCHO ELÉTRICO DE COLUNA, CAPACIDADE 400 KG, COM MOTO FREIO, MOTOR TRIFÁSICO DE 1,25 CV - CHP DIURNO. AF_03/2016","CHOR - CUSTOS HORÁRIOS DE MÁQUINAS E EQUIPAMENTOS",null,"CHP",1,25.29,25.29]
["Composição Auxiliar"," 88295 ","SINAPI","OPERADOR DE GUINCHO COM ENCARGOS COMPLEMENTARES","SEDI - SERVIÇOS DIVERSOS",null,"H",1,24.01,24.01]
["Composição Auxiliar"," 93277 ","SINAPI","GUINCHO ELÉTRICO DE COLUNA, CAPACIDADE 400 KG, COM MOTO FREIO, MOTOR TRIFÁSICO DE 1,25 CV - DEPRECIAÇÃO. AF_03/2016","CHOR - CUSTOS HORÁRIOS DE MÁQUINAS E EQUIPAMENTOS",null,"H",1,0.28999999999999998,0.28999999999999998]
["Composição Auxiliar"," 93278 ","SINAPI","GUINCHO ELÉTRICO DE COLUNA, CAPACIDADE 400 KG, COM MOTO FREIO, MOTOR TRIFÁSICO DE 1,25 CV - JUROS. AF_03/2016","CHOR - CUSTOS HORÁRIOS DE MÁQUINAS E EQUIPAMENTOS",null,"H",1,0.06,0.06]
["Composição Auxiliar"," 93279 ","SINAPI","GUINCHO ELÉTRICO DE COLUNA, CAPACIDADE 400 KG, COM MOTO FREIO, MOTOR TRIFÁSICO DE 1,25 CV - MANUTENÇÃO. AF_03/2016","CHOR - CUSTOS HORÁRIOS DE MÁQUINAS E EQUIPAMENTOS",null,"H",1,0.28000000000000003,0.28000000000000003]
["Composição Auxiliar"," 93280 ","SINAPI","GUINCHO ELÉTRICO DE COLUNA, CAPACIDADE 400 KG, COM MOTO FREIO, MOTOR TRIFÁSICO DE 1,25 CV - MATERIAIS NA OPERAÇÃO. AF_03/2016","CHOR - CUSTOS HORÁRIOS DE MÁQUINAS E EQUIPAMENTOS",null,"H",1,0.65,0.65]
[]
[]
[]
[null,"Código","Banco","Descrição","Tipo",null,"Und","Quant.","Valor Unit","Total"]
["Composição"," 93277 ","SINAPI","GUINCHO ELÉTRICO DE COLUNA, CAPACIDADE 400 KG, COM MOTO FREIO, MOTOR TRIFÁSICO DE 1,25 CV - DEPRECIAÇÃO. AF_03/2016","CHOR - CUSTOS HORÁRIOS DE MÁQUINAS E EQUIPAMENTOS",null,"H",1,0.28999999999999998,0.28999999999999998]
["Insumo"," 00036487 ","SINAPI","GUINCHO ELETRICO DE COLUNA, CAPACIDADE 400 KG, COM MOTO FREIO, MOTOR TRIFASICO DE 1,25 CV","Equipamento",null,"UN",6.3999999999999997E-5,4682.28,0.28999999999999998]
[]
[]
[]
[null,"Código","Banco","Descrição","Tipo",null,"Und","Quant.","Valor Unit","Total"]
["Composição"," 93278 ","SINAPI","GUINCHO ELÉTRICO DE COLUNA, CAPACIDADE 400 KG, COM MOTO FREIO, MOTOR TRIFÁSICO DE 1,25 CV - JUROS. AF_03/2016","CHOR - CUSTOS HORÁRIOS DE MÁQUINAS E EQUIPAMENTOS",null,"H",1,0.06,0.06]
["Insumo"," 00036487 ","SINAPI","GUINCHO ELETRICO DE COLUNA, CAPACIDADE 400 KG, COM MOTO FREIO, MOTOR TRIFASICO DE 1,25 CV","Equipamento",null,"UN",1.4800000000000001E-5,4682.28,0.06]
[]
[]
[]
[null,"Código","Banco","Descrição","Tipo",null,"Und","Quant.","Valor Unit","Total"]
["Composição"," 93279 ","SINAPI","GUINCHO ELÉTRICO DE COLUNA, CAPACIDADE 400 KG, COM MOTO FREIO, MOTOR TRIFÁSICO DE 1,25 CV - MANUTENÇÃO. AF_03/2016","CHOR - CUSTOS HORÁRIOS DE MÁQUINAS E EQUIPAMENTOS",null,"H",1,0.28000000000000003,0.28000000000000003]
["Insumo"," 00036487 ","SINAPI","GUINCHO ELETRICO DE COLUNA, CAPACIDADE 400 KG, COM MOTO FREIO, MOTOR TRIFASICO DE 1,25 CV","Equipamento",null,"UN",6.0000000000000002E-5,4682.28,0.28000000000000003]
[]
[]
[]
[null,"Código","Banco","Descrição","Tipo",null,"Und","Quant.","Valor Unit","Total"]
["Composição"," 93280 ","SINAPI","GUINCHO ELÉTRICO DE COLUNA, CAPACIDADE 400 KG, COM MOTO FREIO, MOTOR TRIFÁSICO DE 1,25 CV - MATERIAIS NA OPERAÇÃO. AF_03/2016","CHOR - CUSTOS HORÁRIOS DE MÁQUINAS E EQUIPAMENTOS",null,"H",1,0.65,0.65]
["Insumo"," 00002705 ","SINAPI","ENERGIA ELETRICA ATE 2000 KWH INDUSTRIAL, SEM DEMANDA","Material",null,"KW/H",0.78,0.84,0.65]
[]
[]
[]
[null,"Código","Banco","Descrição","Tipo",null,"Und","Quant.","Valor Unit","Total"]
["Composição"," 93288 ","SINAPI","GUINDASTE HIDRÁULICO AUTOPROPELIDO, COM LANÇA TELESCÓPICA 40 M, CAPACIDADE MÁXIMA 60 T, POTÊNCIA 260 KW - CHI DIURNO. AF_03/2016","CHOR - CUSTOS HORÁRIOS DE MÁQUINAS E EQUIPAMENTOS",null,"CHI",1,184.85,184.85]
["Composição Auxiliar"," 88296 ","SINAPI","OPERADOR DE GUINDASTE COM ENCARGOS COMPLEMENTARES","SEDI - SERVIÇOS DIVERSOS",null,"H",1,34.74,34.74]
["Composição Auxiliar"," 93283 ","SINAPI","GUINDASTE HIDRÁULICO AUTOPROPELIDO, COM LANÇA TELESCÓPICA 40 M, CAPACIDADE MÁXIMA 60 T, POTÊNCIA 260 KW - DEPRECIAÇÃO. AF_03/2016","CHOR - CUSTOS HORÁRIOS DE MÁQUINAS E EQUIPAMENTOS",null,"H",1,100.42,100.42]
["Composição Auxiliar"," 93284 ","SINAPI","GUINDASTE HIDRÁULICO AUTOPROPELIDO, COM LANÇA TELESCÓPICA 40 M, CAPACIDADE MÁXIMA 60 T, POTÊNCIA 260 KW - JUROS. AF_03/2016","CHOR - CUSTOS HORÁRIOS DE MÁQUINAS E EQUIPAMENTOS",null,"H",1,35.39,35.39]
["Composição Auxiliar"," 93296 ","SINAPI","GUINDASTE HIDRÁULICO AUTOPROPELIDO, COM LANÇA TELESCÓPICA 40 M, CAPACIDADE MÁXIMA 60 T, POTÊNCIA 260 KW - IMPOSTOS E SEGUROS. AF_03/2016","CHOR - CUSTOS HORÁRIOS DE MÁQUINAS E EQUIPAMENTOS",null,"H",1,14.3,14.3]
[]
[]
[]
[null,"Código","Banco","Descrição","Tipo",null,"Und","Quant.","Valor Unit","Total"]
["Composição"," 93287 ","SINAPI","GUINDASTE HIDRÁULICO AUTOPROPELIDO, COM LANÇA TELESCÓPICA 40 M, CAPACIDADE MÁXIMA 60 T, POTÊNCIA 260 KW - CHP DIURNO. AF_03/2016","CHOR - CUSTOS HORÁRIOS DE MÁQUINAS E EQUIPAMENTOS",null,"CHP",1,357.19,357.19]
["Composição Auxiliar"," 88296 ","SINAPI","OPERADOR DE GUINDASTE COM ENCARGOS COMPLEMENTARES","SEDI - SERVIÇOS DIVERSOS",null,"H",1,34.74,34.74]
["Composição Auxiliar"," 93283 ","SINAPI","GUINDASTE HIDRÁULICO AUTOPROPELIDO, COM LANÇA TELESCÓPICA 40 M, CAPACIDADE MÁXIMA 60 T, POTÊNCIA 260 KW - DEPRECIAÇÃO. AF_03/2016","CHOR - CUSTOS HORÁRIOS DE MÁQUINAS E EQUIPAMENTOS",null,"H",1,100.42,100.42]
["Composição Auxiliar"," 93284 ","SINAPI","GUINDASTE HIDRÁULICO AUTOPROPELIDO, COM LANÇA TELESCÓPICA 40 M, CAPACIDADE MÁXIMA 60 T, POTÊNCIA 260 KW - JUROS. AF_03/2016","CHOR - CUSTOS HORÁRIOS DE MÁQUINAS E EQUIPAMENTOS",null,"H",1,35.39,35.39]
["Composição Auxiliar"," 93285 ","SINAPI","GUINDASTE HIDRÁULICO AUTOPROPELIDO, COM LANÇA TELESCÓPICA 40 M, CAPACIDADE MÁXIMA 60 T, POTÊNCIA 260 KW - MANUTENÇÃO. AF_03/2016","CHOR - CUSTOS HORÁRIOS DE MÁQUINAS E EQUIPAMENTOS",null,"H",1,161.41999999999999,161.41999999999999]
["Composição Auxiliar"," 93286 ","SINAPI","GUINDASTE HIDRÁULICO AUTOPROPELIDO, COM LANÇA TELESCÓPICA 40 M, CAPACIDADE MÁXIMA 60 T, POTÊNCIA 260 KW - MATERIAIS NA OPERAÇÃO. AF_03/2016","CHOR - CUSTOS HORÁRIOS DE MÁQUINAS E EQUIPAMENTOS",null,"H",1,10.92,10.92]
["Composição Auxiliar"," 93296 ","SINAPI","GUINDASTE HIDRÁULICO AUTOPROPELIDO, COM LANÇA TELESCÓPICA 40 M, CAPACIDADE MÁXIMA 60 T, POTÊNCIA 260 KW - IMPOSTOS E SEGUROS. AF_03/2016","CHOR - CUSTOS HORÁRIOS DE MÁQUINAS E EQUIPAMENTOS",null,"H",1,14.3,14.3]
[]
[]
[]
[null,"Código","Banco","Descrição","Tipo",null,"Und","Quant.","Valor Unit","Total"]
["Composição"," 93283 ","SINAPI","GUINDASTE HIDRÁULICO AUTOPROPELIDO, COM LANÇA TELESCÓPICA 40 M, CAPACIDADE MÁXIMA 60 T, POTÊNCIA 260 KW - DEPRECIAÇÃO. AF_03/2016","CHOR - CUSTOS HORÁRIOS DE MÁQUINAS E EQUIPAMENTOS",null,"H",1,100.42,100.42]
["Insumo"," 00044474 ","SINAPI","GUINDASTE HIDRAULICO AUTOPROPELIDO, COM LANCA TELESCOPICA 40 M, CAPACIDADE MAXIMA 60 T, POTENCIA 260 KW, TRACAO  6 X 6","Equipamento para Aquisição Permanente",null,"UN",4.0000000000000003E-5,2510525.2999999998,100.42]
[]
[]
[]
[null,"Código","Banco","Descrição","Tipo",null,"Und","Quant.","Valor Unit","Total"]
["Composição"," 93296 ","SINAPI","GUINDASTE HIDRÁULICO AUTOPROPELIDO, COM LANÇA TELESCÓPICA 40 M, CAPACIDADE MÁXIMA 60 T, POTÊNCIA 260 KW - IMPOSTOS E SEGUROS. AF_03/2016","CHOR - CUSTOS HORÁRIOS DE MÁQUINAS E EQUIPAMENTOS",null,"H",1,14.3,14.3]
["Insumo"," 00044474 ","SINAPI","GUINDASTE HIDRAULICO AUTOPROPELIDO, COM LANCA TELESCOPICA 40 M, CAPACIDADE MAXIMA 60 T, POTENCIA 260 KW, TRACAO  6 X 6","Equipamento para Aquisição Permanente",null,"UN",5.6999999999999996E-6,2510525.2999999998,14.3]
[]
[]
[]
[null,"Código","Banco","Descrição","Tipo",null,"Und","Quant.","Valor Unit","Total"]
["Composição"," 93284 ","SINAPI","GUINDASTE HIDRÁULICO AUTOPROPELIDO, COM LANÇA TELESCÓPICA 40 M, CAPACIDADE MÁXIMA 60 T, POTÊNCIA 260 KW - JUROS. AF_03/2016","CHOR - CUSTOS HORÁRIOS DE MÁQUINAS E EQUIPAMENTOS",null,"H",1,35.39,35.39]
["Insumo"," 00044474 ","SINAPI","GUINDASTE HIDRAULICO AUTOPROPELIDO, COM LANCA TELESCOPICA 40 M, CAPACIDADE MAXIMA 60 T, POTENCIA 260 KW, TRACAO  6 X 6","Equipamento para Aquisição Permanente",null,"UN",1.4100000000000001E-5,2510525.2999999998,35.39]
[]
[]
[]
[null,"Código","Banco","Descrição","Tipo",null,"Und","Quant.","Valor Unit","Total"]
["Composição"," 93285 ","SINAPI","GUINDASTE HIDRÁULICO AUTOPROPELIDO, COM LANÇA TELESCÓPICA 40 M, CAPACIDADE MÁXIMA 60 T, POTÊNCIA 260 KW - MANUTENÇÃO. AF_03/2016","CHOR - CUSTOS HORÁRIOS DE MÁQUINAS E EQUIPAMENTOS",null,"H",1,161.41999999999999,161.41999999999999]
["Insumo"," 00044474 ","SINAPI","GUINDASTE HIDRAULICO AUTOPROPELIDO, COM LANCA TELESCOPICA 40 M, CAPACIDADE MAXIMA 60 T, POTENCIA 260 KW, TRACAO  6 X 6","Equipamento para Aquisição Permanente",null,"UN",6.4300000000000004E-5,2510525.2999999998,161.41999999999999]
[]
[]
[]
[null,"Código","Banco","Descrição","Tipo",null,"Und","Quant.","Valor Unit","Total"]
["Composição"," 93286 ","SINAPI","GUINDASTE HIDRÁULICO AUTOPROPELIDO, COM LANÇA TELESCÓPICA 40 M, CAPACIDADE MÁXIMA 60 T, POTÊNCIA 260 KW - MATERIAIS NA OPERAÇÃO. AF_03/2016","CHOR - CUSTOS HORÁRIOS DE MÁQUINAS E EQUIPAMENTOS",null,"H",1,10.92,10.92]
["Insumo"," 00002705 ","SINAPI","ENERGIA ELETRICA ATE 2000 KWH INDUSTRIAL, SEM DEMANDA","Material",null,"KW/H",13,0.84,10.92]
[]
[]
[]
[null,"Código","Banco","Descrição","Tipo",null,"Und","Quant.","Valor Unit","Total"]
["Composição"," 5928 ","SINAPI","GUINDAUTO HIDRÁULICO, CAPACIDADE MÁXIMA DE CARGA 6200 KG, MOMENTO MÁXIMO DE CARGA 11,7 TM, ALCANCE MÁXIMO HORIZONTAL 9,70 M, INCLUSIVE CAMINHÃO TOCO PBT 16.000 KG, POTÊNCIA DE 189 CV - CHP DIURNO. AF_06/2014","CHOR - CUSTOS HORÁRIOS DE MÁQUINAS E EQUIPAMENTOS",null,"CHP",1,264.56,264.56]
["Composição Auxiliar"," 88286 ","SINAPI","MOTORISTA OPERADOR DE MUNCK COM ENCARGOS COMPLEMENTARES","SEDI - SERVIÇOS DIVERSOS",null,"H",1,31.22,31.22]
["Composição Auxiliar"," 89259 ","SINAPI","GUINDAUTO HIDRÁULICO, CAPACIDADE MÁXIMA DE CARGA 6200 KG, MOMENTO MÁXIMO DE CARGA 11,7 TM, ALCANCE MÁXIMO HORIZONTAL 9,70 M, INCLUSIVE CAMINHÃO TOCO PBT 16.000 KG, POTÊNCIA DE 189 CV - DEPRECIAÇÃO. AF_06/2014","CHOR - CUSTOS HORÁRIOS DE MÁQUINAS E EQUIPAMENTOS",null,"H",1,25.89,25.89]
["Composição Auxiliar"," 89260 ","SINAPI","GUINDAUTO HIDRÁULICO, CAPACIDADE MÁXIMA DE CARGA 6200 KG, MOMENTO MÁXIMO DE CARGA 11,7 TM, ALCANCE MÁXIMO HORIZONTAL 9,70 M, INCLUSIVE CAMINHÃO TOCO PBT 16.000 KG, POTÊNCIA DE 189 CV - JUROS. AF_06/2014","CHOR - CUSTOS HORÁRIOS DE MÁQUINAS E EQUIPAMENTOS",null,"H",1,9.44,9.44]
["Composição Auxiliar"," 89262 ","SINAPI","GUINDAUTO HIDRÁULICO, CAPACIDADE MÁXIMA DE CARGA 6200 KG, MOMENTO MÁXIMO DE CARGA 11,7 TM, ALCANCE MÁXIMO HORIZONTAL 9,70 M, INCLUSIVE CAMINHÃO TOCO PBT 16.000 KG, POTÊNCIA DE 189 CV - MANUTENÇÃO. AF_06/2014","CHOR - CUSTOS HORÁRIOS DE MÁQUINAS E EQUIPAMENTOS",null,"H",1,43.55,43.55]
["Composição Auxiliar"," 91466 ","SINAPI","GUINDAUTO HIDRÁULICO, CAPACIDADE MÁXIMA DE CARGA 6200 KG, MOMENTO MÁXIMO DE CARGA 11,7 TM, ALCANCE MÁXIMO HORIZONTAL 9,70 M, INCLUSIVE CAMINHÃO TOCO PBT 16.000 KG, POTÊNCIA DE 189 CV - IMPOSTOS E SEGUROS. AF_08/2015","CHOR - CUSTOS HORÁRIOS DE MÁQUINAS E EQUIPAMENTOS",null,"H",1,3.81,3.81]
["Composição Auxiliar"," 91467 ","SINAPI","GUINDAUTO HIDRÁULICO, CAPACIDADE MÁXIMA DE CARGA 6200 KG, MOMENTO MÁXIMO DE CARGA 11,7 TM, ALCANCE MÁXIMO HORIZONTAL 9,70 M, INCLUSIVE CAMINHÃO TOCO PBT 16.000 KG, POTÊNCIA DE 189 CV - MATERIAIS NA OPERAÇÃO. AF_08/2015","CHOR - CUSTOS HORÁRIOS DE MÁQUINAS E EQUIPAMENTOS",null,"H",1,150.65,150.65]
[]
[]
[]
[null,"Código","Banco","Descrição","Tipo",null,"Und","Quant.","Valor Unit","Total"]
["Composição"," 89259 ","SINAPI","GUINDAUTO HIDRÁULICO, CAPACIDADE MÁXIMA DE CARGA 6200 KG, MOMENTO MÁXIMO DE CARGA 11,7 TM, ALCANCE MÁXIMO HORIZONTAL 9,70 M, INCLUSIVE CAMINHÃO TOCO PBT 16.000 KG, POTÊNCIA DE 189 CV - DEPRECIAÇÃO. AF_06/2014","CHOR - CUSTOS HORÁRIOS DE MÁQUINAS E EQUIPAMENTOS",null,"H",1,25.89,25.89]
["Insumo"," 00003363 ","SINAPI","GUINDAUTO HIDRAULICO, CAPACIDADE MAXIMA DE CARGA 6200 KG, MOMENTO MAXIMO DE CARGA 11,7 TM , ALCANCE MAXIMO HORIZONTAL  9,70 M, PARA MONTAGEM SOBRE CHASSI DE CAMINHAO PBT MINIMO 13000 KG (INCLUI MONTAGEM, NAO INCLUI CAMINHAO)","Equipamento",null,"UN",5.5099999999999998E-5,144875,7.98]
["Insumo"," 00037752 ","SINAPI","CAMINHAO TOCO, PESO BRUTO TOTAL 16000 KG, CARGA UTIL MAXIMA 11130 KG, DISTANCIA ENTRE EIXOS 5,36 M, POTENCIA 185 CV (INCLUI CABINE E CHASSI, NAO INCLUI CARROCERIA)","Equipamento",null,"UN",3.43E-5,522162.14,17.91]
[]
[]
[]
[null,"Código","Banco","Descrição","Tipo",null,"Und","Quant.","Valor Unit","Total"]
["Composição"," 91466 ","SINAPI","GUINDAUTO HIDRÁULICO, CAPACIDADE MÁXIMA DE CARGA 6200 KG, MOMENTO MÁXIMO DE CARGA 11,7 TM, ALCANCE MÁXIMO HORIZONTAL 9,70 M, INCLUSIVE CAMINHÃO TOCO PBT 16.000 KG, POTÊNCIA DE 189 CV - IMPOSTOS E SEGUROS. AF_08/2015","CHOR - CUSTOS HORÁRIOS DE MÁQUINAS E EQUIPAMENTOS",null,"H",1,3.81,3.81]
["Insumo"," 00003363 ","SINAPI","GUINDAUTO HIDRAULICO, CAPACIDADE MAXIMA DE CARGA 6200 KG, MOMENTO MAXIMO DE CARGA 11,7 TM , ALCANCE MAXIMO HORIZONTAL  9,70 M, PARA MONTAGEM SOBRE CHASSI DE CAMINHAO PBT MINIMO 13000 KG (INCLUI MONTAGEM, NAO INCLUI CAMINHAO)","Equipamento",null,"UN",5.8000000000000004E-6,144875,0.84]
["Insumo"," 00037752 ","SINAPI","CAMINHAO TOCO, PESO BRUTO TOTAL 16000 KG, CARGA UTIL MAXIMA 11130 KG, DISTANCIA ENTRE EIXOS 5,36 M, POTENCIA 185 CV (INCLUI CABINE E CHASSI, NAO INCLUI CARROCERIA)","Equipamento",null,"UN",5.6999999999999996E-6,522162.14,2.97]
[]
[]
[]
[null,"Código","Banco","Descrição","Tipo",null,"Und","Quant.","Valor Unit","Total"]
["Composição"," 89260 ","SINAPI","GUINDAUTO HIDRÁULICO, CAPACIDADE MÁXIMA DE CARGA 6200 KG, MOMENTO MÁXIMO DE CARGA 11,7 TM, ALCANCE MÁXIMO HORIZONTAL 9,70 M, INCLUSIVE CAMINHÃO TOCO PBT 16.000 KG, POTÊNCIA DE 189 CV - JUROS. AF_06/2014","CHOR - CUSTOS HORÁRIOS DE MÁQUINAS E EQUIPAMENTOS",null,"H",1,9.44,9.44]
["Insumo"," 00003363 ","SINAPI","GUINDAUTO HIDRAULICO, CAPACIDADE MAXIMA DE CARGA 6200 KG, MOMENTO MAXIMO DE CARGA 11,7 TM , ALCANCE MAXIMO HORIZONTAL  9,70 M, PARA MONTAGEM SOBRE CHASSI DE CAMINHAO PBT MINIMO 13000 KG (INCLUI MONTAGEM, NAO INCLUI CAMINHAO)","Equipamento",null,"UN",1.4399999999999999E-5,144875,2.08]
["Insumo"," 00037752 ","SINAPI","CAMINHAO TOCO, PESO BRUTO TOTAL 16000 KG, CARGA UTIL MAXIMA 11130 KG, DISTANCIA ENTRE EIXOS 5,36 M, POTENCIA 185 CV (INCLUI CABINE E CHASSI, NAO INCLUI CARROCERIA)","Equipamento",null,"UN",1.4100000000000001E-5,522162.14,7.36]
[]
[]
[]
[null,"Código","Banco","Descrição","Tipo",null,"Und","Quant.","Valor Unit","Total"]
["Composição"," 89262 ","SINAPI","GUINDAUTO HIDRÁULICO, CAPACIDADE MÁXIMA DE CARGA 6200 KG, MOMENTO MÁXIMO DE CARGA 11,7 TM, ALCANCE MÁXIMO HORIZONTAL 9,70 M, INCLUSIVE CAMINHÃO TOCO PBT 16.000 KG, POTÊNCIA DE 189 CV - MANUTENÇÃO. AF_06/2014","CHOR - CUSTOS HORÁRIOS DE MÁQUINAS E EQUIPAMENTOS",null,"H",1,43.55,43.55]
["Insumo"," 00003363 ","SINAPI","GUINDAUTO HIDRAULICO, CAPACIDADE MAXIMA DE CARGA 6200 KG, MOMENTO MAXIMO DE CARGA 11,7 TM , ALCANCE MAXIMO HORIZONTAL  9,70 M, PARA MONTAGEM SOBRE CHASSI DE CAMINHAO PBT MINIMO 13000 KG (INCLUI MONTAGEM, NAO INCLUI CAMINHAO)","Equipamento",null,"UN",6.8899999999999994E-5,144875,9.98]
["Insumo"," 00037752 ","SINAPI","CAMINHAO TOCO, PESO BRUTO TOTAL 16000 KG, CARGA UTIL MAXIMA 11130 KG, DISTANCIA ENTRE EIXOS 5,36 M, POTENCIA 185 CV (INCLUI CABINE E CHASSI, NAO INCLUI CARROCERIA)","Equipamento",null,"UN",6.4300000000000004E-5,522162.14,33.57]
[]
[]
[]
[null,"Código","Banco","Descrição","Tipo",null,"Und","Quant.","Valor Unit","Total"]
["Composição"," 91467 ","SINAPI","GUINDAUTO HIDRÁULICO, CAPACIDADE MÁXIMA DE CARGA 6200 KG, MOMENTO MÁXIMO DE CARGA 11,7 TM, ALCANCE MÁXIMO HORIZONTAL 9,70 M, INCLUSIVE CAMINHÃO TOCO PBT 16.000 KG, POTÊNCIA DE 189 CV - MATERIAIS NA OPERAÇÃO. AF_08/2015","CHOR - CUSTOS HORÁRIOS DE MÁQUINAS E EQUIPAMENTOS",null,"H",1,150.65,150.65]
["Insumo"," 00004221 ","SINAPI","OLEO DIESEL COMBUSTIVEL COMUM","Material",null,"L",26.43,5.7,150.65]
[]
[]
[]
[null,"Código","Banco","Descrição","Tipo",null,"Und","Quant.","Valor Unit","Total"]
["Composição"," 96986 ","SINAPI","HASTE DE ATERRAMENTO 3/4  PARA SPDA - FORNECIMENTO E INSTALAÇÃO. AF_12/2017","INEL - INSTALAÇÃO ELÉTRICA/ELETRIFICAÇÃO E ILUMINAÇÃO EXTERNA",null,"UN",1,132.58000000000001,132.58000000000001]
["Composição Auxiliar"," 88247 ","SINAPI","AUXILIAR DE ELETRICISTA COM ENCARGOS COMPLEMENTARES","SEDI - SERVIÇOS DIVERSOS",null,"H",0.38819999999999999,21.09,8.18]
["Composição Auxiliar"," 88264 ","SINAPI","ELETRICISTA COM ENCARGOS COMPLEMENTARES","SEDI - SERVIÇOS DIVERSOS",null,"H",0.38819999999999999,26.5,10.28]
["Insumo"," 00003378 ","SINAPI","!EM PROCESSO DE DESATIVACAO! HASTE DE ATERRAMENTO EM ACO COM 3,00 M DE COMPRIMENTO E DN = 3/4\", REVESTIDA COM BAIXA CAMADA DE COBRE, SEM CONECTOR","Material",null,"UN",1,114.12,114.12]
[]
[]
[]
[null,"Código","Banco","Descrição","Tipo",null,"Und","Quant.","Valor Unit","Total"]
["Composição"," 100716 ","SINAPI","JATEAMENTO ABRASIVO COM GRANALHA DE AÇO EM PERFIL METÁLICO EM FÁBRICA. AF_01/2020","PINT - PINTURAS",null,"m²",1,26.75,26.75]
["Composição Auxiliar"," 88306 ","SINAPI","OPERADOR JATO DE AREIA OU JATISTA COM ENCARGOS COMPLEMENTARES","SEDI - SERVIÇOS DIVERSOS",null,"H",5.3900000000000003E-2,26.07,1.4]
["Composição Auxiliar"," 88316 ","SINAPI","SERVENTE COM ENCARGOS COMPLEMENTARES","SEDI - SERVIÇOS DIVERSOS",null,"H",5.3499999999999999E-2,20.420000000000002,1.0900000000000001]
["Composição Auxiliar"," 93408 ","SINAPI","MÁQUINA JATO DE PRESSAO PORTÁTIL, CAMARA DE 1 SAIDA, CAPACIDADE 280 L, DIAMETRO 670 MM, BICO DE JATO CURTO VENTURI DE 5/16\" , MANGUEIRA DE 1\" COM COMPRESSOR DE AR REBOCÁVEL 189 PCM E MOTOR DIESEL 63 CV - CHP DIURNO. AF_05/2023","CHOR - CUSTOS HORÁRIOS DE MÁQUINAS E EQUIPAMENTOS",null,"CHP",1.5699999999999999E-2,90.06,1.41]
["Composição Auxiliar"," 93409 ","SINAPI","MÁQUINA JATO DE PRESSAO PORTÁTIL, CAMARA DE 1 SAIDA, CAPACIDADE 280 L, DIAMETRO 670 MM, BICO DE JATO CURTO VENTURI DE 5/16\" , MANGUEIRA DE 1\" COM COMPRESSOR DE AR REBOCÁVEL 189 PCM E MOTOR DIESEL 63 CV - CHI DIURNO. AF_05/2023","CHOR - CUSTOS HORÁRIOS DE MÁQUINAS E EQUIPAMENTOS",null,"CHI",3.8199999999999998E-2,35.409999999999997,1.35]
["Insumo"," 00036785 ","SINAPI","GRANALHA DE ACO, ANGULAR (GRIT), PARA JATEAMENTO, PENEIRA 1,41 A 1,19 MM (SAE G16)","Material",null,"SC25KG",0.16,134.38,21.5]
[]
[]
[]
[null,"Código","Banco","Descrição","Tipo",null,"Und","Quant.","Valor Unit","Total"]
["Composição"," 89366 ","SINAPI","JOELHO 90 GRAUS COM BUCHA DE LATÃO, PVC, SOLDÁVEL, DN 25MM, X 3/4\u0094 INSTALADO EM RAMAL OU SUB-RAMAL DE ÁGUA - FORNECIMENTO E INSTALAÇÃO. AF_12/2014","INHI - INSTALAÇÕES HIDROS SANITÁRIAS",null,"UN",1,13.96,13.96]
["Composição Auxiliar"," 88248 ","SINAPI","AUXILIAR DE ENCANADOR OU BOMBEIRO HIDRÁULICO COM ENCARGOS COMPLEMENTARES","SEDI - SERVIÇOS DIVERSOS",null,"H",0.1416,20.100000000000001,2.84]
["Composição Auxiliar"," 88267 ","SINAPI","ENCANADOR OU BOMBEIRO HIDRÁULICO COM ENCARGOS COMPLEMENTARES","SEDI - SERVIÇOS DIVERSOS",null,"H",0.1416,25.39,3.59]
["Insumo"," 00000122 ","SINAPI","ADESIVO PLASTICO PARA PVC, FRASCO COM *850* GR","Material",null,"UN",5.8999999999999999E-3,60.78,0.35]
["Insumo"," 00003524 ","SINAPI","JOELHO PVC, SOLDAVEL, COM BUCHA DE LATAO, 90 GRAUS, 25 MM X 3/4\", PARA AGUA FRIA PREDIAL","Material",null,"UN",1,6.62,6.62]
["Insumo"," 00020083 ","SINAPI","SOLUCAO PREPARADORA / LIMPADORA PARA PVC, FRASCO COM 1000 CM3","Material",null,"UN",7.0000000000000001E-3,68.86,0.48]
["Insumo"," 00038383 ","SINAPI","LIXA D'AGUA EM FOLHA, GRAO 100","Material",null,"UN",3.3799999999999997E-2,2.52,0.08]
[]
[]
[]
[null,"Código","Banco","Descrição","Tipo",null,"Und","Quant.","Valor Unit","Total"]
["Composição"," 89362 ","SINAPI","JOELHO 90 GRAUS, PVC, SOLDÁVEL, DN 25MM, INSTALADO EM RAMAL OU SUB-RAMAL DE ÁGUA - FORNECIMENTO E INSTALAÇÃO. AF_12/2014","INHI - INSTALAÇÕES HIDROS SANITÁRIAS",null,"UN",1,8.56,8.56]
["Composição Auxiliar"," 88248 ","SINAPI","AUXILIAR DE ENCANADOR OU BOMBEIRO HIDRÁULICO COM ENCARGOS COMPLEMENTARES","SEDI - SERVIÇOS DIVERSOS",null,"H",0.152,20.100000000000001,3.05]
["Composição Auxiliar"," 88267 ","SINAPI","ENCANADOR OU BOMBEIRO HIDRÁULICO COM ENCARGOS COMPLEMENTARES","SEDI - SERVIÇOS DIVERSOS",null,"H",0.152,25.39,3.85]
["Insumo"," 00000122 ","SINAPI","ADESIVO PLASTICO PARA PVC, FRASCO COM *850* GR","Material",null,"UN",7.1000000000000004E-3,60.78,0.43]
["Insumo"," 00003529 ","SINAPI","JOELHO PVC, SOLDAVEL, 90 GRAUS, 25 MM, PARA AGUA FRIA PREDIAL","Material",null,"UN",1,0.6,0.6]
["Insumo"," 00020083 ","SINAPI","SOLUCAO PREPARADORA / LIMPADORA PARA PVC, FRASCO COM 1000 CM3","Material",null,"UN",8.0000000000000002E-3,68.86,0.55000000000000004]
["Insumo"," 00038383 ","SINAPI","LIXA D'AGUA EM FOLHA, GRAO 100","Material",null,"UN",3.3799999999999997E-2,2.52,0.08]
[]
[]
[]
[null,"Código","Banco","Descrição","Tipo",null,"Und","Quant.","Valor Unit","Total"]
["Composição"," 91886 ","SINAPI","LUVA PARA ELETRODUTO, PVC, ROSCÁVEL, DN 40 MM (1 1/4\"), PARA CIRCUITOS TERMINAIS, INSTALADA EM PAREDE - FORNECIMENTO E INSTALAÇÃO. AF_12/2015","INEL - INSTALAÇÃO ELÉTRICA/ELETRIFICAÇÃO E ILUMINAÇÃO EXTERNA",null,"UN",1,13.03,13.03]
["Composição Auxiliar"," 88247 ","SINAPI","AUXILIAR DE ELETRICISTA COM ENCARGOS COMPLEMENTARES","SEDI - SERVIÇOS DIVERSOS",null,"H",0.24399999999999999,21.09,5.14]
["Composição Auxiliar"," 88264 ","SINAPI","ELETRICISTA COM ENCARGOS COMPLEMENTARES","SEDI - SERVIÇOS DIVERSOS",null,"H",0.24399999999999999,26.5,6.46]
["Insumo"," 00001902 ","SINAPI","LUVA EM PVC RIGIDO ROSCAVEL, DE 1 1/4\", PARA ELETRODUTO","Material",null,"UN",1,1.43,1.43]
[]
[]
[]
[null,"Código","Banco","Descrição","Tipo",null,"Und","Quant.","Valor Unit","Total"]
["Composição"," 7692 ","ORSE","Lançamento de concreto simples fabricado na obra, inclusive adensamento e acabamento em peças da superestrutura","Concreto Simples",null,"m³",1,48.7,48.7]
["Composição Auxiliar"," 10549 ","ORSE","Encargos Complementares - Servente","Provisórios",null,"h",1.62,3.79,6.13]
["Composição Auxiliar"," 10550 ","ORSE","Encargos Complementares - Pedreiro","Provisórios",null,"h",0.36,3.66,1.31]
["Composição Auxiliar"," 10551 ","ORSE","Encargos Complementares - Carpinteiro","Provisórios",null,"h",0.36,3.69,1.32]
["Composição Auxiliar"," 10555 ","ORSE","Encargos Complementares - Armador","Provisórios",null,"h",0.18,3.63,0.65]
["Insumo"," 00000378/SINAPI ","ORSE","Armador (horista)","Mão de Obra",null,"h",0.18,19.11,3.43]
["Insumo"," 00001213/SINAPI ","ORSE","Carpinteiro de formas (horista)","Mão de Obra",null,"h",0.36,19.13,6.88]
["Insumo"," 00004750/SINAPI ","ORSE","Pedreiro (horista)","Mão de Obra",null,"h",0.36,19.11,6.87]
["Insumo"," 00006111/SINAPI ","ORSE","Servente de obras (horista)","Mão de Obra",null,"h",1.62,13.65,22.11]
[]
[]
[]
[null,"Código","Banco","Descrição","Tipo",null,"Und","Quant.","Valor Unit","Total"]
["Composição"," 128 ","ORSE","Lançamento de concreto usinado, bombeado, em peças armadas da superestrutura, inclusive colocação, adensamento e acabamento","Concreto Simples",null,"m³",1,48.7,48.7]
["Composição Auxiliar"," 10549 ","ORSE","Encargos Complementares - Servente","Provisórios",null,"h",1.62,3.79,6.13]
["Composição Auxiliar"," 10550 ","ORSE","Encargos Complementares - Pedreiro","Provisórios",null,"h",0.36,3.66,1.31]
["Composição Auxiliar"," 10551 ","ORSE","Encargos Complementares - Carpinteiro","Provisórios",null,"h",0.36,3.69,1.32]
["Composição Auxiliar"," 10555 ","ORSE","Encargos Complementares - Armador","Provisórios",null,"h",0.18,3.63,0.65]
["Insumo"," 00000378/SINAPI ","ORSE","Armador (horista)","Mão de Obra",null,"h",0.18,19.11,3.43]
["Insumo"," 00001213/SINAPI ","ORSE","Carpinteiro de formas (horista)","Mão de Obra",null,"h",0.36,19.13,6.88]
["Insumo"," 00004750/SINAPI ","ORSE","Pedreiro (horista)","Mão de Obra",null,"h",0.36,19.11,6.87]
["Insumo"," 00006111/SINAPI ","ORSE","Servente de obras (horista)","Mão de Obra",null,"h",1.62,13.65,22.11]
[]
[]
[]
[null,"Código","Banco","Descrição","Tipo",null,"Und","Quant.","Valor Unit","Total"]
["Composição"," 88274 ","SINAPI","MARMORISTA/GRANITEIRO COM ENCARGOS COMPLEMENTARES","SEDI - SERVIÇOS DIVERSOS",null,"H",1,25.58,25.58]
["Composição Auxiliar"," 95341 ","SINAPI","CURSO DE CAPACITAÇÃO PARA MARMORISTA/GRANITEIRO (ENCARGOS COMPLEMENTARES) - HORISTA","SEDI - SERVIÇOS DIVERSOS",null,"H",1,0.31,0.31]
["Insumo"," 00004755 ","SINAPI","MARMORISTA / GRANITEIRO","Mão de Obra",null,"H",1,18.7,18.7]
["Insumo"," 00037370 ","SINAPI","ALIMENTACAO - HORISTA (COLETADO CAIXA)","Outros",null,"H",1,2.39,2.39]
["Insumo"," 00037371 ","SINAPI","TRANSPORTE - HORISTA (COLETADO CAIXA)","Serviços",null,"H",1,0.74,0.74]
["Insumo"," 00037372 ","SINAPI","EXAMES - HORISTA (COLETADO CAIXA)","Outros",null,"H",1,1.34,1.34]
["Insumo"," 00037373 ","SINAPI","SEGURO - HORISTA (COLETADO CAIXA)","Taxas",null,"H",1,0.04,0.04]
["Insumo"," 00043465 ","SINAPI","FERRAMENTAS - FAMILIA PEDREIRO - HORISTA (ENCARGOS COMPLEMENTARES - COLETADO CAIXA)","Equipamento",null,"H",1,0.82,0.82]
["Insumo"," 00043489 ","SINAPI","EPI - FAMILIA PEDREIRO - HORISTA (ENCARGOS COMPLEMENTARES - COLETADO CAIXA)","Equipamento",null,"H",1,1.24,1.24]
[]
[]
[]
[null,"Código","Banco","Descrição","Tipo",null,"Und","Quant.","Valor Unit","Total"]
["Composição"," 88278 ","SINAPI","MONTADOR DE ESTRUTURA METÁLICA COM ENCARGOS COMPLEMENTARES","SEDI - SERVIÇOS DIVERSOS",null,"H",1,23.33,23.33]
["Composição Auxiliar"," 95344 ","SINAPI","CURSO DE CAPACITAÇÃO PARA MONTADOR DE ESTRUTURA METÁLICA (ENCARGOS COMPLEMENTARES) - HORISTA","SEDI - SERVIÇOS DIVERSOS",null,"H",1,0.23,0.23]
["Insumo"," 00037370 ","SINAPI","ALIMENTACAO - HORISTA (COLETADO CAIXA)","Outros",null,"H",1,2.39,2.39]
["Insumo"," 00037371 ","SINAPI","TRANSPORTE - HORISTA (COLETADO CAIXA)","Serviços",null,"H",1,0.74,0.74]
["Insumo"," 00037372 ","SINAPI","EXAMES - HORISTA (COLETADO CAIXA)","Outros",null,"H",1,1.34,1.34]
["Insumo"," 00037373 ","SINAPI","SEGURO - HORISTA (COLETADO CAIXA)","Taxas",null,"H",1,0.04,0.04]
["Insumo"," 00043464 ","SINAPI","FERRAMENTAS - FAMILIA OPERADOR ESCAVADEIRA - HORISTA (ENCARGOS COMPLEMENTARES - COLETADO CAIXA)","Equipamento",null,"H",1,0.01,0.01]
["Insumo"," 00043488 ","SINAPI","EPI - FAMILIA OPERADOR ESCAVADEIRA - HORISTA (ENCARGOS COMPLEMENTARES - COLETADO CAIXA)","Equipamento",null,"H",1,0.86,0.86]
["Insumo"," 00044497 ","SINAPI","MONTADOR DE ESTRUTURAS METALICAS HORISTA","Mão de Obra",null,"H",1,17.72,17.72]
[]
[]
[]
[null,"Código","Banco","Descrição","Tipo",null,"Und","Quant.","Valor Unit","Total"]
["Composição"," 88281 ","SINAPI","MOTORISTA DE BASCULANTE COM ENCARGOS COMPLEMENTARES","SEDI - SERVIÇOS DIVERSOS",null,"H",1,30.59,30.59]
["Composição Auxiliar"," 95346 ","SINAPI","CURSO DE CAPACITAÇÃO PARA MOTORISTA DE BASCULANTE (ENCARGOS COMPLEMENTARES) - HORISTA","SEDI - SERVIÇOS DIVERSOS",null,"H",1,0.14000000000000001,0.14000000000000001]
["Insumo"," 00020020 ","SINAPI","MOTORISTA DE CAMINHAO-BASCULANTE","Mão de Obra",null,"H",1,25.07,25.07]
["Insumo"," 00037370 ","SINAPI","ALIMENTACAO - HORISTA (COLETADO CAIXA)","Outros",null,"H",1,2.39,2.39]
["Insumo"," 00037371 ","SINAPI","TRANSPORTE - HORISTA (COLETADO CAIXA)","Serviços",null,"H",1,0.74,0.74]
["Insumo"," 00037372 ","SINAPI","EXAMES - HORISTA (COLETADO CAIXA)","Outros",null,"H",1,1.34,1.34]
["Insumo"," 00037373 ","SINAPI","SEGURO - HORISTA (COLETADO CAIXA)","Taxas",null,"H",1,0.04,0.04]
["Insumo"," 00043464 ","SINAPI","FERRAMENTAS - FAMILIA OPERADOR ESCAVADEIRA - HORISTA (ENCARGOS COMPLEMENTARES - COLETADO CAIXA)","Equipamento",null,"H",1,0.01,0.01]
["Insumo"," 00043488 ","SINAPI","EPI - FAMILIA OPERADOR ESCAVADEIRA - HORISTA (ENCARGOS COMPLEMENTARES - COLETADO CAIXA)","Equipamento",null,"H",1,0.86,0.86]
[]
[]
[]
[null,"Código","Banco","Descrição","Tipo",null,"Und","Quant.","Valor Unit","Total"]
["Composição"," 88282 ","SINAPI","MOTORISTA DE CAMINHÃO COM ENCARGOS COMPLEMENTARES","SEDI - SERVIÇOS DIVERSOS",null,"H",1,29.66,29.66]
["Composição Auxiliar"," 95347 ","SINAPI","CURSO DE CAPACITAÇÃO PARA MOTORISTA DE CAMINHÃO (ENCARGOS COMPLEMENTARES) - HORISTA","SEDI - SERVIÇOS DIVERSOS",null,"H",1,0.14000000000000001,0.14000000000000001]
["Insumo"," 00004093 ","SINAPI","MOTORISTA DE CAMINHAO","Mão de Obra",null,"H",1,24.14,24.14]
["Insumo"," 00037370 ","SINAPI","ALIMENTACAO - HORISTA (COLETADO CAIXA)","Outros",null,"H",1,2.39,2.39]
["Insumo"," 00037371 ","SINAPI","TRANSPORTE - HORISTA (COLETADO CAIXA)","Serviços",null,"H",1,0.74,0.74]
["Insumo"," 00037372 ","SINAPI","EXAMES - HORISTA (COLETADO CAIXA)","Outros",null,"H",1,1.34,1.34]
["Insumo"," 00037373 ","SINAPI","SEGURO - HORISTA (COLETADO CAIXA)","Taxas",null,"H",1,0.04,0.04]
["Insumo"," 00043464 ","SINAPI","FERRAMENTAS - FAMILIA OPERADOR ESCAVADEIRA - HORISTA (ENCARGOS COMPLEMENTARES - COLETADO CAIXA)","Equipamento",null,"H",1,0.01,0.01]
["Insumo"," 00043488 ","SINAPI","EPI - FAMILIA OPERADOR ESCAVADEIRA - HORISTA (ENCARGOS COMPLEMENTARES - COLETADO CAIXA)","Equipamento",null,"H",1,0.86,0.86]
[]
[]
[]
[null,"Código","Banco","Descrição","Tipo",null,"Und","Quant.","Valor Unit","Total"]
["Composição"," 88286 ","SINAPI","MOTORISTA OPERADOR DE MUNCK COM ENCARGOS COMPLEMENTARES","SEDI - SERVIÇOS DIVERSOS",null,"H",1,31.22,31.22]
["Composição Auxiliar"," 95351 ","SINAPI","CURSO DE CAPACITAÇÃO PARA MOTORISTA OPERADOR DE MUNCK (ENCARGOS COMPLEMENTARES) - HORISTA","SEDI - SERVIÇOS DIVERSOS",null,"H",1,0.47,0.47]
["Insumo"," 00004096 ","SINAPI","MOTORISTA OPERADOR DE CAMINHAO COM MUNCK","Mão de Obra",null,"H",1,25.37,25.37]
["Insumo"," 00037370 ","SINAPI","ALIMENTACAO - HORISTA (COLETADO CAIXA)","Outros",null,"H",1,2.39,2.39]
["Insumo"," 00037371 ","SINAPI","TRANSPORTE - HORISTA (COLETADO CAIXA)","Serviços",null,"H",1,0.74,0.74]
["Insumo"," 00037372 ","SINAPI","EXAMES - HORISTA (COLETADO CAIXA)","Outros",null,"H",1,1.34,1.34]
["Insumo"," 00037373 ","SINAPI","SEGURO - HORISTA (COLETADO CAIXA)","Taxas",null,"H",1,0.04,0.04]
["Insumo"," 00043464 ","SINAPI","FERRAMENTAS - FAMILIA OPERADOR ESCAVADEIRA - HORISTA (ENCARGOS COMPLEMENTARES - COLETADO CAIXA)","Equipamento",null,"H",1,0.01,0.01]
["Insumo"," 00043488 ","SINAPI","EPI - FAMILIA OPERADOR ESCAVADEIRA - HORISTA (ENCARGOS COMPLEMENTARES - COLETADO CAIXA)","Equipamento",null,"H",1,0.86,0.86]
[]
[]
[]
[null,"Código","Banco","Descrição","Tipo",null,"Und","Quant.","Valor Unit","Total"]
["Composição"," 93409 ","SINAPI","MÁQUINA JATO DE PRESSAO PORTÁTIL, CAMARA DE 1 SAIDA, CAPACIDADE 280 L, DIAMETRO 670 MM, BICO DE JATO CURTO VENTURI DE 5/16\" , MANGUEIRA DE 1\" COM COMPRESSOR DE AR REBOCÁVEL 189 PCM E MOTOR DIESEL 63 CV - CHI DIURNO. AF_05/2023","CHOR - CUSTOS HORÁRIOS DE MÁQUINAS E EQUIPAMENTOS",null,"CHI",1,35.409999999999997,35.409999999999997]
["Composição Auxiliar"," 88306 ","SINAPI","OPERADOR JATO DE AREIA OU JATISTA COM ENCARGOS COMPLEMENTARES","SEDI - SERVIÇOS DIVERSOS",null,"H",1,26.07,26.07]
["Composição Auxiliar"," 93404 ","SINAPI","MÁQUINA JATO DE PRESSAO PORTÁTIL, CAMARA DE 1 SAIDA, CAPACIDADE 280 L, DIAMETRO 670 MM, BICO DE JATO CURTO VENTURI DE 5/16\" , MANGUEIRA DE 1\" COM COMPRESSOR DE AR REBOCÁVEL 189 PCM E MOTOR DIESEL 63 CV - DEPRECIAÇÃO. AF_05/2023","CHOR - CUSTOS HORÁRIOS DE MÁQUINAS E EQUIPAMENTOS",null,"H",1,7.34,7.34]
["Composição Auxiliar"," 93405 ","SINAPI","MÁQUINA JATO DE PRESSAO PORTÁTIL, CAMARA DE 1 SAIDA, CAPACIDADE 280 L, DIAMETRO 670 MM, BICO DE JATO CURTO VENTURI DE 5/16\" , MANGUEIRA DE 1\" COM COMPRESSOR DE AR REBOCÁVEL 189 PCM E MOTOR DIESEL 63 CV - JUROS. AF_05/2023","CHOR - CUSTOS HORÁRIOS DE MÁQUINAS E EQUIPAMENTOS",null,"H",1,2,2]
[]
[]
[]
[null,"Código","Banco","Descrição","Tipo",null,"Und","Quant.","Valor Unit","Total"]
["Composição"," 93408 ","SINAPI","MÁQUINA JATO DE PRESSAO PORTÁTIL, CAMARA DE 1 SAIDA, CAPACIDADE 280 L, DIAMETRO 670 MM, BICO DE JATO CURTO VENTURI DE 5/16\" , MANGUEIRA DE 1\" COM COMPRESSOR DE AR REBOCÁVEL 189 PCM E MOTOR DIESEL 63 CV - CHP DIURNO. AF_05/2023","CHOR - CUSTOS HORÁRIOS DE MÁQUINAS E EQUIPAMENTOS",null,"CHP",1,90.06,90.06]
["Composição Auxiliar"," 88306 ","SINAPI","OPERADOR JATO DE AREIA OU JATISTA COM ENCARGOS COMPLEMENTARES","SEDI - SERVIÇOS DIVERSOS",null,"H",1,26.07,26.07]
["Composição Auxiliar"," 93404 ","SINAPI","MÁQUINA JATO DE PRESSAO PORTÁTIL, CAMARA DE 1 SAIDA, CAPACIDADE 280 L, DIAMETRO 670 MM, BICO DE JATO CURTO VENTURI DE 5/16\" , MANGUEIRA DE 1\" COM COMPRESSOR DE AR REBOCÁVEL 189 PCM E MOTOR DIESEL 63 CV - DEPRECIAÇÃO. AF_05/2023","CHOR - CUSTOS HORÁRIOS DE MÁQUINAS E EQUIPAMENTOS",null,"H",1,7.34,7.34]
["Composição Auxiliar"," 93405 ","SINAPI","MÁQUINA JATO DE PRESSAO PORTÁTIL, CAMARA DE 1 SAIDA, CAPACIDADE 280 L, DIAMETRO 670 MM, BICO DE JATO CURTO VENTURI DE 5/16\" , MANGUEIRA DE 1\" COM COMPRESSOR DE AR REBOCÁVEL 189 PCM E MOTOR DIESEL 63 CV - JUROS. AF_05/2023","CHOR - CUSTOS HORÁRIOS DE MÁQUINAS E EQUIPAMENTOS",null,"H",1,2,2]
["Composição Auxiliar"," 93406 ","SINAPI","MÁQUINA JATO DE PRESSAO PORTÁTIL, CAMARA DE 1 SAIDA, CAPACIDADE 280 L, DIAMETRO 670 MM, BICO DE JATO CURTO VENTURI DE 5/16\" , MANGUEIRA DE 1\" COM COMPRESSOR DE AR REBOCÁVEL 189 PCM E MOTOR DIESEL 63 CV - MANUTENÇÃO. AF_05/2023","CHOR - CUSTOS HORÁRIOS DE MÁQUINAS E EQUIPAMENTOS",null,"H",1,9.7200000000000006,9.7200000000000006]
["Composição Auxiliar"," 93407 ","SINAPI","MÁQUINA JATO DE PRESSAO PORTÁTIL, CAMARA DE 1 SAIDA, CAPACIDADE 280 L, DIAMETRO 670 MM, BICO DE JATO CURTO VENTURI DE 5/16\" , MANGUEIRA DE 1\" COM COMPRESSOR DE AR REBOCÁVEL 189 PCM E MOTOR DIESEL 63 CV - MATERIAIS NA OPERAÇÃO. AF_05/2023","CHOR - CUSTOS HORÁRIOS DE MÁQUINAS E EQUIPAMENTOS",null,"H",1,44.93,44.93]
[]
[]
[]
[null,"Código","Banco","Descrição","Tipo",null,"Und","Quant.","Valor Unit","Total"]
["Composição"," 93404 ","SINAPI","MÁQUINA JATO DE PRESSAO PORTÁTIL, CAMARA DE 1 SAIDA, CAPACIDADE 280 L, DIAMETRO 670 MM, BICO DE JATO CURTO VENTURI DE 5/16\" , MANGUEIRA DE 1\" COM COMPRESSOR DE AR REBOCÁVEL 189 PCM E MOTOR DIESEL 63 CV - DEPRECIAÇÃO. AF_05/2023","CHOR - CUSTOS HORÁRIOS DE MÁQUINAS E EQUIPAMENTOS",null,"H",1,7.34,7.34]
["Insumo"," 00036522 ","SINAPI","COMPRESSOR DE AR REBOCAVEL, VAZAO 189 PCM, PRESSAO EFETIVA DE TRABALHO 102 PSI, MOTOR DIESEL, POTENCIA 63 CV","Equipamento para Aquisição Permanente",null,"UN",5.0000000000000002E-5,99682.15,4.9800000000000004]
["Insumo"," 00039813 ","SINAPI","MAQUINA TIPO VASO/TANQUE/JATO DE PRESSAO PORTATIL P/ JATEAMENTO, CONTROLE AUTOMATICO E REMOTO, CAMARA DE 1 SAIDA, 280 L, DIAM. *670* MM, BICO JATO CURTO VENTURI 5/16\", MANGUEIRA 1\" DE 10 M, COMPLETA (VALVULAS POP UP E DOSADORA, FUNDO CONICO ETC)","Equipamento para Aquisição Permanente",null,"UN",6.0000000000000002E-5,39372.230000000003,2.36]
[]
[]
[]
[null,"Código","Banco","Descrição","Tipo",null,"Und","Quant.","Valor Unit","Total"]
["Composição"," 93405 ","SINAPI","MÁQUINA JATO DE PRESSAO PORTÁTIL, CAMARA DE 1 SAIDA, CAPACIDADE 280 L, DIAMETRO 670 MM, BICO DE JATO CURTO VENTURI DE 5/16\" , MANGUEIRA DE 1\" COM COMPRESSOR DE AR REBOCÁVEL 189 PCM E MOTOR DIESEL 63 CV - JUROS. AF_05/2023","CHOR - CUSTOS HORÁRIOS DE MÁQUINAS E EQUIPAMENTOS",null,"H",1,2,2]
["Insumo"," 00036522 ","SINAPI","COMPRESSOR DE AR REBOCAVEL, VAZAO 189 PCM, PRESSAO EFETIVA DE TRABALHO 102 PSI, MOTOR DIESEL, POTENCIA 63 CV","Equipamento para Aquisição Permanente",null,"UN",1.43E-5,99682.15,1.42]
["Insumo"," 00039813 ","SINAPI","MAQUINA TIPO VASO/TANQUE/JATO DE PRESSAO PORTATIL P/ JATEAMENTO, CONTROLE AUTOMATICO E REMOTO, CAMARA DE 1 SAIDA, 280 L, DIAM. *670* MM, BICO JATO CURTO VENTURI 5/16\", MANGUEIRA 1\" DE 10 M, COMPLETA (VALVULAS POP UP E DOSADORA, FUNDO CONICO ETC)","Equipamento para Aquisição Permanente",null,"UN",1.4800000000000001E-5,39372.230000000003,0.57999999999999996]
[]
[]
[]
[null,"Código","Banco","Descrição","Tipo",null,"Und","Quant.","Valor Unit","Total"]
["Composição"," 93406 ","SINAPI","MÁQUINA JATO DE PRESSAO PORTÁTIL, CAMARA DE 1 SAIDA, CAPACIDADE 280 L, DIAMETRO 670 MM, BICO DE JATO CURTO VENTURI DE 5/16\" , MANGUEIRA DE 1\" COM COMPRESSOR DE AR REBOCÁVEL 189 PCM E MOTOR DIESEL 63 CV - MANUTENÇÃO. AF_05/2023","CHOR - CUSTOS HORÁRIOS DE MÁQUINAS E EQUIPAMENTOS",null,"H",1,9.7200000000000006,9.7200000000000006]
["Insumo"," 00036522 ","SINAPI","COMPRESSOR DE AR REBOCAVEL, VAZAO 189 PCM, PRESSAO EFETIVA DE TRABALHO 102 PSI, MOTOR DIESEL, POTENCIA 63 CV","Equipamento para Aquisição Permanente",null,"UN",6.9999999999999994E-5,99682.15,6.97]
["Insumo"," 00039813 ","SINAPI","MAQUINA TIPO VASO/TANQUE/JATO DE PRESSAO PORTATIL P/ JATEAMENTO, CONTROLE AUTOMATICO E REMOTO, CAMARA DE 1 SAIDA, 280 L, DIAM. *670* MM, BICO JATO CURTO VENTURI 5/16\", MANGUEIRA 1\" DE 10 M, COMPLETA (VALVULAS POP UP E DOSADORA, FUNDO CONICO ETC)","Equipamento para Aquisição Permanente",null,"UN",6.9999999999999994E-5,39372.230000000003,2.75]
[]
[]
[]
[null,"Código","Banco","Descrição","Tipo",null,"Und","Quant.","Valor Unit","Total"]
["Composição"," 93407 ","SINAPI","MÁQUINA JATO DE PRESSAO PORTÁTIL, CAMARA DE 1 SAIDA, CAPACIDADE 280 L, DIAMETRO 670 MM, BICO DE JATO CURTO VENTURI DE 5/16\" , MANGUEIRA DE 1\" COM COMPRESSOR DE AR REBOCÁVEL 189 PCM E MOTOR DIESEL 63 CV - MATERIAIS NA OPERAÇÃO. AF_05/2023","CHOR - CUSTOS HORÁRIOS DE MÁQUINAS E EQUIPAMENTOS",null,"H",1,44.93,44.93]
["Insumo"," 00004221 ","SINAPI","OLEO DIESEL COMBUSTIVEL COMUM","Material",null,"L",7.88253,5.7,44.93]
[]
[]
[]
[null,"Código","Banco","Descrição","Tipo",null,"Und","Quant.","Valor Unit","Total"]
["Composição"," 88377 ","SINAPI","OPERADOR DE BETONEIRA ESTACIONÁRIA/MISTURADOR COM ENCARGOS COMPLEMENTARES","SEDI - SERVIÇOS DIVERSOS",null,"H",1,23.84,23.84]
["Composição Auxiliar"," 95389 ","SINAPI","CURSO DE CAPACITAÇÃO PARA OPERADOR DE BETONEIRA ESTACIONÁRIA/MISTURADOR (ENCARGOS COMPLEMENTARES) - HORISTA","SEDI - SERVIÇOS DIVERSOS",null,"H",1,0.17,0.17]
["Insumo"," 00037370 ","SINAPI","ALIMENTACAO - HORISTA (COLETADO CAIXA)","Outros",null,"H",1,2.39,2.39]
["Insumo"," 00037371 ","SINAPI","TRANSPORTE - HORISTA (COLETADO CAIXA)","Serviços",null,"H",1,0.74,0.74]
["Insumo"," 00037372 ","SINAPI","EXAMES - HORISTA (COLETADO CAIXA)","Outros",null,"H",1,1.34,1.34]
["Insumo"," 00037373 ","SINAPI","SEGURO - HORISTA (COLETADO CAIXA)","Taxas",null,"H",1,0.04,0.04]
["Insumo"," 00037666 ","SINAPI","OPERADOR DE BETONEIRA ESTACIONARIA / MISTURADOR","Mão de Obra",null,"H",1,18.29,18.29]
["Insumo"," 00043464 ","SINAPI","FERRAMENTAS - FAMILIA OPERADOR ESCAVADEIRA - HORISTA (ENCARGOS COMPLEMENTARES - COLETADO CAIXA)","Equipamento",null,"H",1,0.01,0.01]
["Insumo"," 00043488 ","SINAPI","EPI - FAMILIA OPERADOR ESCAVADEIRA - HORISTA (ENCARGOS COMPLEMENTARES - COLETADO CAIXA)","Equipamento",null,"H",1,0.86,0.86]
[]
[]
[]
[null,"Código","Banco","Descrição","Tipo",null,"Und","Quant.","Valor Unit","Total"]
["Composição"," 88294 ","SINAPI","OPERADOR DE ESCAVADEIRA COM ENCARGOS COMPLEMENTARES","SEDI - SERVIÇOS DIVERSOS",null,"H",1,29.95,29.95]
["Composição Auxiliar"," 95357 ","SINAPI","CURSO DE CAPACITAÇÃO PARA OPERADOR DE ESCAVADEIRA (ENCARGOS COMPLEMENTARES) - HORISTA","SEDI - SERVIÇOS DIVERSOS",null,"H",1,0.32,0.32]
["Insumo"," 00004234 ","SINAPI","OPERADOR DE ESCAVADEIRA","Mão de Obra",null,"H",1,24.25,24.25]
["Insumo"," 00037370 ","SINAPI","ALIMENTACAO - HORISTA (COLETADO CAIXA)","Outros",null,"H",1,2.39,2.39]
["Insumo"," 00037371 ","SINAPI","TRANSPORTE - HORISTA (COLETADO CAIXA)","Serviços",null,"H",1,0.74,0.74]
["Insumo"," 00037372 ","SINAPI","EXAMES - HORISTA (COLETADO CAIXA)","Outros",null,"H",1,1.34,1.34]
["Insumo"," 00037373 ","SINAPI","SEGURO - HORISTA (COLETADO CAIXA)","Taxas",null,"H",1,0.04,0.04]
["Insumo"," 00043464 ","SINAPI","FERRAMENTAS - FAMILIA OPERADOR ESCAVADEIRA - HORISTA (ENCARGOS COMPLEMENTARES - COLETADO CAIXA)","Equipamento",null,"H",1,0.01,0.01]
["Insumo"," 00043488 ","SINAPI","EPI - FAMILIA OPERADOR ESCAVADEIRA - HORISTA (ENCARGOS COMPLEMENTARES - COLETADO CAIXA)","Equipamento",null,"H",1,0.86,0.86]
[]
[]
[]
[null,"Código","Banco","Descrição","Tipo",null,"Und","Quant.","Valor Unit","Total"]
["Composição"," 88295 ","SINAPI","OPERADOR DE GUINCHO COM ENCARGOS COMPLEMENTARES","SEDI - SERVIÇOS DIVERSOS",null,"H",1,24.01,24.01]
["Composição Auxiliar"," 95358 ","SINAPI","CURSO DE CAPACITAÇÃO PARA OPERADOR DE GUINCHO (ENCARGOS COMPLEMENTARES) - HORISTA","SEDI - SERVIÇOS DIVERSOS",null,"H",1,0.34,0.34]
["Insumo"," 00004253 ","SINAPI","OPERADOR DE GUINCHO OU GUINCHEIRO","Mão de Obra",null,"H",1,18.29,18.29]
["Insumo"," 00037370 ","SINAPI","ALIMENTACAO - HORISTA (COLETADO CAIXA)","Outros",null,"H",1,2.39,2.39]
["Insumo"," 00037371 ","SINAPI","TRANSPORTE - HORISTA (COLETADO CAIXA)","Serviços",null,"H",1,0.74,0.74]
["Insumo"," 00037372 ","SINAPI","EXAMES - HORISTA (COLETADO CAIXA)","Outros",null,"H",1,1.34,1.34]
["Insumo"," 00037373 ","SINAPI","SEGURO - HORISTA (COLETADO CAIXA)","Taxas",null,"H",1,0.04,0.04]
["Insumo"," 00043464 ","SINAPI","FERRAMENTAS - FAMILIA OPERADOR ESCAVADEIRA - HORISTA (ENCARGOS COMPLEMENTARES - COLETADO CAIXA)","Equipamento",null,"H",1,0.01,0.01]
["Insumo"," 00043488 ","SINAPI","EPI - FAMILIA OPERADOR ESCAVADEIRA - HORISTA (ENCARGOS COMPLEMENTARES - COLETADO CAIXA)","Equipamento",null,"H",1,0.86,0.86]
[]
[]
[]
[null,"Código","Banco","Descrição","Tipo",null,"Und","Quant.","Valor Unit","Total"]
["Composição"," 88296 ","SINAPI","OPERADOR DE GUINDASTE COM ENCARGOS COMPLEMENTARES","SEDI - SERVIÇOS DIVERSOS",null,"H",1,34.74,34.74]
["Composição Auxiliar"," 95359 ","SINAPI","CURSO DE CAPACITAÇÃO PARA OPERADOR DE GUINDASTE (ENCARGOS COMPLEMENTARES) - HORISTA","SEDI - SERVIÇOS DIVERSOS",null,"H",1,0.54,0.54]
["Insumo"," 00004254 ","SINAPI","OPERADOR DE GUINDASTE (HORISTA)","Mão de Obra",null,"H",1,28.82,28.82]
["Insumo"," 00037370 ","SINAPI","ALIMENTACAO - HORISTA (COLETADO CAIXA)","Outros",null,"H",1,2.39,2.39]
["Insumo"," 00037371 ","SINAPI","TRANSPORTE - HORISTA (COLETADO CAIXA)","Serviços",null,"H",1,0.74,0.74]
["Insumo"," 00037372 ","SINAPI","EXAMES - HORISTA (COLETADO CAIXA)","Outros",null,"H",1,1.34,1.34]
["Insumo"," 00037373 ","SINAPI","SEGURO - HORISTA (COLETADO CAIXA)","Taxas",null,"H",1,0.04,0.04]
["Insumo"," 00043464 ","SINAPI","FERRAMENTAS - FAMILIA OPERADOR ESCAVADEIRA - HORISTA (ENCARGOS COMPLEMENTARES - COLETADO CAIXA)","Equipamento",null,"H",1,0.01,0.01]
["Insumo"," 00043488 ","SINAPI","EPI - FAMILIA OPERADOR ESCAVADEIRA - HORISTA (ENCARGOS COMPLEMENTARES - COLETADO CAIXA)","Equipamento",null,"H",1,0.86,0.86]
[]
[]
[]
[null,"Código","Banco","Descrição","Tipo",null,"Und","Quant.","Valor Unit","Total"]
["Composição"," 88297 ","SINAPI","OPERADOR DE MÁQUINAS E EQUIPAMENTOS COM ENCARGOS COMPLEMENTARES","SEDI - SERVIÇOS DIVERSOS",null,"H",1,28.86,28.86]
["Composição Auxiliar"," 95360 ","SINAPI","CURSO DE CAPACITAÇÃO PARA OPERADOR DE MÁQUINAS E EQUIPAMENTOS (ENCARGOS COMPLEMENTARES) - HORISTA","SEDI - SERVIÇOS DIVERSOS",null,"H",1,0.3,0.3]
["Insumo"," 00004230 ","SINAPI","OPERADOR DE MAQUINAS E TRATORES DIVERSOS (TERRAPLANAGEM)","Mão de Obra",null,"H",1,23.18,23.18]
["Insumo"," 00037370 ","SINAPI","ALIMENTACAO - HORISTA (COLETADO CAIXA)","Outros",null,"H",1,2.39,2.39]
["Insumo"," 00037371 ","SINAPI","TRANSPORTE - HORISTA (COLETADO CAIXA)","Serviços",null,"H",1,0.74,0.74]
["Insumo"," 00037372 ","SINAPI","EXAMES - HORISTA (COLETADO CAIXA)","Outros",null,"H",1,1.34,1.34]
["Insumo"," 00037373 ","SINAPI","SEGURO - HORISTA (COLETADO CAIXA)","Taxas",null,"H",1,0.04,0.04]
["Insumo"," 00043464 ","SINAPI","FERRAMENTAS - FAMILIA OPERADOR ESCAVADEIRA - HORISTA (ENCARGOS COMPLEMENTARES - COLETADO CAIXA)","Equipamento",null,"H",1,0.01,0.01]
["Insumo"," 00043488 ","SINAPI","EPI - FAMILIA OPERADOR ESCAVADEIRA - HORISTA (ENCARGOS COMPLEMENTARES - COLETADO CAIXA)","Equipamento",null,"H",1,0.86,0.86]
[]
[]
[]
[null,"Código","Banco","Descrição","Tipo",null,"Und","Quant.","Valor Unit","Total"]
["Composição"," 88306 ","SINAPI","OPERADOR JATO DE AREIA OU JATISTA COM ENCARGOS COMPLEMENTARES","SEDI - SERVIÇOS DIVERSOS",null,"H",1,26.07,26.07]
["Composição Auxiliar"," 95368 ","SINAPI","CURSO DE CAPACITAÇÃO PARA OPERADOR JATO DE AREIA OU JATISTA (ENCARGOS COMPLEMENTARES) - HORISTA","SEDI - SERVIÇOS DIVERSOS",null,"H",1,0.27,0.27]
["Insumo"," 00004251 ","SINAPI","OPERADOR DE JATO ABRASIVO OU JATISTA (HORISTA)","Mão de Obra",null,"H",1,20.420000000000002,20.420000000000002]
["Insumo"," 00037370 ","SINAPI","ALIMENTACAO - HORISTA (COLETADO CAIXA)","Outros",null,"H",1,2.39,2.39]
["Insumo"," 00037371 ","SINAPI","TRANSPORTE - HORISTA (COLETADO CAIXA)","Serviços",null,"H",1,0.74,0.74]
["Insumo"," 00037372 ","SINAPI","EXAMES - HORISTA (COLETADO CAIXA)","Outros",null,"H",1,1.34,1.34]
["Insumo"," 00037373 ","SINAPI","SEGURO - HORISTA (COLETADO CAIXA)","Taxas",null,"H",1,0.04,0.04]
["Insumo"," 00043464 ","SINAPI","FERRAMENTAS - FAMILIA OPERADOR ESCAVADEIRA - HORISTA (ENCARGOS COMPLEMENTARES - COLETADO CAIXA)","Equipamento",null,"H",1,0.01,0.01]
["Insumo"," 00043488 ","SINAPI","EPI - FAMILIA OPERADOR ESCAVADEIRA - HORISTA (ENCARGOS COMPLEMENTARES - COLETADO CAIXA)","Equipamento",null,"H",1,0.86,0.86]
[]
[]
[]
[null,"Código","Banco","Descrição","Tipo",null,"Und","Quant.","Valor Unit","Total"]
["Composição"," 88309 ","SINAPI","PEDREIRO COM ENCARGOS COMPLEMENTARES","SEDI - SERVIÇOS DIVERSOS",null,"H",1,26.15,26.15]
["Composição Auxiliar"," 95371 ","SINAPI","CURSO DE CAPACITAÇÃO PARA PEDREIRO (ENCARGOS COMPLEMENTARES) - HORISTA","SEDI - SERVIÇOS DIVERSOS",null,"H",1,0.46,0.46]
["Insumo"," 00004750 ","SINAPI","PEDREIRO","Mão de Obra",null,"H",1,19.12,19.12]
["Insumo"," 00037370 ","SINAPI","ALIMENTACAO - HORISTA (COLETADO CAIXA)","Outros",null,"H",1,2.39,2.39]
["Insumo"," 00037371 ","SINAPI","TRANSPORTE - HORISTA (COLETADO CAIXA)","Serviços",null,"H",1,0.74,0.74]
["Insumo"," 00037372 ","SINAPI","EXAMES - HORISTA (COLETADO CAIXA)","Outros",null,"H",1,1.34,1.34]
["Insumo"," 00037373 ","SINAPI","SEGURO - HORISTA (COLETADO CAIXA)","Taxas",null,"H",1,0.04,0.04]
["Insumo"," 00043465 ","SINAPI","FERRAMENTAS - FAMILIA PEDREIRO - HORISTA (ENCARGOS COMPLEMENTARES - COLETADO CAIXA)","Equipamento",null,"H",1,0.82,0.82]
["Insumo"," 00043489 ","SINAPI","EPI - FAMILIA PEDREIRO - HORISTA (ENCARGOS COMPLEMENTARES - COLETADO CAIXA)","Equipamento",null,"H",1,1.24,1.24]
[]
[]
[]
[null,"Código","Banco","Descrição","Tipo",null,"Und","Quant.","Valor Unit","Total"]
["Composição"," 97738 ","SINAPI","PEÇA CIRCULAR PRÉ-MOLDADA, VOLUME DE CONCRETO DE 10 A 30 LITROS, TAXA DE FIBRA DE POLIPROPILENO APROXIMADA DE 6 KG/M³. AF_01/2018_P","FUES - FUNDAÇÕES E ESTRUTURAS",null,"m³",1,3680,3680]
["Composição Auxiliar"," 88239 ","SINAPI","AJUDANTE DE CARPINTEIRO COM ENCARGOS COMPLEMENTARES","SEDI - SERVIÇOS DIVERSOS",null,"H",4.3071999999999999,20.6,88.72]
["Composição Auxiliar"," 88261 ","SINAPI","CARPINTEIRO DE ESQUADRIA COM ENCARGOS COMPLEMENTARES","SEDI - SERVIÇOS DIVERSOS",null,"H",21.535799999999998,24.94,537.1]
["Composição Auxiliar"," 88309 ","SINAPI","PEDREIRO COM ENCARGOS COMPLEMENTARES","SEDI - SERVIÇOS DIVERSOS",null,"H",31.7545,26.15,830.38]
["Composição Auxiliar"," 88316 ","SINAPI","SERVENTE COM ENCARGOS COMPLEMENTARES","SEDI - SERVIÇOS DIVERSOS",null,"H",31.7545,20.420000000000002,648.41999999999996]
["Composição Auxiliar"," 90586 ","SINAPI","VIBRADOR DE IMERSÃO, DIÂMETRO DE PONTEIRA 45MM, MOTOR ELÉTRICO TRIFÁSICO POTÊNCIA DE 2 CV - CHP DIURNO. AF_06/2015","CHOR - CUSTOS HORÁRIOS DE MÁQUINAS E EQUIPAMENTOS",null,"CHP",6.6349999999999998,1.23,8.16]
["Composição Auxiliar"," 90587 ","SINAPI","VIBRADOR DE IMERSÃO, DIÂMETRO DE PONTEIRA 45MM, MOTOR ELÉTRICO TRIFÁSICO POTÊNCIA DE 2 CV - CHI DIURNO. AF_06/2015","CHOR - CUSTOS HORÁRIOS DE MÁQUINAS E EQUIPAMENTOS",null,"CHI",18.091699999999999,0.49,8.86]
["Composição Auxiliar"," 91692 ","SINAPI","SERRA CIRCULAR DE BANCADA COM MOTOR ELÉTRICO POTÊNCIA DE 5HP, COM COIFA PARA DISCO 10\" - CHP DIURNO. AF_08/2015","CHOR - CUSTOS HORÁRIOS DE MÁQUINAS E EQUIPAMENTOS",null,"CHP",0.88009999999999999,30.2,26.57]
["Composição Auxiliar"," 91693 ","SINAPI","SERRA CIRCULAR DE BANCADA COM MOTOR ELÉTRICO POTÊNCIA DE 5HP, COM COIFA PARA DISCO 10\" - CHI DIURNO. AF_08/2015","CHOR - CUSTOS HORÁRIOS DE MÁQUINAS E EQUIPAMENTOS",null,"CHI",3.4270999999999998,28.99,99.35]
["Composição Auxiliar"," 94971 ","SINAPI","CONCRETO FCK = 25MPA, TRAÇO 1:2,3:2,7 (EM MASSA SECA DE CIMENTO/ AREIA MÉDIA/ BRITA 1) - PREPARO MECÂNICO COM BETONEIRA 600 L. AF_05/2021","FUES - FUNDAÇÕES E ESTRUTURAS",null,"m³",1.2,503.69,604.41999999999996]
["Insumo"," 00002692 ","SINAPI","DESMOLDANTE PROTETOR PARA FORMAS DE MADEIRA, DE BASE OLEOSA EMULSIONADA EM AGUA","Material",null,"L",6.6699999999999995E-2,8.31,0.55000000000000004]
["Insumo"," 00020247 ","SINAPI","PREGO DE ACO POLIDO COM CABECA 15 X 15 (1 1/4 X 13)","Material",null,"KG",2.1276000000000002,19.149999999999999,40.74]
["Insumo"," 00039014 ","SINAPI","FIBRA DE ACO PARA REFORCO DO CONCRETO, SOLTA, TIPO A-I, FATOR DE FORMA *50* L / D, COMPRIMENTO DE *30* MM E RESISTENCIA A TRACAO DO ACO MAIOR 1000 MPA","Material",null,"KG",6,9.0500000000000007,54.3]
["Insumo"," 00043677 ","SINAPI","CHAPA/PAINEL DE MADEIRA COMPENSADA RESINADA (MADEIRITE RESINADO ROSA) PARA FORMA DE CONCRETO, DE 2200 X 1100 MM, E = 20 MM","Material",null,"m²",13.051399999999999,55.33,722.13]
["Insumo"," 00043682 ","SINAPI","CHAPA/PAINEL DE MADEIRA COMPENSADA RESINADA (MADEIRITE RESINADO ROSA) PARA FORMA DE CONCRETO, DE 2200 X 1100 MM, E = 6 MM","Material",null,"m²",0.60740000000000005,16.96,10.3]
[]
[]
[]
[null,"Código","Banco","Descrição","Tipo",null,"Und","Quant.","Valor Unit","Total"]
["Composição"," 97739 ","SINAPI","PEÇA CIRCULAR PRÉ-MOLDADA, VOLUME DE CONCRETO DE 30 A 100 LITROS, TAXA DE AÇO APROXIMADA DE 30KG/M³. AF_01/2018","FUES - FUNDAÇÕES E ESTRUTURAS",null,"m³",1,2762.94,2762.94]
["Composição Auxiliar"," 88239 ","SINAPI","AJUDANTE DE CARPINTEIRO COM ENCARGOS COMPLEMENTARES","SEDI - SERVIÇOS DIVERSOS",null,"H",1.5631999999999999,20.6,32.200000000000003]
["Composição Auxiliar"," 88261 ","SINAPI","CARPINTEIRO DE ESQUADRIA COM ENCARGOS COMPLEMENTARES","SEDI - SERVIÇOS DIVERSOS",null,"H",7.8158000000000003,24.94,194.92]
["Composição Auxiliar"," 88309 ","SINAPI","PEDREIRO COM ENCARGOS COMPLEMENTARES","SEDI - SERVIÇOS DIVERSOS",null,"H",22.0181,26.15,575.77]
["Composição Auxiliar"," 88316 ","SINAPI","SERVENTE COM ENCARGOS COMPLEMENTARES","SEDI - SERVIÇOS DIVERSOS",null,"H",22.0181,20.420000000000002,449.6]
["Composição Auxiliar"," 90586 ","SINAPI","VIBRADOR DE IMERSÃO, DIÂMETRO DE PONTEIRA 45MM, MOTOR ELÉTRICO TRIFÁSICO POTÊNCIA DE 2 CV - CHP DIURNO. AF_06/2015","CHOR - CUSTOS HORÁRIOS DE MÁQUINAS E EQUIPAMENTOS",null,"CHP",4.6407999999999996,1.23,5.7]
["Composição Auxiliar"," 90587 ","SINAPI","VIBRADOR DE IMERSÃO, DIÂMETRO DE PONTEIRA 45MM, MOTOR ELÉTRICO TRIFÁSICO POTÊNCIA DE 2 CV - CHI DIURNO. AF_06/2015","CHOR - CUSTOS HORÁRIOS DE MÁQUINAS E EQUIPAMENTOS",null,"CHI",12.654199999999999,0.49,6.2]
["Composição Auxiliar"," 91692 ","SINAPI","SERRA CIRCULAR DE BANCADA COM MOTOR ELÉTRICO POTÊNCIA DE 5HP, COM COIFA PARA DISCO 10\" - CHP DIURNO. AF_08/2015","CHOR - CUSTOS HORÁRIOS DE MÁQUINAS E EQUIPAMENTOS",null,"CHP",0.43980000000000002,30.2,13.28]
["Composição Auxiliar"," 91693 ","SINAPI","SERRA CIRCULAR DE BANCADA COM MOTOR ELÉTRICO POTÊNCIA DE 5HP, COM COIFA PARA DISCO 10\" - CHI DIURNO. AF_08/2015","CHOR - CUSTOS HORÁRIOS DE MÁQUINAS E EQUIPAMENTOS",null,"CHI",1.1233,28.99,32.56]
["Composição Auxiliar"," 92767 ","SINAPI","ARMAÇÃO DE LAJE DE ESTRUTURA CONVENCIONAL DE CONCRETO ARMADO UTILIZANDO AÇO CA-60 DE 4,2 MM - MONTAGEM. AF_06/2022","FUES - FUNDAÇÕES E ESTRUTURAS",null,"KG",21.999700000000001,16.63,365.85]
["Composição Auxiliar"," 94972 ","SINAPI","CONCRETO FCK = 30MPA, TRAÇO 1:2,1:2,5 (EM MASSA SECA DE CIMENTO/ AREIA MÉDIA/ BRITA 1) - PREPARO MECÂNICO COM BETONEIRA 600 L. AF_05/2021","FUES - FUNDAÇÕES E ESTRUTURAS",null,"m³",1.2,520.76,624.91]
["Insumo"," 00001358 ","SINAPI","CHAPA DE MADEIRA COMPENSADA RESINADA PARA FORMA DE CONCRETO, DE *2,2 X 1,1* M, E = 17 MM","Material",null,"m²",8.4224999999999994,44.6,375.64]
["Insumo"," 00002692 ","SINAPI","DESMOLDANTE PROTETOR PARA FORMAS DE MADEIRA, DE BASE OLEOSA EMULSIONADA EM AGUA","Material",null,"L",6.6699999999999995E-2,8.31,0.55000000000000004]
["Insumo"," 00004491 ","SINAPI","PONTALETE *7,5 X 7,5* CM EM PINUS, MISTA OU EQUIVALENTE DA REGIAO - BRUTA","Material",null,"M",5.0545,10.99,55.54]
["Insumo"," 00005073 ","SINAPI","PREGO DE ACO POLIDO COM CABECA 17 X 24 (2 1/4 X 11)","Material",null,"KG",0.6552,17.62,11.54]
["Insumo"," 00020247 ","SINAPI","PREGO DE ACO POLIDO COM CABECA 15 X 15 (1 1/4 X 13)","Material",null,"KG",0.43769999999999998,19.149999999999999,8.3800000000000008]
["Insumo"," 00043682 ","SINAPI","CHAPA/PAINEL DE MADEIRA COMPENSADA RESINADA (MADEIRITE RESINADO ROSA) PARA FORMA DE CONCRETO, DE 2200 X 1100 MM, E = 6 MM","Material",null,"m²",0.60740000000000005,16.96,10.3]
[]
[]
[]
[null,"Código","Banco","Descrição","Tipo",null,"Und","Quant.","Valor Unit","Total"]
["Composição"," 97734 ","SINAPI","PEÇA RETANGULAR PRÉ-MOLDADA, VOLUME DE CONCRETO DE 10 A 30 LITROS, TAXA DE AÇO APROXIMADA DE 30KG/M³. AF_01/2018","FUES - FUNDAÇÕES E ESTRUTURAS",null,"m³",1,2870.85,2870.85]
["Composição Auxiliar"," 88239 ","SINAPI","AJUDANTE DE CARPINTEIRO COM ENCARGOS COMPLEMENTARES","SEDI - SERVIÇOS DIVERSOS",null,"H",1.1919999999999999,20.6,24.55]
["Composição Auxiliar"," 88261 ","SINAPI","CARPINTEIRO DE ESQUADRIA COM ENCARGOS COMPLEMENTARES","SEDI - SERVIÇOS DIVERSOS",null,"H",5.96,24.94,148.63999999999999]
["Composição Auxiliar"," 88309 ","SINAPI","PEDREIRO COM ENCARGOS COMPLEMENTARES","SEDI - SERVIÇOS DIVERSOS",null,"H",31.349900000000002,26.15,819.79]
["Composição Auxiliar"," 88316 ","SINAPI","SERVENTE COM ENCARGOS COMPLEMENTARES","SEDI - SERVIÇOS DIVERSOS",null,"H",31.349900000000002,20.420000000000002,640.16]
["Composição Auxiliar"," 90586 ","SINAPI","VIBRADOR DE IMERSÃO, DIÂMETRO DE PONTEIRA 45MM, MOTOR ELÉTRICO TRIFÁSICO POTÊNCIA DE 2 CV - CHP DIURNO. AF_06/2015","CHOR - CUSTOS HORÁRIOS DE MÁQUINAS E EQUIPAMENTOS",null,"CHP",6.6349999999999998,1.23,8.16]
["Composição Auxiliar"," 90587 ","SINAPI","VIBRADOR DE IMERSÃO, DIÂMETRO DE PONTEIRA 45MM, MOTOR ELÉTRICO TRIFÁSICO POTÊNCIA DE 2 CV - CHI DIURNO. AF_06/2015","CHOR - CUSTOS HORÁRIOS DE MÁQUINAS E EQUIPAMENTOS",null,"CHI",18.091699999999999,0.49,8.86]
["Composição Auxiliar"," 91692 ","SINAPI","SERRA CIRCULAR DE BANCADA COM MOTOR ELÉTRICO POTÊNCIA DE 5HP, COM COIFA PARA DISCO 10\" - CHP DIURNO. AF_08/2015","CHOR - CUSTOS HORÁRIOS DE MÁQUINAS E EQUIPAMENTOS",null,"CHP",0.48770000000000002,30.2,14.72]
["Composição Auxiliar"," 91693 ","SINAPI","SERRA CIRCULAR DE BANCADA COM MOTOR ELÉTRICO POTÊNCIA DE 5HP, COM COIFA PARA DISCO 10\" - CHI DIURNO. AF_08/2015","CHOR - CUSTOS HORÁRIOS DE MÁQUINAS E EQUIPAMENTOS",null,"CHI",0.70430000000000004,28.99,20.41]
["Composição Auxiliar"," 92767 ","SINAPI","ARMAÇÃO DE LAJE DE ESTRUTURA CONVENCIONAL DE CONCRETO ARMADO UTILIZANDO AÇO CA-60 DE 4,2 MM - MONTAGEM. AF_06/2022","FUES - FUNDAÇÕES E ESTRUTURAS",null,"KG",27.898800000000001,16.63,463.95]
["Composição Auxiliar"," 94971 ","SINAPI","CONCRETO FCK = 25MPA, TRAÇO 1:2,3:2,7 (EM MASSA SECA DE CIMENTO/ AREIA MÉDIA/ BRITA 1) - PREPARO MECÂNICO COM BETONEIRA 600 L. AF_05/2021","FUES - FUNDAÇÕES E ESTRUTURAS",null,"m³",1.2,503.69,604.41999999999996]
["Insumo"," 00001358 ","SINAPI","CHAPA DE MADEIRA COMPENSADA RESINADA PARA FORMA DE CONCRETO, DE *2,2 X 1,1* M, E = 17 MM","Material",null,"m²",1.9403999999999999,44.6,86.54]
["Insumo"," 00002692 ","SINAPI","DESMOLDANTE PROTETOR PARA FORMAS DE MADEIRA, DE BASE OLEOSA EMULSIONADA EM AGUA","Material",null,"L",8.3299999999999999E-2,8.31,0.69]
["Insumo"," 00004517 ","SINAPI","SARRAFO *2,5 X 7,5* CM EM PINUS, MISTA OU EQUIVALENTE DA REGIAO - BRUTA","Material",null,"M",5.6283000000000003,3.84,21.61]
["Insumo"," 00020247 ","SINAPI","PREGO DE ACO POLIDO COM CABECA 15 X 15 (1 1/4 X 13)","Material",null,"KG",0.4365,19.149999999999999,8.35]
[]
[]
[]
[null,"Código","Banco","Descrição","Tipo",null,"Und","Quant.","Valor Unit","Total"]
["Composição"," 97735 ","SINAPI","PEÇA RETANGULAR PRÉ-MOLDADA, VOLUME DE CONCRETO DE 30 A 100 LITROS, TAXA DE AÇO APROXIMADA DE 30KG/M³. AF_01/2018","FUES - FUNDAÇÕES E ESTRUTURAS",null,"m³",1,2375.5500000000002,2375.5500000000002]
["Composição Auxiliar"," 88239 ","SINAPI","AJUDANTE DE CARPINTEIRO COM ENCARGOS COMPLEMENTARES","SEDI - SERVIÇOS DIVERSOS",null,"H",0.73560000000000003,20.6,15.15]
["Composição Auxiliar"," 88261 ","SINAPI","CARPINTEIRO DE ESQUADRIA COM ENCARGOS COMPLEMENTARES","SEDI - SERVIÇOS DIVERSOS",null,"H",3.6779999999999999,24.94,91.72]
["Composição Auxiliar"," 88309 ","SINAPI","PEDREIRO COM ENCARGOS COMPLEMENTARES","SEDI - SERVIÇOS DIVERSOS",null,"H",22.497399999999999,26.15,588.29999999999995]
["Composição Auxiliar"," 88316 ","SINAPI","SERVENTE COM ENCARGOS COMPLEMENTARES","SEDI - SERVIÇOS DIVERSOS",null,"H",22.497399999999999,20.420000000000002,459.39]
["Composição Auxiliar"," 90586 ","SINAPI","VIBRADOR DE IMERSÃO, DIÂMETRO DE PONTEIRA 45MM, MOTOR ELÉTRICO TRIFÁSICO POTÊNCIA DE 2 CV - CHP DIURNO. AF_06/2015","CHOR - CUSTOS HORÁRIOS DE MÁQUINAS E EQUIPAMENTOS",null,"CHP",4.6864999999999997,1.23,5.76]
["Composição Auxiliar"," 90587 ","SINAPI","VIBRADOR DE IMERSÃO, DIÂMETRO DE PONTEIRA 45MM, MOTOR ELÉTRICO TRIFÁSICO POTÊNCIA DE 2 CV - CHI DIURNO. AF_06/2015","CHOR - CUSTOS HORÁRIOS DE MÁQUINAS E EQUIPAMENTOS",null,"CHI",12.7788,0.49,6.26]
["Composição Auxiliar"," 91692 ","SINAPI","SERRA CIRCULAR DE BANCADA COM MOTOR ELÉTRICO POTÊNCIA DE 5HP, COM COIFA PARA DISCO 10\" - CHP DIURNO. AF_08/2015","CHOR - CUSTOS HORÁRIOS DE MÁQUINAS E EQUIPAMENTOS",null,"CHP",0.313,30.2,9.4499999999999993]
["Composição Auxiliar"," 91693 ","SINAPI","SERRA CIRCULAR DE BANCADA COM MOTOR ELÉTRICO POTÊNCIA DE 5HP, COM COIFA PARA DISCO 10\" - CHI DIURNO. AF_08/2015","CHOR - CUSTOS HORÁRIOS DE MÁQUINAS E EQUIPAMENTOS",null,"CHI",0.42259999999999998,28.99,12.25]
["Composição Auxiliar"," 92767 ","SINAPI","ARMAÇÃO DE LAJE DE ESTRUTURA CONVENCIONAL DE CONCRETO ARMADO UTILIZANDO AÇO CA-60 DE 4,2 MM - MONTAGEM. AF_06/2022","FUES - FUNDAÇÕES E ESTRUTURAS",null,"KG",28.936900000000001,16.63,481.22]
["Composição Auxiliar"," 94972 ","SINAPI","CONCRETO FCK = 30MPA, TRAÇO 1:2,1:2,5 (EM MASSA SECA DE CIMENTO/ AREIA MÉDIA/ BRITA 1) - PREPARO MECÂNICO COM BETONEIRA 600 L. AF_05/2021","FUES - FUNDAÇÕES E ESTRUTURAS",null,"m³",1.2,520.76,624.91]
["Insumo"," 00001358 ","SINAPI","CHAPA DE MADEIRA COMPENSADA RESINADA PARA FORMA DE CONCRETO, DE *2,2 X 1,1* M, E = 17 MM","Material",null,"m²",1.3111999999999999,44.6,58.47]
["Insumo"," 00002692 ","SINAPI","DESMOLDANTE PROTETOR PARA FORMAS DE MADEIRA, DE BASE OLEOSA EMULSIONADA EM AGUA","Material",null,"L",5.67E-2,8.31,0.47]
["Insumo"," 00004517 ","SINAPI","SARRAFO *2,5 X 7,5* CM EM PINUS, MISTA OU EQUIVALENTE DA REGIAO - BRUTA","Material",null,"M",4.4770000000000003,3.84,17.190000000000001]
["Insumo"," 00020247 ","SINAPI","PREGO DE ACO POLIDO COM CABECA 15 X 15 (1 1/4 X 13)","Material",null,"KG",0.26190000000000002,19.149999999999999,5.01]
[]
[]
[]
[null,"Código","Banco","Descrição","Tipo",null,"Und","Quant.","Valor Unit","Total"]
["Composição"," 88310 ","SINAPI","PINTOR COM ENCARGOS COMPLEMENTARES","SEDI - SERVIÇOS DIVERSOS",null,"H",1,27.65,27.65]
["Composição Auxiliar"," 95372 ","SINAPI","CURSO DE CAPACITAÇÃO PARA PINTOR (ENCARGOS COMPLEMENTARES) - HORISTA","SEDI - SERVIÇOS DIVERSOS",null,"H",1,0.32,0.32]
["Insumo"," 00004783 ","SINAPI","PINTOR","Mão de Obra",null,"H",1,19.12,19.12]
["Insumo"," 00037370 ","SINAPI","ALIMENTACAO - HORISTA (COLETADO CAIXA)","Outros",null,"H",1,2.39,2.39]
["Insumo"," 00037371 ","SINAPI","TRANSPORTE - HORISTA (COLETADO CAIXA)","Serviços",null,"H",1,0.74,0.74]
["Insumo"," 00037372 ","SINAPI","EXAMES - HORISTA (COLETADO CAIXA)","Outros",null,"H",1,1.34,1.34]
["Insumo"," 00037373 ","SINAPI","SEGURO - HORISTA (COLETADO CAIXA)","Taxas",null,"H",1,0.04,0.04]
["Insumo"," 00043466 ","SINAPI","FERRAMENTAS - FAMILIA PINTOR - HORISTA (ENCARGOS COMPLEMENTARES - COLETADO CAIXA)","Equipamento",null,"H",1,1.97,1.97]
["Insumo"," 00043490 ","SINAPI","EPI - FAMILIA PINTOR - HORISTA (ENCARGOS COMPLEMENTARES - COLETADO CAIXA)","Equipamento",null,"H",1,1.73,1.73]
[]
[]
[]
[null,"Código","Banco","Descrição","Tipo",null,"Und","Quant.","Valor Unit","Total"]
["Composição"," 100719 ","SINAPI","PINTURA COM TINTA ALQUÍDICA DE FUNDO (TIPO ZARCÃO) PULVERIZADA SOBRE PERFIL METÁLICO EXECUTADO EM FÁBRICA (POR DEMÃO). AF_01/2020_PE","PINT - PINTURAS",null,"m²",1,11.11,11.11]
["Composição Auxiliar"," 88310 ","SINAPI","PINTOR COM ENCARGOS COMPLEMENTARES","SEDI - SERVIÇOS DIVERSOS",null,"H",6.3500000000000001E-2,27.65,1.75]
["Insumo"," 00005318 ","SINAPI","SOLVENTE DILUENTE A BASE DE AGUARRAS","Material",null,"L",5.7500000000000002E-2,25.76,1.48]
["Insumo"," 00007307 ","SINAPI","FUNDO ANTICORROSIVO PARA METAIS FERROSOS (ZARCAO)","Material",null,"L",0.1908,41.35,7.88]
[]
[]
[]
[null,"Código","Banco","Descrição","Tipo",null,"Und","Quant.","Valor Unit","Total"]
["Composição"," 91278 ","SINAPI","PLACA VIBRATÓRIA REVERSÍVEL COM MOTOR 4 TEMPOS A GASOLINA, FORÇA CENTRÍFUGA DE 25 KN (2500 KGF), POTÊNCIA 5,5 CV - CHI DIURNO. AF_08/2015","CHOR - CUSTOS HORÁRIOS DE MÁQUINAS E EQUIPAMENTOS",null,"CHI",1,0.71,0.71]
["Composição Auxiliar"," 91273 ","SINAPI","PLACA VIBRATÓRIA REVERSÍVEL COM MOTOR 4 TEMPOS A GASOLINA, FORÇA CENTRÍFUGA DE 25 KN (2500 KGF), POTÊNCIA 5,5 CV - DEPRECIAÇÃO. AF_08/2015","CHOR - CUSTOS HORÁRIOS DE MÁQUINAS E EQUIPAMENTOS",null,"H",1,0.56000000000000005,0.56000000000000005]
["Composição Auxiliar"," 91274 ","SINAPI","PLACA VIBRATÓRIA REVERSÍVEL COM MOTOR 4 TEMPOS A GASOLINA, FORÇA CENTRÍFUGA DE 25 KN (2500 KGF), POTÊNCIA 5,5 CV - JUROS. AF_08/2015","CHOR - CUSTOS HORÁRIOS DE MÁQUINAS E EQUIPAMENTOS",null,"H",1,0.15,0.15]
[]
[]
[]
[null,"Código","Banco","Descrição","Tipo",null,"Und","Quant.","Valor Unit","Total"]
["Composição"," 91277 ","SINAPI","PLACA VIBRATÓRIA REVERSÍVEL COM MOTOR 4 TEMPOS A GASOLINA, FORÇA CENTRÍFUGA DE 25 KN (2500 KGF), POTÊNCIA 5,5 CV - CHP DIURNO. AF_08/2015","CHOR - CUSTOS HORÁRIOS DE MÁQUINAS E EQUIPAMENTOS",null,"CHP",1,10.64,10.64]
["Composição Auxiliar"," 91273 ","SINAPI","PLACA VIBRATÓRIA REVERSÍVEL COM MOTOR 4 TEMPOS A GASOLINA, FORÇA CENTRÍFUGA DE 25 KN (2500 KGF), POTÊNCIA 5,5 CV - DEPRECIAÇÃO. AF_08/2015","CHOR - CUSTOS HORÁRIOS DE MÁQUINAS E EQUIPAMENTOS",null,"H",1,0.56000000000000005,0.56000000000000005]
["Composição Auxiliar"," 91274 ","SINAPI","PLACA VIBRATÓRIA REVERSÍVEL COM MOTOR 4 TEMPOS A GASOLINA, FORÇA CENTRÍFUGA DE 25 KN (2500 KGF), POTÊNCIA 5,5 CV - JUROS. AF_08/2015","CHOR - CUSTOS HORÁRIOS DE MÁQUINAS E EQUIPAMENTOS",null,"H",1,0.15,0.15]
["Composição Auxiliar"," 91275 ","SINAPI","PLACA VIBRATÓRIA REVERSÍVEL COM MOTOR 4 TEMPOS A GASOLINA, FORÇA CENTRÍFUGA DE 25 KN (2500 KGF), POTÊNCIA 5,5 CV - MANUTENÇÃO. AF_08/2015","CHOR - CUSTOS HORÁRIOS DE MÁQUINAS E EQUIPAMENTOS",null,"H",1,0.7,0.7]
["Composição Auxiliar"," 91276 ","SINAPI","PLACA VIBRATÓRIA REVERSÍVEL COM MOTOR 4 TEMPOS A GASOLINA, FORÇA CENTRÍFUGA DE 25 KN (2500 KGF), POTÊNCIA 5,5 CV - MATERIAIS NA OPERAÇÃO. AF_08/2015","CHOR - CUSTOS HORÁRIOS DE MÁQUINAS E EQUIPAMENTOS",null,"H",1,9.23,9.23]
[]
[]
[]
[null,"Código","Banco","Descrição","Tipo",null,"Und","Quant.","Valor Unit","Total"]
["Composição"," 91273 ","SINAPI","PLACA VIBRATÓRIA REVERSÍVEL COM MOTOR 4 TEMPOS A GASOLINA, FORÇA CENTRÍFUGA DE 25 KN (2500 KGF), POTÊNCIA 5,5 CV - DEPRECIAÇÃO. AF_08/2015","CHOR - CUSTOS HORÁRIOS DE MÁQUINAS E EQUIPAMENTOS",null,"H",1,0.56000000000000005,0.56000000000000005]
["Insumo"," 00001442 ","SINAPI","COMPACTADOR DE SOLO TIPO PLACA VIBRATORIA REVERSIVEL, A GASOLINA 4 TEMPOS, PESO 125 A 150 KG, FORCA CENTRIF. 2500 A 2800 KGF, LARG. TRABALHO 400 A 450 MM, FREQ. VIBRACAO 4300 A 4500 RPM, VELOC. TRABALHO 15 A 20 M/MIN, POT. 5,5 A 6,0 HP","Equipamento para Aquisição Permanente",null,"UN",5.3300000000000001E-5,10512.54,0.56000000000000005]
[]
[]
[]
[null,"Código","Banco","Descrição","Tipo",null,"Und","Quant.","Valor Unit","Total"]
["Composição"," 91274 ","SINAPI","PLACA VIBRATÓRIA REVERSÍVEL COM MOTOR 4 TEMPOS A GASOLINA, FORÇA CENTRÍFUGA DE 25 KN (2500 KGF), POTÊNCIA 5,5 CV - JUROS. AF_08/2015","CHOR - CUSTOS HORÁRIOS DE MÁQUINAS E EQUIPAMENTOS",null,"H",1,0.15,0.15]
["Insumo"," 00001442 ","SINAPI","COMPACTADOR DE SOLO TIPO PLACA VIBRATORIA REVERSIVEL, A GASOLINA 4 TEMPOS, PESO 125 A 150 KG, FORCA CENTRIF. 2500 A 2800 KGF, LARG. TRABALHO 400 A 450 MM, FREQ. VIBRACAO 4300 A 4500 RPM, VELOC. TRABALHO 15 A 20 M/MIN, POT. 5,5 A 6,0 HP","Equipamento para Aquisição Permanente",null,"UN",1.43E-5,10512.54,0.15]
[]
[]
[]
[null,"Código","Banco","Descrição","Tipo",null,"Und","Quant.","Valor Unit","Total"]
["Composição"," 91275 ","SINAPI","PLACA VIBRATÓRIA REVERSÍVEL COM MOTOR 4 TEMPOS A GASOLINA, FORÇA CENTRÍFUGA DE 25 KN (2500 KGF), POTÊNCIA 5,5 CV - MANUTENÇÃO. AF_08/2015","CHOR - CUSTOS HORÁRIOS DE MÁQUINAS E EQUIPAMENTOS",null,"H",1,0.7,0.7]
["Insumo"," 00001442 ","SINAPI","COMPACTADOR DE SOLO TIPO PLACA VIBRATORIA REVERSIVEL, A GASOLINA 4 TEMPOS, PESO 125 A 150 KG, FORCA CENTRIF. 2500 A 2800 KGF, LARG. TRABALHO 400 A 450 MM, FREQ. VIBRACAO 4300 A 4500 RPM, VELOC. TRABALHO 15 A 20 M/MIN, POT. 5,5 A 6,0 HP","Equipamento para Aquisição Permanente",null,"UN",6.6699999999999995E-5,10512.54,0.7]
[]
[]
[]
[null,"Código","Banco","Descrição","Tipo",null,"Und","Quant.","Valor Unit","Total"]
["Composição"," 91276 ","SINAPI","PLACA VIBRATÓRIA REVERSÍVEL COM MOTOR 4 TEMPOS A GASOLINA, FORÇA CENTRÍFUGA DE 25 KN (2500 KGF), POTÊNCIA 5,5 CV - MATERIAIS NA OPERAÇÃO. AF_08/2015","CHOR - CUSTOS HORÁRIOS DE MÁQUINAS E EQUIPAMENTOS",null,"H",1,9.23,9.23]
["Insumo"," 00004222 ","SINAPI","GASOLINA COMUM","Material",null,"L",1.44,6.41,9.23]
[]
[]
[]
[null,"Código","Banco","Descrição","Tipo",null,"Und","Quant.","Valor Unit","Total"]
["Composição"," 101625 ","SINAPI","PREPARO DE FUNDO DE VALA COM LARGURA MAIOR OU IGUAL A 1,5 M E MENOR QUE 2,5 M, COM CAMADA DE AREIA, LANÇAMENTO MECANIZADO. AF_08/2020","MOVT - MOVIMENTO DE TERRA",null,"m³",1,175.69,175.69]
["Composição Auxiliar"," 5678 ","SINAPI","RETROESCAVADEIRA SOBRE RODAS COM CARREGADEIRA, TRAÇÃO 4X4, POTÊNCIA LÍQ. 88 HP, CAÇAMBA CARREG. CAP. MÍN. 1 M3, CAÇAMBA RETRO CAP. 0,26 M3, PESO OPERACIONAL MÍN. 6.674 KG, PROFUNDIDADE ESCAVAÇÃO MÁX. 4,37 M - CHP DIURNO. AF_06/2014","CHOR - CUSTOS HORÁRIOS DE MÁQUINAS E EQUIPAMENTOS",null,"CHP",6.1699999999999998E-2,139.99,8.6300000000000008]
["Composição Auxiliar"," 5679 ","SINAPI","RETROESCAVADEIRA SOBRE RODAS COM CARREGADEIRA, TRAÇÃO 4X4, POTÊNCIA LÍQ. 88 HP, CAÇAMBA CARREG. CAP. MÍN. 1 M3, CAÇAMBA RETRO CAP. 0,26 M3, PESO OPERACIONAL MÍN. 6.674 KG, PROFUNDIDADE ESCAVAÇÃO MÁX. 4,37 M - CHI DIURNO. AF_06/2014","CHOR - CUSTOS HORÁRIOS DE MÁQUINAS E EQUIPAMENTOS",null,"CHI",0.30830000000000002,60.83,18.75]
["Composição Auxiliar"," 88309 ","SINAPI","PEDREIRO COM ENCARGOS COMPLEMENTARES","SEDI - SERVIÇOS DIVERSOS",null,"H",0.44400000000000001,26.15,11.61]
["Composição Auxiliar"," 88316 ","SINAPI","SERVENTE COM ENCARGOS COMPLEMENTARES","SEDI - SERVIÇOS DIVERSOS",null,"H",0.66600000000000004,20.420000000000002,13.59]
["Composição Auxiliar"," 91533 ","SINAPI","COMPACTADOR DE SOLOS DE PERCUSSÃO (SOQUETE) COM MOTOR A GASOLINA 4 TEMPOS, POTÊNCIA 4 CV - CHP DIURNO. AF_08/2015","CHOR - CUSTOS HORÁRIOS DE MÁQUINAS E EQUIPAMENTOS",null,"CHP",3.2500000000000001E-2,37.53,1.21]
["Composição Auxiliar"," 91534 ","SINAPI","COMPACTADOR DE SOLOS DE PERCUSSÃO (SOQUETE) COM MOTOR A GASOLINA 4 TEMPOS, POTÊNCIA 4 CV - CHI DIURNO. AF_08/2015","CHOR - CUSTOS HORÁRIOS DE MÁQUINAS E EQUIPAMENTOS",null,"CHI",3.0200000000000001E-2,29.9,0.9]
["Insumo"," 00000370 ","SINAPI","AREIA MEDIA - POSTO JAZIDA/FORNECEDOR (RETIRADO NA JAZIDA, SEM TRANSPORTE)","Material",null,"m³",1.1000000000000001,110,121]
[]
[]
[]
[null,"Código","Banco","Descrição","Tipo",null,"Und","Quant.","Valor Unit","Total"]
["Composição"," 101623 ","SINAPI","PREPARO DE FUNDO DE VALA COM LARGURA MENOR QUE 1,5 M, COM CAMADA DE BRITA, LANÇAMENTO MECANIZADO. AF_08/2020","MOVT - MOVIMENTO DE TERRA",null,"m³",1,265.83999999999997,265.83999999999997]
["Composição Auxiliar"," 5678 ","SINAPI","RETROESCAVADEIRA SOBRE RODAS COM CARREGADEIRA, TRAÇÃO 4X4, POTÊNCIA LÍQ. 88 HP, CAÇAMBA CARREG. CAP. MÍN. 1 M3, CAÇAMBA RETRO CAP. 0,26 M3, PESO OPERACIONAL MÍN. 6.674 KG, PROFUNDIDADE ESCAVAÇÃO MÁX. 4,37 M - CHP DIURNO. AF_06/2014","CHOR - CUSTOS HORÁRIOS DE MÁQUINAS E EQUIPAMENTOS",null,"CHP",0.128,139.99,17.91]
["Composição Auxiliar"," 5679 ","SINAPI","RETROESCAVADEIRA SOBRE RODAS COM CARREGADEIRA, TRAÇÃO 4X4, POTÊNCIA LÍQ. 88 HP, CAÇAMBA CARREG. CAP. MÍN. 1 M3, CAÇAMBA RETRO CAP. 0,26 M3, PESO OPERACIONAL MÍN. 6.674 KG, PROFUNDIDADE ESCAVAÇÃO MÁX. 4,37 M - CHI DIURNO. AF_06/2014","CHOR - CUSTOS HORÁRIOS DE MÁQUINAS E EQUIPAMENTOS",null,"CHI",0.63980000000000004,60.83,38.909999999999997]
["Composição Auxiliar"," 88309 ","SINAPI","PEDREIRO COM ENCARGOS COMPLEMENTARES","SEDI - SERVIÇOS DIVERSOS",null,"H",0.92130000000000001,26.15,24.09]
["Composição Auxiliar"," 88316 ","SINAPI","SERVENTE COM ENCARGOS COMPLEMENTARES","SEDI - SERVIÇOS DIVERSOS",null,"H",1.3818999999999999,20.420000000000002,28.21]
["Composição Auxiliar"," 91533 ","SINAPI","COMPACTADOR DE SOLOS DE PERCUSSÃO (SOQUETE) COM MOTOR A GASOLINA 4 TEMPOS, POTÊNCIA 4 CV - CHP DIURNO. AF_08/2015","CHOR - CUSTOS HORÁRIOS DE MÁQUINAS E EQUIPAMENTOS",null,"CHP",7.1800000000000003E-2,37.53,2.69]
["Composição Auxiliar"," 91534 ","SINAPI","COMPACTADOR DE SOLOS DE PERCUSSÃO (SOQUETE) COM MOTOR A GASOLINA 4 TEMPOS, POTÊNCIA 4 CV - CHI DIURNO. AF_08/2015","CHOR - CUSTOS HORÁRIOS DE MÁQUINAS E EQUIPAMENTOS",null,"CHI",6.6600000000000006E-2,29.9,1.99]
["Insumo"," 00004720 ","SINAPI","PEDRA BRITADA N. 0, OU PEDRISCO (4,8 A 9,5 MM) POSTO PEDREIRA/FORNECEDOR, SEM FRETE","Material",null,"m³",1.1000000000000001,138.22,152.04]
[]
[]
[]
[null,"Código","Banco","Descrição","Tipo",null,"Und","Quant.","Valor Unit","Total"]
["Composição"," 90443 ","SINAPI","RASGO EM ALVENARIA PARA RAMAIS/ DISTRIBUIÇÃO COM DIAMETROS MENORES OU IGUAIS A 40 MM. AF_05/2015","INHI - INSTALAÇÕES HIDROS SANITÁRIAS",null,"M",1,7.28,7.28]
["Composição Auxiliar"," 88248 ","SINAPI","AUXILIAR DE ENCANADOR OU BOMBEIRO HIDRÁULICO COM ENCARGOS COMPLEMENTARES","SEDI - SERVIÇOS DIVERSOS",null,"H",6.6000000000000003E-2,20.100000000000001,1.32]
["Composição Auxiliar"," 88267 ","SINAPI","ENCANADOR OU BOMBEIRO HIDRÁULICO COM ENCARGOS COMPLEMENTARES","SEDI - SERVIÇOS DIVERSOS",null,"H",0.23480000000000001,25.39,5.96]
[]
[]
[]
[null,"Código","Banco","Descrição","Tipo",null,"Und","Quant.","Valor Unit","Total"]
["Composição"," 5679 ","SINAPI","RETROESCAVADEIRA SOBRE RODAS COM CARREGADEIRA, TRAÇÃO 4X4, POTÊNCIA LÍQ. 88 HP, CAÇAMBA CARREG. CAP. MÍN. 1 M3, CAÇAMBA RETRO CAP. 0,26 M3, PESO OPERACIONAL MÍN. 6.674 KG, PROFUNDIDADE ESCAVAÇÃO MÁX. 4,37 M - CHI DIURNO. AF_06/2014","CHOR - CUSTOS HORÁRIOS DE MÁQUINAS E EQUIPAMENTOS",null,"CHI",1,60.83,60.83]
["Composição Auxiliar"," 88294 ","SINAPI","OPERADOR DE ESCAVADEIRA COM ENCARGOS COMPLEMENTARES","SEDI - SERVIÇOS DIVERSOS",null,"H",1,29.95,29.95]
["Composição Auxiliar"," 88857 ","SINAPI","RETROESCAVADEIRA SOBRE RODAS COM CARREGADEIRA, TRAÇÃO 4X4, POTÊNCIA LÍQ. 88 HP, CAÇAMBA CARREG. CAP. MÍN. 1 M3, CAÇAMBA RETRO CAP. 0,26 M3, PESO OPERACIONAL MÍN. 6.674 KG, PROFUNDIDADE ESCAVAÇÃO MÁX. 4,37 M - DEPRECIAÇÃO. AF_06/2014","CHOR - CUSTOS HORÁRIOS DE MÁQUINAS E EQUIPAMENTOS",null,"H",1,24.43,24.43]
["Composição Auxiliar"," 88858 ","SINAPI","RETROESCAVADEIRA SOBRE RODAS COM CARREGADEIRA, TRAÇÃO 4X4, POTÊNCIA LÍQ. 88 HP, CAÇAMBA CARREG. CAP. MÍN. 1 M3, CAÇAMBA RETRO CAP. 0,26 M3, PESO OPERACIONAL MÍN. 6.674 KG, PROFUNDIDADE ESCAVAÇÃO MÁX. 4,37 M - JUROS. AF_06/2014","CHOR - CUSTOS HORÁRIOS DE MÁQUINAS E EQUIPAMENTOS",null,"H",1,6.45,6.45]
[]
[]
[]
[null,"Código","Banco","Descrição","Tipo",null,"Und","Quant.","Valor Unit","Total"]
["Composição"," 5678 ","SINAPI","RETROESCAVADEIRA SOBRE RODAS COM CARREGADEIRA, TRAÇÃO 4X4, POTÊNCIA LÍQ. 88 HP, CAÇAMBA CARREG. CAP. MÍN. 1 M3, CAÇAMBA RETRO CAP. 0,26 M3, PESO OPERACIONAL MÍN. 6.674 KG, PROFUNDIDADE ESCAVAÇÃO MÁX. 4,37 M - CHP DIURNO. AF_06/2014","CHOR - CUSTOS HORÁRIOS DE MÁQUINAS E EQUIPAMENTOS",null,"CHP",1,139.99,139.99]
["Composição Auxiliar"," 53786 ","SINAPI","RETROESCAVADEIRA SOBRE RODAS COM CARREGADEIRA, TRAÇÃO 4X4, POTÊNCIA LÍQ. 88 HP, CAÇAMBA CARREG. CAP. MÍN. 1 M3, CAÇAMBA RETRO CAP. 0,26 M3, PESO OPERACIONAL MÍN. 6.674 KG, PROFUNDIDADE ESCAVAÇÃO MÁX. 4,37 M - MATERIAIS NA OPERAÇÃO. AF_06/2014","CHOR - CUSTOS HORÁRIOS DE MÁQUINAS E EQUIPAMENTOS",null,"H",1,48.62,48.62]
["Composição Auxiliar"," 5664 ","SINAPI","RETROESCAVADEIRA SOBRE RODAS COM CARREGADEIRA, TRAÇÃO 4X4, POTÊNCIA LÍQ. 88 HP, CAÇAMBA CARREG. CAP. MÍN. 1 M3, CAÇAMBA RETRO CAP. 0,26 M3, PESO OPERACIONAL MÍN. 6.674 KG, PROFUNDIDADE ESCAVAÇÃO MÁX. 4,37 M - MANUTENÇÃO. AF_06/2014","CHOR - CUSTOS HORÁRIOS DE MÁQUINAS E EQUIPAMENTOS",null,"H",1,30.54,30.54]
["Composição Auxiliar"," 88294 ","SINAPI","OPERADOR DE ESCAVADEIRA COM ENCARGOS COMPLEMENTARES","SEDI - SERVIÇOS DIVERSOS",null,"H",1,29.95,29.95]
["Composição Auxiliar"," 88857 ","SINAPI","RETROESCAVADEIRA SOBRE RODAS COM CARREGADEIRA, TRAÇÃO 4X4, POTÊNCIA LÍQ. 88 HP, CAÇAMBA CARREG. CAP. MÍN. 1 M3, CAÇAMBA RETRO CAP. 0,26 M3, PESO OPERACIONAL MÍN. 6.674 KG, PROFUNDIDADE ESCAVAÇÃO MÁX. 4,37 M - DEPRECIAÇÃO. AF_06/2014","CHOR - CUSTOS HORÁRIOS DE MÁQUINAS E EQUIPAMENTOS",null,"H",1,24.43,24.43]
["Composição Auxiliar"," 88858 ","SINAPI","RETROESCAVADEIRA SOBRE RODAS COM CARREGADEIRA, TRAÇÃO 4X4, POTÊNCIA LÍQ. 88 HP, CAÇAMBA CARREG. CAP. MÍN. 1 M3, CAÇAMBA RETRO CAP. 0,26 M3, PESO OPERACIONAL MÍN. 6.674 KG, PROFUNDIDADE ESCAVAÇÃO MÁX. 4,37 M - JUROS. AF_06/2014","CHOR - CUSTOS HORÁRIOS DE MÁQUINAS E EQUIPAMENTOS",null,"H",1,6.45,6.45]
[]
[]
[]
[null,"Código","Banco","Descrição","Tipo",null,"Und","Quant.","Valor Unit","Total"]
["Composição"," 88857 ","SINAPI","RETROESCAVADEIRA SOBRE RODAS COM CARREGADEIRA, TRAÇÃO 4X4, POTÊNCIA LÍQ. 88 HP, CAÇAMBA CARREG. CAP. MÍN. 1 M3, CAÇAMBA RETRO CAP. 0,26 M3, PESO OPERACIONAL MÍN. 6.674 KG, PROFUNDIDADE ESCAVAÇÃO MÁX. 4,37 M - DEPRECIAÇÃO. AF_06/2014","CHOR - CUSTOS HORÁRIOS DE MÁQUINAS E EQUIPAMENTOS",null,"H",1,24.43,24.43]
["Insumo"," 00036531 ","SINAPI","RETROESCAVADEIRA SOBRE RODAS COM CARREGADEIRA, TRACAO 4 X 4, POTENCIA LIQUIDA 88 HP, PESO OPERACIONAL MINIMO DE 6674 KG, CAPACIDADE DA CARREGADEIRA DE 1,00 M3 E DA  RETROESCAVADEIRA MINIMA DE 0,26 M3, PROFUNDIDADE DE ESCAVACAO MAXIMA DE 4,37 M","Equipamento",null,"UN",5.5999999999999999E-5,436402.41,24.43]
[]
[]
[]
[null,"Código","Banco","Descrição","Tipo",null,"Und","Quant.","Valor Unit","Total"]
["Composição"," 88858 ","SINAPI","RETROESCAVADEIRA SOBRE RODAS COM CARREGADEIRA, TRAÇÃO 4X4, POTÊNCIA LÍQ. 88 HP, CAÇAMBA CARREG. CAP. MÍN. 1 M3, CAÇAMBA RETRO CAP. 0,26 M3, PESO OPERACIONAL MÍN. 6.674 KG, PROFUNDIDADE ESCAVAÇÃO MÁX. 4,37 M - JUROS. AF_06/2014","CHOR - CUSTOS HORÁRIOS DE MÁQUINAS E EQUIPAMENTOS",null,"H",1,6.45,6.45]
["Insumo"," 00036531 ","SINAPI","RETROESCAVADEIRA SOBRE RODAS COM CARREGADEIRA, TRACAO 4 X 4, POTENCIA LIQUIDA 88 HP, PESO OPERACIONAL MINIMO DE 6674 KG, CAPACIDADE DA CARREGADEIRA DE 1,00 M3 E DA  RETROESCAVADEIRA MINIMA DE 0,26 M3, PROFUNDIDADE DE ESCAVACAO MAXIMA DE 4,37 M","Equipamento",null,"UN",1.4800000000000001E-5,436402.41,6.45]
[]
[]
[]
[null,"Código","Banco","Descrição","Tipo",null,"Und","Quant.","Valor Unit","Total"]
["Composição"," 5664 ","SINAPI","RETROESCAVADEIRA SOBRE RODAS COM CARREGADEIRA, TRAÇÃO 4X4, POTÊNCIA LÍQ. 88 HP, CAÇAMBA CARREG. CAP. MÍN. 1 M3, CAÇAMBA RETRO CAP. 0,26 M3, PESO OPERACIONAL MÍN. 6.674 KG, PROFUNDIDADE ESCAVAÇÃO MÁX. 4,37 M - MANUTENÇÃO. AF_06/2014","CHOR - CUSTOS HORÁRIOS DE MÁQUINAS E EQUIPAMENTOS",null,"H",1,30.54,30.54]
["Insumo"," 00036531 ","SINAPI","RETROESCAVADEIRA SOBRE RODAS COM CARREGADEIRA, TRACAO 4 X 4, POTENCIA LIQUIDA 88 HP, PESO OPERACIONAL MINIMO DE 6674 KG, CAPACIDADE DA CARREGADEIRA DE 1,00 M3 E DA  RETROESCAVADEIRA MINIMA DE 0,26 M3, PROFUNDIDADE DE ESCAVACAO MAXIMA DE 4,37 M","Equipamento",null,"UN",6.9999999999999994E-5,436402.41,30.54]
[]
[]
[]
[null,"Código","Banco","Descrição","Tipo",null,"Und","Quant.","Valor Unit","Total"]
["Composição"," 53786 ","SINAPI","RETROESCAVADEIRA SOBRE RODAS COM CARREGADEIRA, TRAÇÃO 4X4, POTÊNCIA LÍQ. 88 HP, CAÇAMBA CARREG. CAP. MÍN. 1 M3, CAÇAMBA RETRO CAP. 0,26 M3, PESO OPERACIONAL MÍN. 6.674 KG, PROFUNDIDADE ESCAVAÇÃO MÁX. 4,37 M - MATERIAIS NA OPERAÇÃO. AF_06/2014","CHOR - CUSTOS HORÁRIOS DE MÁQUINAS E EQUIPAMENTOS",null,"H",1,48.62,48.62]
["Insumo"," 00004221 ","SINAPI","OLEO DIESEL COMBUSTIVEL COMUM","Material",null,"L",8.5299999999999994,5.7,48.62]
[]
[]
[]
[null,"Código","Banco","Descrição","Tipo",null,"Und","Quant.","Valor Unit","Total"]
["Composição"," 91693 ","SINAPI","SERRA CIRCULAR DE BANCADA COM MOTOR ELÉTRICO POTÊNCIA DE 5HP, COM COIFA PARA DISCO 10\" - CHI DIURNO. AF_08/2015","CHOR - CUSTOS HORÁRIOS DE MÁQUINAS E EQUIPAMENTOS",null,"CHI",1,28.99,28.99]
["Composição Auxiliar"," 88297 ","SINAPI","OPERADOR DE MÁQUINAS E EQUIPAMENTOS COM ENCARGOS COMPLEMENTARES","SEDI - SERVIÇOS DIVERSOS",null,"H",1,28.86,28.86]
["Composição Auxiliar"," 91688 ","SINAPI","SERRA CIRCULAR DE BANCADA COM MOTOR ELÉTRICO POTÊNCIA DE 5HP, COM COIFA PARA DISCO 10\" - DEPRECIAÇÃO. AF_08/2015","CHOR - CUSTOS HORÁRIOS DE MÁQUINAS E EQUIPAMENTOS",null,"H",1,0.11,0.11]
["Composição Auxiliar"," 91689 ","SINAPI","SERRA CIRCULAR DE BANCADA COM MOTOR ELÉTRICO POTÊNCIA DE 5HP, COM COIFA PARA DISCO 10\" - JUROS. AF_08/2015","CHOR - CUSTOS HORÁRIOS DE MÁQUINAS E EQUIPAMENTOS",null,"H",1,0.02,0.02]
[]
[]
[]
[null,"Código","Banco","Descrição","Tipo",null,"Und","Quant.","Valor Unit","Total"]
["Composição"," 91692 ","SINAPI","SERRA CIRCULAR DE BANCADA COM MOTOR ELÉTRICO POTÊNCIA DE 5HP, COM COIFA PARA DISCO 10\" - CHP DIURNO. AF_08/2015","CHOR - CUSTOS HORÁRIOS DE MÁQUINAS E EQUIPAMENTOS",null,"CHP",1,30.2,30.2]
["Composição Auxiliar"," 88297 ","SINAPI","OPERADOR DE MÁQUINAS E EQUIPAMENTOS COM ENCARGOS COMPLEMENTARES","SEDI - SERVIÇOS DIVERSOS",null,"H",1,28.86,28.86]
["Composição Auxiliar"," 91688 ","SINAPI","SERRA CIRCULAR DE BANCADA COM MOTOR ELÉTRICO POTÊNCIA DE 5HP, COM COIFA PARA DISCO 10\" - DEPRECIAÇÃO. AF_08/2015","CHOR - CUSTOS HORÁRIOS DE MÁQUINAS E EQUIPAMENTOS",null,"H",1,0.11,0.11]
["Composição Auxiliar"," 91689 ","SINAPI","SERRA CIRCULAR DE BANCADA COM MOTOR ELÉTRICO POTÊNCIA DE 5HP, COM COIFA PARA DISCO 10\" - JUROS. AF_08/2015","CHOR - CUSTOS HORÁRIOS DE MÁQUINAS E EQUIPAMENTOS",null,"H",1,0.02,0.02]
["Composição Auxiliar"," 91690 ","SINAPI","SERRA CIRCULAR DE BANCADA COM MOTOR ELÉTRICO POTÊNCIA DE 5HP, COM COIFA PARA DISCO 10\" - MANUTENÇÃO. AF_08/2015","CHOR - CUSTOS HORÁRIOS DE MÁQUINAS E EQUIPAMENTOS",null,"H",1,7.0000000000000007E-2,7.0000000000000007E-2]
["Composição Auxiliar"," 91691 ","SINAPI","SERRA CIRCULAR DE BANCADA COM MOTOR ELÉTRICO POTÊNCIA DE 5HP, COM COIFA PARA DISCO 10\" - MATERIAIS NA OPERAÇÃO. AF_08/2015","CHOR - CUSTOS HORÁRIOS DE MÁQUINAS E EQUIPAMENTOS",null,"H",1,1.1399999999999999,1.1399999999999999]
[]
[]
[]
[null,"Código","Banco","Descrição","Tipo",null,"Und","Quant.","Valor Unit","Total"]
["Composição"," 91688 ","SINAPI","SERRA CIRCULAR DE BANCADA COM MOTOR ELÉTRICO POTÊNCIA DE 5HP, COM COIFA PARA DISCO 10\" - DEPRECIAÇÃO. AF_08/2015","CHOR - CUSTOS HORÁRIOS DE MÁQUINAS E EQUIPAMENTOS",null,"H",1,0.11,0.11]
["Insumo"," 00014618 ","SINAPI","SERRA CIRCULAR DE BANCADA COM MOTOR ELETRICO, POTENCIA DE *1600* W, PARA DISCO DE DIAMETRO DE 10\" (250 MM)","Material",null,"UN",7.2000000000000002E-5,1537.83,0.11]
[]
[]
[]
[null,"Código","Banco","Descrição","Tipo",null,"Und","Quant.","Valor Unit","Total"]
["Composição"," 91689 ","SINAPI","SERRA CIRCULAR DE BANCADA COM MOTOR ELÉTRICO POTÊNCIA DE 5HP, COM COIFA PARA DISCO 10\" - JUROS. AF_08/2015","CHOR - CUSTOS HORÁRIOS DE MÁQUINAS E EQUIPAMENTOS",null,"H",1,0.02,0.02]
["Insumo"," 00014618 ","SINAPI","SERRA CIRCULAR DE BANCADA COM MOTOR ELETRICO, POTENCIA DE *1600* W, PARA DISCO DE DIAMETRO DE 10\" (250 MM)","Material",null,"UN",1.4800000000000001E-5,1537.83,0.02]
[]
[]
[]
[null,"Código","Banco","Descrição","Tipo",null,"Und","Quant.","Valor Unit","Total"]
["Composição"," 91690 ","SINAPI","SERRA CIRCULAR DE BANCADA COM MOTOR ELÉTRICO POTÊNCIA DE 5HP, COM COIFA PARA DISCO 10\" - MANUTENÇÃO. AF_08/2015","CHOR - CUSTOS HORÁRIOS DE MÁQUINAS E EQUIPAMENTOS",null,"H",1,7.0000000000000007E-2,7.0000000000000007E-2]
["Insumo"," 00014618 ","SINAPI","SERRA CIRCULAR DE BANCADA COM MOTOR ELETRICO, POTENCIA DE *1600* W, PARA DISCO DE DIAMETRO DE 10\" (250 MM)","Material",null,"UN",5.0000000000000002E-5,1537.83,7.0000000000000007E-2]
[]
[]
[]
[null,"Código","Banco","Descrição","Tipo",null,"Und","Quant.","Valor Unit","Total"]
["Composição"," 91691 ","SINAPI","SERRA CIRCULAR DE BANCADA COM MOTOR ELÉTRICO POTÊNCIA DE 5HP, COM COIFA PARA DISCO 10\" - MATERIAIS NA OPERAÇÃO. AF_08/2015","CHOR - CUSTOS HORÁRIOS DE MÁQUINAS E EQUIPAMENTOS",null,"H",1,1.1399999999999999,1.1399999999999999]
["Insumo"," 00002705 ","SINAPI","ENERGIA ELETRICA ATE 2000 KWH INDUSTRIAL, SEM DEMANDA","Material",null,"KW/H",1.36,0.84,1.1399999999999999]
[]
[]
[]
[null,"Código","Banco","Descrição","Tipo",null,"Und","Quant.","Valor Unit","Total"]
["Composição"," 88315 ","SINAPI","SERRALHEIRO COM ENCARGOS COMPLEMENTARES","SEDI - SERVIÇOS DIVERSOS",null,"H",1,25.94,25.94]
["Composição Auxiliar"," 95377 ","SINAPI","CURSO DE CAPACITAÇÃO PARA SERRALHEIRO (ENCARGOS COMPLEMENTARES) - HORISTA","SEDI - SERVIÇOS DIVERSOS",null,"H",1,0.25,0.25]
["Insumo"," 00006110 ","SINAPI","SERRALHEIRO","Mão de Obra",null,"H",1,19.12,19.12]
["Insumo"," 00037370 ","SINAPI","ALIMENTACAO - HORISTA (COLETADO CAIXA)","Outros",null,"H",1,2.39,2.39]
["Insumo"," 00037371 ","SINAPI","TRANSPORTE - HORISTA (COLETADO CAIXA)","Serviços",null,"H",1,0.74,0.74]
["Insumo"," 00037372 ","SINAPI","EXAMES - HORISTA (COLETADO CAIXA)","Outros",null,"H",1,1.34,1.34]
["Insumo"," 00037373 ","SINAPI","SEGURO - HORISTA (COLETADO CAIXA)","Taxas",null,"H",1,0.04,0.04]
["Insumo"," 00043465 ","SINAPI","FERRAMENTAS - FAMILIA PEDREIRO - HORISTA (ENCARGOS COMPLEMENTARES - COLETADO CAIXA)","Equipamento",null,"H",1,0.82,0.82]
["Insumo"," 00043489 ","SINAPI","EPI - FAMILIA PEDREIRO - HORISTA (ENCARGOS COMPLEMENTARES - COLETADO CAIXA)","Equipamento",null,"H",1,1.24,1.24]
[]
[]
[]
[null,"Código","Banco","Descrição","Tipo",null,"Und","Quant.","Valor Unit","Total"]
["Composição"," 88316 ","SINAPI","SERVENTE COM ENCARGOS COMPLEMENTARES","SEDI - SERVIÇOS DIVERSOS",null,"H",1,20.420000000000002,20.420000000000002]
["Composição Auxiliar"," 95378 ","SINAPI","CURSO DE CAPACITAÇÃO PARA SERVENTE (ENCARGOS COMPLEMENTARES) - HORISTA","SEDI - SERVIÇOS DIVERSOS",null,"H",1,0.33,0.33]
["Insumo"," 00006111 ","SINAPI","SERVENTE DE OBRAS","Mão de Obra",null,"H",1,13.64,13.64]
["Insumo"," 00037370 ","SINAPI","ALIMENTACAO - HORISTA (COLETADO CAIXA)","Outros",null,"H",1,2.39,2.39]
["Insumo"," 00037371 ","SINAPI","TRANSPORTE - HORISTA (COLETADO CAIXA)","Serviços",null,"H",1,0.74,0.74]
["Insumo"," 00037372 ","SINAPI","EXAMES - HORISTA (COLETADO CAIXA)","Outros",null,"H",1,1.34,1.34]
["Insumo"," 00037373 ","SINAPI","SEGURO - HORISTA (COLETADO CAIXA)","Taxas",null,"H",1,0.04,0.04]
["Insumo"," 00043467 ","SINAPI","FERRAMENTAS - FAMILIA SERVENTE - HORISTA (ENCARGOS COMPLEMENTARES - COLETADO CAIXA)","Equipamento",null,"H",1,0.61,0.61]
["Insumo"," 00043491 ","SINAPI","EPI - FAMILIA SERVENTE - HORISTA (ENCARGOS COMPLEMENTARES - COLETADO CAIXA)","Equipamento",null,"H",1,1.33,1.33]
[]
[]
[]
[null,"Código","Banco","Descrição","Tipo",null,"Und","Quant.","Valor Unit","Total"]
["Composição"," 98746 ","SINAPI","SOLDA DE TOPO EM CHAPA/PERFIL/TUBO DE AÇO CHANFRADO, ESPESSURA=1/4''. AF_06/2018","FUES - FUNDAÇÕES E ESTRUTURAS",null,"M",1,74.02,74.02]
["Composição Auxiliar"," 88317 ","SINAPI","SOLDADOR COM ENCARGOS COMPLEMENTARES","SEDI - SERVIÇOS DIVERSOS",null,"H",1.56,26.9,41.96]
["Insumo"," 00010998 ","SINAPI","ELETRODO REVESTIDO AWS - E-6010, DIAMETRO IGUAL A 4,00 MM","Material",null,"KG",0.59,54.34,32.06]
[]
[]
[]
[null,"Código","Banco","Descrição","Tipo",null,"Und","Quant.","Valor Unit","Total"]
["Composição"," 88317 ","SINAPI","SOLDADOR COM ENCARGOS COMPLEMENTARES","SEDI - SERVIÇOS DIVERSOS",null,"H",1,26.9,26.9]
["Composição Auxiliar"," 95379 ","SINAPI","CURSO DE CAPACITAÇÃO PARA SOLDADOR (ENCARGOS COMPLEMENTARES) - HORISTA","SEDI - SERVIÇOS DIVERSOS",null,"H",1,0.25,0.25]
["Insumo"," 00006160 ","SINAPI","SOLDADOR","Mão de Obra",null,"H",1,19.12,19.12]
["Insumo"," 00037370 ","SINAPI","ALIMENTACAO - HORISTA (COLETADO CAIXA)","Outros",null,"H",1,2.39,2.39]
["Insumo"," 00037371 ","SINAPI","TRANSPORTE - HORISTA (COLETADO CAIXA)","Serviços",null,"H",1,0.74,0.74]
["Insumo"," 00037372 ","SINAPI","EXAMES - HORISTA (COLETADO CAIXA)","Outros",null,"H",1,1.34,1.34]
["Insumo"," 00037373 ","SINAPI","SEGURO - HORISTA (COLETADO CAIXA)","Taxas",null,"H",1,0.04,0.04]
["Insumo"," 00043468 ","SINAPI","FERRAMENTAS - FAMILIA SOLDADOR - HORISTA (ENCARGOS COMPLEMENTARES - COLETADO CAIXA)","Equipamento",null,"H",1,1.23,1.23]
["Insumo"," 00043492 ","SINAPI","EPI - FAMILIA SOLDADOR - HORISTA (ENCARGOS COMPLEMENTARES - COLETADO CAIXA)","Equipamento",null,"H",1,1.79,1.79]
[]
[]
[]
[null,"Código","Banco","Descrição","Tipo",null,"Und","Quant.","Valor Unit","Total"]
["Composição"," 91946 ","SINAPI","SUPORTE PARAFUSADO COM PLACA DE ENCAIXE 4\" X 2\" MÉDIO (1,30 M DO PISO) PARA PONTO ELÉTRICO - FORNECIMENTO E INSTALAÇÃO. AF_03/2023","INEL - INSTALAÇÃO ELÉTRICA/ELETRIFICAÇÃO E ILUMINAÇÃO EXTERNA",null,"UN",1,9.68,9.68]
["Composição Auxiliar"," 88247 ","SINAPI","AUXILIAR DE ELETRICISTA COM ENCARGOS COMPLEMENTARES","SEDI - SERVIÇOS DIVERSOS",null,"H",0.128,21.09,2.69]
["Composição Auxiliar"," 88264 ","SINAPI","ELETRICISTA COM ENCARGOS COMPLEMENTARES","SEDI - SERVIÇOS DIVERSOS",null,"H",0.128,26.5,3.39]
["Insumo"," 00038094 ","SINAPI","ESPELHO / PLACA DE 3 POSTOS 4\" X 2\", PARA INSTALACAO DE TOMADAS E INTERRUPTORES","Material",null,"UN",1,2.37,2.37]
["Insumo"," 00038099 ","SINAPI","SUPORTE DE FIXACAO PARA ESPELHO / PLACA 4\" X 2\", PARA 3 MODULOS, PARA INSTALACAO DE TOMADAS E INTERRUPTORES (SOMENTE SUPORTE)","Material",null,"UN",1,1.23,1.23]
[]
[]
[]
[null,"Código","Banco","Descrição","Tipo",null,"Und","Quant.","Valor Unit","Total"]
["Composição"," 89395 ","SINAPI","TE, PVC, SOLDÁVEL, DN 25MM, INSTALADO EM RAMAL OU SUB-RAMAL DE ÁGUA - FORNECIMENTO E INSTALAÇÃO. AF_12/2014","INHI - INSTALAÇÕES HIDROS SANITÁRIAS",null,"UN",1,11.78,11.78]
["Composição Auxiliar"," 88248 ","SINAPI","AUXILIAR DE ENCANADOR OU BOMBEIRO HIDRÁULICO COM ENCARGOS COMPLEMENTARES","SEDI - SERVIÇOS DIVERSOS",null,"H",0.2026,20.100000000000001,4.07]
["Composição Auxiliar"," 88267 ","SINAPI","ENCANADOR OU BOMBEIRO HIDRÁULICO COM ENCARGOS COMPLEMENTARES","SEDI - SERVIÇOS DIVERSOS",null,"H",0.2026,25.39,5.14]
["Insumo"," 00000122 ","SINAPI","ADESIVO PLASTICO PARA PVC, FRASCO COM *850* GR","Material",null,"UN",1.06E-2,60.78,0.64]
["Insumo"," 00007139 ","SINAPI","TE SOLDAVEL, PVC, 90 GRAUS, 25 MM, PARA AGUA FRIA PREDIAL (NBR 5648)","Material",null,"UN",1,0.99,0.99]
["Insumo"," 00020083 ","SINAPI","SOLUCAO PREPARADORA / LIMPADORA PARA PVC, FRASCO COM 1000 CM3","Material",null,"UN",1.2E-2,68.86,0.82]
["Insumo"," 00038383 ","SINAPI","LIXA D'AGUA EM FOLHA, GRAO 100","Material",null,"UN",5.0700000000000002E-2,2.52,0.12]
[]
[]
[]
[null,"Código","Banco","Descrição","Tipo",null,"Und","Quant.","Valor Unit","Total"]
["Composição"," 88323 ","SINAPI","TELHADISTA COM ENCARGOS COMPLEMENTARES","SEDI - SERVIÇOS DIVERSOS",null,"H",1,25.57,25.57]
["Composição Auxiliar"," 95385 ","SINAPI","CURSO DE CAPACITAÇÃO PARA TELHADISTA (ENCARGOS COMPLEMENTARES) - HORISTA","SEDI - SERVIÇOS DIVERSOS",null,"H",1,0.25,0.25]
["Insumo"," 00012869 ","SINAPI","TELHADOR","Mão de Obra",null,"H",1,18.89,18.89]
["Insumo"," 00037370 ","SINAPI","ALIMENTACAO - HORISTA (COLETADO CAIXA)","Outros",null,"H",1,2.39,2.39]
["Insumo"," 00037371 ","SINAPI","TRANSPORTE - HORISTA (COLETADO CAIXA)","Serviços",null,"H",1,0.74,0.74]
["Insumo"," 00037372 ","SINAPI","EXAMES - HORISTA (COLETADO CAIXA)","Outros",null,"H",1,1.34,1.34]
["Insumo"," 00037373 ","SINAPI","SEGURO - HORISTA (COLETADO CAIXA)","Taxas",null,"H",1,0.04,0.04]
["Insumo"," 00043459 ","SINAPI","FERRAMENTAS - FAMILIA CARPINTEIRO DE FORMAS - HORISTA (ENCARGOS COMPLEMENTARES - COLETADO CAIXA)","Equipamento",null,"H",1,0.49,0.49]
["Insumo"," 00043483 ","SINAPI","EPI - FAMILIA CARPINTEIRO DE FORMAS - HORISTA (ENCARGOS COMPLEMENTARES - COLETADO CAIXA)","Equipamento",null,"H",1,1.43,1.43]
[]
[]
[]
[null,"Código","Banco","Descrição","Tipo",null,"Und","Quant.","Valor Unit","Total"]
["Composição"," 91999 ","SINAPI","TOMADA BAIXA DE EMBUTIR (1 MÓDULO), 2P+T 20 A, SEM SUPORTE E SEM PLACA - FORNECIMENTO E INSTALAÇÃO. AF_03/2023","INEL - INSTALAÇÃO ELÉTRICA/ELETRIFICAÇÃO E ILUMINAÇÃO EXTERNA",null,"UN",1,19.670000000000002,19.670000000000002]
["Composição Auxiliar"," 88247 ","SINAPI","AUXILIAR DE ELETRICISTA COM ENCARGOS COMPLEMENTARES","SEDI - SERVIÇOS DIVERSOS",null,"H",0.24199999999999999,21.09,5.0999999999999996]
["Composição Auxiliar"," 88264 ","SINAPI","ELETRICISTA COM ENCARGOS COMPLEMENTARES","SEDI - SERVIÇOS DIVERSOS",null,"H",0.24199999999999999,26.5,6.41]
["Insumo"," 00038102 ","SINAPI","TOMADA 2P+T 20A, 250V (APENAS MODULO)","Material",null,"UN",1,8.16,8.16]
[]
[]
[]
[null,"Código","Banco","Descrição","Tipo",null,"Und","Quant.","Valor Unit","Total"]
["Composição"," 89356 ","SINAPI","TUBO, PVC, SOLDÁVEL, DN 25MM, INSTALADO EM RAMAL OU SUB-RAMAL DE ÁGUA - FORNECIMENTO E INSTALAÇÃO. AF_12/2014","INHI - INSTALAÇÕES HIDROS SANITÁRIAS",null,"M",1,21.06,21.06]
["Composição Auxiliar"," 88248 ","SINAPI","AUXILIAR DE ENCANADOR OU BOMBEIRO HIDRÁULICO COM ENCARGOS COMPLEMENTARES","SEDI - SERVIÇOS DIVERSOS",null,"H",0.38,20.100000000000001,7.63]
["Composição Auxiliar"," 88267 ","SINAPI","ENCANADOR OU BOMBEIRO HIDRÁULICO COM ENCARGOS COMPLEMENTARES","SEDI - SERVIÇOS DIVERSOS",null,"H",0.38,25.39,9.64]
["Insumo"," 00009868 ","SINAPI","TUBO PVC, SOLDAVEL, DN 25 MM, AGUA FRIA (NBR-5648)","Material",null,"M",1.0492999999999999,3.41,3.57]
["Insumo"," 00038383 ","SINAPI","LIXA D'AGUA EM FOLHA, GRAO 100","Material",null,"UN",8.8599999999999998E-2,2.52,0.22]
[]
[]
[]
[null,"Código","Banco","Descrição","Tipo",null,"Und","Quant.","Valor Unit","Total"]
["Composição"," 95471 ","SINAPI","VASO SANITARIO SIFONADO CONVENCIONAL PARA PCD SEM FURO FRONTAL COM  LOUÇA BRANCA SEM ASSENTO -  FORNECIMENTO E INSTALAÇÃO. AF_01/2020","INHI - INSTALAÇÕES HIDROS SANITÁRIAS",null,"UN",1,748.29,748.29]
["Composição Auxiliar"," 88267 ","SINAPI","ENCANADOR OU BOMBEIRO HIDRÁULICO COM ENCARGOS COMPLEMENTARES","SEDI - SERVIÇOS DIVERSOS",null,"H",1.1539999999999999,25.39,29.3]
["Composição Auxiliar"," 88316 ","SINAPI","SERVENTE COM ENCARGOS COMPLEMENTARES","SEDI - SERVIÇOS DIVERSOS",null,"H",0.55649999999999999,20.420000000000002,11.36]
["Insumo"," 00004384 ","SINAPI","PARAFUSO NIQUELADO COM ACABAMENTO CROMADO PARA FIXAR PECA SANITARIA, INCLUI PORCA CEGA, ARRUELA E BUCHA DE NYLON TAMANHO S-10","Material",null,"UN",2,23.79,47.58]
["Insumo"," 00006138 ","SINAPI","ANEL DE VEDACAO, PVC FLEXIVEL, 100 MM, PARA SAIDA DE BACIA / VASO SANITARIO","Material",null,"UN",1,8.4600000000000009,8.4600000000000009]
["Insumo"," 00036520 ","SINAPI","BACIA SANITARIA (VASO) CONVENCIONAL PARA PCD, SEM FURO FRONTAL, DE LOUCA BRANCA (SEM ASSENTO)","Material",null,"UN",1,641.79,641.79]
["Insumo"," 00037329 ","SINAPI","REJUNTE EPOXI, QUALQUER COR","Material",null,"KG",8.8099999999999998E-2,111.3,9.8000000000000007]
[]
[]
[]
[null,"Código","Banco","Descrição","Tipo",null,"Und","Quant.","Valor Unit","Total"]
["Composição"," 86888 ","SINAPI","VASO SANITÁRIO SIFONADO COM CAIXA ACOPLADA LOUÇA BRANCA - FORNECIMENTO E INSTALAÇÃO. AF_01/2020","INHI - INSTALAÇÕES HIDROS SANITÁRIAS",null,"UN",1,475.89,475.89]
["Composição Auxiliar"," 88267 ","SINAPI","ENCANADOR OU BOMBEIRO HIDRÁULICO COM ENCARGOS COMPLEMENTARES","SEDI - SERVIÇOS DIVERSOS",null,"H",0.77910000000000001,25.39,19.78]
["Composição Auxiliar"," 88316 ","SINAPI","SERVENTE COM ENCARGOS COMPLEMENTARES","SEDI - SERVIÇOS DIVERSOS",null,"H",0.43840000000000001,20.420000000000002,8.9499999999999993]
["Insumo"," 00004384 ","SINAPI","PARAFUSO NIQUELADO COM ACABAMENTO CROMADO PARA FIXAR PECA SANITARIA, INCLUI PORCA CEGA, ARRUELA E BUCHA DE NYLON TAMANHO S-10","Material",null,"UN",2,23.79,47.58]
["Insumo"," 00006138 ","SINAPI","ANEL DE VEDACAO, PVC FLEXIVEL, 100 MM, PARA SAIDA DE BACIA / VASO SANITARIO","Material",null,"UN",1,8.4600000000000009,8.4600000000000009]
["Insumo"," 00010422 ","SINAPI","BACIA SANITARIA (VASO) COM CAIXA ACOPLADA, SIFAO APARENTE, DE LOUCA BRANCA (SEM ASSENTO)","Material",null,"UN",1,381.32,381.32]
["Insumo"," 00037329 ","SINAPI","REJUNTE EPOXI, QUALQUER COR","Material",null,"KG",8.8099999999999998E-2,111.3,9.8000000000000007]
[]
[]
[]
[null,"Código","Banco","Descrição","Tipo",null,"Und","Quant.","Valor Unit","Total"]
["Composição"," 90587 ","SINAPI","VIBRADOR DE IMERSÃO, DIÂMETRO DE PONTEIRA 45MM, MOTOR ELÉTRICO TRIFÁSICO POTÊNCIA DE 2 CV - CHI DIURNO. AF_06/2015","CHOR - CUSTOS HORÁRIOS DE MÁQUINAS E EQUIPAMENTOS",null,"CHI",1,0.49,0.49]
["Composição Auxiliar"," 90582 ","SINAPI","VIBRADOR DE IMERSÃO, DIÂMETRO DE PONTEIRA 45MM, MOTOR ELÉTRICO TRIFÁSICO POTÊNCIA DE 2 CV - DEPRECIAÇÃO. AF_06/2015","CHOR - CUSTOS HORÁRIOS DE MÁQUINAS E EQUIPAMENTOS",null,"H",1,0.4,0.4]
["Composição Auxiliar"," 90583 ","SINAPI","VIBRADOR DE IMERSÃO, DIÂMETRO DE PONTEIRA 45MM, MOTOR ELÉTRICO TRIFÁSICO POTÊNCIA DE 2 CV - JUROS. AF_06/2015","CHOR - CUSTOS HORÁRIOS DE MÁQUINAS E EQUIPAMENTOS",null,"H",1,0.09,0.09]
[]
[]
[]
[null,"Código","Banco","Descrição","Tipo",null,"Und","Quant.","Valor Unit","Total"]
["Composição"," 90586 ","SINAPI","VIBRADOR DE IMERSÃO, DIÂMETRO DE PONTEIRA 45MM, MOTOR ELÉTRICO TRIFÁSICO POTÊNCIA DE 2 CV - CHP DIURNO. AF_06/2015","CHOR - CUSTOS HORÁRIOS DE MÁQUINAS E EQUIPAMENTOS",null,"CHP",1,1.23,1.23]
["Composição Auxiliar"," 90582 ","SINAPI","VIBRADOR DE IMERSÃO, DIÂMETRO DE PONTEIRA 45MM, MOTOR ELÉTRICO TRIFÁSICO POTÊNCIA DE 2 CV - DEPRECIAÇÃO. AF_06/2015","CHOR - CUSTOS HORÁRIOS DE MÁQUINAS E EQUIPAMENTOS",null,"H",1,0.4,0.4]
["Composição Auxiliar"," 90583 ","SINAPI","VIBRADOR DE IMERSÃO, DIÂMETRO DE PONTEIRA 45MM, MOTOR ELÉTRICO TRIFÁSICO POTÊNCIA DE 2 CV - JUROS. AF_06/2015","CHOR - CUSTOS HORÁRIOS DE MÁQUINAS E EQUIPAMENTOS",null,"H",1,0.09,0.09]
["Composição Auxiliar"," 90584 ","SINAPI","VIBRADOR DE IMERSÃO, DIÂMETRO DE PONTEIRA 45MM, MOTOR ELÉTRICO TRIFÁSICO POTÊNCIA DE 2 CV - MANUTENÇÃO. AF_06/2015","CHOR - CUSTOS HORÁRIOS DE MÁQUINAS E EQUIPAMENTOS",null,"H",1,0.31,0.31]
["Composição Auxiliar"," 90585 ","SINAPI","VIBRADOR DE IMERSÃO, DIÂMETRO DE PONTEIRA 45MM, MOTOR ELÉTRICO TRIFÁSICO POTÊNCIA DE 2 CV - MATERIAIS NA OPERAÇÃO. AF_06/2015","CHOR - CUSTOS HORÁRIOS DE MÁQUINAS E EQUIPAMENTOS",null,"H",1,0.43,0.43]
[]
[]
[]
[null,"Código","Banco","Descrição","Tipo",null,"Und","Quant.","Valor Unit","Total"]
["Composição"," 90582 ","SINAPI","VIBRADOR DE IMERSÃO, DIÂMETRO DE PONTEIRA 45MM, MOTOR ELÉTRICO TRIFÁSICO POTÊNCIA DE 2 CV - DEPRECIAÇÃO. AF_06/2015","CHOR - CUSTOS HORÁRIOS DE MÁQUINAS E EQUIPAMENTOS",null,"H",1,0.4,0.4]
["Insumo"," 00013896 ","SINAPI","VIBRADOR DE IMERSAO, DIAMETRO DA PONTEIRA DE *45* MM, COM MOTOR ELETRICO TRIFASICO DE 2 HP (2 CV)","Equipamento",null,"UN",1.2799999999999999E-4,3144.29,0.4]
[]
[]
[]
[null,"Código","Banco","Descrição","Tipo",null,"Und","Quant.","Valor Unit","Total"]
["Composição"," 90583 ","SINAPI","VIBRADOR DE IMERSÃO, DIÂMETRO DE PONTEIRA 45MM, MOTOR ELÉTRICO TRIFÁSICO POTÊNCIA DE 2 CV - JUROS. AF_06/2015","CHOR - CUSTOS HORÁRIOS DE MÁQUINAS E EQUIPAMENTOS",null,"H",1,0.09,0.09]
["Insumo"," 00013896 ","SINAPI","VIBRADOR DE IMERSAO, DIAMETRO DA PONTEIRA DE *45* MM, COM MOTOR ELETRICO TRIFASICO DE 2 HP (2 CV)","Equipamento",null,"UN",2.9600000000000001E-5,3144.29,0.09]
[]
[]
[]
[null,"Código","Banco","Descrição","Tipo",null,"Und","Quant.","Valor Unit","Total"]
["Composição"," 90584 ","SINAPI","VIBRADOR DE IMERSÃO, DIÂMETRO DE PONTEIRA 45MM, MOTOR ELÉTRICO TRIFÁSICO POTÊNCIA DE 2 CV - MANUTENÇÃO. AF_06/2015","CHOR - CUSTOS HORÁRIOS DE MÁQUINAS E EQUIPAMENTOS",null,"H",1,0.31,0.31]
["Insumo"," 00013896 ","SINAPI","VIBRADOR DE IMERSAO, DIAMETRO DA PONTEIRA DE *45* MM, COM MOTOR ELETRICO TRIFASICO DE 2 HP (2 CV)","Equipamento",null,"UN",1E-4,3144.29,0.31]
[]
[]
[]
[null,"Código","Banco","Descrição","Tipo",null,"Und","Quant.","Valor Unit","Total"]
["Composição"," 90585 ","SINAPI","VIBRADOR DE IMERSÃO, DIÂMETRO DE PONTEIRA 45MM, MOTOR ELÉTRICO TRIFÁSICO POTÊNCIA DE 2 CV - MATERIAIS NA OPERAÇÃO. AF_06/2015","CHOR - CUSTOS HORÁRIOS DE MÁQUINAS E EQUIPAMENTOS",null,"H",1,0.43,0.43]
["Insumo"," 00002705 ","SINAPI","ENERGIA ELETRICA ATE 2000 KWH INDUSTRIAL, SEM DEMANDA","Material",null,"KW/H",0.52,0.84,0.43]

{"sheet":"Memória multiuso","index":7,"n_rows":146,"n_cols":15,"rows_kept":146,"cut":false,"hidden":false,"merged":[[145,0,145,8],[141,0,141,3],[141,5,141,6],[141,7,141,8],[143,0,143,3],[144,0,144,3],[52,0,54,2],[91,0,91,3],[103,0,103,3],[136,0,136,3],[138,0,138,8],[115,0,115,3],[116,0,116,3],[140,0,140,3],[140,5,140,6],[140,7,140,8],[129,0,129,3],[130,0,130,3],[131,0,131,8],[133,0,133,3],[134,0,134,3],[135,0,135,3],[64,0,64,3],[123,0,123,3],[124,0,124,3],[125,0,125,3],[126,0,126,3],[127,0,127,3],[128,0,128,3],[122,0,122,9],[105,0,105,3],[106,0,106,3],[107,0,107,8],[112,0,112,3],[113,0,113,3],[118,0,118,3],[119,0,119,3],[120,0,120,3],[121,0,121,3],[121,5,121,9],[109,0,109,3],[110,0,110,3],[108,0,108,9],[100,0,100,3],[101,0,101,3],[102,0,102,3],[92,0,92,3],[93,0,93,3],[94,0,94,8],[96,0,96,3],[97,0,97,3],[98,0,98,8],[83,0,83,9],[87,0,87,3],[88,0,88,3],[89,0,89,3],[90,0,90,3],[74,0,74,3],[75,0,75,3],[76,0,76,3],[77,0,77,3],[78,0,78,3],[79,0,79,8],[81,0,81,3],[82,0,82,3],[84,0,84,3],[85,0,85,3],[72,0,72,9],[73,0,73,3],[56,0,56,3],[57,0,57,3],[58,0,58,3],[59,0,59,3],[60,0,60,3],[61,0,61,3],[42,0,49,0],[42,1,43,2],[44,1,45,2],[46,1,46,2],[47,1,47,2],[48,1,48,2],[49,1,49,2],[71,0,71,8],[68,0,68,3],[68,5,68,8],[69,0,69,3],[69,5,69,8],[70,0,70,3],[70,5,70,8],[39,1,39,2],[40,1,40,2],[41,1,41,2],[26,0,26,3],[27,0,27,3],[28,0,28,3],[30,0,30,8],[32,0,32,3],[67,0,67,3],[67,5,67,8],[33,0,33,3],[62,0,62,3],[65,0,65,8],[34,0,34,8],[36,0,36,2],[37,0,41,0],[37,1,37,2],[38,1,38,2],[19,0,19,8],[20,0,20,3],[21,0,21,3],[18,0,18,3],[18,5,18,6],[18,7,18,8],[22,0,22,3],[24,0,24,8],[25,0,25,9],[7,5,7,6],[7,7,7,8],[11,0,11,4],[11,6,11,9],[14,0,14,4],[14,6,14,9],[15,0,15,4],[15,6,15,9],[16,0,16,9],[12,0,12,4],[12,6,12,9],[13,0,13,4],[13,6,13,9],[137,0,137,3],[63,0,63,3],[29,0,29,3],[23,0,23,3],[0,2,0,9],[1,2,1,9],[2,0,2,1],[2,2,2,9],[3,0,3,9],[4,1,4,7],[4,8,4,9],[8,0,8,3],[8,5,8,6],[8,7,8,8],[9,0,9,8],[17,0,17,3],[17,5,17,6],[17,7,17,8],[5,0,5,3],[5,5,5,9],[6,0,6,3],[6,5,6,6],[6,7,6,8],[7,0,7,3]]}
[null,null,"Ministério da Integração e do Desenvolvimento Regional - MIDR"]
[null,null,"Companhia de Desenvovimento dos Vales do São Francisco e do Parnaíba"]
[null,null,"4ª Gerência Regional de Infraestrutura "]
["MEMÓRIA DE CÁLCULOS DOS QUANTITATIVOS "]
["OBRA:","CONSTRUÇÃO DE 01 (UM) ESPAÇO MULTIUSO"]
["DESCRIÇÃO DOS SERVIÇOS",null,null,null,"UNID","C Á L C U L O",{"$nulls":5},"DIMENSÕES","COMPRIMENTO\n M","LARGURA\n M","ÁREA\nM2"]
["LIMPEZA/REGULARIZAÇÃO",null,null,null,"M2","WC",null,"ESPAÇO",null,"TOTAL",null,"TERRENO",{"$f":"(32.89+39.85+3.32)/2","v":38.03},{"$f":"(34.37)","v":34.369999999999997},1465.47]
["ÁREA CONSTRUÍDA",null,null,null,"M2",16.5,null,{"$f":"1056.97","v":1056.97},null,{"$f":"F8+H8","v":1073.47},null,"QUADRA",32.43,20.47,{"$f":"M8*N8","v":663.84209999999996}]
[{"$nulls":11},"ARQUIBANCADA",7.75,1.1000000000000001,{"$f":"M9*N9","v":8.5250000000000004}]
["TOTAL LIMPEZA/REGULARIZAÇÃO",{"$nulls":8},{"$f":"ROUND(SUM(J8:J9),2)","v":1073.47},null,"BANHEIROS",3.5,5.3,18.55]
[]
["MOVIMENTAÇÃO DE TERRA",{"$nulls":4},"UNIDADE","QUANTIDADE"]
["VOLUME ATERRO",{"$nulls":4},"M³",{"$f":"J8*0.1","v":107.34700000000001}]
["EMPRESTIMO DE JAZIDA ",{"$nulls":4},"M³",{"$f":"G13*1.1","v":118.08170000000001}]
["COMPACTAÇÃO TERRENO",{"$nulls":4},"M³",{"$f":"G13","v":107.34700000000001}]
["TRANSPORTE (DMT=5KM)",{"$nulls":4},"M³xKM",{"$f":"G14*1.2*15","v":2125.4706000000001}]
[]
["LOCAÇÃO",null,null,null,"M","COMPRIMENTO",null,"LARGURA",null,"TOTAL"]
["PERÍMETRO PARA LOCAÇÃO",null,null,null,"M",1,null,170,null,{"$f":"ROUND(F19*H19,2)","v":170}]
[]
["ESCAVAÇÃO MANUAL",null,null,null,"M3","EXTENSÃO","LARGURA","PROFUND","VEZES","VOLUME"]
["SAPATA - MURETA",null,null,null,"M3",{"$f":"(0.5+0.1)","v":0.6},{"$f":"(0.5+0.1)","v":0.6},{"$f":"0.05+0.5+0.3","v":0.85000000000000009},{"$f":"7+12+7+12","v":38},{"$f":"ROUND(F22*G22*H22*I22,2)","v":11.63}]
["SAPATA CORRIDA - ARQUIBANCADA",null,null,null,"M3",{"$f":"(7.75*3)+(1.1*4)","v":27.65},{"$f":"0.35","v":0.35},{"$f":"0.05+0.4","v":0.45},2,{"$f":"ROUND(F23*G23*H23*I23,2)","v":8.7100000000000009}]
["SAPATA - ESTRURUA METÁLICA",null,null,null,"M3",1.5,1.5,2,4,{"$f":"ROUND(F24*G24*H24*I24,2)","v":18}]
["TOTAL ESCAVAÇÃO MANUAL",{"$nulls":8},{"$f":"ROUND(SUM(J22:J24),2)","v":38.340000000000003}]
[]
["CONCRETO MAGRO",null,null,null,"M3","EXTENSÃO ","LARGURA","PROFUND","VEZES","VOLUME"]
["SAPATA - MURETA",null,null,null,"M3",0.5,0.5,0.05,{"$f":"7+12+7+12","v":38},{"$f":"F28*G28*H28*I28","v":0.47500000000000003}]
["SAPATA CORRIDA - ARQUIBANCADA",null,null,null,"M3",{"$f":"(7.75*3)+(1.1*4)","v":27.65},{"$f":"0.25","v":0.25},0.05,2,{"$f":"F29*G29*H29*I29","v":0.69125000000000003}]
["SAPATA CORRIDA - ESTRUTURA METÁLICA",null,null,null,"M3",1,1,0.05,4,{"$f":"F30*G30*H30*I30","v":0.2}]
["TOTAL CONCRETO MAGRO",{"$nulls":8},{"$f":"SUM(J28:J30)","v":1.36625}]
[]
["FORMAS PARA CONCRETO ARMADO",null,null,null,"M2","EXTENSÃO","LARGURA","VOLUME","QUANT","ÁREA"]
["FORMA DE MADEIRA (11M² POR M³ DE CONCRETO)",null,null,null,"M2",null,null,{"$f":"J66","v":27.12},11,{"$f":"H34*I34","v":298.32}]
["TOTAL FORMAS PARA CONCRETO ARMADO",{"$nulls":8},{"$f":"ROUND(SUM(J34:J34),2)","v":298.32}]
[]
[" FERRAGEM",null,null,"FERRO","KG","QUANT","COMP","VEZES","PESO/M","PESO",null,null,"FERRO","PESO"]
["MURETA","SAPATA",null,5,"KG",10,0.75,{"$f":"7+12+7+12","v":38},{"$f":"VLOOKUP(D38,$M$38:$N$40,2,FALSE)","v":0.154},{"$f":"ROUND(F38*G38*H38*I38,2)","v":43.89},null,null,5,0.154]
[null,"CINTAMENTO",null,"6.3","KG",4,{"$f":"32.43+20.47+32.43+20.47","v":105.8},1,{"$f":"VLOOKUP(D39,$M$38:$N$40,2,FALSE)","v":0.245},{"$f":"ROUND(F39*G39*H39*I39,2)","v":103.68},null,null,"6.3",0.245]
[null,"CINTAMENTO",null,5,"KG",{"$f":"(G39/0.2)+1","v":530},0.75,1,0.154,61.22,null,null,8,0.39500000000000002]
[null,"PILAR",null,"6.3","KG",4,1.4,{"$f":"7+12+7+12","v":38},0.245,52.14]
[null,"PILAR",null,5,"KG",{"$f":"G41/0.2","v":6.9999999999999991},0.45,{"$f":"7+12+7+12","v":38},0.154,18.43]
["ARQUIBANCADA","SAPATA CORRIDA (LANCE HOR.)",null,"6.3","KG",4,7.75,6,0.245,45.57]
[null,null,null,5,"KG",{"$f":"ROUNDUP(G43/0.2+1,0)","v":40},1.1499999999999999,6,0.154,42.5]
[null,"SAPATA CORRIDA (LANCE VERT.)",null,"6.3","KG",4,1.1000000000000001,8,0.245,8.6199999999999992]
[null,null,null,5,"KG",{"$f":"ROUNDUP(G45/0.2+1,0)","v":7},1.1499999999999999,8,0.154,9.92]
[null,"PILAR 01",null,"6.3","KG",4,0.75,8,0.245,5.88]
[null,"PILAR 01",null,5,"KG",{"$f":"ROUNDUP(G47/0.2+1,0)","v":5},0.45,8,0.154,2.77]
[null,"PILAR 02",null,"6.3","KG",4,1.1499999999999999,16,0.245,18.03]
[null,"PILAR 02",null,5,"KG",{"$f":"ROUNDUP(G49/0.2+1,0)","v":7},0.45,16,0.154,7.76]
["ESTRUTURA METÁLICA","PESCOÇO-SAPATAS",null,10,"KG",8,1.5,4,0.61699999999999999,29.62]
[null,"PESCOÇO-SAPATAS",null,5,"KG",10,1.9,4,0.154,{"$f":"ROUND(F52*G52*H52*I52,2)","v":11.7}]
["TOTAL  FERRAGEM",null,null,5,"KG",{"$nulls":4},{"$f":"SUMIF($D$38:$D$52,D53,$J$38:$J$52)","v":198.18999999999997}]
[null,null,null,"6.3","KG",{"$nulls":4},{"$f":"SUMIF($D$38:$D$52,D54,$J$38:$J$52)","v":233.92}]
[null,null,null,10,"KG",{"$nulls":4},{"$f":"SUMIF($D$38:$D$52,D55,$J$38:$J$52)","v":29.62}]
[]
["CONCRETO ESTRUTURAL FCK= 25MPA",null,null,null,"M3","EXTENSÃO / VOLUME","LARGURA","PROFUND","VEZES","VOLUME"]
["SAPATA - MURETA",null,null,null,"M3",{"$f":"0.5","v":0.5},0.5,0.15,{"$f":"7+12+7+12","v":38},{"$f":"F58*G58*H58*I58","v":1.425}]
["CINTAMENTO - MURETA",null,null,null,"M3",{"$f":"G39","v":105.8},0.15,0.3,1,{"$f":"F59*G59*H59*I59","v":4.7609999999999992}]
["PILAR - MURETA",null,null,null,"M3",0.15,0.15,1.25,{"$f":"7+12+7+12","v":38},1.0687499999999999]
["SAPATA CORRIDA - ARQUIBANCADAS",null,null,null,"M3",{"$f":"(7.75*3+1.1*4)","v":27.65},0.25,0.4,2,5.53]
["PILAR - ARQUIBANCADA",null,null,null,"M3",0.15,0.15,0.33,8,5.9400000000000001E-2]
["PILAR - ARQUIBANCADA",null,null,null,"M3",0.15,0.15,0.78,16,0.28079999999999999]
["SAPATA - ESTRUTURA METÁLICA",null,null,null,"M3",1.5,1.5,1.5,4,{"$f":"F64*G64*H64*I64","v":13.5}]
["PESCOÇO - ESTRUTURA METÁLICA",null,null,null,"M3",0.5,0.5,0.5,4,{"$f":"F65*G65*H65*I65","v":0.5}]
["TOTAL CONCRETO ESTRUTURAL FCK= 25MPA",{"$nulls":8},{"$f":"ROUND(SUM(J58:J65),2)","v":27.12}]
[]
["REATERRO",null,null,null,"UNI","DESCRIÇÃO",null,null,null,"VOLUME"]
["VOLUME ESCAVADO",null,null,null,"M3","Total escavação manual, intem acima",null,null,null,{"$f":"J25","v":38.340000000000003}]
["VOLUME CONCRETO FUNDAÇÃO - ATÉ O TERRENO NATURAL",null,null,null,"M3"," Total volume concreto fundações",null,null,null,{"$f":"J58+J59+J61","v":11.715999999999999}]
["VOLUME CONCRETO MAGRO",null,null,null,"M3","total concreto magro, item abaixo",null,null,null,{"$f":"J31","v":1.36625}]
["TOTAL REATERRO",{"$nulls":8},{"$f":"J69-J70-J71","v":25.257750000000001}]
[]
["ALVENARIA, 1/2 VEZ, EM TIJOLO CERÂMICO",null,null,null,"M2","EXTENSÃO ","ALTURA","PROFUND","VEZES","ÁREA"]
["MURETA",null,null,null,"M2",{"$f":"(32.43+20.47+32.43+20.47)","v":105.8},0.6,null,1,{"$f":"F75*G75*I75","v":63.48}]
["ARQUIBANCADA",null,null,null,"M2",{"$f":"7.75","v":7.75},0.33,null,2,{"$f":"F76*G76*I76","v":5.1150000000000002}]
["ARQUIBANCADA",null,null,null,"M2",{"$f":"7.75","v":7.75},0.78,null,4,24.18]
["ARQUIBANCADA - LATERAL",null,null,null,"M2",0.4,{"$f":"0.45-0.12","v":0.33},null,4,0.52800000000000002]
["ARQUIBANCADA - LATERAL",null,null,null,"M2",0.25,{"$f":"0.9-0.12","v":0.78},null,4,0.78]
["TOTAL ALVENARIA EM TIJOLO CERÂMICO",{"$nulls":8},{"$f":"ROUND(SUM(J75:J79),2)","v":94.08}]
[]
["TUBO PVC DN 75 MM PARA DRENAGEM",null,null,null,"M","EXTENSÃO ",null,null,"VEZES","EXTENSÃO\nTOTAL"]
["TUBO PVC DN 75 MM PARA DRENAGEM",null,null,null,"M",0.15,null,null,9,{"$f":"F83*I83","v":1.3499999999999999}]
[]
["LAJE - ARQUIBANCADA",null,null,null,"M2","EXTENSÃO ","LARGURA","PROFUND","VEZES","ÁREA"]
["LAJE PRÉ-MOLDADA",null,null,null,"M2",{"$f":"7.75","v":7.75},{"$f":"0.55+0.6","v":1.1499999999999999},null,2,{"$f":"F86*G86*I86","v":17.824999999999999}]
[]
["CHAPISCO ",null,null,null,"M2","EXTENSÃO","LARGURA","DESCONTO","VEZES","ÁREA"]
["MURETA",null,null,null,"M2",{"$f":"$F$75","v":105.8},0.6,{"$f":"7.75*0.6*2","v":9.2999999999999989},2,{"$f":"F89*G89*I89-H89","v":117.66}]
["MURETA",null,null,null,"M2",{"$f":"$F$75","v":105.8},0.15,null,1,{"$f":"F90*G90*I90","v":15.87}]
["ARQUIBANCADA FRENTE",null,null,null,"M2",{"$f":"7.75","v":7.75},{"$f":"0.45-0.12","v":0.33},null,4,10.23]
["ARQUIBANCADA FUNDO",null,null,null,"M2",{"$f":"7.75","v":7.75},{"$f":"0.9-0.6","v":0.30000000000000004},null,2,{"$f":"F92*G92*I92","v":4.6500000000000004}]
["ARQUIBANCADA - LATERAL",null,null,null,"M2",0.55000000000000004,{"$f":"0.45-0.12","v":0.33},null,4,0.72600000000000009]
["ARQUIBANCADA - LATERAL",null,null,null,"M2",0.55000000000000004,{"$f":"0.9-0.12","v":0.78},null,4,1.7160000000000002]
["TOTAL CHAPISCO ",{"$nulls":8},{"$f":"ROUND(SUM(J89:J94),2)","v":150.85}]
[]
["REBOCO",null,null,null,"M2","EXTENSÃO ","LARGURA","PROFUND","VEZES","ÁREA"]
["ÁREA DE CHAPISCO",null,null,null,"M2",{"$nulls":4},{"$f":"J95","v":150.85}]
["TOTAL REBOCO",{"$nulls":8},{"$f":"ROUND(SUM(J98:J98),2)","v":150.85}]
[]
["PISOS",{"$nulls":4},"QUANT","ÁREA","PROFUND","VEZES","VOLUME / ÁREA"]
["LASTRO DE BRITA 2 - QUADRA MULTIEVENTOS",null,null,null,"M3",1,{"$f":"((32.43-0.15-0.15)*(20.47-0.15-0.15))-((7.75*1.1)*2)","v":631.01210000000015},0.05,1,{"$f":"ROUND(F102*G102*H102*I102,2)","v":31.55}]
["PISO EM CONCRETO, e=8cm - QUADRA MULTIEVENTOS",null,null,null,"M2",1,{"$f":"G102","v":631.01210000000015},null,1,{"$f":"ROUND(F103*G103*I103,2)","v":631.01}]
["ACABAMENTO MECÂNICO",null,null,null,"M2",1,{"$f":"G103","v":631.01210000000015},null,1,{"$f":"ROUND(F104*G104*I104,2)","v":631.01}]
[]
["MEIO-FIO",null,null,null,"M",{"$nulls":4},"EXTENSÃO "]
["CONTORNO CALÇADA",null,null,null,"M",{"$nulls":4},{"$f":"34.48+71.56+29.64","v":135.68}]
["TOTAL MEIO-FIO",{"$nulls":8},{"$f":"SUM(J107:J107)","v":135.68}]
[]
["PISOS",{"$nulls":4},"QUANT","ÁREA","PROFUND","VEZES","VOLUME / ÁREA"]
["CALÇADA EM CONCRETO 15 MPA, E=5CM - ÁREA EXTERNA",null,null,null,"M3",1,{"$f":"374.03","v":374.03},0.05,1,{"$f":"ROUND(G111*H111*I111,2)","v":18.7}]
[]
["BICICLETÁRIO EM TUBO DE AÇO GALVANIZADO DN 50mm",null,null,null,"UN ",{"$nulls":4},"UNIDADE"]
["BICICLETÁRIO EM TUBO DE AÇO GALVANIZADO DN 50mm",null,null,null,"UN ",{"$nulls":4},10]
[]
["GUARDA CORPO EM TUBO DE AÇO",null,null,null,"UN ",{"$nulls":4},"EXTENSÃO "]
["CORRIMÃO DUPLA ALTURA",null,null,null,"M",{"$nulls":4},{"$f":"(2.88+2+2.88)+(4.96+1.5)*2","v":20.68}]
[]
["ESTRUTURA DE ALAMBRADO",null,null,null,"M2","EXTENSÃO ",null,"ALTURA","VEZES","ÁREA"]
["ALAMBRADO",null,null,null,"M2",{"$nulls":4},{"$f":"((20.47*2.4)*2)+((3*2.4)*4)+((3*1.5)*4)+((3*0.9/2)*4)+(2*32.43-6*4)*1.5","v":211.74599999999998}]
["PORTÃO DO ALAMBRADO",null,null,null,"M2",2,null,2.1,3,{"$f":"ROUND(F121*H121*I121,2)","v":12.6}]
["TOTAL ALAMBRADO",null,null,null,"M2",{"$f":"J120+J121","v":224.34599999999998}]
[]
["PINTURA LATEX ACRILICO",null,null,null,"M2","EXTENSÃO ","LARGURA","DESCONTO","VEZES","ÁREA"]
["MURETA  (LATERAL)",null,null,null,"M2",{"$f":"$F$75","v":105.8},0.6,{"$f":"7.75*0.6*2","v":9.2999999999999989},2,{"$f":"F125*G125*I125-H125","v":117.66}]
["MURETA (HORIZONTAL)",null,null,null,"M2",{"$f":"$F$75","v":105.8},0.15,null,1,{"$f":"F126*G126*I126","v":15.87}]
["ARQUIBANCADA FRENTE",null,null,null,"M2",{"$f":"7.75","v":7.75},0.33,null,4,10.23]
["ARQUIBANCADA FUNDO",null,null,null,"M2",{"$f":"7.75","v":7.75},{"$f":"0.3-0.12","v":0.18},null,2,2.79]
["ARQUIBANCADA - LATERAL",null,null,null,"M2",0.55000000000000004,{"$f":"0.45","v":0.45},null,4,0.9900000000000001]
["ARQUIBANCADA - LATERAL",null,null,null,"M2",0.55000000000000004,{"$f":"0.9","v":0.9},null,4,1.9800000000000002]
["DEMARCAÇÃO ACESSO CADEIRANTES",null,null,null,"M2",{"$f":"(2.25+1.25)/2","v":1.75},1.51,null,2,5.2850000000000001]
["TOTAL PINTURA LATEX ACRILICO",{"$nulls":8},{"$f":"SUM(J125:J131)","v":154.80499999999998}]
[]
["PINTURA ESMALTE",null,null,null,"M2","ÁREA",null,"DESCONTO","VEZES","ÁREA \nTOTAL"]
["ALAMBRADO",null,null,null,"M2",{"$f":"J120","v":211.74599999999998},null,0.5,2,{"$f":"F135*I135*H135","v":211.74599999999998}]
["PORTÃO DO ALAMBRADO",null,null,null,"M2",{"$f":"J121","v":12.6},null,0.5,2,{"$f":"F136*I136*H136","v":12.6}]
["BICICLETÁRIO (10 UNIDADES)",null,null,null,"M2",{"$f":"(50/1000)*3.14*(0.75+1+0.75)","v":0.39250000000000007},null,null,10,{"$f":"F137*I137","v":3.9250000000000007}]
["CORRIMÃO DUPLA ALTURA",null,null,null,"M2",{"$f":"(40/1000)*3.14*(4.96+1.5)*2*2+(60/1000)*(2.88+2+2.88)*2","v":4.176704},null,null,null,{"$f":"F138","v":4.176704}]
["TOTAL ESMALTE",{"$nulls":8},{"$f":"SUM(J135:J138)","v":232.44770399999999}]
[]
["COBERTURA METÁLICA",null,null,null,"M2","COMPRIMENTO",null,"LARGURA",null,"TOTAL"]
["ÁREA DE COBERTURA",null,null,null,"M2",22,null,8,null,{"$f":"(ROUND(F142*H142,2))","v":176}]
[]
["ESTRUTURA METÁLICA",null,null,null,"T","PESO",null,null,null,"TOTAL"]
["PESO DA ESTRUTURA",null,null,null,"T",6000,null,null,null,{"$f":"F145","v":6000}]
["TOTAL ",{"$nulls":8},{"$f":"SUM(J145:J145)","v":6000}]

{"sheet":"Memória banheiros","index":8,"n_rows":178,"n_cols":12,"rows_kept":178,"cut":false,"hidden":false,"merged":[[9,2,9,9],[0,2,0,7],[1,2,1,7],[2,2,2,7],[3,2,3,7],[4,2,4,7],[10,2,10,9],[11,0,11,1],[11,2,11,9],[12,0,12,9],[13,1,13,7],[13,8,13,9]]}
[]
[]
[]
[]
[]
["MEMÓRIA DE CÁLCULO DOS BANHEIROS"]
["Obejto: Reforma do Colégio JEMB","CONSTRUÇÃO DE 01 (UM) ESPAÇO MULTIEVENTOS"]
[]
[]
[null,null,"Ministério da Integração e do Desenvolvimento Regional - MIDR"]
[null,null,"Companhia de Desenvovimento dos Vales do São Francisco e do Parnaíba"]
[null,null,"4ª Gerência Regional de Infraestrutura "]
["MEMÓRIA DE CÁLCULOS DOS QUANTITATIVOS DOS BANHEIROS"]
["OBRA:","CONSTRUÇÃO DE 01 (UM) ESPAÇO MULTIUSO"]
["ÍTEM","SERVIÇOS","UNID. ","QUANT.","COMPR.\n(m)","LARGURA\n(m)","ALTURA\n(m)","ÁREA\n(m²)","VOLUME\n(m³)","SUBTRAIR","TOTAL","OBSERVAÇÕES"]
[]
[]
["1.0","INFRAESTRUTURA"]
[]
["1.1","Escavação manual de vala, exceto rocha até 1,5m","m³",1,{"$f":"5.3*2+3.2*4","v":23.4},0.4,0.4,null,{"$f":"ROUND(E20*F20*G20,2)","v":3.74},0,{"$f":"IF(C20=\"m²\",ROUND((D20*H20-J20),2),IF(C20=\"m³\",ROUND((D20*I20-J20),2),IF(C20=\"m\",ROUND((D20*E20-J20),2),D20)))","v":3.74}]
["1.1","Escavação manual de vala, exceto rocha até 1,5m","m³",8,0.5,0.5,0.5,null,{"$f":"ROUND(E21*F21*G21,3)","v":0.125},0,{"$f":"IF(C21=\"m²\",ROUND((D21*H21-J21),2),IF(C21=\"m³\",ROUND((D21*I21-J21),2),IF(C21=\"m\",ROUND((D21*E21-J21),2),D21)))","v":1}]
[{"$nulls":10},{"$f":"SUM(K20:K21)","v":4.74}]
[]
["1.3","Alvenaria  Fundação pedra argamassada","m³",1,{"$f":"E20","v":23.4},0.4,0.4,0,{"$f":"ROUND(E24*F24*G24,2)","v":3.74},0,{"$f":"IF(C24=\"m²\",ROUND((D24*H24-J24),2),IF(C24=\"m³\",ROUND((D24*I24-J24),2),IF(C24=\"m\",ROUND((D24*E24-J24),2),D24)))","v":3.74}]
[{"$nulls":10},{"$f":"SUM(K24)","v":3.74}]
[]
["1.5","Concreto sapata para pilares","m³",{"$f":"D21","v":8},0.5,0.5,0.5,null,{"$f":"ROUND(E27*F27*G27,3)","v":0.125},0,{"$f":"IF(C27=\"m²\",ROUND((D27*H27-J27),2),IF(C27=\"m³\",ROUND((D27*I27-J27),2),IF(C27=\"m\",ROUND((D27*E27-J27),2),D27)))","v":1}]
[{"$nulls":10},{"$f":"SUM(K27:K27)","v":1}]
[]
["2.0","ESTRUTURA DE VEDAÇÃO/SUSTENTAÇÃO"]
[]
["2.1","Alvenaria de tijolo cerâmico furado","m²",1,{"$f":"3.2+5.3+3.2","v":11.7},0,4.3,{"$f":"E32*G32","v":50.309999999999995},{"$f":"ROUND(E32*F32*G32,2)","v":0},{"$f":"3*1.2*0.5","v":1.7999999999999998},{"$f":"ROUND((D32*H32-J32),2)","v":48.51}]
["2.1","Alvenaria de tijolo cerâmico furado",{"$f":"C32","v":"m²"},1,5.3,0,4.3,{"$f":"E33*G33","v":22.79},0,{"$f":"0.9*2.1","v":1.8900000000000001},{"$f":"ROUND((D33*H33-J33),2)","v":20.9}]
["2.1","Alvenaria de tijolo cerâmico furado",{"$f":"C32","v":"m²"},2,3.2,0,2.68,8.5760000000000005,0,{"$f":"0.8*2.1*2","v":3.3600000000000003},13.79]
[{"$nulls":10},{"$f":"SUM(K32:K34)","v":83.199999999999989}]
[]
["2.2","Concreto Fck=25Mpa para pilares","m³",8,0.115,0.15,4.3,0,{"$f":"ROUND(E37*F37*G37,2)","v":7.0000000000000007E-2},0,{"$f":"IF(C37=\"m²\",ROUND((D37*H37-J37),2),IF(C37=\"m³\",ROUND((D37*I37-J37),2),IF(C37=\"m\",ROUND((D37*E37-J37),2),D37)))","v":0.56000000000000005}]
[{"$nulls":10},{"$f":"SUM(K37:K37)","v":0.56000000000000005}]
[]
["2.4","Concreto Fck=25Mpa para cintas superiores","m³",1,{"$f":"E20","v":23.4},0.115,0.19,0,{"$f":"ROUND(E40*F40*G40,2)","v":0.51},0,{"$f":"IF(C40=\"m²\",ROUND((D40*H40-J40),2),IF(C40=\"m³\",ROUND((D40*I40-J40),2),IF(C40=\"m\",ROUND((D40*E40-J40),2),D40)))","v":0.51}]
[{"$nulls":10},{"$f":"SUM(K40:K40)","v":0.51}]
[]
["2.5","Concreto Fck=25Mpa para cintas superiores (chapim)","m³",1,{"$f":"5.3*2+3.2*2","v":17},0.115,0.14000000000000001,0,{"$f":"ROUND(E43*F43*G43,2)","v":0.27},0,{"$f":"IF(C43=\"m²\",ROUND((D43*H43-J43),2),IF(C43=\"m³\",ROUND((D43*I43-J43),2),IF(C43=\"m\",ROUND((D43*E43-J43),2),D43)))","v":0.27}]
[{"$nulls":10},{"$f":"SUM(K43:K43)","v":0.27}]
[]
["2.6","Concreto Fck=25Mpa para cintas superiores (bordo da laje)","m³",2,3.5,0.115,0.5,0,{"$f":"ROUND(E46*F46*G46,2)","v":0.2},0,{"$f":"IF(C46=\"m²\",ROUND((D46*H46-J46),2),IF(C46=\"m³\",ROUND((D46*I46-J46),2),IF(C46=\"m\",ROUND((D46*E46-J46),2),D46)))","v":0.4}]
[{"$nulls":10},{"$f":"SUM(K46:K46)","v":0.4}]
[]
["2.7","Armadura Aço CA-50 p/ 1m³ de concreto","Kg",100,0,0,0,0,{"$f":"K38+K41+K44+K47","v":1.7400000000000002},0,{"$f":"ROUND(D49*I49,2)","v":174}]
[{"$nulls":10},{"$f":"SUM(K49:K49)","v":174}]
[]
["2.8","Forma de madeira","m²",10,0,0,0,0,{"$f":"I49","v":1.7400000000000002},0,{"$f":"ROUND(D52*I52,2)","v":17.399999999999999},"soma dos volumes de concreto"]
[{"$nulls":10},{"$f":"SUM(K52:K52)","v":17.399999999999999}]
[]
["3.0","REVESTIMENTO DE PAREDES"]
[]
["3.1","Chapisco rustico traco 1:3 (cimento e areia grossa), espessura 2cm, preparo manual da argamassa","m²",2,null,null,null,{"$f":"K32","v":48.51},{"$f":"ROUND(E57*F57*G57,2)","v":0},0,{"$f":"IF(C57=\"m²\",ROUND((D57*H57-J57),2),IF(C57=\"m³\",ROUND((D57*I57-J57),2),IF(C57=\"m\",ROUND((D57*E57-J57),2),D57)))","v":97.02}]
["3.1","Chapisco rustico traco 1:3 (cimento e areia grossa), espessura 2cm, preparo manual da argamassa",{"$f":"C57","v":"m²"},2,null,null,null,{"$f":"K33","v":20.9},0,0,41.8]
["3.1","Chapisco rustico traco 1:3 (cimento e areia grossa), espessura 2cm, preparo manual da argamassa",{"$f":"C57","v":"m²"},2,null,null,null,{"$f":"K34","v":13.79},0,0,27.58]
[{"$nulls":10},{"$f":"SUM(K57:K59)","v":166.39999999999998}]
[]
["3.2","Reboco","m²",1,null,null,null,{"$f":"K60","v":166.39999999999998},{"$f":"ROUND(E62*F62*G62,2)","v":0},{"$f":"K68","v":55.830000000000005},{"$f":"H62-J62","v":110.56999999999996}]
[{"$nulls":10},{"$f":"SUM(K62:K62)","v":110.56999999999996}]
[]
["3.4","Emboço traço 1:2:8 (cimento, cal e areia)","m²",4,3.2,0,2.4,{"$f":"IF(G65=0,ROUND((E65*F65),2),IF(F65=0,ROUND((E65*G65),2),IF(E65=0,ROUND((F65*G65),2),ROUND((E65*F65),2))))","v":7.68},{"$f":"ROUND(E65*F65*G65,2)","v":0},{"$f":"2*0.8*2.1","v":3.3600000000000003},{"$f":"IF(C65=\"m²\",ROUND((D65*H65-J65),2),IF(C65=\"m³\",ROUND((D65*I65-J65),2),IF(C65=\"m\",ROUND((D65*E65-J65),2),D65)))","v":27.36}]
["3.4","Emboço traço 1:2:8 (cimento, cal e areia)",{"$f":"C65","v":"m²"},2,{"$f":"1.5+1.7+1.5","v":4.7},0,2.4,{"$f":"IF(G66=0,ROUND((E66*F66),2),IF(F66=0,ROUND((E66*G66),2),IF(E66=0,ROUND((F66*G66),2),ROUND((E66*F66),2))))","v":11.28},{"$f":"ROUND(E66*F66*G66,2)","v":0},{"$f":"3*1.2*0.5+0.9*2.1","v":3.69},{"$f":"IF(C66=\"m²\",ROUND((D66*H66-J66),2),IF(C66=\"m³\",ROUND((D66*I66-J66),2),IF(C66=\"m\",ROUND((D66*E66-J66),2),D66)))","v":18.87}]
["3.4","Emboço traço 1:2:8 (cimento, cal e areia)",{"$f":"C65","v":"m²"},2,2,0,2.4,{"$f":"IF(G67=0,ROUND((E67*F67),2),IF(F67=0,ROUND((E67*G67),2),IF(E67=0,ROUND((F67*G67),2),ROUND((E67*F67),2))))","v":4.8},{"$f":"ROUND(E67*F67*G67,2)","v":0},0,{"$f":"IF(C67=\"m²\",ROUND((D67*H67-J67),2),IF(C67=\"m³\",ROUND((D67*I67-J67),2),IF(C67=\"m\",ROUND((D67*E67-J67),2),D67)))","v":9.6}]
[{"$nulls":10},{"$f":"SUM(K65:K67)","v":55.830000000000005}]
[]
["3.5","Revestimento ceramico em parede","m²",1,null,0,null,{"$f":"K68","v":55.830000000000005},{"$f":"ROUND(E70*F70*G70,2)","v":0},0,{"$f":"IF(C70=\"m²\",ROUND((D70*H70-J70),2),IF(C70=\"m³\",ROUND((D70*I70-J70),2),IF(C70=\"m\",ROUND((D70*E70-J70),2),D70)))","v":55.83}]
[{"$nulls":10},{"$f":"SUM(K70:K70)","v":55.83}]
[]
["4.0","PAVIMENTAÇÃO"]
[]
["4.3","Piso cerâmico","m²",1,null,null,null,{"$f":"4.8+4.8+3.4","v":13},{"$f":"ROUND(E75*F75*G75,2)","v":0},0,{"$f":"IF(C75=\"m²\",ROUND((D75*H75-J75),2),IF(C75=\"m³\",ROUND((D75*I75-J75),2),IF(C75=\"m\",ROUND((D75*E75-J75),2),D75)))","v":13}]
[{"$nulls":10},{"$f":"SUM(K75:K75)","v":13}]
[]
["4.4","Soleira em granito","m",2,0.8,{"$nulls":5},{"$f":"IF(C78=\"m²\",ROUND((D78*H78-J78),2),IF(C78=\"m³\",ROUND((D78*I78-J78),2),IF(C78=\"m\",ROUND((D78*E78-J78),2),D78)))","v":1.6}]
["4.4","Soleira em granito",{"$f":"C78","v":"m"},1,0.9,{"$nulls":5},{"$f":"IF(C79=\"m²\",ROUND((D79*H79-J79),2),IF(C79=\"m³\",ROUND((D79*I79-J79),2),IF(C79=\"m\",ROUND((D79*E79-J79),2),D79)))","v":0.9}]
[{"$nulls":10},{"$f":"SUM(K78:K79)","v":2.5}]
[]
["5.0","COBERTURA"]
[]
["5.1","Forro de gesso","m",1,5,3.2,null,{"$f":"ROUND(E84*F84,2)","v":16},null,null,{"$f":"D84*H84","v":16}]
[{"$nulls":10},{"$f":"SUM(K84:K84)","v":16}]
[]
["5.2","Laje pré-moldada (para caixa d'água)","m²",1,5,3.2,null,{"$f":"ROUND(E87*F87,2)","v":16},null,null,{"$f":"D87*H87","v":16}]
[{"$nulls":10},{"$f":"SUM(K87:K87)","v":16}]
[]
["5.4","Trama metalica","m²",1,5,3.2,null,{"$f":"ROUND(E90*F90,2)","v":16},null,null,{"$f":"D90*H90","v":16}]
[{"$nulls":10},{"$f":"SUM(K90:K90)","v":16}]
[]
["5.5","Telha de aço","m²",1,5,3.2,null,{"$f":"ROUND(E93*F93,2)","v":16},null,null,{"$f":"D93*H93","v":16}]
[{"$nulls":10},{"$f":"SUM(K93:K93)","v":16}]
[]
["5.6","Rufo","m",1,{"$f":"5+2.35*2","v":9.6999999999999993},{"$nulls":5},{"$f":"D96*E96","v":9.6999999999999993}]
[{"$nulls":10},{"$f":"SUM(K96:K96)","v":9.6999999999999993}]
[]
["5.7","Calha de zinco","m",1,5,{"$nulls":5},{"$f":"D99*E99","v":5}]
[{"$nulls":10},{"$f":"SUM(K99)","v":5}]
[]
["6.0","PINTURA"]
[]
["6.1","Aplicação de selador","m²",1,null,null,null,{"$f":"K63","v":110.56999999999996},null,null,{"$f":"H104","v":110.56999999999996}]
[{"$nulls":10},{"$f":"SUM(K104:K104)","v":110.56999999999996}]
[]
["6.2","Pintura em textura lisa","m²",{"$nulls":4},{"$f":"K97","v":9.6999999999999993},null,null,{"$f":"H107","v":9.6999999999999993}]
[{"$nulls":10},{"$f":"SUM(K107:K107)","v":9.6999999999999993}]
[]
["6.3","Pintura esmalte sintético em  esquadrias de ferro","m²",1,0,0.9,2.1,{"$f":"IF(G110=0,ROUND((E110*F110),2),IF(F110=0,ROUND((E110*G110),2),IF(E110=0,ROUND((F110*G110),2),ROUND((E110*F110),2))))","v":1.89},{"$f":"ROUND(E110*F110*G110,2)","v":0},0,{"$f":"IF(C110=\"m²\",ROUND((D110*H110-J110),2),IF(C110=\"m³\",ROUND((D110*I110-J110),2),IF(C110=\"m\",ROUND((D110*E110-J110),2),D110)))","v":1.89}]
["6.3","Pintura esmalte sintético em  esquadrias de ferro",{"$f":"C110","v":"m²"},2,0,0.8,2.1,{"$f":"IF(G111=0,ROUND((E111*F111),2),IF(F111=0,ROUND((E111*G111),2),IF(E111=0,ROUND((F111*G111),2),ROUND((E111*F111),2))))","v":1.68},{"$f":"ROUND(E111*F111*G111,2)","v":0},0,{"$f":"IF(C111=\"m²\",ROUND((D111*H111-J111),2),IF(C111=\"m³\",ROUND((D111*I111-J111),2),IF(C111=\"m\",ROUND((D111*E111-J111),2),D111)))","v":3.36}]
["6.3","Pintura esmalte sintético em  esquadrias de ferro",{"$f":"C110","v":"m²"},1,0,0.6,0.6,{"$f":"IF(G112=0,ROUND((E112*F112),2),IF(F112=0,ROUND((E112*G112),2),IF(E112=0,ROUND((F112*G112),2),ROUND((E112*F112),2))))","v":0.36},{"$f":"ROUND(E112*F112*G112,2)","v":0},0,{"$f":"IF(C112=\"m²\",ROUND((D112*H112-J112),2),IF(C112=\"m³\",ROUND((D112*I112-J112),2),IF(C112=\"m\",ROUND((D112*E112-J112),2),D112)))","v":0.36}]
[{"$nulls":10},{"$f":"SUM(K110:K112)","v":5.61}]
[]
["8.0","INSTALAÇÕES HIDRÁULICAS"]
[]
["8.1","Pontos de água","und",7,0,0,0,0,{"$f":"ROUND(E117*F117*G117,2)","v":0},0,{"$f":"IF(C117=\"m²\",ROUND((D117*H117-J117),2),IF(C117=\"m³\",ROUND((D117*I117-J117),2),IF(C117=\"m\",ROUND((D117*E117-J117),2),D117)))","v":7}]
[{"$nulls":10},{"$f":"SUM(K117:K117)","v":7}]
[]
["8.2","Torneira para pia","und",3,0,0,0,0,{"$f":"ROUND(E120*F120*G120,2)","v":0},0,{"$f":"IF(C120=\"m²\",ROUND((D120*H120-J120),2),IF(C120=\"m³\",ROUND((D120*I120-J120),2),IF(C120=\"m\",ROUND((D120*E120-J120),2),D120)))","v":3}]
[{"$nulls":10},{"$f":"SUM(K120:K120)","v":3}]
[]
["8.3","Lavatório de louça branco suspenso","und",3,0,0,0,0,{"$f":"ROUND(E123*F123*G123,2)","v":0},0,{"$f":"IF(C123=\"m²\",ROUND((D123*H123-J123),2),IF(C123=\"m³\",ROUND((D123*I123-J123),2),IF(C123=\"m\",ROUND((D123*E123-J123),2),D123)))","v":3}]
[{"$nulls":10},{"$f":"SUM(K123:K123)","v":3}]
[]
["8.4","Sifão do tipo flexível","und",3,0,0,0,0,{"$f":"ROUND(E126*F126*G126,2)","v":0},0,{"$f":"IF(C126=\"m²\",ROUND((D126*H126-J126),2),IF(C126=\"m³\",ROUND((D126*I126-J126),2),IF(C126=\"m\",ROUND((D126*E126-J126),2),D126)))","v":3}]
[{"$nulls":10},{"$f":"SUM(K126:K126)","v":3}]
[]
["8.5","Kit de acessórios para banheiro","und",1,0,0,0,0,{"$f":"ROUND(E129*F129*G129,2)","v":0},0,{"$f":"IF(C129=\"m²\",ROUND((D129*H129-J129),2),IF(C129=\"m³\",ROUND((D129*I129-J129),2),IF(C129=\"m\",ROUND((D129*E129-J129),2),D129)))","v":1}]
[{"$nulls":10},{"$f":"SUM(K129:K129)","v":1}]
[]
["8.6","Registro de pressão 1/2\" - incl. Conexões","und",3,0,0,0,0,{"$f":"ROUND(E132*F132*G132,2)","v":0},0,{"$f":"IF(C132=\"m²\",ROUND((D132*H132-J132),2),IF(C132=\"m³\",ROUND((D132*I132-J132),2),IF(C132=\"m\",ROUND((D132*E132-J132),2),D132)))","v":3}]
[{"$nulls":10},{"$f":"SUM(K132:K132)","v":3}]
[]
["8.7","Caixa d'água em polietileno, 500 litros, com acessórios","und",1,0,0,0,0,{"$f":"ROUND(E135*F135*G135,2)","v":0},0,{"$f":"IF(C135=\"m²\",ROUND((D135*H135-J135),2),IF(C135=\"m³\",ROUND((D135*I135-J135),2),IF(C135=\"m\",ROUND((D135*E135-J135),2),D135)))","v":1}]
[{"$nulls":10},{"$f":"SUM(K135:K135)","v":1}]
[]
["8.7","tubo PVC","und",50,0,0,0,0,{"$f":"ROUND(E138*F138*G138,2)","v":0},0,{"$f":"IF(C138=\"m²\",ROUND((D138*H138-J138),2),IF(C138=\"m³\",ROUND((D138*I138-J138),2),IF(C138=\"m\",ROUND((D138*E138-J138),2),D138)))","v":50}]
[{"$nulls":10},{"$f":"SUM(K138:K138)","v":50}]
[]
["9.0","INSTALAÇÕES SANITÁRIAS"]
[]
["9.1","Pontos de esgoto","und",4,24.5,0.5,0.6,0,{"$f":"ROUND(E143*F143*G143,2)","v":7.35},0,{"$f":"IF(C143=\"m²\",ROUND((D143*H143-J143),2),IF(C143=\"m³\",ROUND((D143*I143-J143),2),IF(C143=\"m\",ROUND((D143*E143-J143),2),D143)))","v":4}]
[{"$nulls":10},{"$f":"SUM(K143:K143)","v":4}]
[]
["9.2","Vaso sanitário com caixa acoplada","und",2,24.5,0.5,0.6,0,{"$f":"ROUND(E146*F146*G146,2)","v":7.35},0,{"$f":"IF(C146=\"m²\",ROUND((D146*H146-J146),2),IF(C146=\"m³\",ROUND((D146*I146-J146),2),IF(C146=\"m\",ROUND((D146*E146-J146),2),D146)))","v":2}]
[{"$nulls":10},{"$f":"SUM(K146:K146)","v":2}]
[]
["9.3","Vaso sanitário com caixa acoplada PCD","und",1,24.5,0.5,0.6,0,{"$f":"ROUND(E149*F149*G149,2)","v":7.35},0,{"$f":"IF(C149=\"m²\",ROUND((D149*H149-J149),2),IF(C149=\"m³\",ROUND((D149*I149-J149),2),IF(C149=\"m\",ROUND((D149*E149-J149),2),D149)))","v":1}]
[{"$nulls":10},{"$f":"SUM(K149:K149)","v":1}]
[]
["9.4","Caixa Sinfonada em PVC (100 x 100 x 50)mm","und",3,24.5,0.5,0.6,0,{"$f":"ROUND(E152*F152*G152,2)","v":7.35},0,{"$f":"IF(C152=\"m²\",ROUND((D152*H152-J152),2),IF(C152=\"m³\",ROUND((D152*I152-J152),2),IF(C152=\"m\",ROUND((D152*E152-J152),2),D152)))","v":3}]
[{"$nulls":10},{"$f":"SUM(K152:K152)","v":3}]
[]
["9.5","Tanque séptico circular em concreto D=1,88m e h=2,50m","und",1,24.5,0.5,0.6,0,{"$f":"ROUND(E155*F155*G155,2)","v":7.35},0,{"$f":"IF(C155=\"m²\",ROUND((D155*H155-J155),2),IF(C155=\"m³\",ROUND((D155*I155-J155),2),IF(C155=\"m\",ROUND((D155*E155-J155),2),D155)))","v":1}]
[{"$nulls":10},{"$f":"SUM(K155:K155)","v":1}]
[]
["9.6","Sumidouro retangular de alvenaria (1,60 x 5,80 x 3,0)m","und",1,24.5,0.5,0.6,0,{"$f":"ROUND(E158*F158*G158,2)","v":7.35},0,{"$f":"IF(C158=\"m²\",ROUND((D158*H158-J158),2),IF(C158=\"m³\",ROUND((D158*I158-J158),2),IF(C158=\"m\",ROUND((D158*E158-J158),2),D158)))","v":1}]
[{"$nulls":10},{"$f":"SUM(K158:K158)","v":1}]
[]
["10.0","ESQUADRIAS"]
[]
["10.1","Porta em chapa de metalon de 0,90m x 2,10m","m²",1,0,0.9,2.1,{"$f":"IF(G163=0,ROUND((E163*F163),2),IF(F163=0,ROUND((E163*G163),2),IF(E163=0,ROUND((F163*G163),2),ROUND((E163*F163),2))))","v":1.89},{"$f":"ROUND(E163*F163*G163,2)","v":0},0,{"$f":"IF(C163=\"m²\",ROUND((D163*H163-J163),2),IF(C163=\"m³\",ROUND((D163*I163-J163),2),IF(C163=\"m\",ROUND((D163*E163-J163),2),D163)))","v":1.89}]
[{"$nulls":10},{"$f":"SUM(K163:K163)","v":1.89}]
[]
["10.2","Porta em chapa de metalon de 0,80m x 2,10m","m²",2,0,0.8,2.1,{"$f":"IF(G166=0,ROUND((E166*F166),2),IF(F166=0,ROUND((E166*G166),2),IF(E166=0,ROUND((F166*G166),2),ROUND((E166*F166),2))))","v":1.68},{"$f":"ROUND(E166*F166*G166,2)","v":0},0,{"$f":"IF(C166=\"m²\",ROUND((D166*H166-J166),2),IF(C166=\"m³\",ROUND((D166*I166-J166),2),IF(C166=\"m\",ROUND((D166*E166-J166),2),D166)))","v":3.36}]
[{"$nulls":10},{"$f":"SUM(K166:K166)","v":3.36}]
[]
["10.3","Elemento vazado pré-moldado 1200x500/1600","m²",3,0,1.2,0.6,{"$f":"IF(G169=0,ROUND((E169*F169),2),IF(F169=0,ROUND((E169*G169),2),IF(E169=0,ROUND((F169*G169),2),ROUND((E169*F169),2))))","v":0.72},{"$f":"ROUND(E169*F169*G169,2)","v":0},0,{"$f":"IF(C169=\"m²\",ROUND((D169*H169-J169),2),IF(C169=\"m³\",ROUND((D169*I169-J169),2),IF(C169=\"m\",ROUND((D169*E169-J169),2),D169)))","v":2.16}]
[{"$nulls":10},{"$f":"SUM(K169:K169)","v":2.16}]
[]
["10.4","Porta em chapa de metalon de 0,60m x 0,60m/2800","m²",1,0,0.6,0.6,{"$f":"IF(G172=0,ROUND((E172*F172),2),IF(F172=0,ROUND((E172*G172),2),IF(E172=0,ROUND((F172*G172),2),ROUND((E172*F172),2))))","v":0.36},{"$f":"ROUND(E172*F172*G172,2)","v":0},0,{"$f":"IF(C172=\"m²\",ROUND((D172*H172-J172),2),IF(C172=\"m³\",ROUND((D172*I172-J172),2),IF(C172=\"m\",ROUND((D172*E172-J172),2),D172)))","v":0.36}]
[{"$nulls":10},{"$f":"SUM(K172:K172)","v":0.36}]
[]
["11.0","SERVIÇOS COMPLEMENTARES"]
[]
["11.1","Kit acessibilidae para banheiro","und",1,0,0,0,{"$f":"IF(G177=0,ROUND((E177*F177),2),IF(F177=0,ROUND((E177*G177),2),IF(E177=0,ROUND((F177*G177),2),ROUND((E177*F177),2))))","v":0},{"$f":"ROUND(E177*F177*G177,2)","v":0},0,{"$f":"IF(C177=\"m²\",ROUND((D177*H177-J177),2),IF(C177=\"m³\",ROUND((D177*I177-J177),2),IF(C177=\"m\",ROUND((D177*E177-J177),2),D177)))","v":1}]
[{"$nulls":10},{"$f":"SUM(K177:K177)","v":1}]